{"text_format":"3","workbook":"xlsx","n_sheets":16,"sheets":["README","Acquisition Lanes","Source Register","Claim-Evidence Matrix","Contradiction Audit","FH Formal Bridge","Lecture Readiness","Pass 2 Log","Corpus Summary","Corpus Lock","Dedup Log","Hold Queue","Pivotal Numerical Lock","Claim Numerical Gate","Numerical Lock Summary","Assimilation Gate"],"read":"whole","date_system":"1900"}

{"sheet":"README","index":0,"n_rows":12,"n_cols":8,"rows_kept":12,"merged":[[0,0,0,7]]}
["FLOW HIJACKED — THE BORROWED NERVOUS SYSTEM · RESEARCH EVIDENCE SYSTEM"]
[]
["Field","Value",null,"Epistemic grammar","Definition","Rule","Example","Status"]
["Working title","The Borrowed Nervous System — Attachment, Co-Regulation and the Geometry of the Other",null,"Empirical result","What a study directly reports","Do not extrapolate beyond design","Social buffering attenuates stress response under specified conditions","Allowed"]
["Research cutoff","2026-09-12",null,"Supported interpretation","Cross-study synthesis bounded by heterogeneity","Name uncertainty and moderators","Attachment insecurity relates to poorer regulation on average","Allowed"]
["Current phase","Publication-Level Numerical Lock complete; Final Lecture Architecture Lock is next",null,"Flow Hijacked synthesis","Integration through FH dynamical lens","Must be labelled synthesis","Relational context may change accessible state space","Allowed"]
["Full corpus hard floor",300,null,"New hypothesis","Testable proposal not established by current evidence","Must remain falsifiable","Relational context changes effective operator A_r","Allowed"]
["Preferred final corpus","360–440 unique peer-reviewed sources",null,"Open question","Unresolved discriminating test","Do not close prematurely","Does co-regulation measurably alter transition-energy landscape?","Required"]
["Stretch ceiling","~500 if conceptual saturation is not reached",null,"Formal transfer","Imported mathematics/control theory","Never present as patient-level evidence","Non-normal amplification / resolvent gain","Allowed with boundary"]
["Current curated landmark spine",166,null,"Clinical boundary","Psychoeducation, not individualized treatment","No automated diagnosis or therapeutic prescription","All clinical examples","Required"]
["Raw candidate pool","390 explicit pre-screen records → 380 unique → 360 included; 10 duplicates removed; 20 held"]
["Lecture drafting gate","READY for Final Lecture Architecture Lock. End-of-process Assimilation Package A–G is explicitly deferred until final EN/HE lectures and user confirmation."]

{"sheet":"Acquisition Lanes","index":1,"n_rows":18,"n_cols":8,"rows_kept":18,"merged":[[0,0,0,7]]}
["ACQUISITION LANES — COVERAGE AND FLOW HIJACKED FUNCTION"]
[]
["Lane","Target","Curated now","Readiness","Primary scientific question","FH bridge","Directness boundary","Next acquisition action"]
["Attachment across development/adulthood",45,18,"STRONG","How does relational history shape regulation and threat/safety expectations?","slow variables; priors; basin geometry","Association ≠ destiny or fixed type","Add longitudinal and Adult Attachment Interview meta-analyses"]
["Social buffering / stress physiology",40,16,"STRONG","When does social presence alter HPA/autonomic responses?","control input; state transition; gain","Context and relationship quality moderate effects","Add experimental human cortisol/TSST work"]
["Co-regulation / social baseline / allostasis",35,15,"STRONG","Is regulation distributed across persons and resources?","coupled systems; resource landscape","Theory ≠ proof of exact mechanism","Add social baseline and allostatic load empirical tests"]
["Synchrony / hyperscanning",45,22,"STRONG","When do two systems couple behaviorally, physiologically or neurally?","coupling matrix; phase relations; metastability","Synchrony can reflect co-dysregulation; correlation ≠ causal transfer","Add 2024–2026 meta-analyses and methodological critiques"]
["Neuromodulation / social reward",45,24,"STRONG","How do OXT/DA/opioids/5-HT/NE alter social salience and affiliation?","control parameters; gain; precision","No 'oxytocin = trust' or 'dopamine = pleasure'","Add human PET, pharmacology, context-dependent oxytocin work"]
["Loneliness / rejection / shame / social threat",35,25,"STRONG","How does social threat narrow behavior and cognition?","threat attractor; salience amplification","Constructs heterogeneous","Add rejection, exclusion, loneliness meta-analyses"]
["Therapeutic alliance / rupture-repair",35,14,"STRONG","Can a therapeutic relationship alter transition probabilities and trust updating?","controlled relational perturbation","Alliance association ≠ isolated mechanism","Add alliance meta-analyses and rupture-resolution data"]
["PTSD / depression / addiction bridges",55,22,"STRONG","How do symptoms and social ecology reciprocally shape one another?","coupled feedback; social attractors","Avoid single-cause narratives","Add longitudinal reciprocal models"]
["Predictive processing / active inference / second-person",30,12,"BUILDING","How are other minds represented and updated?","precision; mutual prediction; epistemic trust","Framework remains partly theoretical","Add direct experimental tests"]
["Nonlinear dynamics / attractors / metastability",35,8,"STRONG","How do transient states and transitions structure behavior?","attractors; barriers; metastability","Formal/neural evidence ≠ person-level relational proof","Add human empirical metastability studies"]
["Non-normality / transient amplification / resolvent",25,3,"FRONTIER","Can stable systems show large transient amplification?","non-normal operator; pseudospectra; resolvent gain","Person-level relational application is FH hypothesis","Add canonical cortical non-normality and control theory"]
["Network control / controllability",25,3,"FRONTIER","What determines reachability of neural states?","controllability; control energy","Structural-control metrics do not directly prescribe therapy","Add critiques and nonlinear control extensions"]
["Fast–slow dynamics / intrinsic timescales / plasticity",30,15,"STRONG","How do seconds-to-years processes interact?","fast x / slow z; plasticity","Timescale mapping is a synthesis","Add intrinsic-timescale and developmental plasticity literature"]
["Methods / causal inference / measurement",25,12,"STRONG","Which observed couplings are genuine and causal?","identifiability; observability","Measurement artifact risk high in hyperscanning","Add null models and common-input controls"]
["Contradictions / nulls / overclaim audit",20,22,"PASS","What would falsify or weaken each attractive story?","robustness boundary","Must remain visible in lecture","Actively acquire negative and replication studies"]

{"sheet":"Source Register","index":2,"n_rows":169,"n_cols":10,"rows_kept":169,"merged":[[0,0,0,9]]}
["CURATED LANDMARK SPINE — PASS 2 COMPLETE · 166 ANCHORS"]
[]
["ID","Lane","Title","Authors / program","Evidence role","Tier","FH use","Boundary / caveat","Source URL","Notes"]
["S001","Attachment","An attachment perspective on psychopathology","Mikulincer & Shaver","Major review","A","Attachment as history-dependent regulation","Broad review; not causal proof","https://onlinelibrary.wiley.com/doi/pdfdirect/10.1016/j.wpsyc.2012.01.003",""]
["S002","Attachment","A functional neuro-anatomical model of human attachment (NAMA)","Long, Verbeke, Ein-Dor, Vrtička","Integrative social neuroscience model","B","Link attachment to distributed networks","Model integrates heterogeneous paradigms","https://www.sciencedirect.com/science/article/pii/S0010945220300356/pdf",""]
["S003","Attachment","Sensitive periods in human social development","Feldman","Developmental review","A","Slow-variable construction through synchrony/OXT","Sensitive period evidence not uniform","https://www.cambridge.org/core/services/aop-cambridge-core/content/view/8B2635F5FD4CE2A029EAB653B5D0A212/S0954579415000048a.pdf",""]
["S004","Attachment","The Parent's Capacity to Treat the Child as a Psychological Agent","Sharp & Fonagy","Developmental psychopathology review","B","Mentalizing / epistemic trust bridge","Construct measurement varies","https://discovery.ucl.ac.uk/150118/1/Fonagy_child_as_agent_template_resubmitted_12_18_WB.pdf",""]
["S005","Attachment","Parental Reflective Functioning: Theory, Research, and Clinical Applications","Luyten et al.","Review","B","Relational model updating","Theory-heavy","https://discovery.ucl.ac.uk/1498813/3/Fonagy_aPSC_parental%20reflective%20functioningFINAL.pdf",""]
["S006","Attachment","Early Adverse Experiences and the Developing Brain","Bick & Nelson","Review","A","Slow landscape formation","Adversity is heterogeneous","https://www.nature.com/articles/npp2015252.pdf",""]
["S007","Attachment","Early life stress and development: potential mechanisms for adverse outcomes","Smith & Pollak","Review","A","Developmental fast–slow bridge","Mechanisms vary across exposure type","https://jneurodevdisorders.biomedcentral.com/counter/pdf/10.1186/s11689-020-09337-y",""]
["S008","Social buffering","The role of oxytocin in social bonding, stress regulation and mental health","Olff et al.","Major review","A","Social buffering + neuromodulation","Strong context dependence","https://www.sciencedirect.com/science/article/pii/S0306453013002369/pdf",""]
["S009","Social buffering","Neuroendocrinology of coping styles","Koolhaas et al.","Review","A","Stress-state parameters","Animal-to-human transfer limits","https://research.rug.nl/files/6750004/2010FrontNeuroendocrinolKoolhaas.pdf",""]
["S010","Social buffering","Modulation of the HPA Axis by Early Life Stress Exposure","van Bodegom et al.","Review","A","Slow HPA adaptation","Mostly developmental/preclinical integration","https://www.frontiersin.org/articles/10.3389/fncel.2017.00087/pdf",""]
["S011","Social buffering","Annual Research Review: Early adversity, HPA axis, and child psychopathology","Koss & Gunnar","Major review","A","Stress-buffering developmental bridge","Developmental moderators substantial","https://onlinelibrary.wiley.com/doi/pdfdirect/10.1111/jcpp.12784",""]
["S012","Social buffering","Ten Surprising Facts About Stressful Life Events and Disease Risk","Cohen, Murphy, Prather","Review","A","Stress burden and moderators","Not specific to attachment","https://www.annualreviews.org/doi/pdf/10.1146/annurev-psych-010418-102857",""]
["S013","Co-regulation","The psychology of emotion regulation: An integrative review","Koole","Integrative review","A","Self-regulation baseline before co-regulation","Not dyad-specific","https://research.vu.nl/files/2599118/Koole%20Cognition%20and%20Emotion%2023(1)%202009%20u.pdf",""]
["S014","Co-regulation","Relational regulation theory","Lakey & Orehek","Theory/review","B","Relationship-specific regulation","Theory needs mechanistic triangulation","https://research.rug.nl/files/149972773/Relational_Regulation_Theory_A_New_Approach_to_Explain_the_Link_Between.pdf",""]
["S015","Co-regulation","Resilience in Development and Psychopathology: Multisystem Perspectives","Masten et al.","Major review","A","Multi-system coupled ecology","Broad framework","https://www.annualreviews.org/doi/pdf/10.1146/annurev-clinpsy-081219-120307",""]
["S016","Co-regulation","Resilience in mental health: linking psychological and neurobiological perspectives","Rutten et al.","Review","A","Dynamic resilience / state transition","Not relationship-specific","https://onlinelibrary.wiley.com/doi/pdfdirect/10.1111/acps.12095",""]
["S017","Synchrony","Inter-Brain Synchronization during Social Interaction","Dumas et al.","Foundational hyperscanning experiment","B","Coupled neural dynamics","Small early study; common-input concerns","https://journals.plos.org/plosone/article/file?id=10.1371/journal.pone.0012166&type=printable",""]
["S018","Synchrony","Hyperscanning: A Valid Method to Study Neural Inter-brain Underpinnings of Social Interaction","Czeszumski et al.","Methods review","A","Methodological foundation","Validity depends on null models and design","https://www.frontiersin.org/articles/10.3389/fnhum.2020.00039/pdf",""]
["S019","Synchrony","Neural Synchronization during Face-to-Face Communication","Jiang et al.","Human hyperscanning experiment","B","Mutual prediction / coupling","Communication task specific","https://www.jneurosci.org/content/jneuro/32/45/16064.full.pdf",""]
["S020","Synchrony","Synchrony in Psychotherapy: A Review and Integrative Framework","Koole & Tschacher","Review","A","Therapy as coupled system","Synchrony meaning is context-sensitive","https://www.frontiersin.org/articles/10.3389/fpsyg.2016.00862/pdf",""]
["S021","Synchrony","Brain-to-Brain Synchrony during Naturalistic Social Interactions","Kinreich et al.","Naturalistic human study","B","Naturalistic dyadic coupling","Synchrony ≠ mechanism by itself","https://www.nature.com/articles/s41598-017-17339-5.pdf",""]
["S022","Synchrony","On the interpretation of synchronization in EEG hyperscanning studies: a cautionary note","Burgess","Methods critique","A","Contradiction/method audit","Highlights spurious synchrony risks","https://www.frontiersin.org/articles/10.3389/fnhum.2013.00881/pdf",""]
["S023","Synchrony","Parenting Stress Undermines Mother-Child Brain-to-Brain Synchrony","Azhari et al.","Human fNIRS study","B","Stress modifies coupling","Cross-sectional limitations","https://www.nature.com/articles/s41598-019-47810-4.pdf",""]
["S024","Synchrony","Cooperative Behavior Evokes Interbrain Synchrony: systematic review and meta-analysis","Czeszumski et al.","Systematic review/meta-analysis","A","Evidence that cooperative context modulates coupling","fNIRS-specific evidence","https://www.eneuro.org/content/eneuro/9/2/ENEURO.0268-21.2022.full.pdf",""]
["S025","Synchrony","What has social neuroscience learned from hyperscanning studies of spoken communication?","Kelsen et al.","Systematic review","A","Communication coupling","Heterogeneous methods","https://www.sciencedirect.com/science/article/pii/S0149763420305650",""]
["S026","Synchrony","Quantification of inter-brain coupling: review of current methods","Hakim et al.","Methods review","A","Observability / measurement bridge","Metric choice can change conclusion","https://discovery.ucl.ac.uk/10176475/1/1-s2.0-S1053811923005050-main.pdf",""]
["S027","Synchrony","The role of touch in regulating inter-partner physiological coupling during empathy for pain","Goldstein et al.","Human experiment","B","Embodied coupling and analgesia","Specific pain paradigm","https://www.nature.com/articles/s41598-017-03627-7.pdf",""]
["S028","Synchrony","Inter-brain synchrony in teams predicts collective performance","Reinero, Dikker, Van Bavel","Team study","B","Group-level coupled performance","Prediction ≠ causal control","https://academic.oup.com/scan/article-pdf/16/1-2/43/35918854/nsaa135.pdf",""]
["S029","Neuromodulation","The Neuroendocrinology of Social Isolation","Cacioppo et al.","Major review","A","Social isolation as multi-system perturbation","Broad causal pathways","https://www.annualreviews.org/doi/pdf/10.1146/annurev-psych-010814-015240",""]
["S030","Neuromodulation","Is Oxytocin 'Nature's Medicine'?","Carter et al.","Critical review","A","Oxytocin context/sex/state dependence","Counters simplistic trust-hormone narrative","https://pharmrev.aspetjournals.org/content/pharmrev/72/4/829.full.pdf",""]
["S031","Neuromodulation","Dopamine and Oxytocin Interactions Underlying Behaviors","Baskerville & Douglas","Review","B","Neuromodulatory interactions","Much evidence preclinical","https://onlinelibrary.wiley.com/doi/pdfdirect/10.1111/j.1755-5949.2010.00154.x",""]
["S032","Neuromodulation","Oxytocin pathway gene networks in the human brain","Quintana et al.","Human transcriptomic/network study","B","Distributed OXT network","Expression ≠ functional causation","https://www.nature.com/articles/s41467-019-08503-8.pdf",""]
["S033","Neuromodulation","Social Laughter Triggers Endogenous Opioid Release in Humans","Manninen et al.","Human PET study","B","Endogenous opioids/social bonding","Specific social behavior","https://www.jneurosci.org/content/jneuro/37/25/6125.full.pdf",""]
["S034","Neuromodulation","Oxytocin and social motivation","Gordon et al.","Review","B","OXT as salience/motivation modulator","Not a universal prosocial signal","https://www.sciencedirect.com/science/article/pii/S1878929311000727/pdf",""]
["S035","Neuromodulation","Brain oxytocin: how puzzle stones from animal studies translate into psychiatry","Grinevich & Neumann","Review","A","Translational boundary","Human translation remains incomplete","https://www.nature.com/articles/s41380-020-0802-9.pdf",""]
["S036","Neuromodulation","A Critical Role for Nucleus Accumbens Dopamine in Partner-Preference Formation","Aragona et al.","Preclinical causal experiment","C","DA + pair bonding mechanistic anchor","Prairie vole transfer","https://www.jneurosci.org/content/jneuro/23/8/3483.full.pdf",""]
["S037","Neuromodulation","Opioid receptors: distinct roles in mood disorders","Lutz & Kieffer","Review","A","Opioid system / social pain bridge","Not social-specific","http://www.cell.com/article/S016622361200197X/pdf",""]
["S038","Neuromodulation","Music and social bonding: self-other merging and neurohormonal mechanisms","Tarr, Launay, Dunbar","Review","B","Synchrony + opioids + bonding","Mechanisms partly inferential","https://www.frontiersin.org/articles/10.3389/fpsyg.2014.01096/pdf",""]
["S039","Social threat","Loneliness","Cacioppo et al.","Review","A","Chronic social-threat attractor","Loneliness is multidimensional","https://lirias.kuleuven.be/retrieve/d24b39a5-bbb9-441b-86fb-0c751fbdf312",""]
["S040","Social threat","Social brain, social dysfunction and social withdrawal","Porcelli et al.","Major review","A","Social withdrawal across disorders","Cross-diagnostic heterogeneity","https://www.sciencedirect.com/science/article/pii/S0149763418301957/pdf",""]
["S041","Social threat","Social functioning in major depressive disorder","Kupferberg et al.","Review","A","Depression ↔ social withdrawal feedback","Association and impairment are bidirectional","https://www.sciencedirect.com/science/article/pii/S0149763415302487/pdf",""]
["S042","Social threat","The neuroscience of social feelings","Eslinger et al.","Review","A","Social valuation/threat circuitry","Broad construct coverage","https://linkinghub.elsevier.com/retrieve/pii/S0149763421002384",""]
["S043","Therapy","The Mentalizing Approach to Psychopathology","Luyten et al.","Major review","A","Epistemic trust / relational updating","Mechanistic claims vary by disorder","https://www.annualreviews.org/doi/pdf/10.1146/annurev-clinpsy-071919-015355",""]
["S044","Therapy","The neurobiology of mentalizing","Luyten & Fonagy","Review","B","Social prediction / mental state inference","Broad neurobiology","https://discovery.ucl.ac.uk/1475516/11/Fonagy_1475516_The%20neurobiology%20of%20mentalizing%28from%20txt%20file%29.pdf",""]
["S045","Therapy","The therapeutic relationship in EMDR therapy","Hase & Brisch","Clinical review","B","Safety and attachment in trauma therapy","Modality-specific","https://www.frontiersin.org/articles/10.3389/fpsyg.2022.835470/pdf",""]
["S046","Therapy","Therapeutic Alliance and Rapport Modulate Responses to Psilocybin Assisted Therapy for Depression","Murphy et al.","Clinical study","B","Alliance as contextual control parameter","Special treatment context","https://www.frontiersin.org/articles/10.3389/fphar.2021.788155/pdf",""]
["S047","Therapy","The role of mentalizing in psychological interventions in adults","Luyten et al.","Systematic review","A","Relational model updating","Intervention heterogeneity","https://discovery.ucl.ac.uk/id/eprint/10185256/1/Luyten%20et%20al%20mentalizing%20meta-analysis.pdf",""]
["S048","Therapy","Agency via Awareness: A Unifying Meta-Process in Psychotherapy","Gorlin & Békés","Conceptual synthesis","C","Agency/state accessibility","Conceptual rather than causal","https://www.frontiersin.org/articles/10.3389/fpsyg.2021.698655/pdf",""]
["S049","Clinical bridge","Alcohol use disorder and sleep disturbances: a feed-forward allostatic framework","Koob & Colrain","Major review","A","Addiction fast–slow/allostasis bridge","Not specifically interpersonal","https://www.nature.com/articles/s41386-019-0446-0.pdf",""]
["S050","Clinical bridge","Psychoneuroimmunology of Early-Life Stress","Danese & Lewis","Review","A","Developmental slow-variable embedding","Trauma types heterogeneous","https://www.nature.com/articles/npp2016198.pdf",""]
["S051","Clinical bridge","Biological embedding of childhood adversity","Berens, Jensen, Nelson","Review","A","Slow landscape / developmental embedding","Mechanistic triangulation needed","https://bmcmedicine.biomedcentral.com/counter/pdf/10.1186/s12916-017-0895-4",""]
["S052","Clinical bridge","Molecular pathways of major depressive disorder converge on the synapse","Fries et al.","Review","A","Plasticity and slow variables","Not relationship-specific","https://www.nature.com/articles/s41380-022-01806-1.pdf",""]
["S053","Clinical bridge","Stress, social behavior, and resilience: Insights from rodents","Beery & Kaufer","Translational review","C","Social buffering / resilience mechanisms","Rodent-human transfer","https://www.sciencedirect.com/science/article/pii/S2352289514000125/pdf",""]
["S054","Predictive / interoception","Interoception, contemplative practice, and health","Farb et al.","Review","A","Body-state inference bridge","Not dyad-specific","https://www.frontiersin.org/articles/10.3389/fpsyg.2015.00763/pdf",""]
["S055","Predictive / interoception","Interoceptive Awareness Skills for Emotion Regulation","Price & Hooven","Theory/review","B","Interoception + regulation","Intervention framework","https://www.frontiersin.org/articles/10.3389/fpsyg.2018.00798/pdf",""]
["S056","Predictive / mentalizing","A functional neuro-anatomical model of human attachment (NAMA)","Long et al.","Integrative model","B","First/second-person bridge","Not a dynamical model","https://www.sciencedirect.com/science/article/pii/S0010945220300356/pdf",""]
["S057","Predictive / mentalizing","The interactive brain hypothesis","Di Paolo & De Jaegher","Theory","F","Interaction as constitutive process","Formal/conceptual transfer","https://www.frontiersin.org/articles/10.3389/fnhum.2012.00163/pdf",""]
["S058","Dynamics","Balanced Amplification: A New Mechanism of Selective Amplification of Neural Activity Patterns","Murphy & Miller","Theoretical/computational neuroscience","F","Canonical non-normal/transient-amplification bridge","Neural circuit model; not relational evidence","https://pmc.ncbi.nlm.nih.gov/articles/PMC2667957/",""]
["S059","Dynamics","Optimal control of transient dynamics in balanced networks supports generation of complex movements","Hennequin, Vogels, Gerstner","Computational neuroscience","F","Transient dynamics / control","Motor-network model; formal transfer only","https://pmc.ncbi.nlm.nih.gov/articles/PMC6364799/",""]
["S060","Dynamics","Controllability of structural brain networks","Gu et al.","Network control theory / human connectome","F","Reachability and control-energy bridge","Linear structural model; clinical transfer limited","https://pmc.ncbi.nlm.nih.gov/articles/PMC4600713/",""]
["S061","Dynamics","Metastable dynamics of neural circuits and networks","La Camera et al.","Major review","A","Metastable states and transitions","Mostly circuit-level evidence","https://pmc.ncbi.nlm.nih.gov/articles/PMC8900181/",""]
["S062","Dynamics","Dynamical properties and mechanisms of metastability: A perspective in neuroscience","2025 perspective","Major perspective","A","Clarifies metastability definitions","Recent synthesis; not relational-specific","https://journals.aps.org/pre/abstract/10.1103/PhysRevE.111.021001",""]
["S063","Dynamics","Metastability demystified","2024 review","Critical review","A","Prevents loose use of metastability","Definitions/measures vary","https://pubmed.ncbi.nlm.nih.gov/39663408/",""]
["S064","Dynamics","Metastability in the wild: empirical neuroimaging scoping review","Wijaya et al.","Scoping review","A","Human empirical boundary","Field remains methodologically heterogeneous","https://www.sciencedirect.com/science/article/pii/S014976342500106X",""]
["S065","Methods / contradiction","Are We Ready for Real-world Neuroscience?","Matusz et al.","Methods perspective","A","Ecological validity and confounds","Real-world measures add uncontrolled variance","https://direct.mit.edu/jocn/article-pdf/31/3/327/1788382/jocn_e_01276.pdf",""]
["S066","Therapy","The Alliance in Adult Psychotherapy: A Meta-Analytic Synthesis","Wampold & Horvath","Meta-analysis; 295 studies / >30,000 patients","A","Canonical alliance-outcome anchor","Robust association does not by itself establish causality","https://consensus.app/papers/details/95697853cfd75bf6a32a3fb6795568c5/?utm_source=chatgpt","2018 Psychotherapy"]
["S067","Therapy","Examining therapist effects in the alliance-outcome relationship","Horvath & Wampold","Multilevel meta-analysis","A","Therapist contribution to alliance-outcome relation","Moderator analysis remains observational","https://consensus.app/papers/details/b237a642bd1858bd82ba1778273f1c33/?utm_source=chatgpt","2021 J Consult Clin Psychol"]
["S068","Therapy","Therapeutic alliance in psychological therapy for PTSD","Howard, Berry, Haddock","Systematic review + meta-analysis","A","PTSD-specific alliance bridge","Included-study quality mostly weak-to-moderate","https://consensus.app/papers/details/e6e06b1cf03f5ac1a2a461b32bd16944/?utm_source=chatgpt","2021"]
["S069","Therapy","Alliance Rupture Repair: A Meta-Analysis","Eubanks et al.","Meta-analysis","A","Rupture resolution as relational transition process","Repair association stronger than evidence for training causality","https://consensus.app/papers/details/526010f234115dd395e38728e85fc5e7/?utm_source=chatgpt","2018 Psychotherapy"]
["S070","Therapy","Alliance Ruptures and Psychotherapy Outcomes: A Multilevel Meta-Analysis","Babl et al.","2026 meta-analysis","A","Direct rupture→poorer outcome association","Only four publications; N=301","https://consensus.app/papers/details/ee5f4cb0ab0750e3ba7196802e3ae688/?utm_source=chatgpt","2026 J Clin Psychol"]
["S071","Therapy","Therapeutic alliance and treatment outcomes in teletherapy","Aafjes-van Doorn et al.","Systematic review + meta-analysis","A","Boundary condition: alliance-outcome relation depends on medium","Small effect and substantial heterogeneity","https://consensus.app/papers/details/25ceafbafd6e5d8d98265be61e548af3/?utm_source=chatgpt","2024 Clin Psychol Rev"]
["S072","Therapy/Synchrony","Association between nonverbal synchrony, alliance, and outcome in psychotherapy","Jennissen et al.","Systematic review + meta-analysis","A","Critical synchrony counterevidence","No significant overall NVS-alliance/outcome association; modality-specific effects","https://consensus.app/papers/details/511a7dc2c3f45f1196a23c137ce7fc9d/?utm_source=chatgpt","2024"]
["S073","Therapy/Synchrony","Facilitating dyadic synchrony in psychotherapy sessions","Atzil-Slonim et al.","Systematic review + meta-analysis","A","Therapist-client dyadic coupling","Outcome association neutral-to-mildly positive; synchrony not uniformly beneficial","https://consensus.app/papers/details/d7fe3373ce155dba8b57e808f300233c/?utm_source=chatgpt","2023"]
["S074","PTSD/Social support","Social support and PTSD: A meta-analysis of longitudinal studies","Wang et al.","Longitudinal meta-analysis; 75 samples","A","Reciprocal social ecology model","Cross-lag interpretation challenged by later re-analysis","https://consensus.app/papers/details/c0e226824ed9598fbd4fe219915e1f05/?utm_source=chatgpt","2021 Clin Psychol Rev"]
["S075","PTSD/Social support","Moderators of social support and PTSD symptoms","Zalta et al.","Meta-analysis","A","Magnitude/moderators of support-PTSD association","High heterogeneity","https://consensus.app/papers/details/f5814a1e41375791aefa0d06924fc96a/?utm_source=chatgpt","2020/2021 Psychol Bull"]
["S076","PTSD/Social support","Prospective associations between social support and PTSD may be spurious","Sorjonen & Melin","Re-meta-analysis + simulation","A","Direct contradiction to causal cross-lag reading","Challenges prospective inference rather than cross-sectional association","https://consensus.app/papers/details/9d36541aca0356109c9df4aea1ebb5c1/?utm_source=chatgpt","2023 J Affect Disord"]
["S077","Social support","Social support and psychological adjustment: synthesis of 60 meta-analyses","Zell & Stockus","Second-order meta-analysis","A","General social-support evidence base","Effects smaller with covariate control; perceived > received support","https://consensus.app/papers/details/37cca4eac0375ce8a773c3b46b024f08/?utm_source=chatgpt","2024/2025 Am Psychol"]
["S078","Social support","Social Support and Longevity: Meta-Analysis-Based Evidence and Psychobiological Mechanisms","Vila","Review of 23 meta-analyses + mechanisms","A","Multi-system stress-buffering spine","Support is multidimensional; confounding/moderation important","https://consensus.app/papers/details/6d99dbc30e00511b99567aebc5633148/?utm_source=chatgpt","2021 Front Psychol"]
["S079","Autonomic/HRV","Heart Rate Variability and Cardiac Vagal Tone in Psychophysiological Research","Laborde, Mosley, Thayer","Methods/recommendations review","A","HRV measurement and interpretation boundary","HRV can be misconstrued; respiration/design/reporting matter","https://consensus.app/papers/details/25b62a746a4e55349dd426f35cc5344a/?utm_source=chatgpt","2017 Front Psychol"]
["S080","Autonomic/HRV","Utility of low frequency HRV as an index of sympathetic cardiac tone","Reyes del Paso et al. / review record","Critical review / reanalysis","A","Reject LF/HF = sympathovagal balance simplification","LF and LF/HF are not specific sympathetic/balance indices","https://consensus.app/papers/details/4e6110f14db05c50b0bc1cc160e337d4/?utm_source=chatgpt","2013 Psychophysiology"]
["S081","Autonomic/HRV","Guidelines for Rigor and Reproducibility of Heart Rate Variability","Carter et al.","2026 evidence-based guidelines","A","Modern HRV rigor gate","HRV not a specific marker of sympathetic outflow or sympathovagal balance; vagal tone language requires caution","https://consensus.app/papers/details/b1acef8284785ea1b80349666e431476/?utm_source=chatgpt","2026 AJP Heart"]
["S082","Autonomic/HRV","Cardiac vagal recovery following acute psychological stress in adults","Roddick et al.","Scoping review; 291 articles","A","Dynamic recovery rather than resting HRV only","Large methodological variation in timing/conditions","https://consensus.app/papers/details/1cd1806dda425bb1b29331b08250ad41/?utm_source=chatgpt","2025 NBR"]
["S083","Polyvagal audit","Polyvagal Theory: Current Status, Clinical Applications, and Future Directions","Porges","Proponent review","B","Represent theory in strongest current form","Author-originated theory paper; not independent validation","https://consensus.app/papers/details/faea082477da51eeab85bc41b5ff4b00/?utm_source=chatgpt","2025 Clinical Neuropsychiatry"]
["S084","Polyvagal audit","Why The Polyvagal Theory Is Untenable","Grossman et al.","Multi-author critical appraisal","A","Major contradiction anchor","Strong critique; should be read alongside proponent response/current account","https://consensus.app/papers/details/e989d060ea1c507db22e035ee60e3398/?utm_source=chatgpt","2026 Clinical Neuropsychiatry"]
["S085","Polyvagal audit","The Evolution of Sociality and the Polyvagal Theory","Doody, Burghardt, Dinets","Evolutionary critique","A","Challenges social/asocial phylogenetic premise","Addresses evolutionary premise rather than all clinical claims","https://consensus.app/papers/details/28a6039e9ffa57dbbad2c84c15cac916/?utm_source=chatgpt","2023 Biological Psychology"]
["S086","Neuromodulation","Endogenous Oxytocin and Human Social Interactions","Burenkova et al.","Systematic review + meta-analysis","A","Direct human OXT contradiction/measurement anchor","Causal designs did not show expected overall hormonal response; assays/methods heterogeneous","https://consensus.app/papers/details/c3443f2b16a2517eb2775a33bf70ce93/?utm_source=chatgpt","2023 Psychol Bull"]
["S087","Neuromodulation","Oxytocin and brain activity in humans","Grace et al.","Systematic review + coordinate meta-analysis","A","Human fMRI OXT network anchor","Effects heterogeneous across tasks and regions","https://consensus.app/papers/details/e6e4c27e80305016bc258d764999c295/?utm_source=chatgpt","2018 Psychoneuroendocrinology"]
["S088","Neuromodulation","Exogenous effects of oxytocin in five psychiatric disorders","Peled-Avron, Abu-Akel, Shamay-Tsoory","Systematic review + meta-analysis","A","Social salience/context dependence","Small/variable clinical effects","https://consensus.app/papers/details/95cee9f2142c5255979d14971fb1c41b/?utm_source=chatgpt","2020 NBR"]
["S089","Neuromodulation/Development","Developmental programming of oxytocin through early-life stress","Ellis et al.","Four meta-analyses","A","Fast-slow developmental calibration","Effect sizes small; clinical samples inconsistent","https://consensus.app/papers/details/df5d51ced75e57619d2d5245e46bbe5d/?utm_source=chatgpt","2021 Clin Psychol Rev"]
["S090","Attachment","The relationship between adult attachment and mental health","Zhang et al.","Meta-analysis; 224 studies","A","Large-scale adult attachment backbone","Association not causal destiny; moderators present","https://consensus.app/papers/details/2ce8543b05a857bba7e4fe99f4b90d3c/?utm_source=chatgpt","2022 JPSP"]
["S091","Attachment","Attachment-Related Differences in Emotion Regulation in Adults","Eilert & Buchheim","Systematic review; 37 studies","A","Objective autonomic/brain/biochemical regulation bridge","Limited preoccupied-attachment evidence","https://consensus.app/papers/details/110044b6a7915cc7973294b948da18ee/?utm_source=chatgpt","2023 Brain Sci"]
["S092","Attachment","Parent-child attachment and children's experience and regulation of emotion","Cooke et al.","Meta-analytic review","A","Developmental co-regulation→emotion-regulation bridge","Does not establish direct mechanism","https://consensus.app/papers/details/19710fcc990c5daf975082a21304448f/?utm_source=chatgpt","2019 Emotion"]
["S093","Attachment","Parent–Child Attachment and Dynamic Emotion Regulation","Obeldobel, Brumariu, Kerns","Systematic review","A","Recovery/reactivity dynamics bridge","Only 15 studies; dynamic measurement still limited","https://consensus.app/papers/details/4c8e03eaab8e5735aa1bf3d4f782aea1/?utm_source=chatgpt","2023 Emotion Review"]
["S094","Synchrony","Multimodal Interpersonal Synchrony","Ohayon & Gordon","Systematic review + meta-analysis","A","Cross-level synchrony magnitude and heterogeneity","Neural-behavioral moderate; physiological-behavioral small; neural-physiological inconsistent","https://consensus.app/papers/details/76af35cd904e5e198f1262575a8b132c/?utm_source=chatgpt","2024 Behav Brain Res"]
["S095","Synchrony","Interpersonal neural synchronization in close relationships","Zhao et al.","Systematic review + meta-analysis","A","Close-relationship hyperscanning spine","fNIRS-specific; developmental moderators","https://consensus.app/papers/details/36bb75b6d1565e4b8670ad404f3fba2b/?utm_source=chatgpt","2024 NBR"]
["S096","Synchrony","Interpersonal autonomic nervous system synchrony and relationship/performance","Mayo, Lavidor, Gordon","Systematic review + meta-analysis","A","Autonomic synchrony contradiction anchor","Relationship effect small/marginal and highly heterogeneous","https://consensus.app/papers/details/35168daede325485a69ef1f691d18cec/?utm_source=chatgpt","2021 Physiol Behav"]
["S097","Synchrony/Development","On human synchrony: parent-infant physiological and neural synchrony","Lavezzo et al.","Systematic review; 42 studies","A","Co-regulation versus co-dysregulation boundary","Small homogeneous samples and heterogeneous pipelines","https://consensus.app/papers/details/fd76c8bcd6dc53edb3a49a8abd642f3c/?utm_source=chatgpt","2026 NBR"]
["S098","Synchrony/Development","Parent–Child Synchrony After Early Childhood","Birk, Stewart, Olino","Systematic review; 37 studies","A","Development beyond infancy","Context can flip association with outcomes","https://consensus.app/papers/details/0d0d519f35695fb0857b0d68be988298/?utm_source=chatgpt","2022 Clin Child Fam Psychol Rev"]
["S099","Timescales","Coupled neural timescales in social interaction","Wolff & Dumas","2026 Trends review","C","Direct bridge to intrinsic timescales and social coupling","Frontier framework; proposed mechanism not yet established","https://consensus.app/papers/details/417f9a7159435a1282e9c21502f5f7c6/?utm_source=chatgpt","2026 Trends Cogn Sci"]
["S100","Synchrony/Plasticity","Post-interaction neuroplasticity of inter-brain networks","Shamay-Tsoory et al.","Human fNIRS study","B","Potential fast interaction→post-interaction persistence bridge","Single-study evidence; interpretation of 'plasticity' requires caution","https://consensus.app/papers/details/b340c2e5ab1857bb81dade5172ba1063/?utm_source=chatgpt","2024 iScience"]
["S101","Social support","Social Relationships and Mortality Risk: A Meta-analytic Review","Holt-Lunstad, Smith, Layton","Meta-analysis","A","Large-scale importance of social integration","Observational mortality literature; mechanisms not isolated","https://journals.plos.org/plosmedicine/article/file?id=10.1371/journal.pmed.1000316&type=printable","Landmark general social-health anchor"]
["S102","Social baseline","Social Baseline Theory: The Social Regulation of Risk and Effort","Coan & Sbarra","Integrative theory/review","B","Risk/effort sharing; relational resources","Theory contains hypotheses beyond direct evidence","https://consensus.app/papers/details/96e4a2c6ec2c5011a3063b621ccd0320/?utm_source=chatgpt","2014"]
["S103","Social baseline","Social Baseline Theory: The Role of Social Proximity in Emotion and Economy of Action","Beckes & Coan","Theory/review","B","Economy-of-action bridge","Some propositions explicitly speculative","https://consensus.app/papers/details/885e0ac329dd5573a177336d51610b07/?utm_source=chatgpt","2011"]
["S104","Social baseline","Social baseline theory: State of the science and new directions","Beckes & Sbarra","Review","A","Updated social-regulation evidence","Framework-level, not a single mechanism","https://consensus.app/papers/details/f18a0d92e2bd591f9cb9cddd5926ea7a/?utm_source=chatgpt","2021"]
["S105","Social allostasis","Social Allostasis and Social Allostatic Load","Saxbe, Beckes, Stoycos, Coan","Theory/review","B","Group set-points; maladaptive coupled regimes","Group-level allostatic load remains a model requiring tests","https://consensus.app/papers/details/f30c82fca0cb54db86a912f9ea4eaf6d/?utm_source=chatgpt","2019/2020"]
["S106","Social support neuroscience","Neural Underpinnings of Receiving and Giving Social Support","Eisenberger","Neuroscience review","A","Threat inhibition/safety and support-giving mechanisms","Neuroimaging associations do not isolate causal pathways","https://consensus.app/papers/details/ee792cde0af356be89c34a82697c35fd/?utm_source=chatgpt","2013"]
["S107","Social buffering","Social support facilitates threat extinction retention in humans","Gong et al.","Human experimental fMRI study","B","Support can alter threat-memory transition/recovery","Single paradigm; replication/generalization needed","https://consensus.app/papers/details/5b2fe55aca165c2883de17a961f7e132/?utm_source=chatgpt","2025 Translational Psychiatry"]
["S108","Social buffering","Physical Proximity With Social Support Regulates Vigilance to Threat","Maffei et al.","Human TSST psychophysiology experiment","B","Proximity modulates threat-vigilance dynamics","Small sample and specific stressor","https://consensus.app/papers/details/ca36bdb57f4e5bdabd7f2f39d1d9a258/?utm_source=chatgpt","2026 Psychophysiology"]
["S109","Social baseline","Yielding to social presence as a bioenergetic strategy","Gonzalez et al.","Human fMRI + theoretical synthesis","B","Resource conservation / control effort","Specific operationalization; needs broader replication","https://consensus.app/papers/details/3169d3dd8f78584eb61a496ceeeae333/?utm_source=chatgpt","2021"]
["S110","Social baseline","Cognitive Processes Unfold in a Social Context","Gross & Medina-DeVilliers","Review","B","Social context as baseline for cognition","Extension of SBT remains theory-guided","https://consensus.app/papers/details/fcb5de677bc75bb09f21b852b65a3e45/?utm_source=chatgpt","2020"]
["S111","Social baseline","Above and below baselines","Bar-Kalifa & Rafaeli","Dyadic daily-diary studies","B","Non-monotonic support effects around individualized baselines","Small dyadic samples","https://consensus.app/papers/details/9edad7a4708157018fd8e026966d569c/?utm_source=chatgpt","2015"]
["S112","Loneliness","Neurobiology of loneliness: a systematic review","Lam et al.","Systematic review; 41 studies","A","Distributed network effects of loneliness","Methods and directions heterogeneous","https://consensus.app/papers/details/2c825d46669051a6aeee43dab1d51dbd/?utm_source=chatgpt","2021 Neuropsychopharmacology"]
["S113","Loneliness dynamics","Loneliness modulates social threat detection in daily life","Shao et al.","EMA + dynamic structural equation models","B","Recursive within-person loneliness↔rejection dynamics","N=157; observational within-person dynamics","https://consensus.app/papers/details/57b0001ed71d550fa1e23dd88d02f634/?utm_source=chatgpt","2026 Communications Psychology"]
["S114","Loneliness intervention","Are loneliness interventions effective?","Lasgaard et al.","Preregistered meta-analysis; 280 studies","A","Intervention and plasticity boundary","GRADE low/very low; heterogeneity","https://consensus.app/papers/details/43fd874098eb570799c252213717da36/?utm_source=chatgpt","2025/2026 American Psychologist"]
["S115","Loneliness","Risk factors for loneliness","Barjaková, Garnero, d'Hombres","Review emphasizing meta/longitudinal evidence","A","Relational quality/network context","Mostly Europe/North America","https://consensus.app/papers/details/7a425bb9fcd756f29e2cc8fcb00d2be8/?utm_source=chatgpt","2023 Social Science & Medicine"]
["S116","Loneliness","Positive and negative emotion functions related to loneliness","Luo & Shao","Systematic behavioral/neuroimaging review","A","Valence/reward-threat coupling","Brain directionality mixed","https://consensus.app/papers/details/21999a7ca98c50f9b644412e07cb7f4e/?utm_source=chatgpt","2023 Psychoradiology"]
["S117","Loneliness","Loneliness and the onset of new mental health problems","Mann et al.","Systematic review + meta-analysis longitudinal cohorts","A","Loneliness as prospective risk state","Heterogeneity; causality not fully established","https://consensus.app/papers/details/accc04ed81af50cfa00d662475deab26/?utm_source=chatgpt","2022"]
["S118","Loneliness/Depression","The effect of loneliness on depression: A meta-analysis","Erzen","Meta-analysis; 88 studies","A","Loneliness-depression association","Predominantly correlational literature","https://consensus.app/papers/details/15d9cf69a331526e896e896a84601335/?utm_source=chatgpt","2018"]
["S119","Social support clinical","Loneliness/social support and outcomes of mental health problems","Wang et al.","Systematic review of longitudinal studies","A","Support/loneliness as outcome predictors","Clinical populations heterogeneous","https://consensus.app/papers/details/a0e63638d20d55038a579d84a6abc506/?utm_source=chatgpt","2018 BMC Psychiatry"]
["S120","Loneliness clinical","Loneliness and social isolation in severe mental disorders","Hajek et al.","Systematic review + meta-analysis","A","Clinical prevalence and social ecology","Very high heterogeneity; few longitudinal studies","https://consensus.app/papers/details/89cce8e03c405363a5165edfd88ab6a3/?utm_source=chatgpt","2025"]
["S121","Social intervention","Social connection interventions and depression in young adults","Vazquez Alvarez et al.","Systematic review + meta-analysis","A","Manipulating social connection as intervention","Only six studies; modest effects","https://consensus.app/papers/details/5e5a4311c2d95aa082a32edaef981a66/?utm_source=chatgpt","2024"]
["S122","Social rejection","Quantitative Meta-Analysis of Functional Imaging Studies of Social Rejection","Cacioppo et al.","Neuroimaging meta-analysis","A","Rejects simple social-pain = nociceptive-pain mapping","Older literature and task heterogeneity","https://consensus.app/papers/details/ef557745f64e5880a3c927f2e178041a/?utm_source=chatgpt","2013 Scientific Reports"]
["S123","Social rejection","Social exclusion reliably engages the default network","Mwilambwe-Tshilobo & Spreng","ALE meta-analysis; 53 studies, N=1817","A","Social exclusion as self/social-model processing","Cyberball-specific evidence","https://consensus.app/papers/details/8af26cb19b22517d9f70a097d651d4b2/?utm_source=chatgpt","2020 NeuroImage"]
["S124","Social rejection","Anterior cingulate contribution to social pain","Rotgé et al.","Voxel-based meta-analysis; 46 articles","A","ACC subdivision nuance","Task and age moderators","https://consensus.app/papers/details/d75c1cc3e1295ffca22b1614ec23e1aa/?utm_source=chatgpt","2014"]
["S125","Social rejection","Neural correlates of social exclusion across ages","Vijayakumar, Cheng, Pfeifer","Coordinate meta-analysis","A","Developmental modulation of exclusion response","Developmental paradigms heterogeneous","https://consensus.app/papers/details/35ca66ac23ac54c29b2ec2a5cbd873a1/?utm_source=chatgpt","2017 NeuroImage"]
["S126","Social affect","Impact of sociality and affective valence on brain activation","Atzil et al.","Meta-analysis; 614 contrasts","A","Sociality adds mentalizing/prediction networks","Meta-analytic categories broad","https://consensus.app/papers/details/6eec63e0ecaf59c3ac4550e809ee43b8/?utm_source=chatgpt","2023 NeuroImage"]
["S127","Social rejection","Effects of Social Rejection on Aggressive and Prosocial Behavior","Quarmley et al.","Meta-analysis","A","Behavioral transition after rejection","Experimental rejection paradigms may not generalize to enduring relationships","https://consensus.app/papers/details/ee5bb405a8e250ceb7b5b202f916f5cf/?utm_source=chatgpt","2022"]
["S128","Social networks","Common brain networks underlying human social interactions","Feng et al.","Large-scale neuroimaging meta-analysis; 7234 participants","A","DMN/salience/executive/subcortical integration","Task-based inference only","https://consensus.app/papers/details/97c4e043f1ca5952a2fac58d0aafcca4/?utm_source=chatgpt","2021 NBR"]
["S129","Social pain empathy","Neural mechanisms of physical and social pain empathy","Zhang et al.","ALE meta-analysis","A","Distinguishes social from physical pain empathy","Empathy ≠ first-person rejection","https://consensus.app/papers/details/39fd7e206e2d575a937048f4dd851dd0/?utm_source=chatgpt","2025 Cerebral Cortex"]
["S130","Empathy","Common/distinct networks for pain and pain empathy","Lamm, Decety, Singer","Meta-analysis","A","Shared affective but task-specific systems","Not direct evidence for social rejection","https://consensus.app/papers/details/155eb5ff2b15592784841785d7cb5d93/?utm_source=chatgpt","2011 NeuroImage"]
["S131","Social reward","Endogenous mu-opioid modulation of social connection in humans","Løseth, Trøstheim, Leknes","Preregistered systematic review + meta-analysis","A","Human causal mu-opioid modulation","Effect modest; possible small-study/publication bias","https://consensus.app/papers/details/dab72c1986f85424b2a00325118a3278/?utm_source=chatgpt","2024 Translational Psychiatry"]
["S132","Social reward","Defining social reward","Stijovic et al.","Systematic review; 384 studies","A","Operationalization of social reward","Field definitions highly heterogeneous","https://consensus.app/papers/details/fba379602ebb53be969ccef3ecef5bb1/?utm_source=chatgpt","2024 Psychological Bulletin"]
["S133","Social reward","Effects of dopamine and opioid receptor antagonism on social/nonsocial rewards","Massaccesi et al.","Randomized double-blind pharmacology + fMRI","B","Human DA/opioid causal perturbation","Behavioral effects limited; neural effects context-specific","https://consensus.app/papers/details/4150a40176765e8386d3b91850f0fed8/?utm_source=chatgpt","2023/2024 Human Brain Mapping"]
["S134","Social reward","Opioids and social bonding: naltrexone, connection and ventral striatum","Inagaki et al.","Randomized placebo-controlled fMRI study","B","Close-other bonding and opioid modulation","N=80; one antagonist paradigm","https://consensus.app/papers/details/2c5169cc68ae50f085e5df3abfb074e5/?utm_source=chatgpt","2019/2020 JEP General"]
["S135","Social reward","Dopaminergic and opioidergic regulation during social and nonsocial rewards","Korb et al.","Randomized pharmacological experiment","B","Wanting/liking distinction","Subjective ratings not strongly modulated","https://consensus.app/papers/details/7afc04167dfa5026a7c6e416354a9fec/?utm_source=chatgpt","2020 eLife"]
["S136","Social reward","Mu opioid receptor, social behaviour and autism spectrum disorder","Pellissier et al.","Review","B","Opioid social-reward mechanism","Substantial preclinical translation","https://consensus.app/papers/details/b9377449c9d65afdbf1260f9802db043/?utm_source=chatgpt","2018 BJP"]
["S137","Social reward","Intranasal oxytocin on social reward processing in humans","Kraus, Výborová, Silani","Systematic review","A","OXT reward-phase/context specificity","Mixed human effects; 19 studies","https://consensus.app/papers/details/d682bc214f0f5dc2be381a8c161ca5b9/?utm_source=chatgpt","2023 Front Psychiatry"]
["S138","Addiction/Social reward","Protective Effect of Social Reward on Opioid and Psychostimulant Reward and Relapse","Venniro et al.","Mechanistic review","C","Competing social vs drug reward","Primarily rodent evidence","https://consensus.app/papers/details/468ec63245065695839447532bf04e02/?utm_source=chatgpt","2022 J Neurosci"]
["S139","Touch/Pain","Social support on experimental pain and physiological arousal","Che et al.","Systematic review + meta-analysis","A","Embodied/support-channel specificity","Mere presence not sufficient; context matters","https://consensus.app/papers/details/e92451a7805b587a8f1a1da6e0ec5d70/?utm_source=chatgpt","2018 NBR"]
["S140","Touch/Pain","Processes underlying buffering effect of social support on pain","Che et al.","Systematic review","A","Stress-appraisal and physiological attenuation","Only five neurobiological studies","https://consensus.app/papers/details/9ebbb17da253512d811248cbcf9e5e64/?utm_source=chatgpt","2018 Clinical Journal of Pain"]
["S141","Touch","Physical and mental health benefits of touch interventions","Packheiser et al.","Large multilevel meta-analysis; 137 randomized studies","A","Touch as embodied regulatory channel","Metadata/journal to be rechecked at publication-level lock","https://consensus.app/papers/details/f2441106ae3a58f68c897d7340598e22/?utm_source=chatgpt","Large effect-synthesis anchor; metadata verification pending"]
["S142","Pain/Social support","Social support and chronic pain","Rinaudo, Steyaert, Mouraux","Systematic review","A","Long-term relational context in pain","Mostly cross-sectional/correlational","https://consensus.app/papers/details/4809596d01c75f2c8bb11a261b03961d/?utm_source=chatgpt","2025 PLOS One"]
["S143","Pain/Peer support","Peer support for chronic musculoskeletal pain","Wilson et al.","Systematic review + meta-analysis of randomized trials","A","Support intervention boundary","Low/very-low certainty; effects small","https://consensus.app/papers/details/a1e815b72163555c8cd70dce1d714bae/?utm_source=chatgpt","2024 Pain"]
["S144","Depression/Social support","Social support and outcomes of mental health problems","Wang et al.","Longitudinal systematic review","A","Depression outcome/social ecology bridge","Heterogeneous measures/populations","https://consensus.app/papers/details/a0e63638d20d55038a579d84a6abc506/?utm_source=chatgpt","2018"]
["S145","Depression/Loneliness","Experience of loneliness among young people with depression","Achterbergh et al.","Qualitative meta-synthesis","B","Mutually reinforcing withdrawal-loneliness-depression loops","Qualitative; young samples","https://consensus.app/papers/details/4dbeeffb3fb6536ab663f98829e8d8f9/?utm_source=chatgpt","2020 BMC Psychiatry"]
["S146","Depression/Social intervention","Social connection interventions and depression in young adults","Vazquez Alvarez et al.","Systematic review + meta-analysis","A","Intervention evidence for social coupling","Small evidence base","https://consensus.app/papers/details/5e5a4311c2d95aa082a32edaef981a66/?utm_source=chatgpt","2024"]
["S147","Clinical social ecology","Loneliness/social isolation in severe mental disorders","Hajek et al.","Systematic review + meta-analysis","A","Transdiagnostic social isolation burden","Extremely high heterogeneity","https://consensus.app/papers/details/89cce8e03c405363a5165edfd88ab6a3/?utm_source=chatgpt","2025"]
["S148","Loneliness/Depression","Loneliness and new onset mental health problems","Mann et al.","Longitudinal systematic review + meta-analysis","A","Prospective transition-risk evidence","Residual confounding and heterogeneity","https://consensus.app/papers/details/accc04ed81af50cfa00d662475deab26/?utm_source=chatgpt","2022"]
["S149","Depression/Loneliness","Loneliness effect on depression","Erzen","Meta-analysis","A","Association magnitude","Causality not secured","https://consensus.app/papers/details/15d9cf69a331526e896e896a84601335/?utm_source=chatgpt","2018"]
["S150","Loneliness","Chronic loneliness and social isolation among older adults","Hajek et al.","Systematic review/meta-analysis/meta-regression","A","Persistence and slow-variable framing","Limited longitudinal evidence","https://consensus.app/papers/details/2753f973c37c5611b22a41aaefff4b85/?utm_source=chatgpt","2024"]
["S151","Social intervention","Interventions to improve social connections","Zagic et al.","Systematic review + meta-analysis controlled trials","A","Quantity vs quality of connection","Different interventions affect different dimensions","https://consensus.app/papers/details/8365df6fa38b57db98ac17b4a624e720/?utm_source=chatgpt","2021/2022"]
["S152","Predictive social cognition","Active-Inference Approach to Second-Person Neuroscience","Lehmann et al.","Theoretical review grounded in second-person neuroscience","F","Mutual prediction, policy selection, bodily adaptation","Active-inference interpretation exceeds direct empirical evidence","https://consensus.app/papers/details/36d862d89bf95f09901a2414871f35b3/?utm_source=chatgpt","2023/2024"]
["S153","Predictive processing","Active inference as a theory of sentient behavior","Pezzulo, Parr, Friston","Major theoretical review","F","Precision/policy/timescale formal foundation","Unifying framework remains debated and incompletely tested","https://consensus.app/papers/details/d17124f0ff8f5d88ae54d5710a2b2a3b/?utm_source=chatgpt","2024"]
["S154","Predictive processing","Prediction in action: toward an empirical science of active inference","Lageman, Fahrenfort, Slagter","Critical empirical review","A/F","Explicit evidence boundary for active inference","Framework has limited uniquely discriminating empirical tests","https://consensus.app/papers/details/efa3f52ed5ab5de997f8fef7aaf78e1a/?utm_source=chatgpt","2026 NBR"]
["S155","Predictive social cognition","Active Inference and Social Actors","Cheadle et al.","Neuro-bio-social conceptual synthesis","F","Enculturation/shared-model bridge","Sociological integration, not direct neural causal evidence","https://consensus.app/papers/details/7622644f088d52c9ad329890448c7200/?utm_source=chatgpt","2024"]
["S156","Predictive processing","Introduction to Predictive Processing Models of Perception and Decision-Making","Sprevak & Smith","Conceptual/formal review","A/F","Predictive coding vs active inference distinctions","Framework-level evidence varies by claim","https://consensus.app/papers/details/4fb359a73a4e5c498ca576794952a1c9/?utm_source=chatgpt","2023"]
["S157","Predictive/social narrative","Narrative as active inference","Bouizegarene et al.","Integrative conceptual review","F","Shared predictions across timescales","Narrative-active-inference link is synthesis","https://consensus.app/papers/details/df6e19cebb655d4994d313dd8b6e271a/?utm_source=chatgpt","2024"]
["S158","Intrinsic timescales","Intrinsic neural timescales: temporal integration and segregation","Wolff et al.","Major review","A","Timescale hierarchy foundation","Social application requires additional bridge","https://consensus.app/papers/details/131016b3e92155d6a67343943dca1a92/?utm_source=chatgpt","2022 Trends Cogn Sci"]
["S159","Intrinsic timescales","A hierarchy of intrinsic timescales across primate cortex","Murray et al.","Cross-area electrophysiology","A","Canonical temporal hierarchy","Primate data; not interpersonal","https://consensus.app/papers/details/281740526e6b5b159f8f44ccb5c2cd13/?utm_source=chatgpt","2014 Nature Neuroscience"]
["S160","Intrinsic timescales","Hierarchical dynamics as a macroscopic organizing principle of the human brain","Raut, Snyder, Raichle","Human fMRI study","A","Human whole-brain temporal hierarchy","Resting-state timescales are proxy measures","https://consensus.app/papers/details/b490ea9b8d24525a96cffc81f55f0c75/?utm_source=chatgpt","2020 PNAS"]
["S161","Intrinsic timescales","Temporal hierarchy converges with spatial core-periphery organization","Golesorkhi et al.","Human MEG study","B","Temporal-spatial hierarchy coupling","Task/rest interpretation constrained by method","https://consensus.app/papers/details/7f94deb01fd35cb2b1381125f2eed5f9/?utm_source=chatgpt","2021 Communications Biology"]
["S162","Intrinsic timescales","A Diversity of Intrinsic Timescales Underlie Neural Computations","Cavanagh, Hunt, Kennerley","Review","A","Heterogeneous fast/slow computation","Mostly cognitive/motor evidence","https://consensus.app/papers/details/ed95bbbbbb5c56d088701d97e229c360/?utm_source=chatgpt","2020 Front Neural Circuits"]
["S163","Intrinsic timescales","Neuronal timescales are functionally dynamic and shaped by cortical microarchitecture","Gao et al.","Human intracranial + transcriptomic study","A","State-dependent timescale dynamics","Not relational-specific","https://consensus.app/papers/details/bb680e94b0ed50888e2b6e3008e145ff/?utm_source=chatgpt","2020 eLife"]
["S164","Intrinsic timescales","The brain and its time: intrinsic neural timescales are key for input processing","Golesorkhi et al.","Review","A","Input matching/integration bridge","Broad theoretical interpretation","https://consensus.app/papers/details/6372ea7dd23d5d2d81ba026ba4801ac0/?utm_source=chatgpt","2021 Communications Biology"]
["S165","Intrinsic timescales","Consistent Hierarchies of Single-Neuron Timescales in Mice, Macaques, and Humans","Zeisler et al.","Cross-species single-neuron study","B","Cross-species robustness","Region sampling constrained","https://consensus.app/papers/details/a35e78adafcc5705a2565e24c01160c7/?utm_source=chatgpt","2025 J Neurosci"]
["S166","Intrinsic timescales","Intrinsic timescales as an organizational principle across the whole macaque brain","Manea et al.","Ultra-high-field fMRI + electrophysiology validation","B","Whole-brain temporal organization","Macaque translational boundary","https://consensus.app/papers/details/8bc3d541412157938070b07477d4c80e/?utm_source=chatgpt","2021/2022 eLife"]

{"sheet":"Claim-Evidence Matrix","index":3,"n_rows":35,"n_cols":9,"rows_kept":35,"merged":[[0,0,0,8]]}
["CLAIM → EVIDENCE MATRIX — PASS 2 COMPLETE · 32 MAJOR CLAIMS"]
[]
["Claim ID","Candidate lecture claim","Claim type","Supporting source IDs","Counter / caution","FH interpretation","Confidence","Lecture placement","Gate"]
["C01","Relational context can alter stress physiology and regulation in humans.","Supported interpretation","S008,S009,S010,S011,S012","Effects depend on relationship quality, context, development and individual differences.","Other-person input can alter state-transition conditions without implying a universal mechanism.","High","Parts I–IV","PASS"]
["C02","Attachment is better treated as a history-dependent regulatory expectation than a fixed personality label.","Supported interpretation","S001,S002,S003,S004,S005","Measurement approaches and categories differ; causality is limited.","Attachment variables belong primarily among slow state parameters / priors.","Moderate-High","Parts II–III","PASS"]
["C03","Interpersonal synchrony occurs across behavior, physiology and neural signals.","Empirical result","S017,S018,S019,S021,S024,S025,S026,S028","Common input, task structure and analytic choices can generate apparent synchrony.","Coupling is measurable, but synchrony magnitude is not equivalent to health or causal influence.","High","Part VI","PASS"]
["C04","Higher synchrony is not intrinsically beneficial.","Supported interpretation","S020,S022,S023,S026","Outcome depends on modality, context, directionality and dyad state.","Co-regulation and co-dysregulation are both possible coupled regimes.","High","Parts VI/XII","PASS"]
["C05","Oxytocin should not be described as a simple trust hormone.","Supported interpretation","S008,S030,S032,S034,S035","Context, sex, receptor distribution and baseline state matter.","Neuromodulators act as context-sensitive control parameters, not one-dimensional valence signals.","High","Part V","PASS"]
["C06","Social affiliation recruits dopamine and endogenous opioid mechanisms in addition to oxytocin.","Supported interpretation","S031,S033,S036,S037,S038","Human causal evidence differs strongly by system; some anchors are preclinical.","Multiple neuromodulatory axes can reshape gain/salience/plasticity at different timescales.","Moderate","Part V","PASS"]
["C07","Therapeutic relationship variables are meaningfully associated with treatment process and outcomes.","Supported interpretation","S020,S043,S045,S046,S047","Alliance may be marker, moderator and mechanism; cannot assume isolated causality.","Therapy can be modeled as repeated structured relational perturbation only as FH synthesis.","Moderate-High","Part XIV","PASS"]
["C08","Metastability is a defensible neural-dynamics concept but is operationalized inconsistently in human neuroimaging.","Supported interpretation","S061,S062,S063,S064","Definitions and metrics vary; resting-state dominates empirical work.","Use metastability precisely: long-lived transient regimes / flexible transitions, not a metaphor for any variability.","High","Parts X/XV","PASS"]
["C09","Stable recurrent neural systems can show strong transient amplification through non-normal mechanisms.","Empirical/formal result","S058,S059","Evidence is at neural-circuit/computational level.","Person-level relational non-normality is formal transfer, not established clinical fact.","High for neural; low for relational","Part XI","PASS WITH BOUNDARY"]
["C10","Structural network models can quantify aspects of state controllability and control energy.","Formal result","S060","Linear structural controllability is an approximation; behavioral reachability is not equivalent.","Use as mathematical vocabulary for reachability, never as proof that a person can be 'controlled'.","Moderate","Part X/XI","PASS WITH BOUNDARY"]
["C11","Repeated fast relational events may alter slower learned expectations and regulation capacities.","Flow Hijacked synthesis","S003,S006,S007,S010,S011,S050,S051","Direct fast–slow identification at the person-relational level is incomplete.","Model fast x variables nested in slow z variables; repeated co-regulation can update z.","Hypothesis-level","Parts VIII–IX","HYPOTHESIS"]
["C12","Borrowed Gain Geometry: another person may alter effective gain and accessible state space, not merely supply input.","New hypothesis","S008,S017,S020,S029,S058,S059,S060,S061","No direct study estimates a relational effective operator A_r or relational resolvent.","Formalize testable predictions rather than present as established fact.","Novel","Part XV","HYPOTHESIS"]
["C13","The therapeutic alliance has a robust but not necessarily causal association with psychotherapy outcome.","Supported interpretation","S066,S067,S071","Heterogeneity, reciprocal effects and therapist/client contributions complicate causal decomposition.","Treat alliance as a dynamic process variable and candidate mechanism, not a singular causal lever.","High","Part XIV","PASS"]
["C14","Alliance rupture is associated with poorer outcome, while resolved rupture is associated with better outcome.","Supported interpretation","S069,S070","Training/supervision effects are less secure than repair-outcome association.","Rupture-repair is a candidate relational transition process rather than proof of attractor revision.","Moderate-High","Part XIV","PASS"]
["C15","PTSD severity and social support are strongly linked, but the direction and causal dynamics are contested.","Supported interpretation","S074,S075,S076","Cross-lag estimates may be sensitive to statistical specification and regression artifacts.","Use reciprocal-coupling language cautiously; robust association is firmer than directional causality.","High for association; moderate for direction","Part XIII","PASS WITH CONTRADICTION"]
["C16","HRV is useful for cardiac autonomic research but cannot be treated as a direct readout of 'safety' or sympathovagal balance.","Empirical/methodological result","S079,S080,S081,S082","Respiration, posture, age, fitness, device and analysis choices affect interpretation.","Use HRV as one state variable within a multivariate autonomic model.","High","Parts IV/XV","PASS"]
["C17","Polyvagal Theory contains influential clinical ideas but several foundational neuroanatomical/evolutionary claims are actively disputed.","Supported interpretation","S083,S084,S085","Current literature contains direct disagreement among experts.","Do not use PVT as mechanistic backbone; separate validated autonomic facts from theory-specific claims.","High","Part XV","PASS / CONTESTED"]
["C18","Human oxytocin findings are heterogeneous and do not support a simple social-bonding hormone model.","Supported interpretation","S086,S087,S088,S089","Assay, context, sex, development and clinical status moderate findings.","Model OXT as one context-sensitive neuromodulatory parameter among several.","High","Part V","PASS"]
["C19","Attachment security/insecurity is systematically related to emotion-regulation patterns across development and adulthood.","Supported interpretation","S090,S091,S092,S093","Measurement frameworks differ and direction of causality remains incompletely identified.","Use attachment as slow regulatory history/priors, not immutable type.","High","Parts II–III/IX","PASS"]
["C20","Interpersonal synchrony is multimodal, modest-to-moderate in cross-level association, and highly context dependent.","Supported interpretation","S094,S095,S096,S097,S098","Different modalities can dissociate; autonomic relationship effects may be small or opposite by branch.","FH should model coupling matrices and regimes, not a scalar 'synchrony score'.","High","Parts VI/XII","PASS"]
["C21","Social interaction may depend on coupled intrinsic neural timescales, but this is currently a frontier framework.","Frontier interpretation","S099","The timescale-matching account is proposed rather than established across contexts.","Strong candidate bridge for fast–slow section, labelled frontier.","Frontier","Parts VIII–IX","FRONTIER"]
["C22","Brief interaction may leave measurable post-interaction changes in interbrain coupling.","Empirical result / frontier","S100","Single-study evidence and interpretation of persistent coupling require replication.","Candidate mechanism linking fast interaction to slower relational updating.","Low-Moderate","Part IX","FRONTIER"]
["C23","Familiar social proximity can reduce perceived/physiological effort and threat under some conditions, but social baseline effects are not universal.","Supported interpretation","S102-S111","Theory and experimental paradigms vary; support can be mismatched or non-beneficial.","Relational context may alter effective control cost rather than simply add positive input.","Moderate-High","Parts I/IV","PASS"]
["C24","Dyads/groups can become locked into maladaptive coupled regulatory regimes, a possibility captured by social-allostasis models.","Flow Hijacked synthesis","S105,S111,S113,S145","Group-level set-point and load models remain partly theoretical.","Map maladaptive co-regulation as coupled attractor-like regime, not as proven literal energy landscape.","Moderate","Parts X/XII","PASS WITH BOUNDARY"]
["C25","Loneliness can behave as a recursive multi-timescale state in which perceived rejection, withdrawal and loneliness reinforce one another.","Supported interpretation","S112-S120,S145,S148","Not all longitudinal findings establish causation; population and culture matter.","Strong candidate for slow-fast feedback and self-reinforcing basin dynamics.","Moderate-High","Parts XII/XIII","PASS"]
["C26","The neural response to social rejection is distributed and should not be reduced to a literal physical-pain circuit.","Supported interpretation","S122-S130","Different paradigms recruit overlapping and distinct systems.","Reject single 'social pain center'; emphasize network/state configuration.","High","Part XII/XV","PASS"]
["C27","Human mu-opioid signaling has a modest modulatory role in social connection but is not necessary for connection.","Empirical interpretation","S131,S134-S136","Meta-analytic effect modest and potentially biased upward.","Opioids are one control parameter among interacting reward/affiliation systems.","High","Part V","PASS"]
["C28","Social reward is not a single stimulus class; intimacy, immediacy, interaction and reward phase materially change its neurobiology.","Supported interpretation","S132,S133,S135,S137","Operationalizations vary dramatically across studies.","The social coupling term must be state-, channel- and context-dependent.","High","Parts V/VI","PASS"]
["C29","Touch and verbal support can alter pain/stress responses, while mere social presence is often insufficient.","Supported interpretation","S139-S143,S027","Effects depend on relationship, channel and outcome; intervention certainty varies.","Embodied co-regulation is channel-specific rather than a generic 'presence' effect.","High","Parts III/IV/VI","PASS"]
["C30","Loneliness, social support and depression can form mutually reinforcing clinical loops, but intervention effects on connection are heterogeneous.","Supported interpretation","S144-S151,S117-S121","Associations and interventions vary by population, quality vs quantity of connection and study design.","Depression/social withdrawal should be modeled as coupled ecology rather than one-way cause.","Moderate-High","Part XIII","PASS"]
["C31","Active inference offers a formal language for mutual prediction and precision in social interaction, but its distinctive empirical support remains incomplete.","Formal transfer / frontier","S152-S157,S154","Many applications are theoretical and may fit multiple frameworks.","Use to generate predictions about mutual inference, never as settled mechanism.","Frontier","Part VII/XV","PASS WITH BOUNDARY"]
["C32","Hierarchical intrinsic neural timescales are a well-supported organizing principle; coupling of timescales between people is a newer frontier.","Supported interpretation + frontier","S158-S166,S099","Social-timescale matching evidence is much newer than within-brain hierarchy evidence.","Ground fast–slow architecture in established neural timescales, then label interpersonal coupling as frontier.","High within brain / frontier social","Parts VIII–IX","PASS"]

{"sheet":"Contradiction Audit","index":4,"n_rows":25,"n_cols":8,"rows_kept":25,"merged":[[0,0,0,7]]}
["CONTRADICTION / OVERCLAIM AUDIT — PASS 2 COMPLETE · 22 ROWS"]
[]
["Audit ID","Attractive claim","Why it is risky","Corrected formulation","Anchor IDs","Severity","Status","Action"]
["X01","Synchrony is evidence of a healthy relationship.","Synchrony may arise from shared stimuli, coordinated stress or co-dysregulation.","Synchrony is a context-dependent coupling measure whose functional meaning must be independently established.","S020,S022,S023,S026","High","OPEN","Add 2024–2026 multimodal meta-analysis and co-dysregulation evidence."]
["X02","Oxytocin is the trust/love hormone.","Effects vary with context, person, receptor distribution and threat state.","Oxytocin modulates social salience, bonding and stress-related processes in context-dependent ways.","S008,S030,S032,S034,S035","High","PASS","Keep explicit myth correction."]
["X03","Attachment style determines adult psychopathology.","Most evidence is probabilistic/associational and measurement frameworks vary.","Attachment dimensions/representations are risk and regulatory correlates, not destiny.","S001,S002,S003","High","PASS","Require uncertainty language."]
["X04","HRV directly measures safety/vagal regulation.","HRV is multiply determined and interpretation is protocol-dependent.","Use HRV as one autonomic index among several, not a direct safety meter.","","High","OPEN","Acquire methodological HRV reviews before drafting."]
["X05","Inter-brain synchrony shows direct brain-to-brain information transfer.","Common sensory input, movement and analysis choices can produce coupling.","Hyperscanning can reveal coordinated signals but directionality and causal transfer require stronger designs.","S018,S022,S025,S026","High","PASS","Require null models/common-input controls."]
["X06","Non-normality/resolvent gain explains relational sensitivity in humans.","Direct person-level evidence is absent.","Use non-normality as formal transfer generating testable hypotheses about transient amplification.","S058,S059","Critical","PASS","Label every relational resolvent statement as FH hypothesis."]
["X07","Controllability metrics tell us how to move a person between psychological states.","Linear structural control theory abstracts heavily from lived systems.","Use controllability only as a formal language for reachability and energy; no clinical control prescription.","S060","Critical","PASS","No therapeutic optimization claims from network control metrics."]
["X08","Therapeutic alliance is proven to be the causal mechanism of psychotherapy.","Alliance correlates with outcome but causal decomposition is difficult.","Alliance is a robust process variable that may mark and contribute to change, depending on treatment and context.","S020,S043,S046,S047","High","OPEN","Add canonical alliance meta-analysis and rupture-repair meta-analysis."]
["X09","Social support is always protective.","Support quality, fit and interpersonal dynamics matter; symptoms may erode support.","Describe reciprocal, context-sensitive buffering and feedback.","S012,S029,S039,S041","High","OPEN","Add longitudinal PTSD/social support reciprocal meta-analysis."]
["X10","Polyvagal theory provides a settled map of social safety.","Several broad claims remain contested and are often overextended in public discourse.","Use basic autonomic anatomy and validated measures; audit polyvagal-specific claims separately.","","High","OPEN","Acquire pro/con reviews and consensus anatomy sources."]
["X11","PTSD and social support reciprocally cause changes in each other.","Cross-lag meta-analysis supports reciprocity, but re-meta-analysis shows model-dependent potentially spurious prospective effects.","State robust association and plausible reciprocal dynamics; label directional causality contested.","S074,S075,S076","Critical","PASS WITH CONFLICT","Keep both original meta-analysis and re-analysis side by side."]
["X12","More therapist-client nonverbal synchrony means a better alliance/outcome.","2024 meta-analysis found no significant overall association; effects differ by modality.","Treat synchrony as multidimensional and context-specific, not a monotonic therapeutic good.","S072,S073","High","PASS","Use as exemplar of co-regulation ≠ maximal synchrony."]
["X13","Social interaction reliably raises endogenous oxytocin.","Meta-analysis found no expected overall hormonal response in causal designs.","Oxytocin-sociality effects are heterogeneous and method-sensitive.","S086","High","PASS","Use as explicit neuromodulation myth correction."]
["X14","LF HRV is sympathetic tone and LF/HF is sympathovagal balance.","Critical review and modern guidelines reject these simple interpretations.","Do not use LF/HF as a direct balance index.","S080,S081","Critical","PASS","Remove such language from all lecture figures."]
["X15","HRV is a direct measure of felt safety.","HRV is influenced by respiration, posture, fitness, age, recording method and multiple autonomic processes.","Treat vmHRV/RMSSD as constrained cardiac autonomic indicators, not phenomenological safety meters.","S079,S081,S082","Critical","PASS","Require measurement caveat wherever HRV appears."]
["X16","Polyvagal theory is a settled neurophysiological model of trauma and social safety.","Current 2025 proponent reviews coexist with a 2026 multi-expert critique rejecting major tenets.","Present PVT as contested; build core autonomic account from broader physiology.","S083,S084,S085","Critical","PASS","Theory-specific claims isolated in audit box, not central mechanism."]
["X17","Therapeutic alliance causes good outcomes.","Large meta-analytic association is robust, but directionality, common factors and patient/therapist contributions remain unresolved.","Alliance is a strong process marker/candidate mechanism, not a proven singular cause.","S066,S067,S071","High","PASS","Use causal language only for designs that warrant it."]
["X18","Social rejection is simply the same neural 'pain matrix' as physical pain.","Meta-analyses disagree with a literal one-to-one mapping and highlight distributed/default/social-cognitive networks.","Use overlap language cautiously; rejection is not reducible to nociceptive pain.","S122,S123,S124,S129,S130","High","PASS","Explicitly retire 'social pain = physical pain' shorthand."]
["X19","The presence of another person is sufficient to buffer pain or stress.","Pain meta-analysis finds mere presence often insufficient; channel, relationship and appraisal matter.","Specify who, how, when and through which channel support acts.","S139,S140,S111","High","PASS","Make coupling C(x,y,r,t) context/channel dependent."]
["X20","Mu-opioid signalling is necessary for human social connection.","Antagonism produces only a modest average reduction; connectedness remains robust under blockade.","Describe mu-opioids as modulators, not the substrate of connection itself.","S131,S134,S135","High","PASS","Use effect size and bias caveat in neuromodulation section."]
["X21","Loneliness is primarily a stable trait or a simple absence of contact.","EMA and longitudinal work show within-person fluctuations, reciprocal rejection coupling and quality/quantity distinctions.","Treat loneliness as dynamic, relational and multiscale.","S113,S115,S117,S151","High","PASS","Use recursive state model with trait-state separation."]
["X22","Increasing social contact necessarily reduces loneliness and improves depression.","Intervention meta-analyses show differential effects for objective contact, perceived quality and depression; heterogeneity is substantial.","Separate access, quality, appraisal, belonging and symptom change.","S114,S121,S151","High","PASS","No scalar 'more connection = better' claim."]

{"sheet":"FH Formal Bridge","index":5,"n_rows":17,"n_cols":9,"rows_kept":17,"merged":[[0,0,0,8]]}
["FLOW HIJACKED FORMAL BRIDGE MATRIX — PASS 2 COMPLETE"]
[]
["FH construct","Formal object","Relational interpretation","Evidence level","Anchor IDs","Allowed lecture language","Prohibited leap","Testable prediction","Priority"]
["Attractor","stable/metastable region of state space","Recurring threat/safety/withdrawal relational regimes","Synthesis","S061,S062,S063","A useful dynamical model of recurrent states","Attachment is literally one neural attractor","Perturbation recovery profiles differ by relational context","High"]
["Barrier height","transition difficulty / effective landscape","Difficulty leaving threat or withdrawal state","Synthesis","S061,S064","Can be conceptualized as altered transition difficulty","No direct energy-landscape claim without measurement","Supportive context shortens dwell time or increases transition rate","High"]
["Metastability","long-lived transient regimes","Flexible switching among relational/affective states","Neural evidence + synthesis","S061,S062,S063,S064","Use precise metastability definition","Do not equate all variability with metastability","Healthy co-regulation predicts broader state repertoire without runaway switching","High"]
["Fast–slow dynamics","x fast; z slow; epsilon << 1","Arousal/attention vs attachment priors/plasticity","Hypothesis","S003,S006,S007,S010,S011","Explicitly label FH multiscale model","Do not claim direct parameter identification","Repeated fast repair episodes predict slow change in relational expectation","High"]
["Neuromodulatory control parameters","parameter-dependent gain/plasticity/salience","OXT/DA/opioids/NE/5-HT reshape response properties","Supported synthesis","S008,S029-S038","Control parameter as systems metaphor bounded by biology","No transmitter = emotion mapping","Same social cue produces different gain under different neuromodulatory states","High"]
["Non-normality","A*A != AA*; non-orthogonal modes","Large transient response despite asymptotic stability","Formal transfer","S058,S059","Candidate mathematical analogy / hypothesis","No claim that relationship matrices have measured non-normal spectra","Relationally salient perturbations show anisotropic transient amplification","Frontier"]
["Resolvent","R(ω)=(iωI-A)^-1","frequency/direction-specific amplification sensitivity","Novel hypothesis","S058,S059","Only inside FH hypothesis section","Do not call it measured relational resolvent","Empirically estimated local operators predict cue-specific response gain","Frontier"]
["Controllability","reachability / control energy","How accessible alternative states are under perturbation","Formal transfer","S060","Use reachability language cautiously","No therapeutic control prescription","Safe relationship reduces estimated energy required for transition in fitted state-space model","Frontier"]
["Precision weighting","relative confidence assigned to signals","Trust/history changes weight on threat/safety cues","Predictive synthesis","S043,S044,S054-S057","Can be framed as precision reweighting","Not established universal mechanism","Attachment/security manipulations alter cue weighting and updating rates","High"]
["Coupled systems","dx/dt=F(x)+C(x,y)","Two people mutually alter each other's trajectories","Supported synthesis","S017-S028","Coupling is measurable at multiple levels","Do not infer causal direction from synchrony alone","Directionality measures predict who buffers whom under stress","High"]
["Social baseline / control cost","effective effort / expected resource burden","Familiar others may alter expected cost/risk of action","Theory + experimental support","S102-S111","Use as resource/control-cost interpretation","Do not claim literal metabolic cost is measured in every paradigm","Relational proximity lowers behavioral/neural effort only when partner is predictable/supportive","High"]
["Social allostatic load","slow group-level set-point / accumulated regulatory burden","Repeated conflict or dysregulation may shift dyadic operating range","Theory + partial empirical support","S105,S113,S145","Use as candidate slow-variable model","Do not equate group 'set-point' with measured attractor","Longitudinal dyads show persistence/hysteresis after repeated dysregulation","High"]
["Context-dependent coupling","C(x,y,r,t)","Coupling strength/sign depends on relationship, channel, state and time","Strong synthesis","S094-S098,S111,S139-S143","Explicitly reject one scalar synchrony coefficient","No 'more synchrony is better'","Different modalities predict different outcomes and can change sign across contexts","High"]
["Coupled timescales","within-brain INT hierarchy + interpersonal temporal alignment","Fast mirroring and slower mentalizing/relational priors may need temporal compatibility","Established within brain; frontier between brains","S099,S158-S166","Separate established INT hierarchy from social-coupling hypothesis","Do not claim timescale mismatch is proven cause of relationship failure","Dyadic communication quality tracks similarity/adaptation of estimated timescales","Frontier"]

{"sheet":"Lecture Readiness","index":6,"n_rows":20,"n_cols":5,"rows_kept":20,"merged":[[0,0,0,4]]}
["LECTURE READINESS GATE"]
[]
["Gate","Threshold","Current","Status","Interpretation"]
["Unique peer-reviewed corpus floor",">=300","380 unique after deduplication; 360 included after relevance scoring","PASS","Hard floor exceeded without counting false-positive search hits."]
["Preferred corpus","360–440","360 included","PASS","Preferred range reached at the lower bound with unchanged inclusion threshold."]
["Landmark spine","160–180","166","PASS","Spine retained as the claim-bearing core within the larger locked corpus."]
["Synchrony methods/critique","Strong + counterevidence","Multimodal, autonomic, close-relationship and psychotherapy meta-analyses + method critiques","PASS","Synchrony explicitly treated as multidimensional/context-dependent."]
["Neuromodulation myth audit","OXT/DA/opioids + context","OXT meta-analyses + human opioid meta-analysis/pharmacology + DA/opioid studies","PASS","No single-transmitter sociality narrative permitted."]
["Metastability precision","Review + empirical + critique","Strong","PASS","Definitions and measurement caveats included."]
["Non-normality evidential boundary","Direct relational evidence absent and labelled","Explicitly labelled formal transfer","PASS","No promotion of hypothesis to finding."]
["Network-control boundary","Linear model limitations visible","Explicitly visible","PASS","No clinical controllability claim."]
["Therapeutic alliance core","Meta-analysis + rupture/repair","Canonical alliance, therapist-effect, PTSD-alliance, rupture-repair and 2026 rupture meta-analysis added","PASS","Association is strong; causality remains bounded."]
["PTSD/social-support reciprocity","Longitudinal/meta-analytic + contradiction","Longitudinal meta-analysis + moderator meta-analysis + re-meta-analysis","PASS WITH CONFLICT","Reciprocal association plausible, directional causal interpretation contested."]
["HRV/autonomic caution","Methods review + modern guideline","Laborde + LF/HF critique + 2026 rigor guideline + stress-recovery review","PASS","No direct safety or sympathovagal-balance claims permitted."]
["Polyvagal audit","Pro + critical literature","2025 proponent update + 2026 multi-expert critique + evolutionary critique","PASS / CONTESTED","PVT excluded from mechanistic backbone; may appear in contradiction chamber."]
["Claim → evidence matrix",">=30 major claims","32 claims","PASS","Major lecture claims now source-mapped and epistemically typed."]
["Contradiction hunt",">=20 major contradiction rows","22 rows","PASS","Overclaim audit meets floor and covers major attractive simplifications."]
["Publication-level numerical lock","Every numerical claim either exact-locked or prohibited","24 pivotal publication records locked; all 32 claims have numerical policies; unverified numerical claims permitted = 0","PASS","Numbers may enter the lecture only through the Claim Numerical Gate."]
["Final lecture architecture","Evidence architecture + corpus lock + numerical lock complete","All prerequisite research gates PASS","READY","Next recommended operation: freeze final parts/sections and their evidence dependencies before prose drafting."]
["End-of-process assimilation package","Prepare A–G only after final English + Hebrew lectures and explicit user confirmation","Specification frozen in 'Assimilation Gate' sheet","DEFERRED","Do not ask Work to reinterpret research while implementing the site."]

{"sheet":"Pass 2 Log","index":7,"n_rows":17,"n_cols":6,"rows_kept":17,"merged":[[0,0,0,5]]}
["ACQUISITION PASS 2 — RED-GATE CLOSURE LOG"]
[]
["Workstream","Action","Key result","Epistemic impact","Gate outcome","Next action"]
["Therapeutic alliance","Acquired canonical meta-analyses and therapist-effect literature","Alliance-outcome association robust across large literature","Strengthens relational-process section without implying simple causality","PASS","Add temporal microprocess and specific attachment-by-alliance studies"]
["Rupture/repair","Added 2018 repair meta-analysis + 2026 rupture meta-analysis","Resolved ruptures relate to better outcome; ruptures relate to worse outcome","Supports transition/repair narrative with bounded claims","PASS","Add process studies if used for mechanism detail"]
["PTSD ↔ social support","Added longitudinal meta-analysis, moderator meta-analysis and re-meta-analysis","Robust negative association; directionality/model-based reciprocity contested","Excellent coupled-feedback example if presented with contradiction","PASS WITH CONFLICT","Add individual longitudinal designs for timing"]
["HRV/autonomic","Added methods review, LF/HF critique, 2026 guidelines, recovery scoping review","HRV useful but easily overinterpreted; LF/HF and 'safety meter' claims rejected","Replaces simplistic autonomic story with measurement-aware model","PASS","Add respiratory sinus arrhythmia / baroreflex physiology as needed"]
["Polyvagal","Added current proponent account and major 2026 critique","Theory remains actively contested at foundational level","Remove PVT from mechanistic backbone; isolate as debated framework","PASS / CONTESTED","Only mention if pedagogically useful"]
["Oxytocin","Added endogenous-OXT meta-analysis and context-dependent syntheses","Human evidence heterogeneous; causal hormonal response not reliably simple","Strengthens neuromodulation-as-control-parameter framing","PASS","Add opioid/dopamine human meta-analytic anchors"]
["Synchrony","Added 2024 multimodal and close-relationship meta-analyses, autonomic meta-analysis","Cross-level effects differ; synchrony is not a scalar good","Supports coupled-regime rather than 'more synchrony is better'","PASS","Add directionality and lagged-coupling work"]
["Fast–slow","Added 2026 coupled neural timescales framework + 2024 post-interaction persistence study","Direct social-timescale literature now emerging","Makes fast–slow bridge more specific but remains frontier","FRONTIER","Add intrinsic-timescale hierarchy foundations"]
["Social baseline/allostasis","Added canonical SBT, social allostasis and support-neuroscience sources","Relational context affects risk/effort, but effects are non-monotonic and partner/context sensitive","Strengthens control-cost and slow-set-point bridges","PASS","Use C(x,y,r,t), not fixed coupling"]
["Loneliness/rejection","Added systematic/meta-analytic and 2026 EMA evidence","Loneliness is dynamic and recursive; social rejection is not reducible to physical pain","Creates strong multiscale threat/withdrawal model","PASS","Build explicit state/trait feedback diagram"]
["Social reward/opioids","Added human mu-opioid meta-analysis, social reward systematic review and pharmacology","Mu-opioids modulate but are not necessary for social connection; reward definitions vary","Supports multi-parameter neuromodulation","PASS","Integrate with addiction competing-reward bridge"]
["Embodied support/touch","Added pain/social support meta-analyses and touch intervention evidence","Mere presence often insufficient; channel/intimacy/appraisal matter","Makes coupling channel-specific","PASS","Separate touch, verbal support, visual support, co-presence"]
["Predictive social inference","Added second-person active-inference and empirical-boundary reviews","Useful formal language, but distinctive empirical tests remain limited","Keeps predictive processing powerful but bounded","PASS WITH BOUNDARY","Use only after empirical second-person evidence"]
["Intrinsic timescales","Added canonical and human neural-timescale hierarchy literature","Within-brain multiscale hierarchy robust; between-person coupling remains frontier","Firm foundation for fast–slow architecture","PASS / FRONTIER","Separate internal hierarchy from interpersonal timescale hypothesis"]

{"sheet":"Corpus Summary","index":8,"n_rows":27,"n_cols":8,"rows_kept":27,"merged":[[0,0,0,7]]}
["THE BORROWED NERVOUS SYSTEM — CORPUS LOCK"]
[]
["Metric","Locked value",null,"Corpus rule","Operational definition","What it prevents","Status","Notes"]
["Explicit pre-screen register",{"$f":"390","v":390},null,"Deduplication","Lowercase Unicode title; punctuation stripped; whitespace collapsed; duplicate title removed; URL checked when ambiguous.","Double-counting search-engine variants/preprint-like repeats.","PASS","10 explicit duplicates removed from the registered pool."]
["Duplicates removed",{"$f":"COUNTA('Dedup Log'!A4:A13)","v":10},null,"Inclusion threshold","Supporting source requires Total Score ≥7/13 unless a documented constraint override is used.","Inflating corpus with merely adjacent or decorative citations.","PASS","Spine anchors are retained by design."]
["Unique records after deduplication",{"$f":"COUNTA('Corpus Lock'!A4:A383)","v":380},null,"Spine vs supporting","Spine = claim-bearing/architecture sources; Supporting = triangulation, boundary, transfer or context.","Treating every included paper as equally central.","PASS","166 spine + 194 included supporting."]
["Included corpus",{"$f":"COUNTIF('Corpus Lock'!R4:R383,\"INCLUDE\")","v":360},null,"Formal transfer","Non-normality, resolvent, controllability and related mathematics remain explicitly formal unless direct relational evidence exists.","Promotion of mathematical analogy into clinical fact.","PASS","See FH Formal Bridge."]
["Held / not included",{"$f":"COUNTIF('Corpus Lock'!R4:R383,\"HOLD\")","v":20},null,"Contradiction preservation","Counter-evidence remains in corpus even when it weakens an attractive story.","Confirmation bias.","PASS","22 contradiction rows already mapped."]
["Curated landmark spine",{"$f":"COUNTIF('Corpus Lock'!B4:B383,\"Spine\")","v":166},null,"Recency","Recent work is rewarded but cannot displace a necessary canonical source.","Citation-age bias.","PASS","Recency is one component, not a veto."]
["Included supporting corpus",{"$f":"COUNTIFS('Corpus Lock'!B4:B383,\"Supporting\",'Corpus Lock'!R4:R383,\"INCLUDE\")","v":194},null,"Strategic override","Allowed only for a required missing domain, with a written reason.","Lowering the threshold simply to reach a target count.","PASS","7 overrides; all are individually documented."]
["Strategic overrides",{"$f":"COUNTIF('Corpus Lock'!P4:P383,\"YES\")","v":7},null,"Publication-level lock","Exact effect sizes, quotations and numerical claims still require pivotal-paper verification.","Abstract-level numerical overclaiming.","OPEN","Next research step."]
["Research cutoff","2026-09-12"]
[]
[]
["READINESS KPI","Value","Gate","","","SCORING MODEL","Points","Meaning"]
["Included corpus",{"$f":"COUNTIF('Corpus Lock'!R4:R383,\"INCLUDE\")","v":360},"PASS","","","Directness","0–3","How directly the source bears on the lecture's relational/dynamical claims"]
["Preferred range","360–440 / PASS","PASS","","","Evidence quality","1–3","Synthesis/meta-review > direct empirical > adjacent/conceptual"]
["Spine target","166 / PASS","166 PASS","","","Flow Hijacked leverage","1–3","Ability to constrain dynamics, coupling, neuromodulation or formal bridge"]
["Contradiction floor","22 / PASS","22 PASS","","","Contradiction value","0–2","Ability to test or limit an attractive claim"]
["Claim map floor","32 / PASS","32 PASS","","","Recency","1–2","Recent evidence rewarded without excluding canonical work"]
[]
[]
["NEXT GATE","Purpose","Input","Output","Status","Why it matters","",""]
["Publication-level numerical lock","Verify every number or forbid its use","24 pivotal publication records + 32 claims","Numerical gate","PASS","Zero unverified numerical claims are authorized","",""]
["Final Lecture Architecture Lock","Freeze parts/sections after research constraints are complete","360-source corpus + claim/evidence map + numerical gate","Final lecture architecture","READY","Evidence can still change structure before prose production","",""]
["Manuscript drafting","Write English master lecture after architecture lock","Locked architecture + source of truth","Full English canonical lecture","HELD","Keeps synthesis downstream of evidence","",""]
["Assimilation package A–G","Prepare only after final EN/HE lectures and explicit confirmation","Canonical bilingual lectures + evidence system","Engineering-grade Work package","DEFERRED","Separates scientific interpretation from site implementation","",""]

{"sheet":"Corpus Lock","index":9,"n_rows":383,"n_cols":21,"rows_kept":383,"merged":[[0,0,0,20]]}
["LOCKED UNIQUE CORPUS — 380 UNIQUE · 360 INCLUDED · 20 HOLD"]
[]
["Lock ID","Role","Lane","Title","Authors / Program","Tier","Evidence Role","Source Stream","Source URL","Directness","Evidence Quality","FH Leverage","Contradiction Value","Recency","Total Score","Override","Override Reason","Status","Boundary / Notes","Original ID","Normalized Title"]
["L001","Spine","Attachment","An attachment perspective on psychopathology","Mikulincer & Shaver","A","Major review","Pass2 curated spine","https://onlinelibrary.wiley.com/doi/pdfdirect/10.1016/j.wpsyc.2012.01.003",3,3,2,1,1,{"$f":"SUM(J4:N4)","v":10},"NO","",{"$f":"IF(B4=\"Spine\",\"INCLUDE\",IF(OR(O4>=7,P4=\"YES\"),\"INCLUDE\",\"HOLD\"))","v":"INCLUDE"},"Broad review; not causal proof","S001","an attachment perspective on psychopathology"]
["L002","Spine","Attachment","A functional neuro-anatomical model of human attachment (NAMA)","Long, Verbeke, Ein-Dor, Vrtička","B","Integrative social neuroscience model","Pass2 curated spine","https://www.sciencedirect.com/science/article/pii/S0010945220300356/pdf",3,1,2,1,1,{"$f":"SUM(J5:N5)","v":8},"NO","",{"$f":"IF(B5=\"Spine\",\"INCLUDE\",IF(OR(O5>=7,P5=\"YES\"),\"INCLUDE\",\"HOLD\"))","v":"INCLUDE"},"Model integrates heterogeneous paradigms","S002","a functional neuro anatomical model of human attachment nama"]
["L003","Spine","Attachment","Sensitive periods in human social development","Feldman","A","Developmental review","Pass2 curated spine","https://www.cambridge.org/core/services/aop-cambridge-core/content/view/8B2635F5FD4CE2A029EAB653B5D0A212/S0954579415000048a.pdf",3,3,2,1,1,{"$f":"SUM(J6:N6)","v":10},"NO","",{"$f":"IF(B6=\"Spine\",\"INCLUDE\",IF(OR(O6>=7,P6=\"YES\"),\"INCLUDE\",\"HOLD\"))","v":"INCLUDE"},"Sensitive period evidence not uniform","S003","sensitive periods in human social development"]
["L004","Spine","Attachment","The Parent's Capacity to Treat the Child as a Psychological Agent","Sharp & Fonagy","B","Developmental psychopathology review","Pass2 curated spine","https://discovery.ucl.ac.uk/150118/1/Fonagy_child_as_agent_template_resubmitted_12_18_WB.pdf",3,3,2,0,1,{"$f":"SUM(J7:N7)","v":9},"NO","",{"$f":"IF(B7=\"Spine\",\"INCLUDE\",IF(OR(O7>=7,P7=\"YES\"),\"INCLUDE\",\"HOLD\"))","v":"INCLUDE"},"Construct measurement varies","S004","the parent s capacity to treat the child as a psychological agent"]
["L005","Spine","Attachment","Parental Reflective Functioning: Theory, Research, and Clinical Applications","Luyten et al.","B","Review","Pass2 curated spine","https://discovery.ucl.ac.uk/1498813/3/Fonagy_aPSC_parental%20reflective%20functioningFINAL.pdf",3,3,2,0,1,{"$f":"SUM(J8:N8)","v":9},"NO","",{"$f":"IF(B8=\"Spine\",\"INCLUDE\",IF(OR(O8>=7,P8=\"YES\"),\"INCLUDE\",\"HOLD\"))","v":"INCLUDE"},"Theory-heavy","S005","parental reflective functioning theory research and clinical applications"]
["L006","Spine","Attachment","Early Adverse Experiences and the Developing Brain","Bick & Nelson","A","Review","Pass2 curated spine","https://www.nature.com/articles/npp2015252.pdf",3,3,2,1,1,{"$f":"SUM(J9:N9)","v":10},"NO","",{"$f":"IF(B9=\"Spine\",\"INCLUDE\",IF(OR(O9>=7,P9=\"YES\"),\"INCLUDE\",\"HOLD\"))","v":"INCLUDE"},"Adversity is heterogeneous","S006","early adverse experiences and the developing brain"]
["L007","Spine","Attachment","Early life stress and development: potential mechanisms for adverse outcomes","Smith & Pollak","A","Review","Pass2 curated spine","https://jneurodevdisorders.biomedcentral.com/counter/pdf/10.1186/s11689-020-09337-y",3,3,2,0,1,{"$f":"SUM(J10:N10)","v":9},"NO","",{"$f":"IF(B10=\"Spine\",\"INCLUDE\",IF(OR(O10>=7,P10=\"YES\"),\"INCLUDE\",\"HOLD\"))","v":"INCLUDE"},"Mechanisms vary across exposure type","S007","early life stress and development potential mechanisms for adverse outcomes"]
["L008","Spine","Social buffering","The role of oxytocin in social bonding, stress regulation and mental health","Olff et al.","A","Major review","Pass2 curated spine","https://www.sciencedirect.com/science/article/pii/S0306453013002369/pdf",3,3,3,0,1,{"$f":"SUM(J11:N11)","v":10},"NO","",{"$f":"IF(B11=\"Spine\",\"INCLUDE\",IF(OR(O11>=7,P11=\"YES\"),\"INCLUDE\",\"HOLD\"))","v":"INCLUDE"},"Strong context dependence","S008","the role of oxytocin in social bonding stress regulation and mental health"]
["L009","Spine","Social buffering","Neuroendocrinology of coping styles","Koolhaas et al.","A","Review","Pass2 curated spine","https://research.rug.nl/files/6750004/2010FrontNeuroendocrinolKoolhaas.pdf",3,3,3,0,1,{"$f":"SUM(J12:N12)","v":10},"NO","",{"$f":"IF(B12=\"Spine\",\"INCLUDE\",IF(OR(O12>=7,P12=\"YES\"),\"INCLUDE\",\"HOLD\"))","v":"INCLUDE"},"Animal-to-human transfer limits","S009","neuroendocrinology of coping styles"]
["L010","Spine","Social buffering","Modulation of the HPA Axis by Early Life Stress Exposure","van Bodegom et al.","A","Review","Pass2 curated spine","https://www.frontiersin.org/articles/10.3389/fncel.2017.00087/pdf",3,3,3,0,1,{"$f":"SUM(J13:N13)","v":10},"NO","",{"$f":"IF(B13=\"Spine\",\"INCLUDE\",IF(OR(O13>=7,P13=\"YES\"),\"INCLUDE\",\"HOLD\"))","v":"INCLUDE"},"Mostly developmental/preclinical integration","S010","modulation of the hpa axis by early life stress exposure"]
["L011","Spine","Social buffering","Annual Research Review: Early adversity, HPA axis, and child psychopathology","Koss & Gunnar","A","Major review","Pass2 curated spine","https://onlinelibrary.wiley.com/doi/pdfdirect/10.1111/jcpp.12784",3,3,3,2,1,{"$f":"SUM(J14:N14)","v":12},"NO","",{"$f":"IF(B14=\"Spine\",\"INCLUDE\",IF(OR(O14>=7,P14=\"YES\"),\"INCLUDE\",\"HOLD\"))","v":"INCLUDE"},"Developmental moderators substantial","S011","annual research review early adversity hpa axis and child psychopathology"]
["L012","Spine","Social buffering","Ten Surprising Facts About Stressful Life Events and Disease Risk","Cohen, Murphy, Prather","A","Review","Pass2 curated spine","https://www.annualreviews.org/doi/pdf/10.1146/annurev-psych-010418-102857",3,3,3,1,1,{"$f":"SUM(J15:N15)","v":11},"NO","",{"$f":"IF(B15=\"Spine\",\"INCLUDE\",IF(OR(O15>=7,P15=\"YES\"),\"INCLUDE\",\"HOLD\"))","v":"INCLUDE"},"Not specific to attachment","S012","ten surprising facts about stressful life events and disease risk"]
["L013","Spine","Co-regulation","The psychology of emotion regulation: An integrative review","Koole","A","Integrative review","Pass2 curated spine","https://research.vu.nl/files/2599118/Koole%20Cognition%20and%20Emotion%2023(1)%202009%20u.pdf",3,3,1,2,1,{"$f":"SUM(J16:N16)","v":10},"NO","",{"$f":"IF(B16=\"Spine\",\"INCLUDE\",IF(OR(O16>=7,P16=\"YES\"),\"INCLUDE\",\"HOLD\"))","v":"INCLUDE"},"Not dyad-specific","S013","the psychology of emotion regulation an integrative review"]
["L014","Spine","Co-regulation","Relational regulation theory","Lakey & Orehek","B","Theory/review","Pass2 curated spine","https://research.rug.nl/files/149972773/Relational_Regulation_Theory_A_New_Approach_to_Explain_the_Link_Between.pdf",3,3,1,0,1,{"$f":"SUM(J17:N17)","v":8},"NO","",{"$f":"IF(B17=\"Spine\",\"INCLUDE\",IF(OR(O17>=7,P17=\"YES\"),\"INCLUDE\",\"HOLD\"))","v":"INCLUDE"},"Theory needs mechanistic triangulation","S014","relational regulation theory"]
["L015","Spine","Co-regulation","Resilience in Development and Psychopathology: Multisystem Perspectives","Masten et al.","A","Major review","Pass2 curated spine","https://www.annualreviews.org/doi/pdf/10.1146/annurev-clinpsy-081219-120307",3,3,1,0,1,{"$f":"SUM(J18:N18)","v":8},"NO","",{"$f":"IF(B18=\"Spine\",\"INCLUDE\",IF(OR(O18>=7,P18=\"YES\"),\"INCLUDE\",\"HOLD\"))","v":"INCLUDE"},"Broad framework","S015","resilience in development and psychopathology multisystem perspectives"]
["L016","Spine","Co-regulation","Resilience in mental health: linking psychological and neurobiological perspectives","Rutten et al.","A","Review","Pass2 curated spine","https://onlinelibrary.wiley.com/doi/pdfdirect/10.1111/acps.12095",3,3,1,1,1,{"$f":"SUM(J19:N19)","v":9},"NO","",{"$f":"IF(B19=\"Spine\",\"INCLUDE\",IF(OR(O19>=7,P19=\"YES\"),\"INCLUDE\",\"HOLD\"))","v":"INCLUDE"},"Not relationship-specific","S016","resilience in mental health linking psychological and neurobiological perspectives"]
["L017","Spine","Synchrony","Inter-Brain Synchronization during Social Interaction","Dumas et al.","B","Foundational hyperscanning experiment","Pass2 curated spine","https://journals.plos.org/plosone/article/file?id=10.1371/journal.pone.0012166&type=printable",3,2,3,0,1,{"$f":"SUM(J20:N20)","v":9},"NO","",{"$f":"IF(B20=\"Spine\",\"INCLUDE\",IF(OR(O20>=7,P20=\"YES\"),\"INCLUDE\",\"HOLD\"))","v":"INCLUDE"},"Small early study; common-input concerns","S017","inter brain synchronization during social interaction"]
["L018","Spine","Synchrony","Hyperscanning: A Valid Method to Study Neural Inter-brain Underpinnings of Social Interaction","Czeszumski et al.","A","Methods review","Pass2 curated spine","https://www.frontiersin.org/articles/10.3389/fnhum.2020.00039/pdf",3,3,3,0,1,{"$f":"SUM(J21:N21)","v":10},"NO","",{"$f":"IF(B21=\"Spine\",\"INCLUDE\",IF(OR(O21>=7,P21=\"YES\"),\"INCLUDE\",\"HOLD\"))","v":"INCLUDE"},"Validity depends on null models and design","S018","hyperscanning a valid method to study neural inter brain underpinnings of social interaction"]
["L019","Spine","Synchrony","Neural Synchronization during Face-to-Face Communication","Jiang et al.","B","Human hyperscanning experiment","Pass2 curated spine","https://www.jneurosci.org/content/jneuro/32/45/16064.full.pdf",3,2,3,0,1,{"$f":"SUM(J22:N22)","v":9},"NO","",{"$f":"IF(B22=\"Spine\",\"INCLUDE\",IF(OR(O22>=7,P22=\"YES\"),\"INCLUDE\",\"HOLD\"))","v":"INCLUDE"},"Communication task specific","S019","neural synchronization during face to face communication"]
["L020","Spine","Synchrony","Synchrony in Psychotherapy: A Review and Integrative Framework","Koole & Tschacher","A","Review","Pass2 curated spine","https://www.frontiersin.org/articles/10.3389/fpsyg.2016.00862/pdf",3,3,3,2,1,{"$f":"SUM(J23:N23)","v":12},"NO","",{"$f":"IF(B23=\"Spine\",\"INCLUDE\",IF(OR(O23>=7,P23=\"YES\"),\"INCLUDE\",\"HOLD\"))","v":"INCLUDE"},"Synchrony meaning is context-sensitive","S020","synchrony in psychotherapy a review and integrative framework"]
["L021","Spine","Synchrony","Brain-to-Brain Synchrony during Naturalistic Social Interactions","Kinreich et al.","B","Naturalistic human study","Pass2 curated spine","https://www.nature.com/articles/s41598-017-17339-5.pdf",3,2,3,0,1,{"$f":"SUM(J24:N24)","v":9},"NO","",{"$f":"IF(B24=\"Spine\",\"INCLUDE\",IF(OR(O24>=7,P24=\"YES\"),\"INCLUDE\",\"HOLD\"))","v":"INCLUDE"},"Synchrony ≠ mechanism by itself","S021","brain to brain synchrony during naturalistic social interactions"]
["L022","Spine","Synchrony","On the interpretation of synchronization in EEG hyperscanning studies: a cautionary note","Burgess","A","Methods critique","Pass2 curated spine","https://www.frontiersin.org/articles/10.3389/fnhum.2013.00881/pdf",3,2,3,0,1,{"$f":"SUM(J25:N25)","v":9},"NO","",{"$f":"IF(B25=\"Spine\",\"INCLUDE\",IF(OR(O25>=7,P25=\"YES\"),\"INCLUDE\",\"HOLD\"))","v":"INCLUDE"},"Highlights spurious synchrony risks","S022","on the interpretation of synchronization in eeg hyperscanning studies a cautionary note"]
["L023","Spine","Synchrony","Parenting Stress Undermines Mother-Child Brain-to-Brain Synchrony","Azhari et al.","B","Human fNIRS study","Pass2 curated spine","https://www.nature.com/articles/s41598-019-47810-4.pdf",3,2,3,0,1,{"$f":"SUM(J26:N26)","v":9},"NO","",{"$f":"IF(B26=\"Spine\",\"INCLUDE\",IF(OR(O26>=7,P26=\"YES\"),\"INCLUDE\",\"HOLD\"))","v":"INCLUDE"},"Cross-sectional limitations","S023","parenting stress undermines mother child brain to brain synchrony"]
["L024","Spine","Synchrony","Cooperative Behavior Evokes Interbrain Synchrony: systematic review and meta-analysis","Czeszumski et al.","A","Systematic review/meta-analysis","Pass2 curated spine","https://www.eneuro.org/content/eneuro/9/2/ENEURO.0268-21.2022.full.pdf",3,3,3,2,1,{"$f":"SUM(J27:N27)","v":12},"NO","",{"$f":"IF(B27=\"Spine\",\"INCLUDE\",IF(OR(O27>=7,P27=\"YES\"),\"INCLUDE\",\"HOLD\"))","v":"INCLUDE"},"fNIRS-specific evidence","S024","cooperative behavior evokes interbrain synchrony systematic review and meta analysis"]
["L025","Spine","Synchrony","What has social neuroscience learned from hyperscanning studies of spoken communication?","Kelsen et al.","A","Systematic review","Pass2 curated spine","https://www.sciencedirect.com/science/article/pii/S0149763420305650",3,3,3,1,1,{"$f":"SUM(J28:N28)","v":11},"NO","",{"$f":"IF(B28=\"Spine\",\"INCLUDE\",IF(OR(O28>=7,P28=\"YES\"),\"INCLUDE\",\"HOLD\"))","v":"INCLUDE"},"Heterogeneous methods","S025","what has social neuroscience learned from hyperscanning studies of spoken communication"]
["L026","Spine","Synchrony","Quantification of inter-brain coupling: review of current methods","Hakim et al.","A","Methods review","Pass2 curated spine","https://discovery.ucl.ac.uk/10176475/1/1-s2.0-S1053811923005050-main.pdf",3,3,3,2,1,{"$f":"SUM(J29:N29)","v":12},"NO","",{"$f":"IF(B29=\"Spine\",\"INCLUDE\",IF(OR(O29>=7,P29=\"YES\"),\"INCLUDE\",\"HOLD\"))","v":"INCLUDE"},"Metric choice can change conclusion","S026","quantification of inter brain coupling review of current methods"]
["L027","Spine","Synchrony","The role of touch in regulating inter-partner physiological coupling during empathy for pain","Goldstein et al.","B","Human experiment","Pass2 curated spine","https://www.nature.com/articles/s41598-017-03627-7.pdf",3,1,3,0,1,{"$f":"SUM(J30:N30)","v":8},"NO","",{"$f":"IF(B30=\"Spine\",\"INCLUDE\",IF(OR(O30>=7,P30=\"YES\"),\"INCLUDE\",\"HOLD\"))","v":"INCLUDE"},"Specific pain paradigm","S027","the role of touch in regulating inter partner physiological coupling during empathy for pain"]
["L028","Spine","Synchrony","Inter-brain synchrony in teams predicts collective performance","Reinero, Dikker, Van Bavel","B","Team study","Pass2 curated spine","https://academic.oup.com/scan/article-pdf/16/1-2/43/35918854/nsaa135.pdf",3,2,3,0,1,{"$f":"SUM(J31:N31)","v":9},"NO","",{"$f":"IF(B31=\"Spine\",\"INCLUDE\",IF(OR(O31>=7,P31=\"YES\"),\"INCLUDE\",\"HOLD\"))","v":"INCLUDE"},"Prediction ≠ causal control","S028","inter brain synchrony in teams predicts collective performance"]
["L029","Spine","Neuromodulation","The Neuroendocrinology of Social Isolation","Cacioppo et al.","A","Major review","Pass2 curated spine","https://www.annualreviews.org/doi/pdf/10.1146/annurev-psych-010814-015240",3,3,3,0,1,{"$f":"SUM(J32:N32)","v":10},"NO","",{"$f":"IF(B32=\"Spine\",\"INCLUDE\",IF(OR(O32>=7,P32=\"YES\"),\"INCLUDE\",\"HOLD\"))","v":"INCLUDE"},"Broad causal pathways","S029","the neuroendocrinology of social isolation"]
["L030","Spine","Neuromodulation","Is Oxytocin 'Nature's Medicine'?","Carter et al.","A","Critical review","Pass2 curated spine","https://pharmrev.aspetjournals.org/content/pharmrev/72/4/829.full.pdf",3,3,3,0,1,{"$f":"SUM(J33:N33)","v":10},"NO","",{"$f":"IF(B33=\"Spine\",\"INCLUDE\",IF(OR(O33>=7,P33=\"YES\"),\"INCLUDE\",\"HOLD\"))","v":"INCLUDE"},"Counters simplistic trust-hormone narrative","S030","is oxytocin nature s medicine"]
["L031","Spine","Neuromodulation","Dopamine and Oxytocin Interactions Underlying Behaviors","Baskerville & Douglas","B","Review","Pass2 curated spine","https://onlinelibrary.wiley.com/doi/pdfdirect/10.1111/j.1755-5949.2010.00154.x",3,3,3,0,1,{"$f":"SUM(J34:N34)","v":10},"NO","",{"$f":"IF(B34=\"Spine\",\"INCLUDE\",IF(OR(O34>=7,P34=\"YES\"),\"INCLUDE\",\"HOLD\"))","v":"INCLUDE"},"Much evidence preclinical","S031","dopamine and oxytocin interactions underlying behaviors"]
["L032","Spine","Neuromodulation","Oxytocin pathway gene networks in the human brain","Quintana et al.","B","Human transcriptomic/network study","Pass2 curated spine","https://www.nature.com/articles/s41467-019-08503-8.pdf",3,2,3,0,1,{"$f":"SUM(J35:N35)","v":9},"NO","",{"$f":"IF(B35=\"Spine\",\"INCLUDE\",IF(OR(O35>=7,P35=\"YES\"),\"INCLUDE\",\"HOLD\"))","v":"INCLUDE"},"Expression ≠ functional causation","S032","oxytocin pathway gene networks in the human brain"]
["L033","Spine","Neuromodulation","Social Laughter Triggers Endogenous Opioid Release in Humans","Manninen et al.","B","Human PET study","Pass2 curated spine","https://www.jneurosci.org/content/jneuro/37/25/6125.full.pdf",3,1,3,0,1,{"$f":"SUM(J36:N36)","v":8},"NO","",{"$f":"IF(B36=\"Spine\",\"INCLUDE\",IF(OR(O36>=7,P36=\"YES\"),\"INCLUDE\",\"HOLD\"))","v":"INCLUDE"},"Specific social behavior","S033","social laughter triggers endogenous opioid release in humans"]
["L034","Spine","Neuromodulation","Oxytocin and social motivation","Gordon et al.","B","Review","Pass2 curated spine","https://www.sciencedirect.com/science/article/pii/S1878929311000727/pdf",3,3,3,1,1,{"$f":"SUM(J37:N37)","v":11},"NO","",{"$f":"IF(B37=\"Spine\",\"INCLUDE\",IF(OR(O37>=7,P37=\"YES\"),\"INCLUDE\",\"HOLD\"))","v":"INCLUDE"},"Not a universal prosocial signal","S034","oxytocin and social motivation"]
["L035","Spine","Neuromodulation","Brain oxytocin: how puzzle stones from animal studies translate into psychiatry","Grinevich & Neumann","A","Review","Pass2 curated spine","https://www.nature.com/articles/s41380-020-0802-9.pdf",3,3,3,0,1,{"$f":"SUM(J38:N38)","v":10},"NO","",{"$f":"IF(B38=\"Spine\",\"INCLUDE\",IF(OR(O38>=7,P38=\"YES\"),\"INCLUDE\",\"HOLD\"))","v":"INCLUDE"},"Human translation remains incomplete","S035","brain oxytocin how puzzle stones from animal studies translate into psychiatry"]
["L036","Spine","Neuromodulation","A Critical Role for Nucleus Accumbens Dopamine in Partner-Preference Formation","Aragona et al.","C","Preclinical causal experiment","Pass2 curated spine","https://www.jneurosci.org/content/jneuro/23/8/3483.full.pdf",3,1,3,0,1,{"$f":"SUM(J39:N39)","v":8},"NO","",{"$f":"IF(B39=\"Spine\",\"INCLUDE\",IF(OR(O39>=7,P39=\"YES\"),\"INCLUDE\",\"HOLD\"))","v":"INCLUDE"},"Prairie vole transfer","S036","a critical role for nucleus accumbens dopamine in partner preference formation"]
["L037","Spine","Neuromodulation","Opioid receptors: distinct roles in mood disorders","Lutz & Kieffer","A","Review","Pass2 curated spine","http://www.cell.com/article/S016622361200197X/pdf",3,3,3,1,1,{"$f":"SUM(J40:N40)","v":11},"NO","",{"$f":"IF(B40=\"Spine\",\"INCLUDE\",IF(OR(O40>=7,P40=\"YES\"),\"INCLUDE\",\"HOLD\"))","v":"INCLUDE"},"Not social-specific","S037","opioid receptors distinct roles in mood disorders"]
["L038","Spine","Neuromodulation","Music and social bonding: self-other merging and neurohormonal mechanisms","Tarr, Launay, Dunbar","B","Review","Pass2 curated spine","https://www.frontiersin.org/articles/10.3389/fpsyg.2014.01096/pdf",3,3,3,0,1,{"$f":"SUM(J41:N41)","v":10},"NO","",{"$f":"IF(B41=\"Spine\",\"INCLUDE\",IF(OR(O41>=7,P41=\"YES\"),\"INCLUDE\",\"HOLD\"))","v":"INCLUDE"},"Mechanisms partly inferential","S038","music and social bonding self other merging and neurohormonal mechanisms"]
["L039","Spine","Social threat","Loneliness","Cacioppo et al.","A","Review","Pass2 curated spine","https://lirias.kuleuven.be/retrieve/d24b39a5-bbb9-441b-86fb-0c751fbdf312",3,3,2,0,1,{"$f":"SUM(J42:N42)","v":9},"NO","",{"$f":"IF(B42=\"Spine\",\"INCLUDE\",IF(OR(O42>=7,P42=\"YES\"),\"INCLUDE\",\"HOLD\"))","v":"INCLUDE"},"Loneliness is multidimensional","S039","loneliness"]
["L040","Spine","Social threat","Social brain, social dysfunction and social withdrawal","Porcelli et al.","A","Major review","Pass2 curated spine","https://www.sciencedirect.com/science/article/pii/S0149763418301957/pdf",3,3,2,0,1,{"$f":"SUM(J43:N43)","v":9},"NO","",{"$f":"IF(B43=\"Spine\",\"INCLUDE\",IF(OR(O43>=7,P43=\"YES\"),\"INCLUDE\",\"HOLD\"))","v":"INCLUDE"},"Cross-diagnostic heterogeneity","S040","social brain social dysfunction and social withdrawal"]
["L041","Spine","Social threat","Social functioning in major depressive disorder","Kupferberg et al.","A","Review","Pass2 curated spine","https://www.sciencedirect.com/science/article/pii/S0149763415302487/pdf",3,3,2,0,1,{"$f":"SUM(J44:N44)","v":9},"NO","",{"$f":"IF(B44=\"Spine\",\"INCLUDE\",IF(OR(O44>=7,P44=\"YES\"),\"INCLUDE\",\"HOLD\"))","v":"INCLUDE"},"Association and impairment are bidirectional","S041","social functioning in major depressive disorder"]
["L042","Spine","Social threat","The neuroscience of social feelings","Eslinger et al.","A","Review","Pass2 curated spine","https://linkinghub.elsevier.com/retrieve/pii/S0149763421002384",3,3,2,0,1,{"$f":"SUM(J45:N45)","v":9},"NO","",{"$f":"IF(B45=\"Spine\",\"INCLUDE\",IF(OR(O45>=7,P45=\"YES\"),\"INCLUDE\",\"HOLD\"))","v":"INCLUDE"},"Broad construct coverage","S042","the neuroscience of social feelings"]
["L043","Spine","Therapy","The Mentalizing Approach to Psychopathology","Luyten et al.","A","Major review","Pass2 curated spine","https://www.annualreviews.org/doi/pdf/10.1146/annurev-clinpsy-071919-015355",3,3,1,0,1,{"$f":"SUM(J46:N46)","v":8},"NO","",{"$f":"IF(B46=\"Spine\",\"INCLUDE\",IF(OR(O46>=7,P46=\"YES\"),\"INCLUDE\",\"HOLD\"))","v":"INCLUDE"},"Mechanistic claims vary by disorder","S043","the mentalizing approach to psychopathology"]
["L044","Spine","Therapy","The neurobiology of mentalizing","Luyten & Fonagy","B","Review","Pass2 curated spine","https://discovery.ucl.ac.uk/1475516/11/Fonagy_1475516_The%20neurobiology%20of%20mentalizing%28from%20txt%20file%29.pdf",3,3,1,0,1,{"$f":"SUM(J47:N47)","v":8},"NO","",{"$f":"IF(B47=\"Spine\",\"INCLUDE\",IF(OR(O47>=7,P47=\"YES\"),\"INCLUDE\",\"HOLD\"))","v":"INCLUDE"},"Broad neurobiology","S044","the neurobiology of mentalizing"]
["L045","Spine","Therapy","The therapeutic relationship in EMDR therapy","Hase & Brisch","B","Clinical review","Pass2 curated spine","https://www.frontiersin.org/articles/10.3389/fpsyg.2022.835470/pdf",3,3,1,0,1,{"$f":"SUM(J48:N48)","v":8},"NO","",{"$f":"IF(B48=\"Spine\",\"INCLUDE\",IF(OR(O48>=7,P48=\"YES\"),\"INCLUDE\",\"HOLD\"))","v":"INCLUDE"},"Modality-specific","S045","the therapeutic relationship in emdr therapy"]
["L046","Spine","Therapy","Therapeutic Alliance and Rapport Modulate Responses to Psilocybin Assisted Therapy for Depression","Murphy et al.","B","Clinical study","Pass2 curated spine","https://www.frontiersin.org/articles/10.3389/fphar.2021.788155/pdf",3,1,1,0,1,{"$f":"SUM(J49:N49)","v":6},"NO","",{"$f":"IF(B49=\"Spine\",\"INCLUDE\",IF(OR(O49>=7,P49=\"YES\"),\"INCLUDE\",\"HOLD\"))","v":"INCLUDE"},"Special treatment context","S046","therapeutic alliance and rapport modulate responses to psilocybin assisted therapy for depression"]
["L047","Spine","Therapy","The role of mentalizing in psychological interventions in adults","Luyten et al.","A","Systematic review","Pass2 curated spine","https://discovery.ucl.ac.uk/id/eprint/10185256/1/Luyten%20et%20al%20mentalizing%20meta-analysis.pdf",3,3,1,0,1,{"$f":"SUM(J50:N50)","v":8},"NO","",{"$f":"IF(B50=\"Spine\",\"INCLUDE\",IF(OR(O50>=7,P50=\"YES\"),\"INCLUDE\",\"HOLD\"))","v":"INCLUDE"},"Intervention heterogeneity","S047","the role of mentalizing in psychological interventions in adults"]
["L048","Spine","Therapy","Agency via Awareness: A Unifying Meta-Process in Psychotherapy","Gorlin & Békés","C","Conceptual synthesis","Pass2 curated spine","https://www.frontiersin.org/articles/10.3389/fpsyg.2021.698655/pdf",3,1,1,0,1,{"$f":"SUM(J51:N51)","v":6},"NO","",{"$f":"IF(B51=\"Spine\",\"INCLUDE\",IF(OR(O51>=7,P51=\"YES\"),\"INCLUDE\",\"HOLD\"))","v":"INCLUDE"},"Conceptual rather than causal","S048","agency via awareness a unifying meta process in psychotherapy"]
["L049","Spine","Clinical bridge","Alcohol use disorder and sleep disturbances: a feed-forward allostatic framework","Koob & Colrain","A","Major review","Pass2 curated spine","https://www.nature.com/articles/s41386-019-0446-0.pdf",3,3,2,1,1,{"$f":"SUM(J52:N52)","v":10},"NO","",{"$f":"IF(B52=\"Spine\",\"INCLUDE\",IF(OR(O52>=7,P52=\"YES\"),\"INCLUDE\",\"HOLD\"))","v":"INCLUDE"},"Not specifically interpersonal","S049","alcohol use disorder and sleep disturbances a feed forward allostatic framework"]
["L050","Spine","Clinical bridge","Psychoneuroimmunology of Early-Life Stress","Danese & Lewis","A","Review","Pass2 curated spine","https://www.nature.com/articles/npp2016198.pdf",3,3,2,1,1,{"$f":"SUM(J53:N53)","v":10},"NO","",{"$f":"IF(B53=\"Spine\",\"INCLUDE\",IF(OR(O53>=7,P53=\"YES\"),\"INCLUDE\",\"HOLD\"))","v":"INCLUDE"},"Trauma types heterogeneous","S050","psychoneuroimmunology of early life stress"]
["L051","Spine","Clinical bridge","Biological embedding of childhood adversity","Berens, Jensen, Nelson","A","Review","Pass2 curated spine","https://bmcmedicine.biomedcentral.com/counter/pdf/10.1186/s12916-017-0895-4",3,3,2,0,1,{"$f":"SUM(J54:N54)","v":9},"NO","",{"$f":"IF(B54=\"Spine\",\"INCLUDE\",IF(OR(O54>=7,P54=\"YES\"),\"INCLUDE\",\"HOLD\"))","v":"INCLUDE"},"Mechanistic triangulation needed","S051","biological embedding of childhood adversity"]
["L052","Spine","Clinical bridge","Molecular pathways of major depressive disorder converge on the synapse","Fries et al.","A","Review","Pass2 curated spine","https://www.nature.com/articles/s41380-022-01806-1.pdf",3,3,2,1,1,{"$f":"SUM(J55:N55)","v":10},"NO","",{"$f":"IF(B55=\"Spine\",\"INCLUDE\",IF(OR(O55>=7,P55=\"YES\"),\"INCLUDE\",\"HOLD\"))","v":"INCLUDE"},"Not relationship-specific","S052","molecular pathways of major depressive disorder converge on the synapse"]
["L053","Spine","Clinical bridge","Stress, social behavior, and resilience: Insights from rodents","Beery & Kaufer","C","Translational review","Pass2 curated spine","https://www.sciencedirect.com/science/article/pii/S2352289514000125/pdf",3,3,2,0,1,{"$f":"SUM(J56:N56)","v":9},"NO","",{"$f":"IF(B56=\"Spine\",\"INCLUDE\",IF(OR(O56>=7,P56=\"YES\"),\"INCLUDE\",\"HOLD\"))","v":"INCLUDE"},"Rodent-human transfer","S053","stress social behavior and resilience insights from rodents"]
["L054","Spine","Predictive / interoception","Interoception, contemplative practice, and health","Farb et al.","A","Review","Pass2 curated spine","https://www.frontiersin.org/articles/10.3389/fpsyg.2015.00763/pdf",3,3,3,1,1,{"$f":"SUM(J57:N57)","v":11},"NO","",{"$f":"IF(B57=\"Spine\",\"INCLUDE\",IF(OR(O57>=7,P57=\"YES\"),\"INCLUDE\",\"HOLD\"))","v":"INCLUDE"},"Not dyad-specific","S054","interoception contemplative practice and health"]
["L055","Spine","Predictive / interoception","Interoceptive Awareness Skills for Emotion Regulation","Price & Hooven","B","Theory/review","Pass2 curated spine","https://www.frontiersin.org/articles/10.3389/fpsyg.2018.00798/pdf",3,3,3,0,1,{"$f":"SUM(J58:N58)","v":10},"NO","",{"$f":"IF(B58=\"Spine\",\"INCLUDE\",IF(OR(O58>=7,P58=\"YES\"),\"INCLUDE\",\"HOLD\"))","v":"INCLUDE"},"Intervention framework","S055","interoceptive awareness skills for emotion regulation"]
["L056","Spine","Predictive / mentalizing","A functional neuro-anatomical model of human attachment (NAMA)","Long et al.","B","Integrative model","Pass2 curated spine","https://www.sciencedirect.com/science/article/pii/S0010945220300356/pdf",3,1,3,1,1,{"$f":"SUM(J59:N59)","v":9},"NO","",{"$f":"IF(B59=\"Spine\",\"INCLUDE\",IF(OR(O59>=7,P59=\"YES\"),\"INCLUDE\",\"HOLD\"))","v":"INCLUDE"},"Not a dynamical model","S056","a functional neuro anatomical model of human attachment nama"]
["L057","Spine","Predictive / mentalizing","The interactive brain hypothesis","Di Paolo & De Jaegher","F","Theory","Pass2 curated spine","https://www.frontiersin.org/articles/10.3389/fnhum.2012.00163/pdf",3,2,3,0,1,{"$f":"SUM(J60:N60)","v":9},"NO","",{"$f":"IF(B60=\"Spine\",\"INCLUDE\",IF(OR(O60>=7,P60=\"YES\"),\"INCLUDE\",\"HOLD\"))","v":"INCLUDE"},"Formal/conceptual transfer","S057","the interactive brain hypothesis"]
["L058","Spine","Dynamics","Balanced Amplification: A New Mechanism of Selective Amplification of Neural Activity Patterns","Murphy & Miller","F","Theoretical/computational neuroscience","Pass2 curated spine","https://pmc.ncbi.nlm.nih.gov/articles/PMC2667957/",3,2,3,1,1,{"$f":"SUM(J61:N61)","v":10},"NO","",{"$f":"IF(B61=\"Spine\",\"INCLUDE\",IF(OR(O61>=7,P61=\"YES\"),\"INCLUDE\",\"HOLD\"))","v":"INCLUDE"},"Neural circuit model; not relational evidence","S058","balanced amplification a new mechanism of selective amplification of neural activity patterns"]
["L059","Spine","Dynamics","Optimal control of transient dynamics in balanced networks supports generation of complex movements","Hennequin, Vogels, Gerstner","F","Computational neuroscience","Pass2 curated spine","https://pmc.ncbi.nlm.nih.gov/articles/PMC6364799/",3,1,3,0,1,{"$f":"SUM(J62:N62)","v":8},"NO","",{"$f":"IF(B62=\"Spine\",\"INCLUDE\",IF(OR(O62>=7,P62=\"YES\"),\"INCLUDE\",\"HOLD\"))","v":"INCLUDE"},"Motor-network model; formal transfer only","S059","optimal control of transient dynamics in balanced networks supports generation of complex movements"]
["L060","Spine","Dynamics","Controllability of structural brain networks","Gu et al.","F","Network control theory / human connectome","Pass2 curated spine","https://pmc.ncbi.nlm.nih.gov/articles/PMC4600713/",3,2,3,1,1,{"$f":"SUM(J63:N63)","v":10},"NO","",{"$f":"IF(B63=\"Spine\",\"INCLUDE\",IF(OR(O63>=7,P63=\"YES\"),\"INCLUDE\",\"HOLD\"))","v":"INCLUDE"},"Linear structural model; clinical transfer limited","S060","controllability of structural brain networks"]
["L061","Spine","Dynamics","Metastable dynamics of neural circuits and networks","La Camera et al.","A","Major review","Pass2 curated spine","https://pmc.ncbi.nlm.nih.gov/articles/PMC8900181/",3,3,3,0,1,{"$f":"SUM(J64:N64)","v":10},"NO","",{"$f":"IF(B64=\"Spine\",\"INCLUDE\",IF(OR(O64>=7,P64=\"YES\"),\"INCLUDE\",\"HOLD\"))","v":"INCLUDE"},"Mostly circuit-level evidence","S061","metastable dynamics of neural circuits and networks"]
["L062","Spine","Dynamics","Dynamical properties and mechanisms of metastability: A perspective in neuroscience","2025 perspective","A","Major perspective","Pass2 curated spine","https://journals.aps.org/pre/abstract/10.1103/PhysRevE.111.021001",3,1,3,1,1,{"$f":"SUM(J65:N65)","v":9},"NO","",{"$f":"IF(B65=\"Spine\",\"INCLUDE\",IF(OR(O65>=7,P65=\"YES\"),\"INCLUDE\",\"HOLD\"))","v":"INCLUDE"},"Recent synthesis; not relational-specific","S062","dynamical properties and mechanisms of metastability a perspective in neuroscience"]
["L063","Spine","Dynamics","Metastability demystified","2024 review","A","Critical review","Pass2 curated spine","https://pubmed.ncbi.nlm.nih.gov/39663408/",3,3,3,0,1,{"$f":"SUM(J66:N66)","v":10},"NO","",{"$f":"IF(B66=\"Spine\",\"INCLUDE\",IF(OR(O66>=7,P66=\"YES\"),\"INCLUDE\",\"HOLD\"))","v":"INCLUDE"},"Definitions/measures vary","S063","metastability demystified"]
["L064","Spine","Dynamics","Metastability in the wild: empirical neuroimaging scoping review","Wijaya et al.","A","Scoping review","Pass2 curated spine","https://www.sciencedirect.com/science/article/pii/S014976342500106X",3,3,3,2,1,{"$f":"SUM(J67:N67)","v":12},"NO","",{"$f":"IF(B67=\"Spine\",\"INCLUDE\",IF(OR(O67>=7,P67=\"YES\"),\"INCLUDE\",\"HOLD\"))","v":"INCLUDE"},"Field remains methodologically heterogeneous","S064","metastability in the wild empirical neuroimaging scoping review"]
["L065","Spine","Methods / contradiction","Are We Ready for Real-world Neuroscience?","Matusz et al.","A","Methods perspective","Pass2 curated spine","https://direct.mit.edu/jocn/article-pdf/31/3/327/1788382/jocn_e_01276.pdf",3,1,1,0,1,{"$f":"SUM(J68:N68)","v":6},"NO","",{"$f":"IF(B68=\"Spine\",\"INCLUDE\",IF(OR(O68>=7,P68=\"YES\"),\"INCLUDE\",\"HOLD\"))","v":"INCLUDE"},"Real-world measures add uncontrolled variance","S065","are we ready for real world neuroscience"]
["L066","Spine","Therapy","The Alliance in Adult Psychotherapy: A Meta-Analytic Synthesis","Wampold & Horvath","A","Meta-analysis; 295 studies / >30,000 patients","Pass2 curated spine","https://consensus.app/papers/details/95697853cfd75bf6a32a3fb6795568c5/?utm_source=chatgpt",3,3,1,1,1,{"$f":"SUM(J69:N69)","v":9},"NO","",{"$f":"IF(B69=\"Spine\",\"INCLUDE\",IF(OR(O69>=7,P69=\"YES\"),\"INCLUDE\",\"HOLD\"))","v":"INCLUDE"},"Robust association does not by itself establish causality 2018 Psychotherapy","S066","the alliance in adult psychotherapy a meta analytic synthesis"]
["L067","Spine","Therapy","Examining therapist effects in the alliance-outcome relationship","Horvath & Wampold","A","Multilevel meta-analysis","Pass2 curated spine","https://consensus.app/papers/details/b237a642bd1858bd82ba1778273f1c33/?utm_source=chatgpt",3,3,1,0,1,{"$f":"SUM(J70:N70)","v":8},"NO","",{"$f":"IF(B70=\"Spine\",\"INCLUDE\",IF(OR(O70>=7,P70=\"YES\"),\"INCLUDE\",\"HOLD\"))","v":"INCLUDE"},"Moderator analysis remains observational 2021 J Consult Clin Psychol","S067","examining therapist effects in the alliance outcome relationship"]
["L068","Spine","Therapy","Therapeutic alliance in psychological therapy for PTSD","Howard, Berry, Haddock","A","Systematic review + meta-analysis","Pass2 curated spine","https://consensus.app/papers/details/e6e06b1cf03f5ac1a2a461b32bd16944/?utm_source=chatgpt",3,3,1,0,1,{"$f":"SUM(J71:N71)","v":8},"NO","",{"$f":"IF(B71=\"Spine\",\"INCLUDE\",IF(OR(O71>=7,P71=\"YES\"),\"INCLUDE\",\"HOLD\"))","v":"INCLUDE"},"Included-study quality mostly weak-to-moderate 2021","S068","therapeutic alliance in psychological therapy for ptsd"]
["L069","Spine","Therapy","Alliance Rupture Repair: A Meta-Analysis","Eubanks et al.","A","Meta-analysis","Pass2 curated spine","https://consensus.app/papers/details/526010f234115dd395e38728e85fc5e7/?utm_source=chatgpt",3,3,1,2,1,{"$f":"SUM(J72:N72)","v":10},"NO","",{"$f":"IF(B72=\"Spine\",\"INCLUDE\",IF(OR(O72>=7,P72=\"YES\"),\"INCLUDE\",\"HOLD\"))","v":"INCLUDE"},"Repair association stronger than evidence for training causality 2018 Psychotherapy","S069","alliance rupture repair a meta analysis"]
["L070","Spine","Therapy","Alliance Ruptures and Psychotherapy Outcomes: A Multilevel Meta-Analysis","Babl et al.","A","2026 meta-analysis","Pass2 curated spine","https://consensus.app/papers/details/ee5f4cb0ab0750e3ba7196802e3ae688/?utm_source=chatgpt",3,3,1,2,1,{"$f":"SUM(J73:N73)","v":10},"NO","",{"$f":"IF(B73=\"Spine\",\"INCLUDE\",IF(OR(O73>=7,P73=\"YES\"),\"INCLUDE\",\"HOLD\"))","v":"INCLUDE"},"Only four publications; N=301 2026 J Clin Psychol","S070","alliance ruptures and psychotherapy outcomes a multilevel meta analysis"]
["L071","Spine","Therapy","Therapeutic alliance and treatment outcomes in teletherapy","Aafjes-van Doorn et al.","A","Systematic review + meta-analysis","Pass2 curated spine","https://consensus.app/papers/details/25ceafbafd6e5d8d98265be61e548af3/?utm_source=chatgpt",3,3,1,0,1,{"$f":"SUM(J74:N74)","v":8},"NO","",{"$f":"IF(B74=\"Spine\",\"INCLUDE\",IF(OR(O74>=7,P74=\"YES\"),\"INCLUDE\",\"HOLD\"))","v":"INCLUDE"},"Small effect and substantial heterogeneity 2024 Clin Psychol Rev","S071","therapeutic alliance and treatment outcomes in teletherapy"]
["L072","Spine","Therapy/Synchrony","Association between nonverbal synchrony, alliance, and outcome in psychotherapy","Jennissen et al.","A","Systematic review + meta-analysis","Pass2 curated spine","https://consensus.app/papers/details/511a7dc2c3f45f1196a23c137ce7fc9d/?utm_source=chatgpt",3,3,3,0,1,{"$f":"SUM(J75:N75)","v":10},"NO","",{"$f":"IF(B75=\"Spine\",\"INCLUDE\",IF(OR(O75>=7,P75=\"YES\"),\"INCLUDE\",\"HOLD\"))","v":"INCLUDE"},"No significant overall NVS-alliance/outcome association; modality-specific effects 2024","S072","association between nonverbal synchrony alliance and outcome in psychotherapy"]
["L073","Spine","Therapy/Synchrony","Facilitating dyadic synchrony in psychotherapy sessions","Atzil-Slonim et al.","A","Systematic review + meta-analysis","Pass2 curated spine","https://consensus.app/papers/details/d7fe3373ce155dba8b57e808f300233c/?utm_source=chatgpt",3,3,3,1,1,{"$f":"SUM(J76:N76)","v":11},"NO","",{"$f":"IF(B76=\"Spine\",\"INCLUDE\",IF(OR(O76>=7,P76=\"YES\"),\"INCLUDE\",\"HOLD\"))","v":"INCLUDE"},"Outcome association neutral-to-mildly positive; synchrony not uniformly beneficial 2023","S073","facilitating dyadic synchrony in psychotherapy sessions"]
["L074","Spine","PTSD/Social support","Social support and PTSD: A meta-analysis of longitudinal studies","Wang et al.","A","Longitudinal meta-analysis; 75 samples","Pass2 curated spine","https://consensus.app/papers/details/c0e226824ed9598fbd4fe219915e1f05/?utm_source=chatgpt",3,3,1,2,1,{"$f":"SUM(J77:N77)","v":10},"NO","",{"$f":"IF(B77=\"Spine\",\"INCLUDE\",IF(OR(O77>=7,P77=\"YES\"),\"INCLUDE\",\"HOLD\"))","v":"INCLUDE"},"Cross-lag interpretation challenged by later re-analysis 2021 Clin Psychol Rev","S074","social support and ptsd a meta analysis of longitudinal studies"]
["L075","Spine","PTSD/Social support","Moderators of social support and PTSD symptoms","Zalta et al.","A","Meta-analysis","Pass2 curated spine","https://consensus.app/papers/details/f5814a1e41375791aefa0d06924fc96a/?utm_source=chatgpt",3,3,1,0,1,{"$f":"SUM(J78:N78)","v":8},"NO","",{"$f":"IF(B78=\"Spine\",\"INCLUDE\",IF(OR(O78>=7,P78=\"YES\"),\"INCLUDE\",\"HOLD\"))","v":"INCLUDE"},"High heterogeneity 2020/2021 Psychol Bull","S075","moderators of social support and ptsd symptoms"]
["L076","Spine","PTSD/Social support","Prospective associations between social support and PTSD may be spurious","Sorjonen & Melin","A","Re-meta-analysis + simulation","Pass2 curated spine","https://consensus.app/papers/details/9d36541aca0356109c9df4aea1ebb5c1/?utm_source=chatgpt",3,3,1,0,1,{"$f":"SUM(J79:N79)","v":8},"NO","",{"$f":"IF(B79=\"Spine\",\"INCLUDE\",IF(OR(O79>=7,P79=\"YES\"),\"INCLUDE\",\"HOLD\"))","v":"INCLUDE"},"Challenges prospective inference rather than cross-sectional association 2023 J Affect Disord","S076","prospective associations between social support and ptsd may be spurious"]
["L077","Spine","Social support","Social support and psychological adjustment: synthesis of 60 meta-analyses","Zell & Stockus","A","Second-order meta-analysis","Pass2 curated spine","https://consensus.app/papers/details/37cca4eac0375ce8a773c3b46b024f08/?utm_source=chatgpt",3,3,1,0,1,{"$f":"SUM(J80:N80)","v":8},"NO","",{"$f":"IF(B80=\"Spine\",\"INCLUDE\",IF(OR(O80>=7,P80=\"YES\"),\"INCLUDE\",\"HOLD\"))","v":"INCLUDE"},"Effects smaller with covariate control; perceived > received support 2024/2025 Am Psychol","S077","social support and psychological adjustment synthesis of 60 meta analyses"]
["L078","Spine","Social support","Social Support and Longevity: Meta-Analysis-Based Evidence and Psychobiological Mechanisms","Vila","A","Review of 23 meta-analyses + mechanisms","Pass2 curated spine","https://consensus.app/papers/details/6d99dbc30e00511b99567aebc5633148/?utm_source=chatgpt",3,3,1,2,1,{"$f":"SUM(J81:N81)","v":10},"NO","",{"$f":"IF(B81=\"Spine\",\"INCLUDE\",IF(OR(O81>=7,P81=\"YES\"),\"INCLUDE\",\"HOLD\"))","v":"INCLUDE"},"Support is multidimensional; confounding/moderation important 2021 Front Psychol","S078","social support and longevity meta analysis based evidence and psychobiological mechanisms"]
["L079","Spine","Autonomic/HRV","Heart Rate Variability and Cardiac Vagal Tone in Psychophysiological Research","Laborde, Mosley, Thayer","A","Methods/recommendations review","Pass2 curated spine","https://consensus.app/papers/details/25b62a746a4e55349dd426f35cc5344a/?utm_source=chatgpt",3,3,1,0,1,{"$f":"SUM(J82:N82)","v":8},"NO","",{"$f":"IF(B82=\"Spine\",\"INCLUDE\",IF(OR(O82>=7,P82=\"YES\"),\"INCLUDE\",\"HOLD\"))","v":"INCLUDE"},"HRV can be misconstrued; respiration/design/reporting matter 2017 Front Psychol","S079","heart rate variability and cardiac vagal tone in psychophysiological research"]
["L080","Spine","Autonomic/HRV","Utility of low frequency HRV as an index of sympathetic cardiac tone","Reyes del Paso et al. / review record","A","Critical review / reanalysis","Pass2 curated spine","https://consensus.app/papers/details/4e6110f14db05c50b0bc1cc160e337d4/?utm_source=chatgpt",3,3,1,1,1,{"$f":"SUM(J83:N83)","v":9},"NO","",{"$f":"IF(B83=\"Spine\",\"INCLUDE\",IF(OR(O83>=7,P83=\"YES\"),\"INCLUDE\",\"HOLD\"))","v":"INCLUDE"},"LF and LF/HF are not specific sympathetic/balance indices 2013 Psychophysiology","S080","utility of low frequency hrv as an index of sympathetic cardiac tone"]
["L081","Spine","Autonomic/HRV","Guidelines for Rigor and Reproducibility of Heart Rate Variability","Carter et al.","A","2026 evidence-based guidelines","Pass2 curated spine","https://consensus.app/papers/details/b1acef8284785ea1b80349666e431476/?utm_source=chatgpt",3,3,1,1,1,{"$f":"SUM(J84:N84)","v":9},"NO","",{"$f":"IF(B84=\"Spine\",\"INCLUDE\",IF(OR(O84>=7,P84=\"YES\"),\"INCLUDE\",\"HOLD\"))","v":"INCLUDE"},"HRV not a specific marker of sympathetic outflow or sympathovagal balance; vagal tone language requires caution 2026 AJP Heart","S081","guidelines for rigor and reproducibility of heart rate variability"]
["L082","Spine","Autonomic/HRV","Cardiac vagal recovery following acute psychological stress in adults","Roddick et al.","A","Scoping review; 291 articles","Pass2 curated spine","https://consensus.app/papers/details/1cd1806dda425bb1b29331b08250ad41/?utm_source=chatgpt",3,3,1,0,1,{"$f":"SUM(J85:N85)","v":8},"NO","",{"$f":"IF(B85=\"Spine\",\"INCLUDE\",IF(OR(O85>=7,P85=\"YES\"),\"INCLUDE\",\"HOLD\"))","v":"INCLUDE"},"Large methodological variation in timing/conditions 2025 NBR","S082","cardiac vagal recovery following acute psychological stress in adults"]
["L083","Spine","Polyvagal audit","Polyvagal Theory: Current Status, Clinical Applications, and Future Directions","Porges","B","Proponent review","Pass2 curated spine","https://consensus.app/papers/details/faea082477da51eeab85bc41b5ff4b00/?utm_source=chatgpt",3,3,1,1,1,{"$f":"SUM(J86:N86)","v":9},"NO","",{"$f":"IF(B86=\"Spine\",\"INCLUDE\",IF(OR(O86>=7,P86=\"YES\"),\"INCLUDE\",\"HOLD\"))","v":"INCLUDE"},"Author-originated theory paper; not independent validation 2025 Clinical Neuropsychiatry","S083","polyvagal theory current status clinical applications and future directions"]
["L084","Spine","Polyvagal audit","Why The Polyvagal Theory Is Untenable","Grossman et al.","A","Multi-author critical appraisal","Pass2 curated spine","https://consensus.app/papers/details/e989d060ea1c507db22e035ee60e3398/?utm_source=chatgpt",3,1,1,2,1,{"$f":"SUM(J87:N87)","v":8},"NO","",{"$f":"IF(B87=\"Spine\",\"INCLUDE\",IF(OR(O87>=7,P87=\"YES\"),\"INCLUDE\",\"HOLD\"))","v":"INCLUDE"},"Strong critique; should be read alongside proponent response/current account 2026 Clinical Neuropsychiatry","S084","why the polyvagal theory is untenable"]
["L085","Spine","Polyvagal audit","The Evolution of Sociality and the Polyvagal Theory","Doody, Burghardt, Dinets","A","Evolutionary critique","Pass2 curated spine","https://consensus.app/papers/details/28a6039e9ffa57dbbad2c84c15cac916/?utm_source=chatgpt",3,1,1,0,1,{"$f":"SUM(J88:N88)","v":6},"NO","",{"$f":"IF(B88=\"Spine\",\"INCLUDE\",IF(OR(O88>=7,P88=\"YES\"),\"INCLUDE\",\"HOLD\"))","v":"INCLUDE"},"Addresses evolutionary premise rather than all clinical claims 2023 Biological Psychology","S085","the evolution of sociality and the polyvagal theory"]
["L086","Spine","Neuromodulation","Endogenous Oxytocin and Human Social Interactions","Burenkova et al.","A","Systematic review + meta-analysis","Pass2 curated spine","https://consensus.app/papers/details/c3443f2b16a2517eb2775a33bf70ce93/?utm_source=chatgpt",3,3,3,1,1,{"$f":"SUM(J89:N89)","v":11},"NO","",{"$f":"IF(B89=\"Spine\",\"INCLUDE\",IF(OR(O89>=7,P89=\"YES\"),\"INCLUDE\",\"HOLD\"))","v":"INCLUDE"},"Causal designs did not show expected overall hormonal response; assays/methods heterogeneous 2023 Psychol Bull","S086","endogenous oxytocin and human social interactions"]
["L087","Spine","Neuromodulation","Oxytocin and brain activity in humans","Grace et al.","A","Systematic review + coordinate meta-analysis","Pass2 curated spine","https://consensus.app/papers/details/e6e4c27e80305016bc258d764999c295/?utm_source=chatgpt",3,3,3,1,1,{"$f":"SUM(J90:N90)","v":11},"NO","",{"$f":"IF(B90=\"Spine\",\"INCLUDE\",IF(OR(O90>=7,P90=\"YES\"),\"INCLUDE\",\"HOLD\"))","v":"INCLUDE"},"Effects heterogeneous across tasks and regions 2018 Psychoneuroendocrinology","S087","oxytocin and brain activity in humans"]
["L088","Spine","Neuromodulation","Exogenous effects of oxytocin in five psychiatric disorders","Peled-Avron, Abu-Akel, Shamay-Tsoory","A","Systematic review + meta-analysis","Pass2 curated spine","https://consensus.app/papers/details/95cee9f2142c5255979d14971fb1c41b/?utm_source=chatgpt",3,3,3,0,1,{"$f":"SUM(J91:N91)","v":10},"NO","",{"$f":"IF(B91=\"Spine\",\"INCLUDE\",IF(OR(O91>=7,P91=\"YES\"),\"INCLUDE\",\"HOLD\"))","v":"INCLUDE"},"Small/variable clinical effects 2020 NBR","S088","exogenous effects of oxytocin in five psychiatric disorders"]
["L089","Spine","Neuromodulation/Development","Developmental programming of oxytocin through early-life stress","Ellis et al.","A","Four meta-analyses","Pass2 curated spine","https://consensus.app/papers/details/df5d51ced75e57619d2d5245e46bbe5d/?utm_source=chatgpt",3,1,3,0,1,{"$f":"SUM(J92:N92)","v":8},"NO","",{"$f":"IF(B92=\"Spine\",\"INCLUDE\",IF(OR(O92>=7,P92=\"YES\"),\"INCLUDE\",\"HOLD\"))","v":"INCLUDE"},"Effect sizes small; clinical samples inconsistent 2021 Clin Psychol Rev","S089","developmental programming of oxytocin through early life stress"]
["L090","Spine","Attachment","The relationship between adult attachment and mental health","Zhang et al.","A","Meta-analysis; 224 studies","Pass2 curated spine","https://consensus.app/papers/details/2ce8543b05a857bba7e4fe99f4b90d3c/?utm_source=chatgpt",3,3,2,1,1,{"$f":"SUM(J93:N93)","v":10},"NO","",{"$f":"IF(B93=\"Spine\",\"INCLUDE\",IF(OR(O93>=7,P93=\"YES\"),\"INCLUDE\",\"HOLD\"))","v":"INCLUDE"},"Association not causal destiny; moderators present 2022 JPSP","S090","the relationship between adult attachment and mental health"]
["L091","Spine","Attachment","Attachment-Related Differences in Emotion Regulation in Adults","Eilert & Buchheim","A","Systematic review; 37 studies","Pass2 curated spine","https://consensus.app/papers/details/110044b6a7915cc7973294b948da18ee/?utm_source=chatgpt",3,3,2,1,1,{"$f":"SUM(J94:N94)","v":10},"NO","",{"$f":"IF(B94=\"Spine\",\"INCLUDE\",IF(OR(O94>=7,P94=\"YES\"),\"INCLUDE\",\"HOLD\"))","v":"INCLUDE"},"Limited preoccupied-attachment evidence 2023 Brain Sci","S091","attachment related differences in emotion regulation in adults"]
["L092","Spine","Attachment","Parent-child attachment and children's experience and regulation of emotion","Cooke et al.","A","Meta-analytic review","Pass2 curated spine","https://consensus.app/papers/details/19710fcc990c5daf975082a21304448f/?utm_source=chatgpt",3,3,2,1,1,{"$f":"SUM(J95:N95)","v":10},"NO","",{"$f":"IF(B95=\"Spine\",\"INCLUDE\",IF(OR(O95>=7,P95=\"YES\"),\"INCLUDE\",\"HOLD\"))","v":"INCLUDE"},"Does not establish direct mechanism 2019 Emotion","S092","parent child attachment and children s experience and regulation of emotion"]
["L093","Spine","Attachment","Parent–Child Attachment and Dynamic Emotion Regulation","Obeldobel, Brumariu, Kerns","A","Systematic review","Pass2 curated spine","https://consensus.app/papers/details/4c8e03eaab8e5735aa1bf3d4f782aea1/?utm_source=chatgpt",3,3,2,1,1,{"$f":"SUM(J96:N96)","v":10},"NO","",{"$f":"IF(B96=\"Spine\",\"INCLUDE\",IF(OR(O96>=7,P96=\"YES\"),\"INCLUDE\",\"HOLD\"))","v":"INCLUDE"},"Only 15 studies; dynamic measurement still limited 2023 Emotion Review","S093","parent child attachment and dynamic emotion regulation"]
["L094","Spine","Synchrony","Multimodal Interpersonal Synchrony","Ohayon & Gordon","A","Systematic review + meta-analysis","Pass2 curated spine","https://consensus.app/papers/details/76af35cd904e5e198f1262575a8b132c/?utm_source=chatgpt",3,3,3,0,1,{"$f":"SUM(J97:N97)","v":10},"NO","",{"$f":"IF(B97=\"Spine\",\"INCLUDE\",IF(OR(O97>=7,P97=\"YES\"),\"INCLUDE\",\"HOLD\"))","v":"INCLUDE"},"Neural-behavioral moderate; physiological-behavioral small; neural-physiological inconsistent 2024 Behav Brain Res","S094","multimodal interpersonal synchrony"]
["L095","Spine","Synchrony","Interpersonal neural synchronization in close relationships","Zhao et al.","A","Systematic review + meta-analysis","Pass2 curated spine","https://consensus.app/papers/details/36bb75b6d1565e4b8670ad404f3fba2b/?utm_source=chatgpt",3,3,3,0,1,{"$f":"SUM(J98:N98)","v":10},"NO","",{"$f":"IF(B98=\"Spine\",\"INCLUDE\",IF(OR(O98>=7,P98=\"YES\"),\"INCLUDE\",\"HOLD\"))","v":"INCLUDE"},"fNIRS-specific; developmental moderators 2024 NBR","S095","interpersonal neural synchronization in close relationships"]
["L096","Spine","Synchrony","Interpersonal autonomic nervous system synchrony and relationship/performance","Mayo, Lavidor, Gordon","A","Systematic review + meta-analysis","Pass2 curated spine","https://consensus.app/papers/details/35168daede325485a69ef1f691d18cec/?utm_source=chatgpt",3,3,3,1,1,{"$f":"SUM(J99:N99)","v":11},"NO","",{"$f":"IF(B99=\"Spine\",\"INCLUDE\",IF(OR(O99>=7,P99=\"YES\"),\"INCLUDE\",\"HOLD\"))","v":"INCLUDE"},"Relationship effect small/marginal and highly heterogeneous 2021 Physiol Behav","S096","interpersonal autonomic nervous system synchrony and relationship performance"]
["L097","Spine","Synchrony/Development","On human synchrony: parent-infant physiological and neural synchrony","Lavezzo et al.","A","Systematic review; 42 studies","Pass2 curated spine","https://consensus.app/papers/details/fd76c8bcd6dc53edb3a49a8abd642f3c/?utm_source=chatgpt",3,3,3,1,1,{"$f":"SUM(J100:N100)","v":11},"NO","",{"$f":"IF(B100=\"Spine\",\"INCLUDE\",IF(OR(O100>=7,P100=\"YES\"),\"INCLUDE\",\"HOLD\"))","v":"INCLUDE"},"Small homogeneous samples and heterogeneous pipelines 2026 NBR","S097","on human synchrony parent infant physiological and neural synchrony"]
["L098","Spine","Synchrony/Development","Parent–Child Synchrony After Early Childhood","Birk, Stewart, Olino","A","Systematic review; 37 studies","Pass2 curated spine","https://consensus.app/papers/details/0d0d519f35695fb0857b0d68be988298/?utm_source=chatgpt",3,3,3,0,1,{"$f":"SUM(J101:N101)","v":10},"NO","",{"$f":"IF(B101=\"Spine\",\"INCLUDE\",IF(OR(O101>=7,P101=\"YES\"),\"INCLUDE\",\"HOLD\"))","v":"INCLUDE"},"Context can flip association with outcomes 2022 Clin Child Fam Psychol Rev","S098","parent child synchrony after early childhood"]
["L099","Spine","Timescales","Coupled neural timescales in social interaction","Wolff & Dumas","C","2026 Trends review","Pass2 curated spine","https://consensus.app/papers/details/417f9a7159435a1282e9c21502f5f7c6/?utm_source=chatgpt",3,3,1,1,1,{"$f":"SUM(J102:N102)","v":9},"NO","",{"$f":"IF(B102=\"Spine\",\"INCLUDE\",IF(OR(O102>=7,P102=\"YES\"),\"INCLUDE\",\"HOLD\"))","v":"INCLUDE"},"Frontier framework; proposed mechanism not yet established 2026 Trends Cogn Sci","S099","coupled neural timescales in social interaction"]
["L100","Spine","Synchrony/Plasticity","Post-interaction neuroplasticity of inter-brain networks","Shamay-Tsoory et al.","B","Human fNIRS study","Pass2 curated spine","https://consensus.app/papers/details/b340c2e5ab1857bb81dade5172ba1063/?utm_source=chatgpt",3,2,3,1,1,{"$f":"SUM(J103:N103)","v":10},"NO","",{"$f":"IF(B103=\"Spine\",\"INCLUDE\",IF(OR(O103>=7,P103=\"YES\"),\"INCLUDE\",\"HOLD\"))","v":"INCLUDE"},"Single-study evidence; interpretation of 'plasticity' requires caution 2024 iScience","S100","post interaction neuroplasticity of inter brain networks"]
["L101","Spine","Social support","Social Relationships and Mortality Risk: A Meta-analytic Review","Holt-Lunstad, Smith, Layton","A","Meta-analysis","Pass2 curated spine","https://journals.plos.org/plosmedicine/article/file?id=10.1371/journal.pmed.1000316&type=printable",3,3,1,2,1,{"$f":"SUM(J104:N104)","v":10},"NO","",{"$f":"IF(B104=\"Spine\",\"INCLUDE\",IF(OR(O104>=7,P104=\"YES\"),\"INCLUDE\",\"HOLD\"))","v":"INCLUDE"},"Observational mortality literature; mechanisms not isolated Landmark general social-health anchor","S101","social relationships and mortality risk a meta analytic review"]
["L102","Spine","Social baseline","Social Baseline Theory: The Social Regulation of Risk and Effort","Coan & Sbarra","B","Integrative theory/review","Pass2 curated spine","https://consensus.app/papers/details/96e4a2c6ec2c5011a3063b621ccd0320/?utm_source=chatgpt",3,3,1,0,1,{"$f":"SUM(J105:N105)","v":8},"NO","",{"$f":"IF(B105=\"Spine\",\"INCLUDE\",IF(OR(O105>=7,P105=\"YES\"),\"INCLUDE\",\"HOLD\"))","v":"INCLUDE"},"Theory contains hypotheses beyond direct evidence 2014","S102","social baseline theory the social regulation of risk and effort"]
["L103","Spine","Social baseline","Social Baseline Theory: The Role of Social Proximity in Emotion and Economy of Action","Beckes & Coan","B","Theory/review","Pass2 curated spine","https://consensus.app/papers/details/885e0ac329dd5573a177336d51610b07/?utm_source=chatgpt",3,3,1,0,1,{"$f":"SUM(J106:N106)","v":8},"NO","",{"$f":"IF(B106=\"Spine\",\"INCLUDE\",IF(OR(O106>=7,P106=\"YES\"),\"INCLUDE\",\"HOLD\"))","v":"INCLUDE"},"Some propositions explicitly speculative 2011","S103","social baseline theory the role of social proximity in emotion and economy of action"]
["L104","Spine","Social baseline","Social baseline theory: State of the science and new directions","Beckes & Sbarra","A","Review","Pass2 curated spine","https://consensus.app/papers/details/f18a0d92e2bd591f9cb9cddd5926ea7a/?utm_source=chatgpt",3,3,1,1,1,{"$f":"SUM(J107:N107)","v":9},"NO","",{"$f":"IF(B107=\"Spine\",\"INCLUDE\",IF(OR(O107>=7,P107=\"YES\"),\"INCLUDE\",\"HOLD\"))","v":"INCLUDE"},"Framework-level, not a single mechanism 2021","S104","social baseline theory state of the science and new directions"]
["L105","Spine","Social allostasis","Social Allostasis and Social Allostatic Load","Saxbe, Beckes, Stoycos, Coan","B","Theory/review","Pass2 curated spine","https://consensus.app/papers/details/f30c82fca0cb54db86a912f9ea4eaf6d/?utm_source=chatgpt",3,3,1,0,1,{"$f":"SUM(J108:N108)","v":8},"NO","",{"$f":"IF(B108=\"Spine\",\"INCLUDE\",IF(OR(O108>=7,P108=\"YES\"),\"INCLUDE\",\"HOLD\"))","v":"INCLUDE"},"Group-level allostatic load remains a model requiring tests 2019/2020","S105","social allostasis and social allostatic load"]
["L106","Spine","Social support neuroscience","Neural Underpinnings of Receiving and Giving Social Support","Eisenberger","A","Neuroscience review","Pass2 curated spine","https://consensus.app/papers/details/ee792cde0af356be89c34a82697c35fd/?utm_source=chatgpt",3,3,1,1,1,{"$f":"SUM(J109:N109)","v":9},"NO","",{"$f":"IF(B109=\"Spine\",\"INCLUDE\",IF(OR(O109>=7,P109=\"YES\"),\"INCLUDE\",\"HOLD\"))","v":"INCLUDE"},"Neuroimaging associations do not isolate causal pathways 2013","S106","neural underpinnings of receiving and giving social support"]
["L107","Spine","Social buffering","Social support facilitates threat extinction retention in humans","Gong et al.","B","Human experimental fMRI study","Pass2 curated spine","https://consensus.app/papers/details/5b2fe55aca165c2883de17a961f7e132/?utm_source=chatgpt",3,1,3,0,1,{"$f":"SUM(J110:N110)","v":8},"NO","",{"$f":"IF(B110=\"Spine\",\"INCLUDE\",IF(OR(O110>=7,P110=\"YES\"),\"INCLUDE\",\"HOLD\"))","v":"INCLUDE"},"Single paradigm; replication/generalization needed 2025 Translational Psychiatry","S107","social support facilitates threat extinction retention in humans"]
["L108","Spine","Social buffering","Physical Proximity With Social Support Regulates Vigilance to Threat","Maffei et al.","B","Human TSST psychophysiology experiment","Pass2 curated spine","https://consensus.app/papers/details/ca36bdb57f4e5bdabd7f2f39d1d9a258/?utm_source=chatgpt",3,1,3,0,1,{"$f":"SUM(J111:N111)","v":8},"NO","",{"$f":"IF(B111=\"Spine\",\"INCLUDE\",IF(OR(O111>=7,P111=\"YES\"),\"INCLUDE\",\"HOLD\"))","v":"INCLUDE"},"Small sample and specific stressor 2026 Psychophysiology","S108","physical proximity with social support regulates vigilance to threat"]
["L109","Spine","Social baseline","Yielding to social presence as a bioenergetic strategy","Gonzalez et al.","B","Human fMRI + theoretical synthesis","Pass2 curated spine","https://consensus.app/papers/details/3169d3dd8f78584eb61a496ceeeae333/?utm_source=chatgpt",3,1,1,0,1,{"$f":"SUM(J112:N112)","v":6},"NO","",{"$f":"IF(B112=\"Spine\",\"INCLUDE\",IF(OR(O112>=7,P112=\"YES\"),\"INCLUDE\",\"HOLD\"))","v":"INCLUDE"},"Specific operationalization; needs broader replication 2021","S109","yielding to social presence as a bioenergetic strategy"]
["L110","Spine","Social baseline","Cognitive Processes Unfold in a Social Context","Gross & Medina-DeVilliers","B","Review","Pass2 curated spine","https://consensus.app/papers/details/fcb5de677bc75bb09f21b852b65a3e45/?utm_source=chatgpt",3,3,1,0,1,{"$f":"SUM(J113:N113)","v":8},"NO","",{"$f":"IF(B113=\"Spine\",\"INCLUDE\",IF(OR(O113>=7,P113=\"YES\"),\"INCLUDE\",\"HOLD\"))","v":"INCLUDE"},"Extension of SBT remains theory-guided 2020","S110","cognitive processes unfold in a social context"]
["L111","Spine","Social baseline","Above and below baselines","Bar-Kalifa & Rafaeli","B","Dyadic daily-diary studies","Pass2 curated spine","https://consensus.app/papers/details/9edad7a4708157018fd8e026966d569c/?utm_source=chatgpt",3,1,1,0,1,{"$f":"SUM(J114:N114)","v":6},"NO","",{"$f":"IF(B114=\"Spine\",\"INCLUDE\",IF(OR(O114>=7,P114=\"YES\"),\"INCLUDE\",\"HOLD\"))","v":"INCLUDE"},"Small dyadic samples 2015","S111","above and below baselines"]
["L112","Spine","Loneliness","Neurobiology of loneliness: a systematic review","Lam et al.","A","Systematic review; 41 studies","Pass2 curated spine","https://consensus.app/papers/details/2c825d46669051a6aeee43dab1d51dbd/?utm_source=chatgpt",3,3,1,2,1,{"$f":"SUM(J115:N115)","v":10},"NO","",{"$f":"IF(B115=\"Spine\",\"INCLUDE\",IF(OR(O115>=7,P115=\"YES\"),\"INCLUDE\",\"HOLD\"))","v":"INCLUDE"},"Methods and directions heterogeneous 2021 Neuropsychopharmacology","S112","neurobiology of loneliness a systematic review"]
["L113","Spine","Loneliness dynamics","Loneliness modulates social threat detection in daily life","Shao et al.","B","EMA + dynamic structural equation models","Pass2 curated spine","https://consensus.app/papers/details/57b0001ed71d550fa1e23dd88d02f634/?utm_source=chatgpt",3,1,3,0,1,{"$f":"SUM(J116:N116)","v":8},"NO","",{"$f":"IF(B116=\"Spine\",\"INCLUDE\",IF(OR(O116>=7,P116=\"YES\"),\"INCLUDE\",\"HOLD\"))","v":"INCLUDE"},"N=157; observational within-person dynamics 2026 Communications Psychology","S113","loneliness modulates social threat detection in daily life"]
["L114","Spine","Loneliness intervention","Are loneliness interventions effective?","Lasgaard et al.","A","Preregistered meta-analysis; 280 studies","Pass2 curated spine","https://consensus.app/papers/details/43fd874098eb570799c252213717da36/?utm_source=chatgpt",3,3,1,0,1,{"$f":"SUM(J117:N117)","v":8},"NO","",{"$f":"IF(B117=\"Spine\",\"INCLUDE\",IF(OR(O117>=7,P117=\"YES\"),\"INCLUDE\",\"HOLD\"))","v":"INCLUDE"},"GRADE low/very low; heterogeneity 2025/2026 American Psychologist","S114","are loneliness interventions effective"]
["L115","Spine","Loneliness","Risk factors for loneliness","Barjaková, Garnero, d'Hombres","A","Review emphasizing meta/longitudinal evidence","Pass2 curated spine","https://consensus.app/papers/details/7a425bb9fcd756f29e2cc8fcb00d2be8/?utm_source=chatgpt",3,3,1,0,1,{"$f":"SUM(J118:N118)","v":8},"NO","",{"$f":"IF(B118=\"Spine\",\"INCLUDE\",IF(OR(O118>=7,P118=\"YES\"),\"INCLUDE\",\"HOLD\"))","v":"INCLUDE"},"Mostly Europe/North America 2023 Social Science & Medicine","S115","risk factors for loneliness"]
["L116","Spine","Loneliness","Positive and negative emotion functions related to loneliness","Luo & Shao","A","Systematic behavioral/neuroimaging review","Pass2 curated spine","https://consensus.app/papers/details/21999a7ca98c50f9b644412e07cb7f4e/?utm_source=chatgpt",3,3,1,0,1,{"$f":"SUM(J119:N119)","v":8},"NO","",{"$f":"IF(B119=\"Spine\",\"INCLUDE\",IF(OR(O119>=7,P119=\"YES\"),\"INCLUDE\",\"HOLD\"))","v":"INCLUDE"},"Brain directionality mixed 2023 Psychoradiology","S116","positive and negative emotion functions related to loneliness"]
["L117","Spine","Loneliness","Loneliness and the onset of new mental health problems","Mann et al.","A","Systematic review + meta-analysis longitudinal cohorts","Pass2 curated spine","https://consensus.app/papers/details/accc04ed81af50cfa00d662475deab26/?utm_source=chatgpt",3,3,1,1,1,{"$f":"SUM(J120:N120)","v":9},"NO","",{"$f":"IF(B120=\"Spine\",\"INCLUDE\",IF(OR(O120>=7,P120=\"YES\"),\"INCLUDE\",\"HOLD\"))","v":"INCLUDE"},"Heterogeneity; causality not fully established 2022","S117","loneliness and the onset of new mental health problems"]
["L118","Spine","Loneliness/Depression","The effect of loneliness on depression: A meta-analysis","Erzen","A","Meta-analysis; 88 studies","Pass2 curated spine","https://consensus.app/papers/details/15d9cf69a331526e896e896a84601335/?utm_source=chatgpt",3,3,1,2,1,{"$f":"SUM(J121:N121)","v":10},"NO","",{"$f":"IF(B121=\"Spine\",\"INCLUDE\",IF(OR(O121>=7,P121=\"YES\"),\"INCLUDE\",\"HOLD\"))","v":"INCLUDE"},"Predominantly correlational literature 2018","S118","the effect of loneliness on depression a meta analysis"]
["L119","Spine","Social support clinical","Loneliness/social support and outcomes of mental health problems","Wang et al.","A","Systematic review of longitudinal studies","Pass2 curated spine","https://consensus.app/papers/details/a0e63638d20d55038a579d84a6abc506/?utm_source=chatgpt",3,3,2,1,1,{"$f":"SUM(J122:N122)","v":10},"NO","",{"$f":"IF(B122=\"Spine\",\"INCLUDE\",IF(OR(O122>=7,P122=\"YES\"),\"INCLUDE\",\"HOLD\"))","v":"INCLUDE"},"Clinical populations heterogeneous 2018 BMC Psychiatry","S119","loneliness social support and outcomes of mental health problems"]
["L120","Spine","Loneliness clinical","Loneliness and social isolation in severe mental disorders","Hajek et al.","A","Systematic review + meta-analysis","Pass2 curated spine","https://consensus.app/papers/details/89cce8e03c405363a5165edfd88ab6a3/?utm_source=chatgpt",3,3,2,0,1,{"$f":"SUM(J123:N123)","v":9},"NO","",{"$f":"IF(B123=\"Spine\",\"INCLUDE\",IF(OR(O123>=7,P123=\"YES\"),\"INCLUDE\",\"HOLD\"))","v":"INCLUDE"},"Very high heterogeneity; few longitudinal studies 2025","S120","loneliness and social isolation in severe mental disorders"]
["L121","Spine","Social intervention","Social connection interventions and depression in young adults","Vazquez Alvarez et al.","A","Systematic review + meta-analysis","Pass2 curated spine","https://consensus.app/papers/details/5e5a4311c2d95aa082a32edaef981a66/?utm_source=chatgpt",3,3,1,0,1,{"$f":"SUM(J124:N124)","v":8},"NO","",{"$f":"IF(B124=\"Spine\",\"INCLUDE\",IF(OR(O124>=7,P124=\"YES\"),\"INCLUDE\",\"HOLD\"))","v":"INCLUDE"},"Only six studies; modest effects 2024","S121","social connection interventions and depression in young adults"]
["L122","Spine","Social rejection","Quantitative Meta-Analysis of Functional Imaging Studies of Social Rejection","Cacioppo et al.","A","Neuroimaging meta-analysis","Pass2 curated spine","https://consensus.app/papers/details/ef557745f64e5880a3c927f2e178041a/?utm_source=chatgpt",3,3,1,2,1,{"$f":"SUM(J125:N125)","v":10},"NO","",{"$f":"IF(B125=\"Spine\",\"INCLUDE\",IF(OR(O125>=7,P125=\"YES\"),\"INCLUDE\",\"HOLD\"))","v":"INCLUDE"},"Older literature and task heterogeneity 2013 Scientific Reports","S122","quantitative meta analysis of functional imaging studies of social rejection"]
["L123","Spine","Social rejection","Social exclusion reliably engages the default network","Mwilambwe-Tshilobo & Spreng","A","ALE meta-analysis; 53 studies, N=1817","Pass2 curated spine","https://consensus.app/papers/details/8af26cb19b22517d9f70a097d651d4b2/?utm_source=chatgpt",3,3,1,0,1,{"$f":"SUM(J126:N126)","v":8},"NO","",{"$f":"IF(B126=\"Spine\",\"INCLUDE\",IF(OR(O126>=7,P126=\"YES\"),\"INCLUDE\",\"HOLD\"))","v":"INCLUDE"},"Cyberball-specific evidence 2020 NeuroImage","S123","social exclusion reliably engages the default network"]
["L124","Spine","Social rejection","Anterior cingulate contribution to social pain","Rotgé et al.","A","Voxel-based meta-analysis; 46 articles","Pass2 curated spine","https://consensus.app/papers/details/d75c1cc3e1295ffca22b1614ec23e1aa/?utm_source=chatgpt",3,3,1,0,1,{"$f":"SUM(J127:N127)","v":8},"NO","",{"$f":"IF(B127=\"Spine\",\"INCLUDE\",IF(OR(O127>=7,P127=\"YES\"),\"INCLUDE\",\"HOLD\"))","v":"INCLUDE"},"Task and age moderators 2014","S124","anterior cingulate contribution to social pain"]
["L125","Spine","Social rejection","Neural correlates of social exclusion across ages","Vijayakumar, Cheng, Pfeifer","A","Coordinate meta-analysis","Pass2 curated spine","https://consensus.app/papers/details/35ca66ac23ac54c29b2ec2a5cbd873a1/?utm_source=chatgpt",3,3,1,1,1,{"$f":"SUM(J128:N128)","v":9},"NO","",{"$f":"IF(B128=\"Spine\",\"INCLUDE\",IF(OR(O128>=7,P128=\"YES\"),\"INCLUDE\",\"HOLD\"))","v":"INCLUDE"},"Developmental paradigms heterogeneous 2017 NeuroImage","S125","neural correlates of social exclusion across ages"]
["L126","Spine","Social affect","Impact of sociality and affective valence on brain activation","Atzil et al.","A","Meta-analysis; 614 contrasts","Pass2 curated spine","https://consensus.app/papers/details/6eec63e0ecaf59c3ac4550e809ee43b8/?utm_source=chatgpt",3,3,1,0,1,{"$f":"SUM(J129:N129)","v":8},"NO","",{"$f":"IF(B129=\"Spine\",\"INCLUDE\",IF(OR(O129>=7,P129=\"YES\"),\"INCLUDE\",\"HOLD\"))","v":"INCLUDE"},"Meta-analytic categories broad 2023 NeuroImage","S126","impact of sociality and affective valence on brain activation"]
["L127","Spine","Social rejection","Effects of Social Rejection on Aggressive and Prosocial Behavior","Quarmley et al.","A","Meta-analysis","Pass2 curated spine","https://consensus.app/papers/details/ee5bb405a8e250ceb7b5b202f916f5cf/?utm_source=chatgpt",3,3,1,1,1,{"$f":"SUM(J130:N130)","v":9},"NO","",{"$f":"IF(B130=\"Spine\",\"INCLUDE\",IF(OR(O130>=7,P130=\"YES\"),\"INCLUDE\",\"HOLD\"))","v":"INCLUDE"},"Experimental rejection paradigms may not generalize to enduring relationships 2022","S127","effects of social rejection on aggressive and prosocial behavior"]
["L128","Spine","Social networks","Common brain networks underlying human social interactions","Feng et al.","A","Large-scale neuroimaging meta-analysis; 7234 participants","Pass2 curated spine","https://consensus.app/papers/details/97c4e043f1ca5952a2fac58d0aafcca4/?utm_source=chatgpt",3,3,1,0,1,{"$f":"SUM(J131:N131)","v":8},"NO","",{"$f":"IF(B131=\"Spine\",\"INCLUDE\",IF(OR(O131>=7,P131=\"YES\"),\"INCLUDE\",\"HOLD\"))","v":"INCLUDE"},"Task-based inference only 2021 NBR","S128","common brain networks underlying human social interactions"]
["L129","Spine","Social pain empathy","Neural mechanisms of physical and social pain empathy","Zhang et al.","A","ALE meta-analysis","Pass2 curated spine","https://consensus.app/papers/details/39fd7e206e2d575a937048f4dd851dd0/?utm_source=chatgpt",3,3,1,0,1,{"$f":"SUM(J132:N132)","v":8},"NO","",{"$f":"IF(B132=\"Spine\",\"INCLUDE\",IF(OR(O132>=7,P132=\"YES\"),\"INCLUDE\",\"HOLD\"))","v":"INCLUDE"},"Empathy ≠ first-person rejection 2025 Cerebral Cortex","S129","neural mechanisms of physical and social pain empathy"]
["L130","Spine","Empathy","Common/distinct networks for pain and pain empathy","Lamm, Decety, Singer","A","Meta-analysis","Pass2 curated spine","https://consensus.app/papers/details/155eb5ff2b15592784841785d7cb5d93/?utm_source=chatgpt",3,3,1,1,1,{"$f":"SUM(J133:N133)","v":9},"NO","",{"$f":"IF(B133=\"Spine\",\"INCLUDE\",IF(OR(O133>=7,P133=\"YES\"),\"INCLUDE\",\"HOLD\"))","v":"INCLUDE"},"Not direct evidence for social rejection 2011 NeuroImage","S130","common distinct networks for pain and pain empathy"]
["L131","Spine","Social reward","Endogenous mu-opioid modulation of social connection in humans","Løseth, Trøstheim, Leknes","A","Preregistered systematic review + meta-analysis","Pass2 curated spine","https://consensus.app/papers/details/dab72c1986f85424b2a00325118a3278/?utm_source=chatgpt",3,3,1,0,1,{"$f":"SUM(J134:N134)","v":8},"NO","",{"$f":"IF(B134=\"Spine\",\"INCLUDE\",IF(OR(O134>=7,P134=\"YES\"),\"INCLUDE\",\"HOLD\"))","v":"INCLUDE"},"Effect modest; possible small-study/publication bias 2024 Translational Psychiatry","S131","endogenous mu opioid modulation of social connection in humans"]
["L132","Spine","Social reward","Defining social reward","Stijovic et al.","A","Systematic review; 384 studies","Pass2 curated spine","https://consensus.app/papers/details/fba379602ebb53be969ccef3ecef5bb1/?utm_source=chatgpt",3,3,1,1,1,{"$f":"SUM(J135:N135)","v":9},"NO","",{"$f":"IF(B135=\"Spine\",\"INCLUDE\",IF(OR(O135>=7,P135=\"YES\"),\"INCLUDE\",\"HOLD\"))","v":"INCLUDE"},"Field definitions highly heterogeneous 2024 Psychological Bulletin","S132","defining social reward"]
["L133","Spine","Social reward","Effects of dopamine and opioid receptor antagonism on social/nonsocial rewards","Massaccesi et al.","B","Randomized double-blind pharmacology + fMRI","Pass2 curated spine","https://consensus.app/papers/details/4150a40176765e8386d3b91850f0fed8/?utm_source=chatgpt",3,1,1,1,1,{"$f":"SUM(J136:N136)","v":7},"NO","",{"$f":"IF(B136=\"Spine\",\"INCLUDE\",IF(OR(O136>=7,P136=\"YES\"),\"INCLUDE\",\"HOLD\"))","v":"INCLUDE"},"Behavioral effects limited; neural effects context-specific 2023/2024 Human Brain Mapping","S133","effects of dopamine and opioid receptor antagonism on social nonsocial rewards"]
["L134","Spine","Social reward","Opioids and social bonding: naltrexone, connection and ventral striatum","Inagaki et al.","B","Randomized placebo-controlled fMRI study","Pass2 curated spine","https://consensus.app/papers/details/2c5169cc68ae50f085e5df3abfb074e5/?utm_source=chatgpt",3,1,1,0,1,{"$f":"SUM(J137:N137)","v":6},"NO","",{"$f":"IF(B137=\"Spine\",\"INCLUDE\",IF(OR(O137>=7,P137=\"YES\"),\"INCLUDE\",\"HOLD\"))","v":"INCLUDE"},"N=80; one antagonist paradigm 2019/2020 JEP General","S134","opioids and social bonding naltrexone connection and ventral striatum"]
["L135","Spine","Social reward","Dopaminergic and opioidergic regulation during social and nonsocial rewards","Korb et al.","B","Randomized pharmacological experiment","Pass2 curated spine","https://consensus.app/papers/details/7afc04167dfa5026a7c6e416354a9fec/?utm_source=chatgpt",3,1,1,1,1,{"$f":"SUM(J138:N138)","v":7},"NO","",{"$f":"IF(B138=\"Spine\",\"INCLUDE\",IF(OR(O138>=7,P138=\"YES\"),\"INCLUDE\",\"HOLD\"))","v":"INCLUDE"},"Subjective ratings not strongly modulated 2020 eLife","S135","dopaminergic and opioidergic regulation during social and nonsocial rewards"]
["L136","Spine","Social reward","Mu opioid receptor, social behaviour and autism spectrum disorder","Pellissier et al.","B","Review","Pass2 curated spine","https://consensus.app/papers/details/b9377449c9d65afdbf1260f9802db043/?utm_source=chatgpt",3,3,1,0,1,{"$f":"SUM(J139:N139)","v":8},"NO","",{"$f":"IF(B139=\"Spine\",\"INCLUDE\",IF(OR(O139>=7,P139=\"YES\"),\"INCLUDE\",\"HOLD\"))","v":"INCLUDE"},"Substantial preclinical translation 2018 BJP","S136","mu opioid receptor social behaviour and autism spectrum disorder"]
["L137","Spine","Social reward","Intranasal oxytocin on social reward processing in humans","Kraus, Výborová, Silani","A","Systematic review","Pass2 curated spine","https://consensus.app/papers/details/d682bc214f0f5dc2be381a8c161ca5b9/?utm_source=chatgpt",3,3,1,0,1,{"$f":"SUM(J140:N140)","v":8},"NO","",{"$f":"IF(B140=\"Spine\",\"INCLUDE\",IF(OR(O140>=7,P140=\"YES\"),\"INCLUDE\",\"HOLD\"))","v":"INCLUDE"},"Mixed human effects; 19 studies 2023 Front Psychiatry","S137","intranasal oxytocin on social reward processing in humans"]
["L138","Spine","Addiction/Social reward","Protective Effect of Social Reward on Opioid and Psychostimulant Reward and Relapse","Venniro et al.","C","Mechanistic review","Pass2 curated spine","https://consensus.app/papers/details/468ec63245065695839447532bf04e02/?utm_source=chatgpt",3,3,1,0,1,{"$f":"SUM(J141:N141)","v":8},"NO","",{"$f":"IF(B141=\"Spine\",\"INCLUDE\",IF(OR(O141>=7,P141=\"YES\"),\"INCLUDE\",\"HOLD\"))","v":"INCLUDE"},"Primarily rodent evidence 2022 J Neurosci","S138","protective effect of social reward on opioid and psychostimulant reward and relapse"]
["L139","Spine","Touch/Pain","Social support on experimental pain and physiological arousal","Che et al.","A","Systematic review + meta-analysis","Pass2 curated spine","https://consensus.app/papers/details/e92451a7805b587a8f1a1da6e0ec5d70/?utm_source=chatgpt",3,3,1,1,1,{"$f":"SUM(J142:N142)","v":9},"NO","",{"$f":"IF(B142=\"Spine\",\"INCLUDE\",IF(OR(O142>=7,P142=\"YES\"),\"INCLUDE\",\"HOLD\"))","v":"INCLUDE"},"Mere presence not sufficient; context matters 2018 NBR","S139","social support on experimental pain and physiological arousal"]
["L140","Spine","Touch/Pain","Processes underlying buffering effect of social support on pain","Che et al.","A","Systematic review","Pass2 curated spine","https://consensus.app/papers/details/9ebbb17da253512d811248cbcf9e5e64/?utm_source=chatgpt",3,3,1,0,1,{"$f":"SUM(J143:N143)","v":8},"NO","",{"$f":"IF(B143=\"Spine\",\"INCLUDE\",IF(OR(O143>=7,P143=\"YES\"),\"INCLUDE\",\"HOLD\"))","v":"INCLUDE"},"Only five neurobiological studies 2018 Clinical Journal of Pain","S140","processes underlying buffering effect of social support on pain"]
["L141","Spine","Touch","Physical and mental health benefits of touch interventions","Packheiser et al.","A","Large multilevel meta-analysis; 137 randomized studies","Pass2 curated spine","https://consensus.app/papers/details/f2441106ae3a58f68c897d7340598e22/?utm_source=chatgpt",3,3,1,0,1,{"$f":"SUM(J144:N144)","v":8},"NO","",{"$f":"IF(B144=\"Spine\",\"INCLUDE\",IF(OR(O144>=7,P144=\"YES\"),\"INCLUDE\",\"HOLD\"))","v":"INCLUDE"},"Metadata/journal to be rechecked at publication-level lock Large effect-synthesis anchor; metadata verification pending","S141","physical and mental health benefits of touch interventions"]
["L142","Spine","Pain/Social support","Social support and chronic pain","Rinaudo, Steyaert, Mouraux","A","Systematic review","Pass2 curated spine","https://consensus.app/papers/details/4809596d01c75f2c8bb11a261b03961d/?utm_source=chatgpt",3,3,1,0,1,{"$f":"SUM(J145:N145)","v":8},"NO","",{"$f":"IF(B145=\"Spine\",\"INCLUDE\",IF(OR(O145>=7,P145=\"YES\"),\"INCLUDE\",\"HOLD\"))","v":"INCLUDE"},"Mostly cross-sectional/correlational 2025 PLOS One","S142","social support and chronic pain"]
["L143","Spine","Pain/Peer support","Peer support for chronic musculoskeletal pain","Wilson et al.","A","Systematic review + meta-analysis of randomized trials","Pass2 curated spine","https://consensus.app/papers/details/a1e815b72163555c8cd70dce1d714bae/?utm_source=chatgpt",3,3,1,0,1,{"$f":"SUM(J146:N146)","v":8},"NO","",{"$f":"IF(B146=\"Spine\",\"INCLUDE\",IF(OR(O146>=7,P146=\"YES\"),\"INCLUDE\",\"HOLD\"))","v":"INCLUDE"},"Low/very-low certainty; effects small 2024 Pain","S143","peer support for chronic musculoskeletal pain"]
["L144","Spine","Depression/Social support","Social support and outcomes of mental health problems","Wang et al.","A","Longitudinal systematic review","Pass2 curated spine","https://consensus.app/papers/details/a0e63638d20d55038a579d84a6abc506/?utm_source=chatgpt",3,3,1,1,1,{"$f":"SUM(J147:N147)","v":9},"NO","",{"$f":"IF(B147=\"Spine\",\"INCLUDE\",IF(OR(O147>=7,P147=\"YES\"),\"INCLUDE\",\"HOLD\"))","v":"INCLUDE"},"Heterogeneous measures/populations 2018","S144","social support and outcomes of mental health problems"]
["L145","Spine","Depression/Loneliness","Experience of loneliness among young people with depression","Achterbergh et al.","B","Qualitative meta-synthesis","Pass2 curated spine","https://consensus.app/papers/details/4dbeeffb3fb6536ab663f98829e8d8f9/?utm_source=chatgpt",3,1,1,0,1,{"$f":"SUM(J148:N148)","v":6},"NO","",{"$f":"IF(B148=\"Spine\",\"INCLUDE\",IF(OR(O148>=7,P148=\"YES\"),\"INCLUDE\",\"HOLD\"))","v":"INCLUDE"},"Qualitative; young samples 2020 BMC Psychiatry","S145","experience of loneliness among young people with depression"]
["L146","Spine","Depression/Social intervention","Social connection interventions and depression in young adults","Vazquez Alvarez et al.","A","Systematic review + meta-analysis","Pass2 curated spine","https://consensus.app/papers/details/5e5a4311c2d95aa082a32edaef981a66/?utm_source=chatgpt",3,3,1,0,1,{"$f":"SUM(J149:N149)","v":8},"NO","",{"$f":"IF(B149=\"Spine\",\"INCLUDE\",IF(OR(O149>=7,P149=\"YES\"),\"INCLUDE\",\"HOLD\"))","v":"INCLUDE"},"Small evidence base 2024","S146","social connection interventions and depression in young adults"]
["L147","Spine","Clinical social ecology","Loneliness/social isolation in severe mental disorders","Hajek et al.","A","Systematic review + meta-analysis","Pass2 curated spine","https://consensus.app/papers/details/89cce8e03c405363a5165edfd88ab6a3/?utm_source=chatgpt",3,3,2,0,1,{"$f":"SUM(J150:N150)","v":9},"NO","",{"$f":"IF(B150=\"Spine\",\"INCLUDE\",IF(OR(O150>=7,P150=\"YES\"),\"INCLUDE\",\"HOLD\"))","v":"INCLUDE"},"Extremely high heterogeneity 2025","S147","loneliness social isolation in severe mental disorders"]
["L148","Spine","Loneliness/Depression","Loneliness and new onset mental health problems","Mann et al.","A","Longitudinal systematic review + meta-analysis","Pass2 curated spine","https://consensus.app/papers/details/accc04ed81af50cfa00d662475deab26/?utm_source=chatgpt",3,3,1,0,1,{"$f":"SUM(J151:N151)","v":8},"NO","",{"$f":"IF(B151=\"Spine\",\"INCLUDE\",IF(OR(O151>=7,P151=\"YES\"),\"INCLUDE\",\"HOLD\"))","v":"INCLUDE"},"Residual confounding and heterogeneity 2022","S148","loneliness and new onset mental health problems"]
["L149","Spine","Depression/Loneliness","Loneliness effect on depression","Erzen","A","Meta-analysis","Pass2 curated spine","https://consensus.app/papers/details/15d9cf69a331526e896e896a84601335/?utm_source=chatgpt",3,3,1,1,1,{"$f":"SUM(J152:N152)","v":9},"NO","",{"$f":"IF(B152=\"Spine\",\"INCLUDE\",IF(OR(O152>=7,P152=\"YES\"),\"INCLUDE\",\"HOLD\"))","v":"INCLUDE"},"Causality not secured 2018","S149","loneliness effect on depression"]
["L150","Spine","Loneliness","Chronic loneliness and social isolation among older adults","Hajek et al.","A","Systematic review/meta-analysis/meta-regression","Pass2 curated spine","https://consensus.app/papers/details/2753f973c37c5611b22a41aaefff4b85/?utm_source=chatgpt",3,3,1,1,1,{"$f":"SUM(J153:N153)","v":9},"NO","",{"$f":"IF(B153=\"Spine\",\"INCLUDE\",IF(OR(O153>=7,P153=\"YES\"),\"INCLUDE\",\"HOLD\"))","v":"INCLUDE"},"Limited longitudinal evidence 2024","S150","chronic loneliness and social isolation among older adults"]
["L151","Spine","Social intervention","Interventions to improve social connections","Zagic et al.","A","Systematic review + meta-analysis controlled trials","Pass2 curated spine","https://consensus.app/papers/details/8365df6fa38b57db98ac17b4a624e720/?utm_source=chatgpt",3,3,1,0,1,{"$f":"SUM(J154:N154)","v":8},"NO","",{"$f":"IF(B154=\"Spine\",\"INCLUDE\",IF(OR(O154>=7,P154=\"YES\"),\"INCLUDE\",\"HOLD\"))","v":"INCLUDE"},"Different interventions affect different dimensions 2021/2022","S151","interventions to improve social connections"]
["L152","Spine","Predictive social cognition","Active-Inference Approach to Second-Person Neuroscience","Lehmann et al.","F","Theoretical review grounded in second-person neuroscience","Pass2 curated spine","https://consensus.app/papers/details/36d862d89bf95f09901a2414871f35b3/?utm_source=chatgpt",3,3,3,0,1,{"$f":"SUM(J155:N155)","v":10},"NO","",{"$f":"IF(B155=\"Spine\",\"INCLUDE\",IF(OR(O155>=7,P155=\"YES\"),\"INCLUDE\",\"HOLD\"))","v":"INCLUDE"},"Active-inference interpretation exceeds direct empirical evidence 2023/2024","S152","active inference approach to second person neuroscience"]
["L153","Spine","Predictive processing","Active inference as a theory of sentient behavior","Pezzulo, Parr, Friston","F","Major theoretical review","Pass2 curated spine","https://consensus.app/papers/details/d17124f0ff8f5d88ae54d5710a2b2a3b/?utm_source=chatgpt",3,3,3,0,1,{"$f":"SUM(J156:N156)","v":10},"NO","",{"$f":"IF(B156=\"Spine\",\"INCLUDE\",IF(OR(O156>=7,P156=\"YES\"),\"INCLUDE\",\"HOLD\"))","v":"INCLUDE"},"Unifying framework remains debated and incompletely tested 2024","S153","active inference as a theory of sentient behavior"]
["L154","Spine","Predictive processing","Prediction in action: toward an empirical science of active inference","Lageman, Fahrenfort, Slagter","A/F","Critical empirical review","Pass2 curated spine","https://consensus.app/papers/details/efa3f52ed5ab5de997f8fef7aaf78e1a/?utm_source=chatgpt",3,3,3,1,1,{"$f":"SUM(J157:N157)","v":11},"NO","",{"$f":"IF(B157=\"Spine\",\"INCLUDE\",IF(OR(O157>=7,P157=\"YES\"),\"INCLUDE\",\"HOLD\"))","v":"INCLUDE"},"Framework has limited uniquely discriminating empirical tests 2026 NBR","S154","prediction in action toward an empirical science of active inference"]
["L155","Spine","Predictive social cognition","Active Inference and Social Actors","Cheadle et al.","F","Neuro-bio-social conceptual synthesis","Pass2 curated spine","https://consensus.app/papers/details/7622644f088d52c9ad329890448c7200/?utm_source=chatgpt",3,1,3,1,1,{"$f":"SUM(J158:N158)","v":9},"NO","",{"$f":"IF(B158=\"Spine\",\"INCLUDE\",IF(OR(O158>=7,P158=\"YES\"),\"INCLUDE\",\"HOLD\"))","v":"INCLUDE"},"Sociological integration, not direct neural causal evidence 2024","S155","active inference and social actors"]
["L156","Spine","Predictive processing","Introduction to Predictive Processing Models of Perception and Decision-Making","Sprevak & Smith","A/F","Conceptual/formal review","Pass2 curated spine","https://consensus.app/papers/details/4fb359a73a4e5c498ca576794952a1c9/?utm_source=chatgpt",3,3,3,0,1,{"$f":"SUM(J159:N159)","v":10},"NO","",{"$f":"IF(B159=\"Spine\",\"INCLUDE\",IF(OR(O159>=7,P159=\"YES\"),\"INCLUDE\",\"HOLD\"))","v":"INCLUDE"},"Framework-level evidence varies by claim 2023","S156","introduction to predictive processing models of perception and decision making"]
["L157","Spine","Predictive/social narrative","Narrative as active inference","Bouizegarene et al.","F","Integrative conceptual review","Pass2 curated spine","https://consensus.app/papers/details/df6e19cebb655d4994d313dd8b6e271a/?utm_source=chatgpt",3,3,3,0,1,{"$f":"SUM(J160:N160)","v":10},"NO","",{"$f":"IF(B160=\"Spine\",\"INCLUDE\",IF(OR(O160>=7,P160=\"YES\"),\"INCLUDE\",\"HOLD\"))","v":"INCLUDE"},"Narrative-active-inference link is synthesis 2024","S157","narrative as active inference"]
["L158","Spine","Intrinsic timescales","Intrinsic neural timescales: temporal integration and segregation","Wolff et al.","A","Major review","Pass2 curated spine","https://consensus.app/papers/details/131016b3e92155d6a67343943dca1a92/?utm_source=chatgpt",3,3,1,0,1,{"$f":"SUM(J161:N161)","v":8},"NO","",{"$f":"IF(B161=\"Spine\",\"INCLUDE\",IF(OR(O161>=7,P161=\"YES\"),\"INCLUDE\",\"HOLD\"))","v":"INCLUDE"},"Social application requires additional bridge 2022 Trends Cogn Sci","S158","intrinsic neural timescales temporal integration and segregation"]
["L159","Spine","Intrinsic timescales","A hierarchy of intrinsic timescales across primate cortex","Murray et al.","A","Cross-area electrophysiology","Pass2 curated spine","https://consensus.app/papers/details/281740526e6b5b159f8f44ccb5c2cd13/?utm_source=chatgpt",3,1,1,1,1,{"$f":"SUM(J162:N162)","v":7},"NO","",{"$f":"IF(B162=\"Spine\",\"INCLUDE\",IF(OR(O162>=7,P162=\"YES\"),\"INCLUDE\",\"HOLD\"))","v":"INCLUDE"},"Primate data; not interpersonal 2014 Nature Neuroscience","S159","a hierarchy of intrinsic timescales across primate cortex"]
["L160","Spine","Intrinsic timescales","Hierarchical dynamics as a macroscopic organizing principle of the human brain","Raut, Snyder, Raichle","A","Human fMRI study","Pass2 curated spine","https://consensus.app/papers/details/b490ea9b8d24525a96cffc81f55f0c75/?utm_source=chatgpt",3,2,1,0,1,{"$f":"SUM(J163:N163)","v":7},"NO","",{"$f":"IF(B163=\"Spine\",\"INCLUDE\",IF(OR(O163>=7,P163=\"YES\"),\"INCLUDE\",\"HOLD\"))","v":"INCLUDE"},"Resting-state timescales are proxy measures 2020 PNAS","S160","hierarchical dynamics as a macroscopic organizing principle of the human brain"]
["L161","Spine","Intrinsic timescales","Temporal hierarchy converges with spatial core-periphery organization","Golesorkhi et al.","B","Human MEG study","Pass2 curated spine","https://consensus.app/papers/details/7f94deb01fd35cb2b1381125f2eed5f9/?utm_source=chatgpt",3,1,1,0,1,{"$f":"SUM(J164:N164)","v":6},"NO","",{"$f":"IF(B164=\"Spine\",\"INCLUDE\",IF(OR(O164>=7,P164=\"YES\"),\"INCLUDE\",\"HOLD\"))","v":"INCLUDE"},"Task/rest interpretation constrained by method 2021 Communications Biology","S161","temporal hierarchy converges with spatial core periphery organization"]
["L162","Spine","Intrinsic timescales","A Diversity of Intrinsic Timescales Underlie Neural Computations","Cavanagh, Hunt, Kennerley","A","Review","Pass2 curated spine","https://consensus.app/papers/details/ed95bbbbbb5c56d088701d97e229c360/?utm_source=chatgpt",3,3,1,0,1,{"$f":"SUM(J165:N165)","v":8},"NO","",{"$f":"IF(B165=\"Spine\",\"INCLUDE\",IF(OR(O165>=7,P165=\"YES\"),\"INCLUDE\",\"HOLD\"))","v":"INCLUDE"},"Mostly cognitive/motor evidence 2020 Front Neural Circuits","S162","a diversity of intrinsic timescales underlie neural computations"]
["L163","Spine","Intrinsic timescales","Neuronal timescales are functionally dynamic and shaped by cortical microarchitecture","Gao et al.","A","Human intracranial + transcriptomic study","Pass2 curated spine","https://consensus.app/papers/details/bb680e94b0ed50888e2b6e3008e145ff/?utm_source=chatgpt",3,1,1,1,1,{"$f":"SUM(J166:N166)","v":7},"NO","",{"$f":"IF(B166=\"Spine\",\"INCLUDE\",IF(OR(O166>=7,P166=\"YES\"),\"INCLUDE\",\"HOLD\"))","v":"INCLUDE"},"Not relational-specific 2020 eLife","S163","neuronal timescales are functionally dynamic and shaped by cortical microarchitecture"]
["L164","Spine","Intrinsic timescales","The brain and its time: intrinsic neural timescales are key for input processing","Golesorkhi et al.","A","Review","Pass2 curated spine","https://consensus.app/papers/details/6372ea7dd23d5d2d81ba026ba4801ac0/?utm_source=chatgpt",3,3,1,0,1,{"$f":"SUM(J167:N167)","v":8},"NO","",{"$f":"IF(B167=\"Spine\",\"INCLUDE\",IF(OR(O167>=7,P167=\"YES\"),\"INCLUDE\",\"HOLD\"))","v":"INCLUDE"},"Broad theoretical interpretation 2021 Communications Biology","S164","the brain and its time intrinsic neural timescales are key for input processing"]
["L165","Spine","Intrinsic timescales","Consistent Hierarchies of Single-Neuron Timescales in Mice, Macaques, and Humans","Zeisler et al.","B","Cross-species single-neuron study","Pass2 curated spine","https://consensus.app/papers/details/a35e78adafcc5705a2565e24c01160c7/?utm_source=chatgpt",3,1,1,0,1,{"$f":"SUM(J168:N168)","v":6},"NO","",{"$f":"IF(B168=\"Spine\",\"INCLUDE\",IF(OR(O168>=7,P168=\"YES\"),\"INCLUDE\",\"HOLD\"))","v":"INCLUDE"},"Region sampling constrained 2025 J Neurosci","S165","consistent hierarchies of single neuron timescales in mice macaques and humans"]
["L166","Spine","Intrinsic timescales","Intrinsic timescales as an organizational principle across the whole macaque brain","Manea et al.","B","Ultra-high-field fMRI + electrophysiology validation","Pass2 curated spine","https://consensus.app/papers/details/8bc3d541412157938070b07477d4c80e/?utm_source=chatgpt",3,2,1,1,1,{"$f":"SUM(J169:N169)","v":8},"NO","",{"$f":"IF(B169=\"Spine\",\"INCLUDE\",IF(OR(O169>=7,P169=\"YES\"),\"INCLUDE\",\"HOLD\"))","v":"INCLUDE"},"Macaque translational boundary 2021/2022 eLife","S166","intrinsic timescales as an organizational principle across the whole macaque brain"]
["L167","Supporting","Attachment/Development","Early skin-to-skin contact for mothers and their healthy newborn infants","Moore et al.","B/C","Title/abstract-screened research source","OpenAlex-A","https://www.cochranelibrary.com/cdsr/doi/10.1002/14651858.CD003519.pub4/pdf/full",3,1,2,0,2,{"$f":"SUM(J170:N170)","v":8},"NO","",{"$f":"IF(B170=\"Spine\",\"INCLUDE\",IF(OR(O170>=7,P170=\"YES\"),\"INCLUDE\",\"HOLD\"))","v":"INCLUDE"},"Supporting corpus; exact numerical claims require publication-level lock. Included after relevance screen; not automatically a central lecture citation.","SUP001","early skin to skin contact for mothers and their healthy newborn infants"]
["L168","Supporting","Attachment/Development","Naturalistic Developmental Behavioral Interventions: Empirically Validated Treatments for Autism Spectrum Disorder","Schreibman et al.","B/C","Title/abstract-screened research source","OpenAlex-A","https://link.springer.com/content/pdf/10.1007/s10803-015-2407-8.pdf",3,1,2,0,2,{"$f":"SUM(J171:N171)","v":8},"NO","",{"$f":"IF(B171=\"Spine\",\"INCLUDE\",IF(OR(O171>=7,P171=\"YES\"),\"INCLUDE\",\"HOLD\"))","v":"INCLUDE"},"Supporting corpus; exact numerical claims require publication-level lock. Included after relevance screen; not automatically a central lecture citation.","SUP002","naturalistic developmental behavioral interventions empirically validated treatments for autism spectrum disorder"]
["L169","Supporting","Attachment/Development","Social touch and human development","Cascio, Moore, McGlone","B/C","Title/abstract-screened research source","OpenAlex-A","https://www.sciencedirect.com/science/article/pii/S1878929317301962?via%3Dihub",3,1,2,0,2,{"$f":"SUM(J172:N172)","v":8},"NO","",{"$f":"IF(B172=\"Spine\",\"INCLUDE\",IF(OR(O172>=7,P172=\"YES\"),\"INCLUDE\",\"HOLD\"))","v":"INCLUDE"},"Supporting corpus; exact numerical claims require publication-level lock. Included after relevance screen; not automatically a central lecture citation.","SUP003","social touch and human development"]
["L170","Supporting","Attachment/Development","Prefrontal Cortex and Social Cognition in Mouse and Man","Bicks et al.","B/C","Title/abstract-screened research source","OpenAlex-A","https://www.frontiersin.org/articles/10.3389/fpsyg.2015.01805/pdf",3,1,2,0,2,{"$f":"SUM(J173:N173)","v":8},"NO","",{"$f":"IF(B173=\"Spine\",\"INCLUDE\",IF(OR(O173>=7,P173=\"YES\"),\"INCLUDE\",\"HOLD\"))","v":"INCLUDE"},"Supporting corpus; exact numerical claims require publication-level lock. Included after relevance screen; not automatically a central lecture citation.","SUP004","prefrontal cortex and social cognition in mouse and man"]
["L171","Supporting","Attachment/Development","The parental reflective functioning questionnaire: Development and preliminary validation","Luyten et al.","B/C","Title/abstract-screened research source","OpenAlex-A","https://journals.plos.org/plosone/article/file?id=10.1371/journal.pone.0176218&type=printable",3,1,2,0,2,{"$f":"SUM(J174:N174)","v":8},"NO","",{"$f":"IF(B174=\"Spine\",\"INCLUDE\",IF(OR(O174>=7,P174=\"YES\"),\"INCLUDE\",\"HOLD\"))","v":"INCLUDE"},"Supporting corpus; exact numerical claims require publication-level lock. Included after relevance screen; not automatically a central lecture citation.","SUP005","the parental reflective functioning questionnaire development and preliminary validation"]
["L172","Supporting","Attachment/Development","A Meta-Analysis of Maternal Prenatal Depression and Anxiety on Child Socioemotional Development","Madigan et al.","B/C","Title/abstract-screened research source","OpenAlex-A","https://discovery.ucl.ac.uk/10053625/1/JAACAP_prenatal%20stress.pdf",3,3,2,2,2,{"$f":"SUM(J175:N175)","v":12},"NO","",{"$f":"IF(B175=\"Spine\",\"INCLUDE\",IF(OR(O175>=7,P175=\"YES\"),\"INCLUDE\",\"HOLD\"))","v":"INCLUDE"},"Supporting corpus; exact numerical claims require publication-level lock. Included after relevance screen; not automatically a central lecture citation.","SUP006","a meta analysis of maternal prenatal depression and anxiety on child socioemotional development"]
["L173","Supporting","Attachment/Development","Connecting minds and sharing emotions through mimicry: A neurocognitive model of emotional contagion","Prochazkova & Kret","B/C","Title/abstract-screened research source","OpenAlex-A","https://www.sciencedirect.com/science/article/pii/S0149763416306704/pdf",3,1,2,0,2,{"$f":"SUM(J176:N176)","v":8},"NO","",{"$f":"IF(B176=\"Spine\",\"INCLUDE\",IF(OR(O176>=7,P176=\"YES\"),\"INCLUDE\",\"HOLD\"))","v":"INCLUDE"},"Supporting corpus; exact numerical claims require publication-level lock. Included after relevance screen; not automatically a central lecture citation.","SUP007","connecting minds and sharing emotions through mimicry a neurocognitive model of emotional contagion"]
["L174","Supporting","Attachment/Development","Mind matters: A meta-analysis on parental mentalization and sensitivity as predictors of infant–parent attachment.","Zeegers et al.","B/C","Title/abstract-screened research source","OpenAlex-A","https://pure.uva.nl/ws/files/22753709/Mind_Matters_Zeegers_et_al_2017.pdf",3,3,2,2,2,{"$f":"SUM(J177:N177)","v":12},"NO","",{"$f":"IF(B177=\"Spine\",\"INCLUDE\",IF(OR(O177>=7,P177=\"YES\"),\"INCLUDE\",\"HOLD\"))","v":"INCLUDE"},"Supporting corpus; exact numerical claims require publication-level lock. Included after relevance screen; not automatically a central lecture citation.","SUP008","mind matters a meta analysis on parental mentalization and sensitivity as predictors of infant parent attachment"]
["L175","Supporting","Attachment/Development","Developmental Trajectories of Early Life Stress and Trauma: A Narrative Review on Neurobiological Aspects Beyond Stress System Dysregulation","Agorastos et al.","B/C","Title/abstract-screened research source","OpenAlex-A","https://www.frontiersin.org/articles/10.3389/fpsyt.2019.00118/pdf",3,3,2,2,2,{"$f":"SUM(J178:N178)","v":12},"NO","",{"$f":"IF(B178=\"Spine\",\"INCLUDE\",IF(OR(O178>=7,P178=\"YES\"),\"INCLUDE\",\"HOLD\"))","v":"INCLUDE"},"Supporting corpus; exact numerical claims require publication-level lock. Included after relevance screen; not automatically a central lecture citation.","SUP009","developmental trajectories of early life stress and trauma a narrative review on neurobiological aspects beyond stress system dysregulation"]
["L176","Supporting","Attachment/Development","Preventing Childhood Toxic Stress: Partnering With Families and Communities to Promote Relational Health","Garner et al.","B/C","Title/abstract-screened research source","OpenAlex-A","https://publications.aap.org/pediatrics/article-pdf/148/2/e2021052582/1440326/peds_2021052582.pdf",3,1,2,0,2,{"$f":"SUM(J179:N179)","v":8},"NO","",{"$f":"IF(B179=\"Spine\",\"INCLUDE\",IF(OR(O179>=7,P179=\"YES\"),\"INCLUDE\",\"HOLD\"))","v":"INCLUDE"},"Supporting corpus; exact numerical claims require publication-level lock. Included after relevance screen; not automatically a central lecture citation.","SUP010","preventing childhood toxic stress partnering with families and communities to promote relational health"]
["L177","Supporting","Attachment/Development","Adolescence as a pivotal period for emotion regulation development","Silvers","B/C","Title/abstract-screened research source","OpenAlex-A","https://www.sciencedirect.com/science/article/pii/S2352250X21001949/pdf",3,1,2,0,2,{"$f":"SUM(J180:N180)","v":8},"NO","",{"$f":"IF(B180=\"Spine\",\"INCLUDE\",IF(OR(O180>=7,P180=\"YES\"),\"INCLUDE\",\"HOLD\"))","v":"INCLUDE"},"Supporting corpus; exact numerical claims require publication-level lock. Included after relevance screen; not automatically a central lecture citation.","SUP011","adolescence as a pivotal period for emotion regulation development"]
["L178","Supporting","Attachment/Development","Affective and physiological responses to the suffering of others: Compassion and vagal activity.","Stellar et al.","B/C","Title/abstract-screened research source","OpenAlex-A","https://escholarship.org/content/qt0np2q139/qt0np2q139.pdf",3,1,2,0,2,{"$f":"SUM(J181:N181)","v":8},"NO","",{"$f":"IF(B181=\"Spine\",\"INCLUDE\",IF(OR(O181>=7,P181=\"YES\"),\"INCLUDE\",\"HOLD\"))","v":"INCLUDE"},"Supporting corpus; exact numerical claims require publication-level lock. Included after relevance screen; not automatically a central lecture citation.","SUP012","affective and physiological responses to the suffering of others compassion and vagal activity"]
["L179","Supporting","Attachment/Development","The Neuro-Environmental Loop of Plasticity: A Cross-Species Analysis of Parental Effects on Emotion Circuitry Development Following Typical and Adverse Caregiving","Callaghan & Tottenham","B/C","Title/abstract-screened research source","OpenAlex-A","https://www.nature.com/articles/npp2015204.pdf",3,1,2,0,2,{"$f":"SUM(J182:N182)","v":8},"NO","",{"$f":"IF(B182=\"Spine\",\"INCLUDE\",IF(OR(O182>=7,P182=\"YES\"),\"INCLUDE\",\"HOLD\"))","v":"INCLUDE"},"Supporting corpus; exact numerical claims require publication-level lock. Included after relevance screen; not automatically a central lecture citation.","SUP013","the neuro environmental loop of plasticity a cross species analysis of parental effects on emotion circuitry development following typical and adverse caregiving"]
["L180","Supporting","Attachment/Development","Universality claim of attachment theory: Children’s socioemotional development across cultures","Keller","B/C","Title/abstract-screened research source","OpenAlex-A","https://www.pnas.org/content/pnas/115/45/11414.full.pdf",3,1,2,0,2,{"$f":"SUM(J183:N183)","v":8},"NO","",{"$f":"IF(B183=\"Spine\",\"INCLUDE\",IF(OR(O183>=7,P183=\"YES\"),\"INCLUDE\",\"HOLD\"))","v":"INCLUDE"},"Supporting corpus; exact numerical claims require publication-level lock. Included after relevance screen; not automatically a central lecture citation.","SUP014","universality claim of attachment theory children s socioemotional development across cultures"]
["L181","Supporting","Attachment/Development","The effects of interaction quality on neural synchrony during mother-child problem solving","Nguyen et al.","B/C","Title/abstract-screened research source","OpenAlex-A","https://www.sciencedirect.com/science/article/pii/S001094521930406X/pdf",3,2,2,0,2,{"$f":"SUM(J184:N184)","v":9},"NO","",{"$f":"IF(B184=\"Spine\",\"INCLUDE\",IF(OR(O184>=7,P184=\"YES\"),\"INCLUDE\",\"HOLD\"))","v":"INCLUDE"},"Supporting corpus; exact numerical claims require publication-level lock. Included after relevance screen; not automatically a central lecture citation.","SUP015","the effects of interaction quality on neural synchrony during mother child problem solving"]
["L182","Supporting","Attachment/Development","Conceptualizing Emotion Regulation and Coregulation as Family-Level Phenomena","Paley & Hajal","B/C","Title/abstract-screened research source","OpenAlex-A","https://link.springer.com/content/pdf/10.1007/s10567-022-00378-4.pdf",3,1,2,0,2,{"$f":"SUM(J185:N185)","v":8},"NO","",{"$f":"IF(B185=\"Spine\",\"INCLUDE\",IF(OR(O185>=7,P185=\"YES\"),\"INCLUDE\",\"HOLD\"))","v":"INCLUDE"},"Supporting corpus; exact numerical claims require publication-level lock. Included after relevance screen; not automatically a central lecture citation.","SUP016","conceptualizing emotion regulation and coregulation as family level phenomena"]
["L183","Supporting","Attachment/Development","A Systematic Review of Associations Between Interoception, Vagal Tone, and Emotional Regulation","Pinna & Edwards","B/C","Title/abstract-screened research source","OpenAlex-A","https://www.frontiersin.org/articles/10.3389/fpsyg.2020.01792/pdf",3,3,2,2,2,{"$f":"SUM(J186:N186)","v":12},"NO","",{"$f":"IF(B186=\"Spine\",\"INCLUDE\",IF(OR(O186>=7,P186=\"YES\"),\"INCLUDE\",\"HOLD\"))","v":"INCLUDE"},"Supporting corpus; exact numerical claims require publication-level lock. Included after relevance screen; not automatically a central lecture citation.","SUP017","a systematic review of associations between interoception vagal tone and emotional regulation"]
["L184","Supporting","Attachment/Development","Oxytocin and early parent-infant interactions: A systematic review","Scatliffe et al.","B/C","Title/abstract-screened research source","OpenAlex-A","https://www.sciencedirect.com/science/article/pii/S2352013219303229/pdf",3,3,2,2,2,{"$f":"SUM(J187:N187)","v":12},"NO","",{"$f":"IF(B187=\"Spine\",\"INCLUDE\",IF(OR(O187>=7,P187=\"YES\"),\"INCLUDE\",\"HOLD\"))","v":"INCLUDE"},"Supporting corpus; exact numerical claims require publication-level lock. Included after relevance screen; not automatically a central lecture citation.","SUP018","oxytocin and early parent infant interactions a systematic review"]
["L185","Supporting","Attachment/Development","A systematic review of positive childhood experiences and adult outcomes","Han et al.","B/C","Title/abstract-screened research source","OpenAlex-A","https://pmc.ncbi.nlm.nih.gov/articles/PMC10528145/pdf/nihms-1918500.pdf",3,3,2,2,2,{"$f":"SUM(J188:N188)","v":12},"NO","",{"$f":"IF(B188=\"Spine\",\"INCLUDE\",IF(OR(O188>=7,P188=\"YES\"),\"INCLUDE\",\"HOLD\"))","v":"INCLUDE"},"Supporting corpus; exact numerical claims require publication-level lock. Included after relevance screen; not automatically a central lecture citation.","SUP019","a systematic review of positive childhood experiences and adult outcomes"]
["L186","Supporting","Attachment/Development","Neurobiology of culturally common maternal responses to infant cry","Bornstein et al.","B/C","Title/abstract-screened research source","OpenAlex-A","https://www.pnas.org/content/pnas/114/45/E9465.full.pdf",3,1,2,0,2,{"$f":"SUM(J189:N189)","v":8},"NO","",{"$f":"IF(B189=\"Spine\",\"INCLUDE\",IF(OR(O189>=7,P189=\"YES\"),\"INCLUDE\",\"HOLD\"))","v":"INCLUDE"},"Supporting corpus; exact numerical claims require publication-level lock. Included after relevance screen; not automatically a central lecture citation.","SUP020","neurobiology of culturally common maternal responses to infant cry"]
["L187","Supporting","Attachment/Development","The Effect of Maternal Depression on Infant Attachment: A Systematic Review","Śliwerski et al.","B/C","Title/abstract-screened research source","OpenAlex-A","https://www.mdpi.com/1660-4601/17/8/2675/pdf?version=1586855607",3,3,2,2,2,{"$f":"SUM(J190:N190)","v":12},"NO","",{"$f":"IF(B190=\"Spine\",\"INCLUDE\",IF(OR(O190>=7,P190=\"YES\"),\"INCLUDE\",\"HOLD\"))","v":"INCLUDE"},"Supporting corpus; exact numerical claims require publication-level lock. Included after relevance screen; not automatically a central lecture citation.","SUP021","the effect of maternal depression on infant attachment a systematic review"]
["L188","Supporting","Attachment/Development","Parental sensitivity and child behavioral problems: A meta-analytic review","Cooke et al.","B/C","Title/abstract-screened research source","OpenAlex-A","https://discovery.ucl.ac.uk/10165114/1/Fearon_Parental%20sensitivity%20and%20child%20behavioral%20problems_AAM.pdf",3,3,2,2,2,{"$f":"SUM(J191:N191)","v":12},"NO","",{"$f":"IF(B191=\"Spine\",\"INCLUDE\",IF(OR(O191>=7,P191=\"YES\"),\"INCLUDE\",\"HOLD\"))","v":"INCLUDE"},"Supporting corpus; exact numerical claims require publication-level lock. Included after relevance screen; not automatically a central lecture citation.","SUP022","parental sensitivity and child behavioral problems a meta analytic review"]
["L189","Supporting","Attachment/Development","How Early Experience Shapes Human Development: The Case of Psychosocial Deprivation","Nelson, Zeanah, Fox","B/C","Title/abstract-screened research source","OpenAlex-A","https://downloads.hindawi.com/journals/np/2019/1676285.pdf",3,1,2,0,2,{"$f":"SUM(J192:N192)","v":8},"NO","",{"$f":"IF(B192=\"Spine\",\"INCLUDE\",IF(OR(O192>=7,P192=\"YES\"),\"INCLUDE\",\"HOLD\"))","v":"INCLUDE"},"Supporting corpus; exact numerical claims require publication-level lock. Included after relevance screen; not automatically a central lecture citation.","SUP023","how early experience shapes human development the case of psychosocial deprivation"]
["L190","Supporting","Attachment/Development","Mutual influences between child emotion regulation and parent–child reciprocity support development across the first 10 years of life","Feldman","B/C","Title/abstract-screened research source","OpenAlex-A","https://www.cambridge.org/core/services/aop-cambridge-core/content/view/B4F9C168C862D6CDAEABFFB497705580/S0954579415000656a.pdf",3,1,2,0,2,{"$f":"SUM(J193:N193)","v":8},"NO","",{"$f":"IF(B193=\"Spine\",\"INCLUDE\",IF(OR(O193>=7,P193=\"YES\"),\"INCLUDE\",\"HOLD\"))","v":"INCLUDE"},"Supporting corpus; exact numerical claims require publication-level lock. Included after relevance screen; not automatically a central lecture citation.","SUP024","mutual influences between child emotion regulation and parent child reciprocity support development across the first 10 years of life"]
["L191","Supporting","Attachment/Development","Parenting and Self-Control Across Early to Late Adolescence: A Three-Level Meta-Analysis","Li et al.","B/C","Title/abstract-screened research source","OpenAlex-A","https://kops.uni-konstanz.de/server/api/core/bitstreams/70c7f9ca-1fa9-4812-af8f-d7195b814b3f/content",3,3,2,2,2,{"$f":"SUM(J194:N194)","v":12},"NO","",{"$f":"IF(B194=\"Spine\",\"INCLUDE\",IF(OR(O194>=7,P194=\"YES\"),\"INCLUDE\",\"HOLD\"))","v":"INCLUDE"},"Supporting corpus; exact numerical claims require publication-level lock. Included after relevance screen; not automatically a central lecture citation.","SUP025","parenting and self control across early to late adolescence a three level meta analysis"]
["L192","Supporting","Attachment/Development","Malleability, plasticity, and individuality: How children learn and develop in context","Cantor et al.","B/C","Title/abstract-screened research source","OpenAlex-A","https://www.tandfonline.com/doi/pdf/10.1080/10888691.2017.1398649?needAccess=true",3,1,2,0,2,{"$f":"SUM(J195:N195)","v":8},"NO","",{"$f":"IF(B195=\"Spine\",\"INCLUDE\",IF(OR(O195>=7,P195=\"YES\"),\"INCLUDE\",\"HOLD\"))","v":"INCLUDE"},"Supporting corpus; exact numerical claims require publication-level lock. Included after relevance screen; not automatically a central lecture citation.","SUP026","malleability plasticity and individuality how children learn and develop in context"]
["L193","Supporting","Attachment/Development","Brain plasticity in pregnancy and the postpartum period: links to maternal caregiving and mental health","Barba-Müller et al.","B/C","Title/abstract-screened research source","OpenAlex-D","https://link.springer.com/content/pdf/10.1007/s00737-018-0889-z.pdf",3,2,2,0,2,{"$f":"SUM(J196:N196)","v":9},"NO","",{"$f":"IF(B196=\"Spine\",\"INCLUDE\",IF(OR(O196>=7,P196=\"YES\"),\"INCLUDE\",\"HOLD\"))","v":"INCLUDE"},"Supporting corpus; exact numerical claims require publication-level lock. Included after relevance screen; not automatically a central lecture citation.","SUP027","brain plasticity in pregnancy and the postpartum period links to maternal caregiving and mental health"]
["L194","Supporting","Attachment/Development","Early life stress and brain function: Activity and connectivity associated with processing emotion and reward","Herzberg & Gunnar","B/C","Title/abstract-screened research source","OpenAlex-D","https://www.sciencedirect.com/science/article/pii/S1053811919310845/pdf",3,2,2,0,2,{"$f":"SUM(J197:N197)","v":9},"NO","",{"$f":"IF(B197=\"Spine\",\"INCLUDE\",IF(OR(O197>=7,P197=\"YES\"),\"INCLUDE\",\"HOLD\"))","v":"INCLUDE"},"Supporting corpus; exact numerical claims require publication-level lock. Included after relevance screen; not automatically a central lecture citation.","SUP028","early life stress and brain function activity and connectivity associated with processing emotion and reward"]
["L195","Supporting","Attachment/Development","Annual Research Review: Childhood maltreatment, latent vulnerability and the shift to preventative psychiatry","McCrory, Gerin, Viding","B/C","Title/abstract-screened research source","OpenAlex-D","https://onlinelibrary.wiley.com/doi/pdfdirect/10.1111/jcpp.12713",3,3,2,2,2,{"$f":"SUM(J198:N198)","v":12},"NO","",{"$f":"IF(B198=\"Spine\",\"INCLUDE\",IF(OR(O198>=7,P198=\"YES\"),\"INCLUDE\",\"HOLD\"))","v":"INCLUDE"},"Supporting corpus; exact numerical claims require publication-level lock. Included after relevance screen; not automatically a central lecture citation.","SUP029","annual research review childhood maltreatment latent vulnerability and the shift to preventative psychiatry"]
["L196","Supporting","Attachment/Development","The theory of latent vulnerability: Reconceptualizing the link between childhood maltreatment and psychiatric disorder","McCrory & Viding","B/C","Title/abstract-screened research source","OpenAlex-D","https://www.cambridge.org/core/services/aop-cambridge-core/content/view/552648FD22ACD298D00125693C2CB743/S0954579415000115a.pdf",3,1,2,0,2,{"$f":"SUM(J199:N199)","v":8},"NO","",{"$f":"IF(B199=\"Spine\",\"INCLUDE\",IF(OR(O199>=7,P199=\"YES\"),\"INCLUDE\",\"HOLD\"))","v":"INCLUDE"},"Supporting corpus; exact numerical claims require publication-level lock. Included after relevance screen; not automatically a central lecture citation.","SUP030","the theory of latent vulnerability reconceptualizing the link between childhood maltreatment and psychiatric disorder"]
["L197","Supporting","Attachment/Development","Hidden Wounds? Inflammatory Links Between Childhood Trauma and Psychopathology","Danese & Baldwin","B/C","Title/abstract-screened research source","OpenAlex-D","https://www.annualreviews.org/doi/pdf/10.1146/annurev-psych-010416-044208",3,1,2,0,2,{"$f":"SUM(J200:N200)","v":8},"NO","",{"$f":"IF(B200=\"Spine\",\"INCLUDE\",IF(OR(O200>=7,P200=\"YES\"),\"INCLUDE\",\"HOLD\"))","v":"INCLUDE"},"Supporting corpus; exact numerical claims require publication-level lock. Included after relevance screen; not automatically a central lecture citation.","SUP031","hidden wounds inflammatory links between childhood trauma and psychopathology"]
["L198","Supporting","Attachment/Development","Adverse Childhood Experiences and the Consequences on Neurobiological, Psychosocial, and Somatic Conditions Across the Lifespan","Herzog & Schmahl","B/C","Title/abstract-screened research source","OpenAlex-D","https://www.frontiersin.org/articles/10.3389/fpsyt.2018.00420/pdf",3,1,2,0,2,{"$f":"SUM(J201:N201)","v":8},"NO","",{"$f":"IF(B201=\"Spine\",\"INCLUDE\",IF(OR(O201>=7,P201=\"YES\"),\"INCLUDE\",\"HOLD\"))","v":"INCLUDE"},"Supporting corpus; exact numerical claims require publication-level lock. Included after relevance screen; not automatically a central lecture citation.","SUP032","adverse childhood experiences and the consequences on neurobiological psychosocial and somatic conditions across the lifespan"]
["L199","Supporting","Attachment/Emotion regulation","Brain Oscillations during Emotion Regulation and the Two-dimensional Model of Adult Attachment.","Domic Siede et al.","B/C","Title/abstract-screened research source","Consensus","https://consensus.app/papers/details/e2232c221d18562582f8f24591456ea2/?utm_source=chatgpt",3,2,2,0,2,{"$f":"SUM(J202:N202)","v":9},"NO","",{"$f":"IF(B202=\"Spine\",\"INCLUDE\",IF(OR(O202>=7,P202=\"YES\"),\"INCLUDE\",\"HOLD\"))","v":"INCLUDE"},"Supporting corpus; exact numerical claims require publication-level lock. Included after relevance screen; not automatically a central lecture citation.","SUP033","brain oscillations during emotion regulation and the two dimensional model of adult attachment"]
["L200","Supporting","Attachment/Emotion regulation","Attachment orientations and emotion regulation.","Mikulincer & Shaver","B/C","Title/abstract-screened research source","Consensus","https://consensus.app/papers/details/1978855872e5522490c785b94368108b/?utm_source=chatgpt",3,1,2,0,2,{"$f":"SUM(J203:N203)","v":8},"NO","",{"$f":"IF(B203=\"Spine\",\"INCLUDE\",IF(OR(O203>=7,P203=\"YES\"),\"INCLUDE\",\"HOLD\"))","v":"INCLUDE"},"Supporting corpus; exact numerical claims require publication-level lock. Included after relevance screen; not automatically a central lecture citation.","SUP034","attachment orientations and emotion regulation"]
["L201","Supporting","Attachment/Emotion regulation","Adult attachment styles and emotional regulation: The role of interoceptive awareness and alexithymia","Ferraro & Taylor","B/C","Title/abstract-screened research source","Consensus","https://consensus.app/papers/details/d3ac7651f95055e3a19bfb5a2b6f51cc/?utm_source=chatgpt",3,1,2,0,2,{"$f":"SUM(J204:N204)","v":8},"NO","",{"$f":"IF(B204=\"Spine\",\"INCLUDE\",IF(OR(O204>=7,P204=\"YES\"),\"INCLUDE\",\"HOLD\"))","v":"INCLUDE"},"Supporting corpus; exact numerical claims require publication-level lock. Included after relevance screen; not automatically a central lecture citation.","SUP035","adult attachment styles and emotional regulation the role of interoceptive awareness and alexithymia"]
["L202","Supporting","Attachment/Emotion regulation","Human Attachment and the Electrophysiological Dynamics of Emotion Regulation: An Event‐Related Potential Study","Domic-Siede et al.","B/C","Title/abstract-screened research source","Consensus","https://consensus.app/papers/details/b77f1393712a56ea80b2cbd6e732a660/?utm_source=chatgpt",3,1,2,0,2,{"$f":"SUM(J205:N205)","v":8},"NO","",{"$f":"IF(B205=\"Spine\",\"INCLUDE\",IF(OR(O205>=7,P205=\"YES\"),\"INCLUDE\",\"HOLD\"))","v":"INCLUDE"},"Supporting corpus; exact numerical claims require publication-level lock. Included after relevance screen; not automatically a central lecture citation.","SUP036","human attachment and the electrophysiological dynamics of emotion regulation an event related potential study"]
["L203","Supporting","Attachment/Emotion regulation","Emotion regulation strategies and the two-dimensional model of adult attachment: a pilot study","Domic-Siede et al.","B/C","Title/abstract-screened research source","Consensus","https://consensus.app/papers/details/43ab2d11fb565ac9a054eed17507bd97/?utm_source=chatgpt",3,1,2,0,2,{"$f":"SUM(J206:N206)","v":8},"NO","",{"$f":"IF(B206=\"Spine\",\"INCLUDE\",IF(OR(O206>=7,P206=\"YES\"),\"INCLUDE\",\"HOLD\"))","v":"INCLUDE"},"Supporting corpus; exact numerical claims require publication-level lock. Included after relevance screen; not automatically a central lecture citation.","SUP037","emotion regulation strategies and the two dimensional model of adult attachment a pilot study"]
["L204","Supporting","Attachment/Emotion regulation","Attachment orientations and emotion regulation: new insights from interpersonal emotion regulation strategies","Messina, Calvo, Grecucci","B/C","Title/abstract-screened research source","Consensus","https://consensus.app/papers/details/b21ae6d4b7375c0194fea25cd74e6dba/?utm_source=chatgpt",3,1,2,0,2,{"$f":"SUM(J207:N207)","v":8},"NO","",{"$f":"IF(B207=\"Spine\",\"INCLUDE\",IF(OR(O207>=7,P207=\"YES\"),\"INCLUDE\",\"HOLD\"))","v":"INCLUDE"},"Supporting corpus; exact numerical claims require publication-level lock. Included after relevance screen; not automatically a central lecture citation.","SUP038","attachment orientations and emotion regulation new insights from interpersonal emotion regulation strategies"]
["L205","Supporting","Attachment/Emotion regulation","Phase-synchronized brain connectivity during emotion regulation: attachment as a moderator","Domic-Siede et al.","B/C","Title/abstract-screened research source","Consensus","https://consensus.app/papers/details/e77838c794d759f7a91051c10bb1b7dc/?utm_source=chatgpt",3,2,2,0,2,{"$f":"SUM(J208:N208)","v":9},"NO","",{"$f":"IF(B208=\"Spine\",\"INCLUDE\",IF(OR(O208>=7,P208=\"YES\"),\"INCLUDE\",\"HOLD\"))","v":"INCLUDE"},"Supporting corpus; exact numerical claims require publication-level lock. Included after relevance screen; not automatically a central lecture citation.","SUP039","phase synchronized brain connectivity during emotion regulation attachment as a moderator"]
["L206","Supporting","Attachment/Emotion regulation","Emotion regulation unveiled through the categorical lens of attachment","Domic-Siede et al.","B/C","Title/abstract-screened research source","Consensus","https://consensus.app/papers/details/a384485c76b4568d9a71819d3c03b8cb/?utm_source=chatgpt",3,1,2,0,2,{"$f":"SUM(J209:N209)","v":8},"NO","",{"$f":"IF(B209=\"Spine\",\"INCLUDE\",IF(OR(O209>=7,P209=\"YES\"),\"INCLUDE\",\"HOLD\"))","v":"INCLUDE"},"Supporting corpus; exact numerical claims require publication-level lock. Included after relevance screen; not automatically a central lecture citation.","SUP040","emotion regulation unveiled through the categorical lens of attachment"]
["L207","Supporting","Attachment/Emotion regulation","Adult attachment and interpersonal emotion regulation motives in daily life.","Springstein et al.","B/C","Title/abstract-screened research source","Consensus","https://consensus.app/papers/details/8240593928c25e17b50d086a450de570/?utm_source=chatgpt",3,1,2,0,2,{"$f":"SUM(J210:N210)","v":8},"NO","",{"$f":"IF(B210=\"Spine\",\"INCLUDE\",IF(OR(O210>=7,P210=\"YES\"),\"INCLUDE\",\"HOLD\"))","v":"INCLUDE"},"Supporting corpus; exact numerical claims require publication-level lock. Included after relevance screen; not automatically a central lecture citation.","SUP041","adult attachment and interpersonal emotion regulation motives in daily life"]
["L208","Supporting","Social buffering/Threat","The effects of social deprivation on adolescent development and mental health","Orben, Tomova, Blakemore","B/C","Title/abstract-screened research source","OpenAlex-D","http://www.thelancet.com/article/S2352464220301863/pdf",3,1,3,0,2,{"$f":"SUM(J211:N211)","v":9},"NO","",{"$f":"IF(B211=\"Spine\",\"INCLUDE\",IF(OR(O211>=7,P211=\"YES\"),\"INCLUDE\",\"HOLD\"))","v":"INCLUDE"},"Supporting corpus; exact numerical claims require publication-level lock. Included after relevance screen; not automatically a central lecture citation.","SUP042","the effects of social deprivation on adolescent development and mental health"]
["L209","Supporting","Social buffering/Threat","Into the unknown: A review and synthesis of contemporary models involving uncertainty","Carleton","B/C","Title/abstract-screened research source","OpenAlex-D","https://www.sciencedirect.com/science/article/pii/S0887618516300251/pdf",3,3,3,2,2,{"$f":"SUM(J212:N212)","v":13},"NO","",{"$f":"IF(B212=\"Spine\",\"INCLUDE\",IF(OR(O212>=7,P212=\"YES\"),\"INCLUDE\",\"HOLD\"))","v":"INCLUDE"},"Supporting corpus; exact numerical claims require publication-level lock. Included after relevance screen; not automatically a central lecture citation.","SUP043","into the unknown a review and synthesis of contemporary models involving uncertainty"]
["L210","Supporting","Social buffering/Threat","Fear of the unknown: One fear to rule them all?","Carleton","B/C","Title/abstract-screened research source","OpenAlex-D","https://www.sciencedirect.com/science/article/pii/S0887618516300469/pdf",3,1,3,0,2,{"$f":"SUM(J213:N213)","v":9},"NO","",{"$f":"IF(B213=\"Spine\",\"INCLUDE\",IF(OR(O213>=7,P213=\"YES\"),\"INCLUDE\",\"HOLD\"))","v":"INCLUDE"},"Supporting corpus; exact numerical claims require publication-level lock. Included after relevance screen; not automatically a central lecture citation.","SUP044","fear of the unknown one fear to rule them all"]
["L211","Supporting","Social buffering/Threat","Stress and Fear Extinction","Maren & Holmes","B/C","Title/abstract-screened research source","OpenAlex-D","https://www.nature.com/articles/npp2015180.pdf",3,1,3,0,2,{"$f":"SUM(J214:N214)","v":9},"NO","",{"$f":"IF(B214=\"Spine\",\"INCLUDE\",IF(OR(O214>=7,P214=\"YES\"),\"INCLUDE\",\"HOLD\"))","v":"INCLUDE"},"Supporting corpus; exact numerical claims require publication-level lock. Included after relevance screen; not automatically a central lecture citation.","SUP045","stress and fear extinction"]
["L212","Supporting","Social buffering/Threat","The prefrontal cortex, pathological anxiety, and anxiety disorders","Kenwood, Kalin, Barbas","B/C","Title/abstract-screened research source","OpenAlex-D","https://www.nature.com/articles/s41386-021-01109-z.pdf",3,1,3,0,2,{"$f":"SUM(J215:N215)","v":9},"NO","",{"$f":"IF(B215=\"Spine\",\"INCLUDE\",IF(OR(O215>=7,P215=\"YES\"),\"INCLUDE\",\"HOLD\"))","v":"INCLUDE"},"Supporting corpus; exact numerical claims require publication-level lock. Included after relevance screen; not automatically a central lecture citation.","SUP046","the prefrontal cortex pathological anxiety and anxiety disorders"]
["L213","Supporting","Social buffering/Threat","Generalized Unsafety Theory of Stress: Unsafe Environments and Conditions, and the Default Stress Response","Brosschot, Verkuil, Thayer","B/C","Title/abstract-screened research source","OpenAlex-D","https://www.mdpi.com/1660-4601/15/3/464/pdf?version=1520418213",3,1,3,0,2,{"$f":"SUM(J216:N216)","v":9},"NO","",{"$f":"IF(B216=\"Spine\",\"INCLUDE\",IF(OR(O216>=7,P216=\"YES\"),\"INCLUDE\",\"HOLD\"))","v":"INCLUDE"},"Supporting corpus; exact numerical claims require publication-level lock. Included after relevance screen; not automatically a central lecture citation.","SUP047","generalized unsafety theory of stress unsafe environments and conditions and the default stress response"]
["L214","Supporting","Social buffering/Threat","In Sickness and in Health: The Co-Regulation of Inflammation and Social Behavior","Eisenberger et al.","B/C","Title/abstract-screened research source","OpenAlex-D","https://www.nature.com/articles/npp2016141.pdf",3,1,3,0,2,{"$f":"SUM(J217:N217)","v":9},"NO","",{"$f":"IF(B217=\"Spine\",\"INCLUDE\",IF(OR(O217>=7,P217=\"YES\"),\"INCLUDE\",\"HOLD\"))","v":"INCLUDE"},"Supporting corpus; exact numerical claims require publication-level lock. Included after relevance screen; not automatically a central lecture citation.","SUP048","in sickness and in health the co regulation of inflammation and social behavior"]
["L215","Supporting","Social buffering/Threat","A paradigm shift: relationships in trauma-informed mental health services","Sweeney et al.","B/C","Title/abstract-screened research source","OpenAlex-D","https://www.cambridge.org/core/services/aop-cambridge-core/content/view/B364B885715D321AF76C932F6B9D7BD0/S2056467818000294a.pdf",3,1,3,0,2,{"$f":"SUM(J218:N218)","v":9},"NO","",{"$f":"IF(B218=\"Spine\",\"INCLUDE\",IF(OR(O218>=7,P218=\"YES\"),\"INCLUDE\",\"HOLD\"))","v":"INCLUDE"},"Supporting corpus; exact numerical claims require publication-level lock. Included after relevance screen; not automatically a central lecture citation.","SUP049","a paradigm shift relationships in trauma informed mental health services"]
["L216","Supporting","Social buffering/Threat","The effects of social isolation stress and discrimination on mental health","Brandt et al.","B/C","Title/abstract-screened research source","OpenAlex-C","https://www.nature.com/articles/s41398-022-02178-4.pdf",3,1,3,0,2,{"$f":"SUM(J219:N219)","v":9},"NO","",{"$f":"IF(B219=\"Spine\",\"INCLUDE\",IF(OR(O219>=7,P219=\"YES\"),\"INCLUDE\",\"HOLD\"))","v":"INCLUDE"},"Supporting corpus; exact numerical claims require publication-level lock. Included after relevance screen; not automatically a central lecture citation.","SUP050","the effects of social isolation stress and discrimination on mental health"]
["L217","Supporting","Social buffering/Threat","Social isolation, loneliness and health in old age: a scoping review","Courtin & Knapp","B/C","Title/abstract-screened research source","OpenAlex-C","https://onlinelibrary.wiley.com/doi/pdfdirect/10.1111/hsc.12311",3,3,3,2,2,{"$f":"SUM(J220:N220)","v":13},"NO","",{"$f":"IF(B220=\"Spine\",\"INCLUDE\",IF(OR(O220>=7,P220=\"YES\"),\"INCLUDE\",\"HOLD\"))","v":"INCLUDE"},"Supporting corpus; exact numerical claims require publication-level lock. Included after relevance screen; not automatically a central lecture citation.","SUP051","social isolation loneliness and health in old age a scoping review"]
["L218","Supporting","Social buffering/Threat","Minority stress and mental health among LGBT populations: an update on the evidence","Mongelli et al.","B/C","Title/abstract-screened research source","OpenAlex-C","https://iris.unimore.it/bitstream/11380/1171604/1/2019%20Mongelli%20Minority%20Stress%20Minerva%20Psichiatrica.pdf",3,1,3,0,2,{"$f":"SUM(J221:N221)","v":9},"NO","",{"$f":"IF(B221=\"Spine\",\"INCLUDE\",IF(OR(O221>=7,P221=\"YES\"),\"INCLUDE\",\"HOLD\"))","v":"INCLUDE"},"Supporting corpus; exact numerical claims require publication-level lock. Included after relevance screen; not automatically a central lecture citation.","SUP052","minority stress and mental health among lgbt populations an update on the evidence"]
["L219","Supporting","Social buffering/Threat","Predicting suicidal ideation by interpersonal variables, hopelessness and depression in real-time","Hallensleben et al.","B/C","Title/abstract-screened research source","OpenAlex-C","https://www.cambridge.org/core/services/aop-cambridge-core/content/view/0D3A26A02A4943CE5C89AD43FF2D47C5/S0924933800009123a.pdf",3,1,3,0,2,{"$f":"SUM(J222:N222)","v":9},"NO","",{"$f":"IF(B222=\"Spine\",\"INCLUDE\",IF(OR(O222>=7,P222=\"YES\"),\"INCLUDE\",\"HOLD\"))","v":"INCLUDE"},"Supporting corpus; exact numerical claims require publication-level lock. Included after relevance screen; not automatically a central lecture citation.","SUP053","predicting suicidal ideation by interpersonal variables hopelessness and depression in real time"]
["L220","Supporting","Social buffering/Threat","Hikikomori: Multidimensional understanding, assessment, and future international perspectives","Kato, Kanba, Teo","B/C","Title/abstract-screened research source","OpenAlex-C","https://onlinelibrary.wiley.com/doi/pdfdirect/10.1111/pcn.12895",3,1,3,0,2,{"$f":"SUM(J223:N223)","v":9},"NO","",{"$f":"IF(B223=\"Spine\",\"INCLUDE\",IF(OR(O223>=7,P223=\"YES\"),\"INCLUDE\",\"HOLD\"))","v":"INCLUDE"},"Supporting corpus; exact numerical claims require publication-level lock. Included after relevance screen; not automatically a central lecture citation.","SUP054","hikikomori multidimensional understanding assessment and future international perspectives"]
["L221","Supporting","Social buffering/Threat","The effectiveness of interventions for reducing subjective and objective social isolation among people with mental health problems: a systematic review","Ma et al.","B/C","Title/abstract-screened research source","OpenAlex-C","https://link.springer.com/content/pdf/10.1007/s00127-019-01800-z.pdf",3,3,3,2,2,{"$f":"SUM(J224:N224)","v":13},"NO","",{"$f":"IF(B224=\"Spine\",\"INCLUDE\",IF(OR(O224>=7,P224=\"YES\"),\"INCLUDE\",\"HOLD\"))","v":"INCLUDE"},"Supporting corpus; exact numerical claims require publication-level lock. Included after relevance screen; not automatically a central lecture citation.","SUP055","the effectiveness of interventions for reducing subjective and objective social isolation among people with mental health problems a systematic review"]
["L222","Supporting","Social buffering/Threat","Life Change, Social Identity, and Health","Haslam et al.","B/C","Title/abstract-screened research source","OpenAlex-C","https://www.annualreviews.org/doi/pdf/10.1146/annurev-psych-060120-111721",3,1,3,0,2,{"$f":"SUM(J225:N225)","v":9},"NO","",{"$f":"IF(B225=\"Spine\",\"INCLUDE\",IF(OR(O225>=7,P225=\"YES\"),\"INCLUDE\",\"HOLD\"))","v":"INCLUDE"},"Supporting corpus; exact numerical claims require publication-level lock. Included after relevance screen; not automatically a central lecture citation.","SUP056","life change social identity and health"]
["L223","Supporting","Social buffering/Threat","Social identities as pathways into and out of addiction","Dingle, Cruwys, Frings","B/C","Title/abstract-screened research source","OpenAlex-C","https://www.frontiersin.org/articles/10.3389/fpsyg.2015.01795/pdf",3,1,3,0,2,{"$f":"SUM(J226:N226)","v":9},"NO","",{"$f":"IF(B226=\"Spine\",\"INCLUDE\",IF(OR(O226>=7,P226=\"YES\"),\"INCLUDE\",\"HOLD\"))","v":"INCLUDE"},"Supporting corpus; exact numerical claims require publication-level lock. Included after relevance screen; not automatically a central lecture citation.","SUP057","social identities as pathways into and out of addiction"]
["L224","Supporting","Social buffering/Threat","Social media and depression symptoms: A network perspective.","Aalbers et al.","B/C","Title/abstract-screened research source","OpenAlex-C","https://hdl.handle.net/1887/73951",3,1,3,0,2,{"$f":"SUM(J227:N227)","v":9},"NO","",{"$f":"IF(B227=\"Spine\",\"INCLUDE\",IF(OR(O227>=7,P227=\"YES\"),\"INCLUDE\",\"HOLD\"))","v":"INCLUDE"},"Supporting corpus; exact numerical claims require publication-level lock. Included after relevance screen; not automatically a central lecture citation.","SUP058","social media and depression symptoms a network perspective"]
["L225","Supporting","Social buffering/Threat","Compassion: From Its Evolution to a Psychotherapy","Gilbert","B/C","Title/abstract-screened research source","OpenAlex-A","https://www.frontiersin.org/articles/10.3389/fpsyg.2020.586161/pdf",3,1,3,0,2,{"$f":"SUM(J228:N228)","v":9},"NO","",{"$f":"IF(B228=\"Spine\",\"INCLUDE\",IF(OR(O228>=7,P228=\"YES\"),\"INCLUDE\",\"HOLD\"))","v":"INCLUDE"},"Supporting corpus; exact numerical claims require publication-level lock. Included after relevance screen; not automatically a central lecture citation.","SUP059","compassion from its evolution to a psychotherapy"]
["L226","Supporting","Social buffering/Threat","Keep Calm and Cuddle on: Social Touch as a Stress Buffer","Morrison","B/C","Title/abstract-screened research source","OpenAlex-D","https://link.springer.com/content/pdf/10.1007/s40750-016-0052-x.pdf",3,1,3,0,2,{"$f":"SUM(J229:N229)","v":9},"NO","",{"$f":"IF(B229=\"Spine\",\"INCLUDE\",IF(OR(O229>=7,P229=\"YES\"),\"INCLUDE\",\"HOLD\"))","v":"INCLUDE"},"Supporting corpus; exact numerical claims require publication-level lock. Included after relevance screen; not automatically a central lecture citation.","SUP060","keep calm and cuddle on social touch as a stress buffer"]
["L227","Supporting","Social buffering/Threat","Flexible Emotion Regulation: How Situational Demands and Individual Differences Influence the Effectiveness of Regulatory Strategies","Kobylińska & Kusev","B/C","Title/abstract-screened research source","OpenAlex-D","https://www.frontiersin.org/articles/10.3389/fpsyg.2019.00072/pdf",3,1,3,0,2,{"$f":"SUM(J230:N230)","v":9},"NO","",{"$f":"IF(B230=\"Spine\",\"INCLUDE\",IF(OR(O230>=7,P230=\"YES\"),\"INCLUDE\",\"HOLD\"))","v":"INCLUDE"},"Supporting corpus; exact numerical claims require publication-level lock. Included after relevance screen; not automatically a central lecture citation.","SUP061","flexible emotion regulation how situational demands and individual differences influence the effectiveness of regulatory strategies"]
["L228","Supporting","Synchrony","Interactive Brain Activity: Review and Progress on EEG-Based Hyperscanning in Social Interactions","Liu et al.","B/C","Title/abstract-screened research source","OpenAlex-A","https://www.frontiersin.org/articles/10.3389/fpsyg.2018.01862/pdf",3,3,3,2,2,{"$f":"SUM(J231:N231)","v":13},"NO","",{"$f":"IF(B231=\"Spine\",\"INCLUDE\",IF(OR(O231>=7,P231=\"YES\"),\"INCLUDE\",\"HOLD\"))","v":"INCLUDE"},"Supporting corpus; exact numerical claims require publication-level lock. Included after relevance screen; not automatically a central lecture citation.","SUP062","interactive brain activity review and progress on eeg based hyperscanning in social interactions"]
["L229","Supporting","Synchrony","Validating Measures of Electrodermal Activity and Heart Rate Variability Derived From the Empatica E4 in Interactive Dyadic States","Milstein & Gordon","B/C","Title/abstract-screened research source","OpenAlex-A","https://www.frontiersin.org/articles/10.3389/fnbeh.2020.00148/pdf",3,1,3,0,2,{"$f":"SUM(J232:N232)","v":9},"NO","",{"$f":"IF(B232=\"Spine\",\"INCLUDE\",IF(OR(O232>=7,P232=\"YES\"),\"INCLUDE\",\"HOLD\"))","v":"INCLUDE"},"Supporting corpus; exact numerical claims require publication-level lock. Included after relevance screen; not automatically a central lecture citation.","SUP063","validating measures of electrodermal activity and heart rate variability derived from the empatica e4 in interactive dyadic states"]
["L230","Supporting","Synchrony","Team Synergies in Sport: Theory and Measures","Araújo & Davids","B/C","Title/abstract-screened research source","OpenAlex-A","https://www.frontiersin.org/articles/10.3389/fpsyg.2016.01449/pdf",3,1,3,0,2,{"$f":"SUM(J233:N233)","v":9},"NO","",{"$f":"IF(B233=\"Spine\",\"INCLUDE\",IF(OR(O233>=7,P233=\"YES\"),\"INCLUDE\",\"HOLD\"))","v":"INCLUDE"},"Supporting corpus; exact numerical claims require publication-level lock. Included after relevance screen; not automatically a central lecture citation.","SUP064","team synergies in sport theory and measures"]
["L231","Supporting","Synchrony","Synchrony in Psychotherapy: A Review and an Integrative Framework for the Therapeutic Alliance","Koole & Tschacher","B/C","Title/abstract-screened research source","OpenAlex-A","https://www.frontiersin.org/articles/10.3389/fpsyg.2016.00862/pdf",3,3,3,2,2,{"$f":"SUM(J234:N234)","v":13},"NO","",{"$f":"IF(B234=\"Spine\",\"INCLUDE\",IF(OR(O234>=7,P234=\"YES\"),\"INCLUDE\",\"HOLD\"))","v":"INCLUDE"},"Supporting corpus; exact numerical claims require publication-level lock. Included after relevance screen; not automatically a central lecture citation.","SUP065","synchrony in psychotherapy a review and an integrative framework for the therapeutic alliance"]
["L232","Supporting","Neuromodulation/Social reward","Oxytocin, Neural Plasticity, and Social Behavior","Froemke & Young","B/C","Title/abstract-screened research source","OpenAlex-D","https://www.annualreviews.org/doi/pdf/10.1146/annurev-neuro-102320-102847",3,2,3,0,2,{"$f":"SUM(J235:N235)","v":10},"NO","",{"$f":"IF(B235=\"Spine\",\"INCLUDE\",IF(OR(O235>=7,P235=\"YES\"),\"INCLUDE\",\"HOLD\"))","v":"INCLUDE"},"Supporting corpus; exact numerical claims require publication-level lock. Included after relevance screen; not automatically a central lecture citation.","SUP066","oxytocin neural plasticity and social behavior"]
["L233","Supporting","Neuromodulation/Social reward","Advances in human oxytocin measurement: challenges and proposed solutions","Tabak et al.","B/C","Title/abstract-screened research source","OpenAlex-A","https://www.nature.com/articles/s41380-022-01719-z.pdf",3,1,3,2,2,{"$f":"SUM(J236:N236)","v":11},"NO","",{"$f":"IF(B236=\"Spine\",\"INCLUDE\",IF(OR(O236>=7,P236=\"YES\"),\"INCLUDE\",\"HOLD\"))","v":"INCLUDE"},"Supporting corpus; exact numerical claims require publication-level lock. Included after relevance screen; not automatically a central lecture citation.","SUP067","advances in human oxytocin measurement challenges and proposed solutions"]
["L234","Supporting","Neuromodulation/Social reward","Dopamine in the medial amygdala network mediates human bonding","Atzil et al.","B/C","Title/abstract-screened research source","OpenAlex-A","https://www.pnas.org/content/pnas/114/9/2361.full.pdf",3,1,3,0,2,{"$f":"SUM(J237:N237)","v":9},"NO","",{"$f":"IF(B237=\"Spine\",\"INCLUDE\",IF(OR(O237>=7,P237=\"YES\"),\"INCLUDE\",\"HOLD\"))","v":"INCLUDE"},"Supporting corpus; exact numerical claims require publication-level lock. Included after relevance screen; not automatically a central lecture citation.","SUP068","dopamine in the medial amygdala network mediates human bonding"]
["L235","Supporting","Neuromodulation/Social reward","The Role of Norepinephrine and Its α-Adrenergic Receptors in Major Depressive Disorder and Schizophrenia: A Systematic Review","Maletic et al.","B/C","Title/abstract-screened research source","OpenAlex-A","https://www.frontiersin.org/articles/10.3389/fpsyt.2017.00042/pdf",3,3,3,2,2,{"$f":"SUM(J238:N238)","v":13},"NO","",{"$f":"IF(B238=\"Spine\",\"INCLUDE\",IF(OR(O238>=7,P238=\"YES\"),\"INCLUDE\",\"HOLD\"))","v":"INCLUDE"},"Supporting corpus; exact numerical claims require publication-level lock. Included after relevance screen; not automatically a central lecture citation.","SUP069","the role of norepinephrine and its α adrenergic receptors in major depressive disorder and schizophrenia a systematic review"]
["L236","Supporting","Neuromodulation/Social reward","Neuroinflammation mechanisms of neuromodulation therapies for anxiety and depression","Guo et al.","B/C","Title/abstract-screened research source","OpenAlex-D","https://www.nature.com/articles/s41398-022-02297-y.pdf",3,1,3,0,2,{"$f":"SUM(J239:N239)","v":9},"NO","",{"$f":"IF(B239=\"Spine\",\"INCLUDE\",IF(OR(O239>=7,P239=\"YES\"),\"INCLUDE\",\"HOLD\"))","v":"INCLUDE"},"Supporting corpus; exact numerical claims require publication-level lock. Included after relevance screen; not automatically a central lecture citation.","SUP070","neuroinflammation mechanisms of neuromodulation therapies for anxiety and depression"]
["L237","Supporting","Neuromodulation/Social reward","Effects of music interventions on stress-related outcomes: a systematic review and two meta-analyses","de Witte et al.","B/C","Title/abstract-screened research source","OpenAlex-D","https://www.tandfonline.com/doi/pdf/10.1080/17437199.2019.1627897?needAccess=true",3,3,3,2,2,{"$f":"SUM(J240:N240)","v":13},"NO","",{"$f":"IF(B240=\"Spine\",\"INCLUDE\",IF(OR(O240>=7,P240=\"YES\"),\"INCLUDE\",\"HOLD\"))","v":"INCLUDE"},"Supporting corpus; exact numerical claims require publication-level lock. Included after relevance screen; not automatically a central lecture citation.","SUP071","effects of music interventions on stress related outcomes a systematic review and two meta analyses"]
["L238","Supporting","Neuromodulation/Social reward","The neuroscience of positive emotions and affect","Alexander et al.","B/C","Title/abstract-screened research source","OpenAlex-D","https://www.sciencedirect.com/science/article/pii/S0149763420306801/pdf",3,1,3,0,2,{"$f":"SUM(J241:N241)","v":9},"NO","",{"$f":"IF(B241=\"Spine\",\"INCLUDE\",IF(OR(O241>=7,P241=\"YES\"),\"INCLUDE\",\"HOLD\"))","v":"INCLUDE"},"Supporting corpus; exact numerical claims require publication-level lock. Included after relevance screen; not automatically a central lecture citation.","SUP072","the neuroscience of positive emotions and affect"]
["L239","Supporting","Neuromodulation/Social reward","Empathy as a driver of prosocial behaviour: highly conserved neurobehavioural mechanisms across species","Decety et al.","B/C","Title/abstract-screened research source","OpenAlex-D","https://royalsocietypublishing.org/doi/pdf/10.1098/rstb.2015.0077",3,1,3,0,2,{"$f":"SUM(J242:N242)","v":9},"NO","",{"$f":"IF(B242=\"Spine\",\"INCLUDE\",IF(OR(O242>=7,P242=\"YES\"),\"INCLUDE\",\"HOLD\"))","v":"INCLUDE"},"Supporting corpus; exact numerical claims require publication-level lock. Included after relevance screen; not automatically a central lecture citation.","SUP073","empathy as a driver of prosocial behaviour highly conserved neurobehavioural mechanisms across species"]
["L240","Supporting","Clinical bridges","Depression in young people","Thapar et al.","B/C","Title/abstract-screened research source","OpenAlex-C","https://orca.cardiff.ac.uk/id/eprint/149957/1/Depression%20in%20young%20people%20May%2016th%202022%20clean_.pdf",3,1,2,0,2,{"$f":"SUM(J243:N243)","v":8},"NO","",{"$f":"IF(B243=\"Spine\",\"INCLUDE\",IF(OR(O243>=7,P243=\"YES\"),\"INCLUDE\",\"HOLD\"))","v":"INCLUDE"},"Supporting corpus; exact numerical claims require publication-level lock. Included after relevance screen; not automatically a central lecture citation.","SUP074","depression in young people"]
["L241","Supporting","Clinical bridges","Treatment of Posttraumatic Stress Disorder: A State-of-the-art Review","Burback et al.","B/C","Title/abstract-screened research source","OpenAlex-C","https://pmc.ncbi.nlm.nih.gov/articles/PMC10845104/pdf/CN-22-557.pdf",3,3,2,2,2,{"$f":"SUM(J244:N244)","v":12},"NO","",{"$f":"IF(B244=\"Spine\",\"INCLUDE\",IF(OR(O244>=7,P244=\"YES\"),\"INCLUDE\",\"HOLD\"))","v":"INCLUDE"},"Supporting corpus; exact numerical claims require publication-level lock. Included after relevance screen; not automatically a central lecture citation.","SUP075","treatment of posttraumatic stress disorder a state of the art review"]
["L242","Supporting","Clinical bridges","Childbirth-related posttraumatic stress disorder: definition, risk factors, pathophysiology, diagnosis, prevention, and treatment","Horsch et al.","B/C","Title/abstract-screened research source","OpenAlex-A","http://www.ajog.org/article/S0002937823007135/pdf",3,1,2,0,2,{"$f":"SUM(J245:N245)","v":8},"NO","",{"$f":"IF(B245=\"Spine\",\"INCLUDE\",IF(OR(O245>=7,P245=\"YES\"),\"INCLUDE\",\"HOLD\"))","v":"INCLUDE"},"Supporting corpus; exact numerical claims require publication-level lock. Included after relevance screen; not automatically a central lecture citation.","SUP076","childbirth related posttraumatic stress disorder definition risk factors pathophysiology diagnosis prevention and treatment"]
["L243","Supporting","Clinical bridges","The Devastating Clinical Consequences of Child Abuse and Neglect","Lippard & Nemeroff","B/C","Title/abstract-screened research source","OpenAlex-D","https://ajp.psychiatryonline.org/doi/pdf/10.1176/appi.ajp.2019.19010020",3,1,2,0,2,{"$f":"SUM(J246:N246)","v":8},"NO","",{"$f":"IF(B246=\"Spine\",\"INCLUDE\",IF(OR(O246>=7,P246=\"YES\"),\"INCLUDE\",\"HOLD\"))","v":"INCLUDE"},"Supporting corpus; exact numerical claims require publication-level lock. Included after relevance screen; not automatically a central lecture citation.","SUP077","the devastating clinical consequences of child abuse and neglect"]
["L244","Supporting","Clinical bridges","Psychedelic Communitas: Intersubjective Experience During Psychedelic Group Sessions Predicts Enduring Changes in Wellbeing and Social Connectedness","Kettner et al.","B/C","Title/abstract-screened research source","OpenAlex-C","https://www.frontiersin.org/articles/10.3389/fphar.2021.623985/pdf",3,1,2,0,2,{"$f":"SUM(J247:N247)","v":8},"NO","",{"$f":"IF(B247=\"Spine\",\"INCLUDE\",IF(OR(O247>=7,P247=\"YES\"),\"INCLUDE\",\"HOLD\"))","v":"INCLUDE"},"Supporting corpus; exact numerical claims require publication-level lock. Included after relevance screen; not automatically a central lecture citation.","SUP078","psychedelic communitas intersubjective experience during psychedelic group sessions predicts enduring changes in wellbeing and social connectedness"]
["L245","Supporting","Clinical bridges","Transformative experience and social connectedness mediate the mood-enhancing effects of psychedelic use in naturalistic settings","Forstmann et al.","B/C","Title/abstract-screened research source","OpenAlex-C","https://www.pnas.org/content/pnas/117/5/2338.full.pdf",3,1,2,0,2,{"$f":"SUM(J248:N248)","v":8},"NO","",{"$f":"IF(B248=\"Spine\",\"INCLUDE\",IF(OR(O248>=7,P248=\"YES\"),\"INCLUDE\",\"HOLD\"))","v":"INCLUDE"},"Supporting corpus; exact numerical claims require publication-level lock. Included after relevance screen; not automatically a central lecture citation.","SUP079","transformative experience and social connectedness mediate the mood enhancing effects of psychedelic use in naturalistic settings"]
["L246","Supporting","Clinical bridges","Characteristics of mental health recovery narratives: Systematic review and narrative synthesis","Llewellyn-Beardsley et al.","B/C","Title/abstract-screened research source","OpenAlex-C","https://journals.plos.org/plosone/article/file?id=10.1371/journal.pone.0214678&type=printable",3,3,2,2,2,{"$f":"SUM(J249:N249)","v":12},"NO","",{"$f":"IF(B249=\"Spine\",\"INCLUDE\",IF(OR(O249>=7,P249=\"YES\"),\"INCLUDE\",\"HOLD\"))","v":"INCLUDE"},"Supporting corpus; exact numerical claims require publication-level lock. Included after relevance screen; not automatically a central lecture citation.","SUP080","characteristics of mental health recovery narratives systematic review and narrative synthesis"]
["L247","Supporting","Clinical bridges","The Mental Health Impact of the COVID-19 Pandemic Across Different Cohorts","Khan et al.","B/C","Title/abstract-screened research source","OpenAlex-C","https://link.springer.com/content/pdf/10.1007/s11469-020-00367-0.pdf",3,1,2,0,2,{"$f":"SUM(J250:N250)","v":8},"NO","",{"$f":"IF(B250=\"Spine\",\"INCLUDE\",IF(OR(O250>=7,P250=\"YES\"),\"INCLUDE\",\"HOLD\"))","v":"INCLUDE"},"Supporting corpus; exact numerical claims require publication-level lock. Included after relevance screen; not automatically a central lecture citation.","SUP081","the mental health impact of the covid 19 pandemic across different cohorts"]
["L248","Supporting","Clinical bridges","Sources of Stress and Their Associations With Mental Disorders Among College Students","Karyotaki et al.","B/C","Title/abstract-screened research source","OpenAlex-C","https://www.frontiersin.org/articles/10.3389/fpsyg.2020.01759/pdf",3,1,2,0,2,{"$f":"SUM(J251:N251)","v":8},"NO","",{"$f":"IF(B251=\"Spine\",\"INCLUDE\",IF(OR(O251>=7,P251=\"YES\"),\"INCLUDE\",\"HOLD\"))","v":"INCLUDE"},"Supporting corpus; exact numerical claims require publication-level lock. Included after relevance screen; not automatically a central lecture citation.","SUP082","sources of stress and their associations with mental disorders among college students"]
["L249","Supporting","Clinical bridges","Social anxiety disorder in adolescents: applying the cognitive model of Clark and Wells","Leigh & Clark","B/C","Title/abstract-screened research source","OpenAlex-C","https://link.springer.com/content/pdf/10.1007/s10567-018-0258-5.pdf",3,1,2,0,2,{"$f":"SUM(J252:N252)","v":8},"NO","",{"$f":"IF(B252=\"Spine\",\"INCLUDE\",IF(OR(O252>=7,P252=\"YES\"),\"INCLUDE\",\"HOLD\"))","v":"INCLUDE"},"Supporting corpus; exact numerical claims require publication-level lock. Included after relevance screen; not automatically a central lecture citation.","SUP083","social anxiety disorder in adolescents applying the cognitive model of clark and wells"]
["L250","Supporting","Clinical bridges","Third-wave cognitive and behavioral therapies and process-based intervention in psychiatry","Hayes & Hofmann","B/C","Title/abstract-screened research source","OpenAlex-C","https://onlinelibrary.wiley.com/doi/pdfdirect/10.1002/wps.20884",3,1,2,0,2,{"$f":"SUM(J253:N253)","v":8},"NO","",{"$f":"IF(B253=\"Spine\",\"INCLUDE\",IF(OR(O253>=7,P253=\"YES\"),\"INCLUDE\",\"HOLD\"))","v":"INCLUDE"},"Supporting corpus; exact numerical claims require publication-level lock. Included after relevance screen; not automatically a central lecture citation.","SUP084","third wave cognitive and behavioral therapies and process based intervention in psychiatry"]
["L251","Supporting","Clinical bridges","Positive Psychiatry","Jeste et al.","B/C","Title/abstract-screened research source","OpenAlex-C","https://www.psychiatrist.com/read-pdf/14729",3,1,2,0,2,{"$f":"SUM(J254:N254)","v":8},"NO","",{"$f":"IF(B254=\"Spine\",\"INCLUDE\",IF(OR(O254>=7,P254=\"YES\"),\"INCLUDE\",\"HOLD\"))","v":"INCLUDE"},"Supporting corpus; exact numerical claims require publication-level lock. Included after relevance screen; not automatically a central lecture citation.","SUP085","positive psychiatry"]
["L252","Supporting","Clinical bridges","The bored mind is a guiding mind: toward a regulatory theory of boredom","Elpidorou","B/C","Title/abstract-screened research source","OpenAlex-C","https://philpapers.org/archive/ELPTBM.pdf",3,1,2,0,2,{"$f":"SUM(J255:N255)","v":8},"NO","",{"$f":"IF(B255=\"Spine\",\"INCLUDE\",IF(OR(O255>=7,P255=\"YES\"),\"INCLUDE\",\"HOLD\"))","v":"INCLUDE"},"Supporting corpus; exact numerical claims require publication-level lock. Included after relevance screen; not automatically a central lecture citation.","SUP086","the bored mind is a guiding mind toward a regulatory theory of boredom"]
["L253","Supporting","Predictive/Active inference","The graphical brain: Belief propagation and active inference","Friston, Parr, de Vries","B/C","Title/abstract-screened research source","OpenAlex-B","https://www.mitpressjournals.org/doi/pdf/10.1162/NETN_a_00018",2,2,3,0,2,{"$f":"SUM(J256:N256)","v":9},"NO","",{"$f":"IF(B256=\"Spine\",\"INCLUDE\",IF(OR(O256>=7,P256=\"YES\"),\"INCLUDE\",\"HOLD\"))","v":"INCLUDE"},"Supporting corpus; exact numerical claims require publication-level lock. Included after relevance screen; not automatically a central lecture citation.","SUP087","the graphical brain belief propagation and active inference"]
["L254","Supporting","Predictive/Active inference","The anticipating brain is not a scientist: the free-energy principle from an ecological-enactive perspective","Bruineberg, Kiverstein, Rietveld","B/C","Title/abstract-screened research source","OpenAlex-B","https://link.springer.com/content/pdf/10.1007/s11229-016-1239-1.pdf",2,2,3,2,2,{"$f":"SUM(J257:N257)","v":11},"NO","",{"$f":"IF(B257=\"Spine\",\"INCLUDE\",IF(OR(O257>=7,P257=\"YES\"),\"INCLUDE\",\"HOLD\"))","v":"INCLUDE"},"Supporting corpus; exact numerical claims require publication-level lock. Included after relevance screen; not automatically a central lecture citation.","SUP088","the anticipating brain is not a scientist the free energy principle from an ecological enactive perspective"]
["L255","Supporting","Predictive/Active inference","Cultural Affordances: Scaffolding Local Worlds Through Shared Intentionality and Regimes of Attention","Ramstead, Veissière, Kirmayer","B/C","Title/abstract-screened research source","OpenAlex-B","https://www.frontiersin.org/articles/10.3389/fpsyg.2016.01090/pdf",2,1,3,0,2,{"$f":"SUM(J258:N258)","v":8},"NO","",{"$f":"IF(B258=\"Spine\",\"INCLUDE\",IF(OR(O258>=7,P258=\"YES\"),\"INCLUDE\",\"HOLD\"))","v":"INCLUDE"},"Supporting corpus; exact numerical claims require publication-level lock. Included after relevance screen; not automatically a central lecture citation.","SUP089","cultural affordances scaffolding local worlds through shared intentionality and regimes of attention"]
["L256","Supporting","Predictive/Active inference","Prediction complements explanation in understanding the developing brain","Rosenberg, Casey, Holmes","B/C","Title/abstract-screened research source","OpenAlex-A","https://www.nature.com/articles/s41467-018-02887-9.pdf",2,2,3,0,2,{"$f":"SUM(J259:N259)","v":9},"NO","",{"$f":"IF(B259=\"Spine\",\"INCLUDE\",IF(OR(O259>=7,P259=\"YES\"),\"INCLUDE\",\"HOLD\"))","v":"INCLUDE"},"Supporting corpus; exact numerical claims require publication-level lock. Included after relevance screen; not automatically a central lecture citation.","SUP090","prediction complements explanation in understanding the developing brain"]
["L257","Supporting","Predictive/Active inference","Uncertainty and stress: Why it causes diseases and how it is mastered by the brain","Peters, McEwen, Friston","B/C","Title/abstract-screened research source","OpenAlex-D","https://www.sciencedirect.com/science/article/pii/S0301008217300369/pdf",2,2,3,2,2,{"$f":"SUM(J260:N260)","v":11},"NO","",{"$f":"IF(B260=\"Spine\",\"INCLUDE\",IF(OR(O260>=7,P260=\"YES\"),\"INCLUDE\",\"HOLD\"))","v":"INCLUDE"},"Supporting corpus; exact numerical claims require publication-level lock. Included after relevance screen; not automatically a central lecture citation.","SUP091","uncertainty and stress why it causes diseases and how it is mastered by the brain"]
["L258","Supporting","Dynamics/Metastability","Modular Brain Networks","Sporns & Betzel","B/C","Title/abstract-screened research source","OpenAlex-B","https://www.annualreviews.org/doi/pdf/10.1146/annurev-psych-122414-033634",2,2,3,0,2,{"$f":"SUM(J261:N261)","v":9},"NO","",{"$f":"IF(B261=\"Spine\",\"INCLUDE\",IF(OR(O261>=7,P261=\"YES\"),\"INCLUDE\",\"HOLD\"))","v":"INCLUDE"},"Supporting corpus; exact numerical claims require publication-level lock. Included after relevance screen; not automatically a central lecture citation.","SUP092","modular brain networks"]
["L259","Supporting","Dynamics/Metastability","Brain network dynamics are hierarchically organized in time","Vidaurre, Smith, Woolrich","B/C","Title/abstract-screened research source","OpenAlex-B","https://www.pnas.org/content/pnas/114/48/12827.full.pdf",2,2,3,0,2,{"$f":"SUM(J262:N262)","v":9},"NO","",{"$f":"IF(B262=\"Spine\",\"INCLUDE\",IF(OR(O262>=7,P262=\"YES\"),\"INCLUDE\",\"HOLD\"))","v":"INCLUDE"},"Supporting corpus; exact numerical claims require publication-level lock. Included after relevance screen; not automatically a central lecture citation.","SUP093","brain network dynamics are hierarchically organized in time"]
["L260","Supporting","Dynamics/Metastability","Cognitive and behavioural flexibility: neural mechanisms and clinical considerations","Uddin","B/C","Title/abstract-screened research source","OpenAlex-B","https://www.nature.com/articles/s41583-021-00428-w.pdf",2,2,3,0,2,{"$f":"SUM(J263:N263)","v":9},"NO","",{"$f":"IF(B263=\"Spine\",\"INCLUDE\",IF(OR(O263>=7,P263=\"YES\"),\"INCLUDE\",\"HOLD\"))","v":"INCLUDE"},"Supporting corpus; exact numerical claims require publication-level lock. Included after relevance screen; not automatically a central lecture citation.","SUP094","cognitive and behavioural flexibility neural mechanisms and clinical considerations"]
["L261","Supporting","Dynamics/Metastability","Questions and controversies in the study of time-varying functional connectivity in resting fMRI","Lurie et al.","B/C","Title/abstract-screened research source","OpenAlex-B","https://www.mitpressjournals.org/doi/pdf/10.1162/netn_a_00116",2,2,3,2,2,{"$f":"SUM(J264:N264)","v":11},"NO","",{"$f":"IF(B264=\"Spine\",\"INCLUDE\",IF(OR(O264>=7,P264=\"YES\"),\"INCLUDE\",\"HOLD\"))","v":"INCLUDE"},"Supporting corpus; exact numerical claims require publication-level lock. Included after relevance screen; not automatically a central lecture citation.","SUP095","questions and controversies in the study of time varying functional connectivity in resting fmri"]
["L262","Supporting","Dynamics/Metastability","The dynamics of resting fluctuations in the brain: metastability and its dynamical cortical core","Deco et al.","B/C","Title/abstract-screened research source","OpenAlex-B","https://www.nature.com/articles/s41598-017-03073-5.pdf",2,2,3,0,2,{"$f":"SUM(J265:N265)","v":9},"NO","",{"$f":"IF(B265=\"Spine\",\"INCLUDE\",IF(OR(O265>=7,P265=\"YES\"),\"INCLUDE\",\"HOLD\"))","v":"INCLUDE"},"Supporting corpus; exact numerical claims require publication-level lock. Included after relevance screen; not automatically a central lecture citation.","SUP096","the dynamics of resting fluctuations in the brain metastability and its dynamical cortical core"]
["L263","Supporting","Dynamics/Metastability","Cognitive performance in healthy older adults relates to spontaneous switching between states of functional connectivity during rest","Cabral et al.","B/C","Title/abstract-screened research source","OpenAlex-B","https://www.nature.com/articles/s41598-017-05425-7.pdf",2,2,3,0,2,{"$f":"SUM(J266:N266)","v":9},"NO","",{"$f":"IF(B266=\"Spine\",\"INCLUDE\",IF(OR(O266>=7,P266=\"YES\"),\"INCLUDE\",\"HOLD\"))","v":"INCLUDE"},"Supporting corpus; exact numerical claims require publication-level lock. Included after relevance screen; not automatically a central lecture citation.","SUP097","cognitive performance in healthy older adults relates to spontaneous switching between states of functional connectivity during rest"]
["L264","Supporting","Dynamics/Metastability","Spontaneous cortical activity transiently organises into frequency specific phase-coupling networks","Vidaurre et al.","B/C","Title/abstract-screened research source","OpenAlex-B","https://www.nature.com/articles/s41467-018-05316-z.pdf",2,1,3,0,2,{"$f":"SUM(J267:N267)","v":8},"NO","",{"$f":"IF(B267=\"Spine\",\"INCLUDE\",IF(OR(O267>=7,P267=\"YES\"),\"INCLUDE\",\"HOLD\"))","v":"INCLUDE"},"Supporting corpus; exact numerical claims require publication-level lock. Included after relevance screen; not automatically a central lecture citation.","SUP098","spontaneous cortical activity transiently organises into frequency specific phase coupling networks"]
["L265","Supporting","Dynamics/Metastability","Mathematical framework for large-scale brain network modeling in The Virtual Brain","Sanz-Leon et al.","B/C","Title/abstract-screened research source","OpenAlex-B","https://www.sciencedirect.com/science/article/pii/S1053811915000051/pdf",2,2,3,0,2,{"$f":"SUM(J268:N268)","v":9},"NO","",{"$f":"IF(B268=\"Spine\",\"INCLUDE\",IF(OR(O268>=7,P268=\"YES\"),\"INCLUDE\",\"HOLD\"))","v":"INCLUDE"},"Supporting corpus; exact numerical claims require publication-level lock. Included after relevance screen; not automatically a central lecture citation.","SUP099","mathematical framework for large scale brain network modeling in the virtual brain"]
["L266","Supporting","Dynamics/Metastability","A theory of multineuronal dimensionality, dynamics and measurement","Gao et al.","B/C","Title/abstract-screened research source","OpenAlex-B","https://www.biorxiv.org/content/biorxiv/early/2017/11/12/214262.full.pdf",2,1,3,0,2,{"$f":"SUM(J269:N269)","v":8},"NO","",{"$f":"IF(B269=\"Spine\",\"INCLUDE\",IF(OR(O269>=7,P269=\"YES\"),\"INCLUDE\",\"HOLD\"))","v":"INCLUDE"},"Supporting corpus; exact numerical claims require publication-level lock. Included after relevance screen; not automatically a central lecture citation.","SUP100","a theory of multineuronal dimensionality dynamics and measurement"]
["L267","Supporting","Dynamics/Metastability","Signal propagation in complex networks","Ji et al.","B/C","Title/abstract-screened research source","OpenAlex-A","https://www.sciencedirect.com/science/article/pii/S0370157323001321",2,1,3,0,2,{"$f":"SUM(J270:N270)","v":8},"NO","",{"$f":"IF(B270=\"Spine\",\"INCLUDE\",IF(OR(O270>=7,P270=\"YES\"),\"INCLUDE\",\"HOLD\"))","v":"INCLUDE"},"Supporting corpus; exact numerical claims require publication-level lock. Included after relevance screen; not automatically a central lecture citation.","SUP101","signal propagation in complex networks"]
["L268","Supporting","Dynamics/Metastability","Chimera states: coexistence of coherence and incoherence in networks of coupled oscillators","Panaggio & Abrams","B/C","Title/abstract-screened research source","OpenAlex-B","https://iopscience.iop.org/article/10.1088/0951-7715/28/3/R67/pdf",2,1,3,0,2,{"$f":"SUM(J271:N271)","v":8},"NO","",{"$f":"IF(B271=\"Spine\",\"INCLUDE\",IF(OR(O271>=7,P271=\"YES\"),\"INCLUDE\",\"HOLD\"))","v":"INCLUDE"},"Supporting corpus; exact numerical claims require publication-level lock. Included after relevance screen; not automatically a central lecture citation.","SUP102","chimera states coexistence of coherence and incoherence in networks of coupled oscillators"]
["L269","Supporting","Dynamics/Metastability","Complex network approaches to nonlinear time series analysis","Zou et al.","B/C","Title/abstract-screened research source","OpenAlex-B","https://arxiv.org/pdf/2501.18737",2,1,3,0,2,{"$f":"SUM(J272:N272)","v":8},"NO","",{"$f":"IF(B272=\"Spine\",\"INCLUDE\",IF(OR(O272>=7,P272=\"YES\"),\"INCLUDE\",\"HOLD\"))","v":"INCLUDE"},"Supporting corpus; exact numerical claims require publication-level lock. Included after relevance screen; not automatically a central lecture citation.","SUP103","complex network approaches to nonlinear time series analysis"]
["L270","Supporting","Dynamics/Metastability","Enhancing Important Fluctuations: Rare Events and Metadynamics from a Conceptual Viewpoint","Valsson, Tiwary, Parrinello","B/C","Title/abstract-screened research source","OpenAlex-B","https://www.annualreviews.org/doi/pdf/10.1146/annurev-physchem-040215-112229",2,1,3,0,2,{"$f":"SUM(J273:N273)","v":8},"NO","",{"$f":"IF(B273=\"Spine\",\"INCLUDE\",IF(OR(O273>=7,P273=\"YES\"),\"INCLUDE\",\"HOLD\"))","v":"INCLUDE"},"Supporting corpus; exact numerical claims require publication-level lock. Included after relevance screen; not automatically a central lecture citation.","SUP104","enhancing important fluctuations rare events and metadynamics from a conceptual viewpoint"]
["L271","Supporting","Dynamics/Metastability","General Cortical and Special Prefrontal Connections: Principles from Structure to Function","Barbas","B/C","Title/abstract-screened research source","OpenAlex-B","https://www.annualreviews.org/doi/pdf/10.1146/annurev-neuro-071714-033936",2,1,3,0,2,{"$f":"SUM(J274:N274)","v":8},"NO","",{"$f":"IF(B274=\"Spine\",\"INCLUDE\",IF(OR(O274>=7,P274=\"YES\"),\"INCLUDE\",\"HOLD\"))","v":"INCLUDE"},"Supporting corpus; exact numerical claims require publication-level lock. Included after relevance screen; not automatically a central lecture citation.","SUP105","general cortical and special prefrontal connections principles from structure to function"]
["L272","Supporting","Interoception/Body","Physiological feelings","Pace-Schott et al.","B/C","Title/abstract-screened research source","OpenAlex-A","https://www.sciencedirect.com/science/article/pii/S0149763418308674/pdf",3,1,3,0,2,{"$f":"SUM(J275:N275)","v":9},"NO","",{"$f":"IF(B275=\"Spine\",\"INCLUDE\",IF(OR(O275>=7,P275=\"YES\"),\"INCLUDE\",\"HOLD\"))","v":"INCLUDE"},"Supporting corpus; exact numerical claims require publication-level lock. Included after relevance screen; not automatically a central lecture citation.","SUP106","physiological feelings"]
["L273","Supporting","Interoception/Body","The Effect of Diaphragmatic Breathing on Attention, Negative Affect and Stress in Healthy Adults","Ma et al.","B/C","Title/abstract-screened research source","OpenAlex-A","https://www.frontiersin.org/articles/10.3389/fpsyg.2017.00874/pdf",3,1,3,0,2,{"$f":"SUM(J276:N276)","v":9},"NO","",{"$f":"IF(B276=\"Spine\",\"INCLUDE\",IF(OR(O276>=7,P276=\"YES\"),\"INCLUDE\",\"HOLD\"))","v":"INCLUDE"},"Supporting corpus; exact numerical claims require publication-level lock. Included after relevance screen; not automatically a central lecture citation.","SUP107","the effect of diaphragmatic breathing on attention negative affect and stress in healthy adults"]
["L274","Supporting","Interoception/Body","Effect of breathwork on stress and mental health: A meta-analysis of randomised-controlled trials","Fincham et al.","B/C","Title/abstract-screened research source","OpenAlex-A","https://www.nature.com/articles/s41598-022-27247-y.pdf",3,3,3,2,2,{"$f":"SUM(J277:N277)","v":13},"NO","",{"$f":"IF(B277=\"Spine\",\"INCLUDE\",IF(OR(O277>=7,P277=\"YES\"),\"INCLUDE\",\"HOLD\"))","v":"INCLUDE"},"Supporting corpus; exact numerical claims require publication-level lock. Included after relevance screen; not automatically a central lecture citation.","SUP108","effect of breathwork on stress and mental health a meta analysis of randomised controlled trials"]
["L275","Supporting","Social cognition","The Mentalizing Approach to Psychopathology: State of the Art and Future Directions","Luyten et al.","B/C","Title/abstract-screened research source","OpenAlex-A","https://www.annualreviews.org/doi/pdf/10.1146/annurev-clinpsy-071919-015355",3,1,2,0,2,{"$f":"SUM(J278:N278)","v":8},"NO","",{"$f":"IF(B278=\"Spine\",\"INCLUDE\",IF(OR(O278>=7,P278=\"YES\"),\"INCLUDE\",\"HOLD\"))","v":"INCLUDE"},"Supporting corpus; exact numerical claims require publication-level lock. Included after relevance screen; not automatically a central lecture citation.","SUP109","the mentalizing approach to psychopathology state of the art and future directions"]
["L276","Supporting","Social cognition","Empathy as a driver of prosocial behaviour","Decety et al.","B/C","Title/abstract-screened research source","OpenAlex-D","https://royalsocietypublishing.org/doi/pdf/10.1098/rstb.2015.0077",3,1,2,0,2,{"$f":"SUM(J279:N279)","v":8},"NO","",{"$f":"IF(B279=\"Spine\",\"INCLUDE\",IF(OR(O279>=7,P279=\"YES\"),\"INCLUDE\",\"HOLD\"))","v":"INCLUDE"},"Supporting corpus; exact numerical claims require publication-level lock. Included after relevance screen; not automatically a central lecture citation.","SUP110","empathy as a driver of prosocial behaviour"]
["L277","Supporting","Social cognition","Social re-orientation and brain development: An expanded and updated view","Nelson, Jarcho, Guyer","B/C","Title/abstract-screened research source","OpenAlex-D","https://www.sciencedirect.com/science/article/pii/S1878929315001279/pdf",3,2,2,0,2,{"$f":"SUM(J280:N280)","v":9},"NO","",{"$f":"IF(B280=\"Spine\",\"INCLUDE\",IF(OR(O280>=7,P280=\"YES\"),\"INCLUDE\",\"HOLD\"))","v":"INCLUDE"},"Supporting corpus; exact numerical claims require publication-level lock. Included after relevance screen; not automatically a central lecture citation.","SUP111","social re orientation and brain development an expanded and updated view"]
["L278","Supporting","Social cognition","Social Influence and Group Identity","Spears","B/C","Title/abstract-screened research source","OpenAlex-D","https://www.annualreviews.org/doi/pdf/10.1146/annurev-psych-070620-111818",3,1,2,0,2,{"$f":"SUM(J281:N281)","v":8},"NO","",{"$f":"IF(B281=\"Spine\",\"INCLUDE\",IF(OR(O281>=7,P281=\"YES\"),\"INCLUDE\",\"HOLD\"))","v":"INCLUDE"},"Supporting corpus; exact numerical claims require publication-level lock. Included after relevance screen; not automatically a central lecture citation.","SUP112","social influence and group identity"]
["L279","Supporting","Social cognition","Beyond Risk and Protective Factors: An Adaptation-Based Approach to Resilience","Ellis et al.","B/C","Title/abstract-screened research source","OpenAlex-D","https://journals.sagepub.com/doi/pdf/10.1177/1745691617693054",3,1,2,0,2,{"$f":"SUM(J282:N282)","v":8},"NO","",{"$f":"IF(B282=\"Spine\",\"INCLUDE\",IF(OR(O282>=7,P282=\"YES\"),\"INCLUDE\",\"HOLD\"))","v":"INCLUDE"},"Supporting corpus; exact numerical claims require publication-level lock. Included after relevance screen; not automatically a central lecture citation.","SUP113","beyond risk and protective factors an adaptation based approach to resilience"]
["L280","Supporting","Social cognition","Building a science of motivated persons: Self-determination theory’s empirical approach","Ryan et al.","B/C","Title/abstract-screened research source","OpenAlex-D","https://biblio.ugent.be/publication/8717692",3,1,2,0,2,{"$f":"SUM(J283:N283)","v":8},"NO","",{"$f":"IF(B283=\"Spine\",\"INCLUDE\",IF(OR(O283>=7,P283=\"YES\"),\"INCLUDE\",\"HOLD\"))","v":"INCLUDE"},"Supporting corpus; exact numerical claims require publication-level lock. Included after relevance screen; not automatically a central lecture citation.","SUP114","building a science of motivated persons self determination theory s empirical approach"]
["L281","Supporting","Social cognition","Mindfulness Broadens Awareness and Builds Eudaimonic Meaning","Garland et al.","B/C","Title/abstract-screened research source","OpenAlex-D","https://escholarship.org/content/qt6qg8p1n2/qt6qg8p1n2.pdf",3,1,2,0,2,{"$f":"SUM(J284:N284)","v":8},"NO","",{"$f":"IF(B284=\"Spine\",\"INCLUDE\",IF(OR(O284>=7,P284=\"YES\"),\"INCLUDE\",\"HOLD\"))","v":"INCLUDE"},"Supporting corpus; exact numerical claims require publication-level lock. Included after relevance screen; not automatically a central lecture citation.","SUP115","mindfulness broadens awareness and builds eudaimonic meaning"]
["L282","Supporting","Social cognition","The neuroscience of body memory: From the self through the space to the others","Riva","B/C","Title/abstract-screened research source","OpenAlex-A","https://www.sciencedirect.com/science/article/pii/S0010945217302381/pdf",3,1,2,0,2,{"$f":"SUM(J285:N285)","v":8},"NO","",{"$f":"IF(B285=\"Spine\",\"INCLUDE\",IF(OR(O285>=7,P285=\"YES\"),\"INCLUDE\",\"HOLD\"))","v":"INCLUDE"},"Supporting corpus; exact numerical claims require publication-level lock. Included after relevance screen; not automatically a central lecture citation.","SUP116","the neuroscience of body memory from the self through the space to the others"]
["L283","Supporting","Adjacent systems","Rapid Reconfiguration of the Functional Connectome after Chemogenetic Locus Coeruleus Activation","Zerbi et al.","B/C","Title/abstract-screened research source","OpenAlex-A","http://www.cell.com/article/S0896627319304878/pdf",2,1,1,0,2,{"$f":"SUM(J286:N286)","v":6},"YES","Neuromodulatory control-parameter anchor: causal LC perturbation and connectome reconfiguration.",{"$f":"IF(B286=\"Spine\",\"INCLUDE\",IF(OR(O286>=7,P286=\"YES\"),\"INCLUDE\",\"HOLD\"))","v":"INCLUDE"},"Supporting corpus; exact numerical claims require publication-level lock. Included after relevance screen; not automatically a central lecture citation.","SUP117","rapid reconfiguration of the functional connectome after chemogenetic locus coeruleus activation"]
["L284","Supporting","Adjacent systems","The Influences of Emotion on Learning and Memory","Tyng et al.","B/C","Title/abstract-screened research source","OpenAlex-D","https://www.frontiersin.org/articles/10.3389/fpsyg.2017.01454/pdf",2,1,1,0,2,{"$f":"SUM(J287:N287)","v":6},"NO","",{"$f":"IF(B287=\"Spine\",\"INCLUDE\",IF(OR(O287>=7,P287=\"YES\"),\"INCLUDE\",\"HOLD\"))","v":"HOLD"},"Supporting corpus; exact numerical claims require publication-level lock. Included after relevance screen; not automatically a central lecture citation.","SUP118","the influences of emotion on learning and memory"]
["L285","Supporting","Adjacent systems","Overshadowed by the amygdala: the bed nucleus of the stria terminalis emerges as key to psychiatric disorders","Lebow & Chen","B/C","Title/abstract-screened research source","OpenAlex-D","https://www.nature.com/articles/mp20161.pdf",2,1,1,0,2,{"$f":"SUM(J288:N288)","v":6},"NO","",{"$f":"IF(B288=\"Spine\",\"INCLUDE\",IF(OR(O288>=7,P288=\"YES\"),\"INCLUDE\",\"HOLD\"))","v":"HOLD"},"Supporting corpus; exact numerical claims require publication-level lock. Included after relevance screen; not automatically a central lecture citation.","SUP119","overshadowed by the amygdala the bed nucleus of the stria terminalis emerges as key to psychiatric disorders"]
["L286","Supporting","Adjacent systems","Understanding Emotions: Origins and Roles of the Amygdala","Šimić et al.","B/C","Title/abstract-screened research source","OpenAlex-D","https://www.mdpi.com/2218-273X/11/6/823/pdf?version=1622549395",2,1,1,0,2,{"$f":"SUM(J289:N289)","v":6},"NO","",{"$f":"IF(B289=\"Spine\",\"INCLUDE\",IF(OR(O289>=7,P289=\"YES\"),\"INCLUDE\",\"HOLD\"))","v":"HOLD"},"Supporting corpus; exact numerical claims require publication-level lock. Included after relevance screen; not automatically a central lecture citation.","SUP120","understanding emotions origins and roles of the amygdala"]
["L287","Supporting","Adjacent systems","The 2020 Five Domains Model: Including Human–Animal Interactions in Assessments of Animal Welfare","Mellor et al.","B/C","Title/abstract-screened research source","OpenAlex-D","https://www.mdpi.com/2076-2615/10/10/1870/pdf?version=1602638387",2,1,1,0,2,{"$f":"SUM(J290:N290)","v":6},"NO","",{"$f":"IF(B290=\"Spine\",\"INCLUDE\",IF(OR(O290>=7,P290=\"YES\"),\"INCLUDE\",\"HOLD\"))","v":"HOLD"},"Supporting corpus; exact numerical claims require publication-level lock. Included after relevance screen; not automatically a central lecture citation.","SUP121","the 2020 five domains model including human animal interactions in assessments of animal welfare"]
["L288","Supporting","Adjacent systems","A Review of the Benefits of Nature Experiences: More Than Meets the Eye","Franco et al.","B/C","Title/abstract-screened research source","OpenAlex-D","https://www.mdpi.com/1660-4601/14/8/864/pdf?version=1501677306",2,3,1,2,2,{"$f":"SUM(J291:N291)","v":10},"NO","",{"$f":"IF(B291=\"Spine\",\"INCLUDE\",IF(OR(O291>=7,P291=\"YES\"),\"INCLUDE\",\"HOLD\"))","v":"INCLUDE"},"Supporting corpus; exact numerical claims require publication-level lock. Included after relevance screen; not automatically a central lecture citation.","SUP122","a review of the benefits of nature experiences more than meets the eye"]
["L289","Supporting","Adjacent systems","The Dunedin Multidisciplinary Health and Development Study: overview of the first 40 years","Poulton, Moffitt, Silva","B/C","Title/abstract-screened research source","OpenAlex-D","https://link.springer.com/content/pdf/10.1007/s00127-015-1048-8.pdf",2,1,1,0,2,{"$f":"SUM(J292:N292)","v":6},"NO","",{"$f":"IF(B292=\"Spine\",\"INCLUDE\",IF(OR(O292>=7,P292=\"YES\"),\"INCLUDE\",\"HOLD\"))","v":"HOLD"},"Supporting corpus; exact numerical claims require publication-level lock. Included after relevance screen; not automatically a central lecture citation.","SUP123","the dunedin multidisciplinary health and development study overview of the first 40 years"]
["L290","Supporting","Social ecology","Social Ties and Mental Health","Ichiro Kawachi","B/C","Title/abstract-screened research source","OpenAlex-prior","https://link.springer.com/content/pdf/10.1093/jurban/78.3.458.pdf",2,1,2,0,1,{"$f":"SUM(J293:N293)","v":6},"YES","Foundational social-ecology anchor needed for micro–macro bridge.",{"$f":"IF(B293=\"Spine\",\"INCLUDE\",IF(OR(O293>=7,P293=\"YES\"),\"INCLUDE\",\"HOLD\"))","v":"INCLUDE"},"Supporting corpus; exact numerical claims require publication-level lock. Included after relevance screen; not automatically a central lecture citation.","SUP124","social ties and mental health"]
["L291","Supporting","Social ecology","Neighborhoods and health","Ana V. Diez Roux, Christina Mair","B/C","Title/abstract-screened research source","OpenAlex-prior","https://hdl.handle.net/2027.42/78686",2,1,2,0,1,{"$f":"SUM(J294:N294)","v":6},"NO","",{"$f":"IF(B294=\"Spine\",\"INCLUDE\",IF(OR(O294>=7,P294=\"YES\"),\"INCLUDE\",\"HOLD\"))","v":"HOLD"},"Supporting corpus; exact numerical claims require publication-level lock. Included after relevance screen; not automatically a central lecture citation.","SUP125","neighborhoods and health"]
["L292","Supporting","Social ecology","The Social Determinants of Health: Coming of Age","Paula Braveman, Susan Egerter, David R. Williams","B/C","Title/abstract-screened research source","OpenAlex-prior","https://www.annualreviews.org/doi/pdf/10.1146/annurev-publhealth-031210-101218",2,1,2,0,1,{"$f":"SUM(J295:N295)","v":6},"YES","Macro-context anchor required to prevent an exclusively intrapersonal model.",{"$f":"IF(B295=\"Spine\",\"INCLUDE\",IF(OR(O295>=7,P295=\"YES\"),\"INCLUDE\",\"HOLD\"))","v":"INCLUDE"},"Supporting corpus; exact numerical claims require publication-level lock. Included after relevance screen; not automatically a central lecture citation.","SUP126","the social determinants of health coming of age"]
["L293","Supporting","Social ecology","Belonging: a review of conceptual issues, an integrative framework, and directions for future research","Allen et al.","B/C","Title/abstract-screened research source","OpenAlex-prior","https://www.tandfonline.com/doi/pdf/10.1080/00049530.2021.1883409?needAccess=true&role=button",2,3,2,2,1,{"$f":"SUM(J296:N296)","v":10},"NO","",{"$f":"IF(B296=\"Spine\",\"INCLUDE\",IF(OR(O296>=7,P296=\"YES\"),\"INCLUDE\",\"HOLD\"))","v":"INCLUDE"},"Supporting corpus; exact numerical claims require publication-level lock. Included after relevance screen; not automatically a central lecture citation.","SUP127","belonging a review of conceptual issues an integrative framework and directions for future research"]
["L294","Supporting","Social ecology","Basic psychological need theory: Advancements, critical themes, and future directions","Vansteenkiste, Ryan, Soenens","B/C","Title/abstract-screened research source","OpenAlex-prior","https://link.springer.com/content/pdf/10.1007/s11031-019-09818-1.pdf",2,1,2,0,1,{"$f":"SUM(J297:N297)","v":6},"YES","Foundational need/context framework supporting relational resource and autonomy boundaries.",{"$f":"IF(B297=\"Spine\",\"INCLUDE\",IF(OR(O297>=7,P297=\"YES\"),\"INCLUDE\",\"HOLD\"))","v":"INCLUDE"},"Supporting corpus; exact numerical claims require publication-level lock. Included after relevance screen; not automatically a central lecture citation.","SUP128","basic psychological need theory advancements critical themes and future directions"]
["L295","Supporting","Development/Regulation","School Readiness and Self-Regulation: A Developmental Psychobiological Approach","Blair & Raver","B/C","Title/abstract-screened research source","OpenAlex-prior","https://www.annualreviews.org/doi/pdf/10.1146/annurev-psych-010814-015221",2,1,2,0,1,{"$f":"SUM(J298:N298)","v":6},"YES","Developmental psychobiology anchor for co-regulation → self-regulation continuity.",{"$f":"IF(B298=\"Spine\",\"INCLUDE\",IF(OR(O298>=7,P298=\"YES\"),\"INCLUDE\",\"HOLD\"))","v":"INCLUDE"},"Supporting corpus; exact numerical claims require publication-level lock. Included after relevance screen; not automatically a central lecture citation.","SUP129","school readiness and self regulation a developmental psychobiological approach"]
["L296","Supporting","Predictive/Interoception","Active interoceptive inference and the emotional brain","Seth & Friston","B/C","Title/abstract-screened research source","OpenAlex-prior","https://royalsocietypublishing.org/doi/pdf/10.1098/rstb.2016.0007",3,2,3,0,1,{"$f":"SUM(J299:N299)","v":9},"NO","",{"$f":"IF(B299=\"Spine\",\"INCLUDE\",IF(OR(O299>=7,P299=\"YES\"),\"INCLUDE\",\"HOLD\"))","v":"INCLUDE"},"Supporting corpus; exact numerical claims require publication-level lock. Included after relevance screen; not automatically a central lecture citation.","SUP130","active interoceptive inference and the emotional brain"]
["L297","Supporting","Therapy/Predictive","The role of mentalizing and epistemic trust in the therapeutic relationship","Fonagy & Allison","B/C","Title/abstract-screened research source","OpenAlex-prior","https://discovery.ucl.ac.uk/1428567/1/Fonagy_and_Allison_Mentalizing_in_the_therapeutic_relationship_FINAL_180214_template_Applied.pdf",3,1,3,0,1,{"$f":"SUM(J300:N300)","v":8},"NO","",{"$f":"IF(B300=\"Spine\",\"INCLUDE\",IF(OR(O300>=7,P300=\"YES\"),\"INCLUDE\",\"HOLD\"))","v":"INCLUDE"},"Supporting corpus; exact numerical claims require publication-level lock. Included after relevance screen; not automatically a central lecture citation.","SUP131","the role of mentalizing and epistemic trust in the therapeutic relationship"]
["L298","Supporting","Social dynamics","The Ripple Effect: Emotional Contagion and its Influence on Group Behavior","Barsade","B/C","Title/abstract-screened research source","OpenAlex-prior","https://repository.upenn.edu/bitstreams/031164e3-33ca-4d04-8959-a62cfc13ab56/download",2,1,3,0,1,{"$f":"SUM(J301:N301)","v":7},"NO","",{"$f":"IF(B301=\"Spine\",\"INCLUDE\",IF(OR(O301>=7,P301=\"YES\"),\"INCLUDE\",\"HOLD\"))","v":"INCLUDE"},"Supporting corpus; exact numerical claims require publication-level lock. Included after relevance screen; not automatically a central lecture citation.","SUP132","the ripple effect emotional contagion and its influence on group behavior"]
["L299","Supporting","Social dynamics","Social Signal Processing","Scherer et al.","B/C","Title/abstract-screened research source","OpenAlex-prior","https://www.cambridge.org/core/services/aop-cambridge-core/content/view/27883192CB47D109800315F797AA8221/9781316676202c22_p304-316_CBO.pdf",2,1,3,0,1,{"$f":"SUM(J302:N302)","v":7},"NO","",{"$f":"IF(B302=\"Spine\",\"INCLUDE\",IF(OR(O302>=7,P302=\"YES\"),\"INCLUDE\",\"HOLD\"))","v":"INCLUDE"},"Supporting corpus; exact numerical claims require publication-level lock. Included after relevance screen; not automatically a central lecture citation.","SUP133","social signal processing"]
["L300","Supporting","Resilience","Resilience definitions, theory, and challenges: interdisciplinary perspectives","Southwick et al.","B/C","Title/abstract-screened research source","OpenAlex-prior","https://www.tandfonline.com/doi/pdf/10.3402/ejpt.v5.25338?needAccess=true",2,1,1,2,1,{"$f":"SUM(J303:N303)","v":7},"NO","",{"$f":"IF(B303=\"Spine\",\"INCLUDE\",IF(OR(O303>=7,P303=\"YES\"),\"INCLUDE\",\"HOLD\"))","v":"INCLUDE"},"Supporting corpus; exact numerical claims require publication-level lock. Included after relevance screen; not automatically a central lecture citation.","SUP134","resilience definitions theory and challenges interdisciplinary perspectives"]
["L301","Supporting","Attachment/Social buffering","Human attachment triggers different social buffering mechanisms under high and low early life stress rearing.","Yirmiya et al.","B/C","Title/abstract-screened research source","Consensus-prior","https://consensus.app/papers/details/c217437c6b8a5732a48eb08534ae281a/?utm_source=chatgpt",3,1,3,0,1,{"$f":"SUM(J304:N304)","v":8},"NO","",{"$f":"IF(B304=\"Spine\",\"INCLUDE\",IF(OR(O304>=7,P304=\"YES\"),\"INCLUDE\",\"HOLD\"))","v":"INCLUDE"},"Supporting corpus; exact numerical claims require publication-level lock. Included after relevance screen; not automatically a central lecture citation.","SUP135","human attachment triggers different social buffering mechanisms under high and low early life stress rearing"]
["L302","Supporting","Attachment/Social buffering","Attachment buffers the physiological impact of social exclusion","Liddell & Courtney","B/C","Title/abstract-screened research source","Consensus-prior","https://consensus.app/papers/details/9a44e55ac8b65364b0ccf5af34527dad/?utm_source=chatgpt",3,1,3,0,1,{"$f":"SUM(J305:N305)","v":8},"NO","",{"$f":"IF(B305=\"Spine\",\"INCLUDE\",IF(OR(O305>=7,P305=\"YES\"),\"INCLUDE\",\"HOLD\"))","v":"INCLUDE"},"Supporting corpus; exact numerical claims require publication-level lock. Included after relevance screen; not automatically a central lecture citation.","SUP136","attachment buffers the physiological impact of social exclusion"]
["L303","Supporting","Social buffering","Social anxiety influences the stress-buffering potential of social presence","Maffei et al.","B/C","Title/abstract-screened research source","Consensus-prior","https://consensus.app/papers/details/809fe02d3cc85469ae75820d68f12098/?utm_source=chatgpt",3,1,3,0,1,{"$f":"SUM(J306:N306)","v":8},"NO","",{"$f":"IF(B306=\"Spine\",\"INCLUDE\",IF(OR(O306>=7,P306=\"YES\"),\"INCLUDE\",\"HOLD\"))","v":"INCLUDE"},"Supporting corpus; exact numerical claims require publication-level lock. Included after relevance screen; not automatically a central lecture citation.","SUP137","social anxiety influences the stress buffering potential of social presence"]
["L304","Supporting","Attachment","Adult attachment and prolonged grief: A systematic review and meta-analysis","Eisma et al.","B/C","Title/abstract-screened research source","Consensus-prior","https://consensus.app/papers/details/13614d62526c57078e0f648b39648fc3/?utm_source=chatgpt",3,3,2,2,1,{"$f":"SUM(J307:N307)","v":11},"NO","",{"$f":"IF(B307=\"Spine\",\"INCLUDE\",IF(OR(O307>=7,P307=\"YES\"),\"INCLUDE\",\"HOLD\"))","v":"INCLUDE"},"Supporting corpus; exact numerical claims require publication-level lock. Included after relevance screen; not automatically a central lecture citation.","SUP138","adult attachment and prolonged grief a systematic review and meta analysis"]
["L305","Supporting","Attachment","Adult attachment representations and depressive symptoms: A meta-analysis.","Dagan et al.","B/C","Title/abstract-screened research source","Consensus-prior","https://consensus.app/papers/details/92e63ec5dfb45db0aae10f4880a1dbfc/?utm_source=chatgpt",3,3,2,2,1,{"$f":"SUM(J308:N308)","v":11},"NO","",{"$f":"IF(B308=\"Spine\",\"INCLUDE\",IF(OR(O308>=7,P308=\"YES\"),\"INCLUDE\",\"HOLD\"))","v":"INCLUDE"},"Supporting corpus; exact numerical claims require publication-level lock. Included after relevance screen; not automatically a central lecture citation.","SUP139","adult attachment representations and depressive symptoms a meta analysis"]
["L306","Supporting","Attachment","Association of Parent–child Experiences with Insecure Attachment in Adulthood: A Systematic Review and Meta‐analysis","Kim, Baek, Park","B/C","Title/abstract-screened research source","Consensus-prior","https://consensus.app/papers/details/e640c4b7d14b5d6a8966c968b05fffce/?utm_source=chatgpt",3,3,2,2,1,{"$f":"SUM(J309:N309)","v":11},"NO","",{"$f":"IF(B309=\"Spine\",\"INCLUDE\",IF(OR(O309>=7,P309=\"YES\"),\"INCLUDE\",\"HOLD\"))","v":"INCLUDE"},"Supporting corpus; exact numerical claims require publication-level lock. Included after relevance screen; not automatically a central lecture citation.","SUP140","association of parent child experiences with insecure attachment in adulthood a systematic review and meta analysis"]
["L307","Supporting","Attachment","The associations between self-compassion and adult attachment: A meta-analysis","Huang & Wu","B/C","Title/abstract-screened research source","Consensus-prior","https://consensus.app/papers/details/94bdddeeafed57f2978e94c27c8b9c4e/?utm_source=chatgpt",3,3,2,2,1,{"$f":"SUM(J310:N310)","v":11},"NO","",{"$f":"IF(B310=\"Spine\",\"INCLUDE\",IF(OR(O310>=7,P310=\"YES\"),\"INCLUDE\",\"HOLD\"))","v":"INCLUDE"},"Supporting corpus; exact numerical claims require publication-level lock. Included after relevance screen; not automatically a central lecture citation.","SUP141","the associations between self compassion and adult attachment a meta analysis"]
["L308","Supporting","Attachment","The Dual Facets of Emotion Perception in Adult Attachment Representations","Eilert, Mensah, Buchheim","B/C","Title/abstract-screened research source","Consensus-prior","https://consensus.app/papers/details/496b95c610955d39948c124f901d8236/?utm_source=chatgpt",3,1,2,0,1,{"$f":"SUM(J311:N311)","v":7},"NO","",{"$f":"IF(B311=\"Spine\",\"INCLUDE\",IF(OR(O311>=7,P311=\"YES\"),\"INCLUDE\",\"HOLD\"))","v":"INCLUDE"},"Supporting corpus; exact numerical claims require publication-level lock. Included after relevance screen; not automatically a central lecture citation.","SUP142","the dual facets of emotion perception in adult attachment representations"]
["L309","Supporting","Attachment/Neuroimaging","The Associations Between Insecure Attachment Dimensions and Neural Activations During Socio-Affective Stimuli Tasks","Veneziani et al.","B/C","Title/abstract-screened research source","Consensus-prior","https://consensus.app/papers/details/49cdb0d6c9e150d5a16810e442ee2dee/?utm_source=chatgpt",3,2,2,0,1,{"$f":"SUM(J312:N312)","v":8},"NO","",{"$f":"IF(B312=\"Spine\",\"INCLUDE\",IF(OR(O312>=7,P312=\"YES\"),\"INCLUDE\",\"HOLD\"))","v":"INCLUDE"},"Supporting corpus; exact numerical claims require publication-level lock. Included after relevance screen; not automatically a central lecture citation.","SUP143","the associations between insecure attachment dimensions and neural activations during socio affective stimuli tasks"]
["L310","Supporting","Synchrony/Family","A Systematic Review on Parent-Child Synchrony: The Role of Stress, Resilience and Psychopathology.","Sfeir et al.","B/C","Title/abstract-screened research source","Consensus-prior","https://consensus.app/papers/details/a75d2ee535fc5a019de2c11d31aeebab/?utm_source=chatgpt",3,3,3,2,1,{"$f":"SUM(J313:N313)","v":12},"NO","",{"$f":"IF(B313=\"Spine\",\"INCLUDE\",IF(OR(O313>=7,P313=\"YES\"),\"INCLUDE\",\"HOLD\"))","v":"INCLUDE"},"Supporting corpus; exact numerical claims require publication-level lock. Included after relevance screen; not automatically a central lecture citation.","SUP144","a systematic review on parent child synchrony the role of stress resilience and psychopathology"]
["L311","Supporting","Synchrony/Clinical","A Systematic Review of Inter-Brain Synchrony and Psychological Conditions","Azhari et al.","B/C","Title/abstract-screened research source","Consensus-prior","https://consensus.app/papers/details/d1dff2eb42a653cdaaddf11af27bf143/?utm_source=chatgpt",3,3,3,2,1,{"$f":"SUM(J314:N314)","v":12},"NO","",{"$f":"IF(B314=\"Spine\",\"INCLUDE\",IF(OR(O314>=7,P314=\"YES\"),\"INCLUDE\",\"HOLD\"))","v":"INCLUDE"},"Supporting corpus; exact numerical claims require publication-level lock. Included after relevance screen; not automatically a central lecture citation.","SUP145","a systematic review of inter brain synchrony and psychological conditions"]
["L312","Supporting","Synchrony/Family","Visualizing the invisible tie: Linking parent-child neural synchrony to attachment representations.","Nguyen et al.","B/C","Title/abstract-screened research source","Consensus-prior","https://consensus.app/papers/details/c6f29473b0e35b3990982afc738f3cc8/?utm_source=chatgpt",3,2,3,0,1,{"$f":"SUM(J315:N315)","v":9},"NO","",{"$f":"IF(B315=\"Spine\",\"INCLUDE\",IF(OR(O315>=7,P315=\"YES\"),\"INCLUDE\",\"HOLD\"))","v":"INCLUDE"},"Supporting corpus; exact numerical claims require publication-level lock. Included after relevance screen; not automatically a central lecture citation.","SUP146","visualizing the invisible tie linking parent child neural synchrony to attachment representations"]
["L313","Supporting","Synchrony/Family","How parent–child brain-to-brain synchrony can inform the study of child development","Alonso et al.","B/C","Title/abstract-screened research source","Consensus-prior","https://consensus.app/papers/details/d00639a4a41053f5825c55f63fbe2240/?utm_source=chatgpt",3,2,3,0,1,{"$f":"SUM(J316:N316)","v":9},"NO","",{"$f":"IF(B316=\"Spine\",\"INCLUDE\",IF(OR(O316>=7,P316=\"YES\"),\"INCLUDE\",\"HOLD\"))","v":"INCLUDE"},"Supporting corpus; exact numerical claims require publication-level lock. Included after relevance screen; not automatically a central lecture citation.","SUP147","how parent child brain to brain synchrony can inform the study of child development"]
["L314","Supporting","Synchrony/Family","Parent–Child Neural Similarity and Synchrony: Toward an Integrative Framework","Zhou et al.","B/C","Title/abstract-screened research source","Consensus-prior","https://consensus.app/papers/details/3298dad5d944512ebcb243f9e4e6e1f0/?utm_source=chatgpt",3,2,3,0,1,{"$f":"SUM(J317:N317)","v":9},"NO","",{"$f":"IF(B317=\"Spine\",\"INCLUDE\",IF(OR(O317>=7,P317=\"YES\"),\"INCLUDE\",\"HOLD\"))","v":"INCLUDE"},"Supporting corpus; exact numerical claims require publication-level lock. Included after relevance screen; not automatically a central lecture citation.","SUP148","parent child neural similarity and synchrony toward an integrative framework"]
["L315","Supporting","Social buffering/Preclinical","Social Buffering of Stress in Rats: A Multisystem Meta-Analysis and Translational Framework for Stress Resilience.","Sarapultsev et al.","B/C","Title/abstract-screened research source","Consensus-prior","https://consensus.app/papers/details/66bafa0952455727adc1acdd70a085d2/?utm_source=chatgpt",3,3,3,2,1,{"$f":"SUM(J318:N318)","v":12},"NO","",{"$f":"IF(B318=\"Spine\",\"INCLUDE\",IF(OR(O318>=7,P318=\"YES\"),\"INCLUDE\",\"HOLD\"))","v":"INCLUDE"},"Supporting corpus; exact numerical claims require publication-level lock. Included after relevance screen; not automatically a central lecture citation.","SUP149","social buffering of stress in rats a multisystem meta analysis and translational framework for stress resilience"]
["L316","Supporting","Therapy","Meta-Analysis of the Prospective Relation Between Alliance and Outcome in Child and Adolescent Psychotherapy","Karver et al.","B/C","Title/abstract-screened research source","Consensus-prior","https://consensus.app/papers/details/5f51da7349055785a909e3fd26d80ac0/?utm_source=chatgpt",3,3,1,2,1,{"$f":"SUM(J319:N319)","v":10},"NO","",{"$f":"IF(B319=\"Spine\",\"INCLUDE\",IF(OR(O319>=7,P319=\"YES\"),\"INCLUDE\",\"HOLD\"))","v":"INCLUDE"},"Supporting corpus; exact numerical claims require publication-level lock. Included after relevance screen; not automatically a central lecture citation.","SUP150","meta analysis of the prospective relation between alliance and outcome in child and adolescent psychotherapy"]
["L317","Supporting","Therapy","The alliance-outcome relationship in individual psychosocial treatment for schizophrenia and early psychosis: A meta-analysis.","Browne et al.","B/C","Title/abstract-screened research source","Consensus-prior","https://consensus.app/papers/details/36a82b66f83d5b4e839c672620ed60d0/?utm_source=chatgpt",3,3,1,2,1,{"$f":"SUM(J320:N320)","v":10},"NO","",{"$f":"IF(B320=\"Spine\",\"INCLUDE\",IF(OR(O320>=7,P320=\"YES\"),\"INCLUDE\",\"HOLD\"))","v":"INCLUDE"},"Supporting corpus; exact numerical claims require publication-level lock. Included after relevance screen; not automatically a central lecture citation.","SUP151","the alliance outcome relationship in individual psychosocial treatment for schizophrenia and early psychosis a meta analysis"]
["L318","Supporting","Therapy","Systematic review and meta-analysis of therapeutic alliance, engagement, and outcome in psychological therapies for psychosis.","Bourke et al.","B/C","Title/abstract-screened research source","Consensus-prior","https://consensus.app/papers/details/65b688fad05453149df7f9a37bfeb94e/?utm_source=chatgpt",3,3,1,2,1,{"$f":"SUM(J321:N321)","v":10},"NO","",{"$f":"IF(B321=\"Spine\",\"INCLUDE\",IF(OR(O321>=7,P321=\"YES\"),\"INCLUDE\",\"HOLD\"))","v":"INCLUDE"},"Supporting corpus; exact numerical claims require publication-level lock. Included after relevance screen; not automatically a central lecture citation.","SUP152","systematic review and meta analysis of therapeutic alliance engagement and outcome in psychological therapies for psychosis"]
["L319","Supporting","Therapy","The alliance-outcome association in group interventions: A multilevel meta-analysis.","Lo Coco et al.","B/C","Title/abstract-screened research source","Consensus-prior","https://consensus.app/papers/details/2b585ebb890a57beb69ced668ea46220/?utm_source=chatgpt",3,3,1,2,1,{"$f":"SUM(J322:N322)","v":10},"NO","",{"$f":"IF(B322=\"Spine\",\"INCLUDE\",IF(OR(O322>=7,P322=\"YES\"),\"INCLUDE\",\"HOLD\"))","v":"INCLUDE"},"Supporting corpus; exact numerical claims require publication-level lock. Included after relevance screen; not automatically a central lecture citation.","SUP153","the alliance outcome association in group interventions a multilevel meta analysis"]
["L320","Supporting","Therapy","The effects of cultural humility on therapeutic alliance and psychotherapy outcomes: A systematic review and meta-analysis","Orlowski et al.","B/C","Title/abstract-screened research source","Consensus-prior","https://consensus.app/papers/details/185a5280fe84596083b5d46aa37d077e/?utm_source=chatgpt",3,3,1,2,1,{"$f":"SUM(J323:N323)","v":10},"NO","",{"$f":"IF(B323=\"Spine\",\"INCLUDE\",IF(OR(O323>=7,P323=\"YES\"),\"INCLUDE\",\"HOLD\"))","v":"INCLUDE"},"Supporting corpus; exact numerical claims require publication-level lock. Included after relevance screen; not automatically a central lecture citation.","SUP154","the effects of cultural humility on therapeutic alliance and psychotherapy outcomes a systematic review and meta analysis"]
["L321","Supporting","Therapy","A meta-analysis of the relation between therapeutic alliance and treatment outcome in eating disorders","Graves et al.","B/C","Title/abstract-screened research source","Consensus-prior","https://consensus.app/papers/details/6d109174ee9f5072b3608a6944c9b156/?utm_source=chatgpt",3,3,1,2,1,{"$f":"SUM(J324:N324)","v":10},"NO","",{"$f":"IF(B324=\"Spine\",\"INCLUDE\",IF(OR(O324>=7,P324=\"YES\"),\"INCLUDE\",\"HOLD\"))","v":"INCLUDE"},"Supporting corpus; exact numerical claims require publication-level lock. Included after relevance screen; not automatically a central lecture citation.","SUP155","a meta analysis of the relation between therapeutic alliance and treatment outcome in eating disorders"]
["L322","Supporting","Therapy","Repairing alliance ruptures.","Safran, Muran, Eubanks-Carter","B/C","Title/abstract-screened research source","Consensus-prior","https://consensus.app/papers/details/9aec4aadd4d75a63ad86c7b18c55de36/?utm_source=chatgpt",3,1,1,0,1,{"$f":"SUM(J325:N325)","v":6},"YES","Historical rupture-repair anchor retained for continuity with later meta-analytic evidence.",{"$f":"IF(B325=\"Spine\",\"INCLUDE\",IF(OR(O325>=7,P325=\"YES\"),\"INCLUDE\",\"HOLD\"))","v":"INCLUDE"},"Supporting corpus; exact numerical claims require publication-level lock. Included after relevance screen; not automatically a central lecture citation.","SUP156","repairing alliance ruptures"]
["L323","Supporting","PTSD/Social support","Self-reported PTSD symptoms and social support in U.S. military service members and veterans: a meta-analysis","Blais et al.","B/C","Title/abstract-screened research source","Consensus-prior","https://consensus.app/papers/details/a5e8be7e80775e7087d5ab4a00b4ad25/?utm_source=chatgpt",2,3,1,2,1,{"$f":"SUM(J326:N326)","v":9},"NO","",{"$f":"IF(B326=\"Spine\",\"INCLUDE\",IF(OR(O326>=7,P326=\"YES\"),\"INCLUDE\",\"HOLD\"))","v":"INCLUDE"},"Supporting corpus; exact numerical claims require publication-level lock. Included after relevance screen; not automatically a central lecture citation.","SUP157","self reported ptsd symptoms and social support in u s military service members and veterans a meta analysis"]
["L324","Supporting","PTSD/Social support","The correlation between social support and post-traumatic stress disorder in children and adolescents: A meta-analysis.","Allen et al.","B/C","Title/abstract-screened research source","Consensus-prior","https://consensus.app/papers/details/8687ff67281d55a590108120b946acf2/?utm_source=chatgpt",2,3,1,2,1,{"$f":"SUM(J327:N327)","v":9},"NO","",{"$f":"IF(B327=\"Spine\",\"INCLUDE\",IF(OR(O327>=7,P327=\"YES\"),\"INCLUDE\",\"HOLD\"))","v":"INCLUDE"},"Supporting corpus; exact numerical claims require publication-level lock. Included after relevance screen; not automatically a central lecture citation.","SUP158","the correlation between social support and post traumatic stress disorder in children and adolescents a meta analysis"]
["L325","Supporting","PTSD/Social support","The influence of social support on posttraumatic stress symptoms among children and adolescents: a scoping review and meta-analysis","Xiong et al.","B/C","Title/abstract-screened research source","Consensus-prior","https://consensus.app/papers/details/579a9aad04295052915177ae0ebb0a0e/?utm_source=chatgpt",2,3,1,2,1,{"$f":"SUM(J328:N328)","v":9},"NO","",{"$f":"IF(B328=\"Spine\",\"INCLUDE\",IF(OR(O328>=7,P328=\"YES\"),\"INCLUDE\",\"HOLD\"))","v":"INCLUDE"},"Supporting corpus; exact numerical claims require publication-level lock. Included after relevance screen; not automatically a central lecture citation.","SUP159","the influence of social support on posttraumatic stress symptoms among children and adolescents a scoping review and meta analysis"]
["L326","Supporting","PTSD/Social support","Level of perceived social support in combat-exposed military personnel: systematic review and meta-analysis","Grover et al.","B/C","Title/abstract-screened research source","Consensus-prior","https://consensus.app/papers/details/7c1540580bca5388a9342cfe1e911f45/?utm_source=chatgpt",2,3,1,2,1,{"$f":"SUM(J329:N329)","v":9},"NO","",{"$f":"IF(B329=\"Spine\",\"INCLUDE\",IF(OR(O329>=7,P329=\"YES\"),\"INCLUDE\",\"HOLD\"))","v":"INCLUDE"},"Supporting corpus; exact numerical claims require publication-level lock. Included after relevance screen; not automatically a central lecture citation.","SUP160","level of perceived social support in combat exposed military personnel systematic review and meta analysis"]
["L327","Supporting","PTSD/Social support","Social support and posttraumatic growth: A meta-analysis.","Ning et al.","B/C","Title/abstract-screened research source","Consensus-prior","https://consensus.app/papers/details/f52c3d55cccf54dd988a97e7e3379335/?utm_source=chatgpt",2,3,1,2,1,{"$f":"SUM(J330:N330)","v":9},"NO","",{"$f":"IF(B330=\"Spine\",\"INCLUDE\",IF(OR(O330>=7,P330=\"YES\"),\"INCLUDE\",\"HOLD\"))","v":"INCLUDE"},"Supporting corpus; exact numerical claims require publication-level lock. Included after relevance screen; not automatically a central lecture citation.","SUP161","social support and posttraumatic growth a meta analysis"]
["L328","Supporting","PTSD/Social cognition","Social Cognitive Performance in Posttraumatic Stress Disorder: A Meta-analysis.","Janssen et al.","B/C","Title/abstract-screened research source","Consensus-prior","https://consensus.app/papers/details/c33c82e70cfd5fbe9822493d340452b8/?utm_source=chatgpt",3,3,2,2,1,{"$f":"SUM(J331:N331)","v":11},"NO","",{"$f":"IF(B331=\"Spine\",\"INCLUDE\",IF(OR(O331>=7,P331=\"YES\"),\"INCLUDE\",\"HOLD\"))","v":"INCLUDE"},"Supporting corpus; exact numerical claims require publication-level lock. Included after relevance screen; not automatically a central lecture citation.","SUP162","social cognitive performance in posttraumatic stress disorder a meta analysis"]
["L329","Supporting","Autonomic/HRV","Is cardiac autonomic control affected in major depressive disorder? A systematic review of heart rate variability studies","Goffi et al.","B/C","Title/abstract-screened research source","Consensus-prior","https://consensus.app/papers/details/e9660ae234a5595ea88aa3c20d4c9eeb/?utm_source=chatgpt",2,3,1,2,1,{"$f":"SUM(J332:N332)","v":9},"NO","",{"$f":"IF(B332=\"Spine\",\"INCLUDE\",IF(OR(O332>=7,P332=\"YES\"),\"INCLUDE\",\"HOLD\"))","v":"INCLUDE"},"Supporting corpus; exact numerical claims require publication-level lock. Included after relevance screen; not automatically a central lecture citation.","SUP163","is cardiac autonomic control affected in major depressive disorder a systematic review of heart rate variability studies"]
["L330","Supporting","Autonomic/HRV","Heart Rate Variability Analyses in Parkinson’s Disease: A Systematic Review and Meta-Analysis","Heimrich et al.","B/C","Title/abstract-screened research source","Consensus-prior","https://consensus.app/papers/details/cb16a46bb1df5485aa0f252571c2915e/?utm_source=chatgpt",2,3,1,2,1,{"$f":"SUM(J333:N333)","v":9},"NO","",{"$f":"IF(B333=\"Spine\",\"INCLUDE\",IF(OR(O333>=7,P333=\"YES\"),\"INCLUDE\",\"HOLD\"))","v":"INCLUDE"},"Supporting corpus; exact numerical claims require publication-level lock. Included after relevance screen; not automatically a central lecture citation.","SUP164","heart rate variability analyses in parkinson s disease a systematic review and meta analysis"]
["L331","Supporting","Autonomic/HRV","Heart rate variability as a marker and predictor of inflammation, nosocomial infection, and sepsis - A systematic review.","Adam et al.","B/C","Title/abstract-screened research source","Consensus-prior","https://consensus.app/papers/details/1bcdf9d229765363b2c440c4600c93c8/?utm_source=chatgpt",2,3,1,2,1,{"$f":"SUM(J334:N334)","v":9},"NO","",{"$f":"IF(B334=\"Spine\",\"INCLUDE\",IF(OR(O334>=7,P334=\"YES\"),\"INCLUDE\",\"HOLD\"))","v":"INCLUDE"},"Supporting corpus; exact numerical claims require publication-level lock. Included after relevance screen; not automatically a central lecture citation.","SUP165","heart rate variability as a marker and predictor of inflammation nosocomial infection and sepsis a systematic review"]
["L332","Supporting","Autonomic/HRV","A systematic review and meta-analysis of heart rate variability in COPD","Alqahtani et al.","B/C","Title/abstract-screened research source","Consensus-prior","https://consensus.app/papers/details/b352846c12ec5e25b0c02b919e8af9be/?utm_source=chatgpt",2,3,1,2,1,{"$f":"SUM(J335:N335)","v":9},"NO","",{"$f":"IF(B335=\"Spine\",\"INCLUDE\",IF(OR(O335>=7,P335=\"YES\"),\"INCLUDE\",\"HOLD\"))","v":"INCLUDE"},"Supporting corpus; exact numerical claims require publication-level lock. Included after relevance screen; not automatically a central lecture citation.","SUP166","a systematic review and meta analysis of heart rate variability in copd"]
["L333","Supporting","Autonomic/HRV","Heart rate variability in critical care medicine: a systematic review","Karmali et al.","B/C","Title/abstract-screened research source","Consensus-prior","https://consensus.app/papers/details/0f23f547ae795524a76188b92388b36b/?utm_source=chatgpt",2,3,1,2,1,{"$f":"SUM(J336:N336)","v":9},"NO","",{"$f":"IF(B336=\"Spine\",\"INCLUDE\",IF(OR(O336>=7,P336=\"YES\"),\"INCLUDE\",\"HOLD\"))","v":"INCLUDE"},"Supporting corpus; exact numerical claims require publication-level lock. Included after relevance screen; not automatically a central lecture citation.","SUP167","heart rate variability in critical care medicine a systematic review"]
["L334","Supporting","Polyvagal audit","The polyvagal theory: phylogenetic substrates of a social nervous system.","Porges","B/C","Title/abstract-screened research source","Consensus-prior","https://consensus.app/papers/details/9f288c748a095347a57e443273851b5a/?utm_source=chatgpt",2,1,1,0,1,{"$f":"SUM(J337:N337)","v":5},"NO","",{"$f":"IF(B337=\"Spine\",\"INCLUDE\",IF(OR(O337>=7,P337=\"YES\"),\"INCLUDE\",\"HOLD\"))","v":"HOLD"},"Supporting corpus; exact numerical claims require publication-level lock. Included after relevance screen; not automatically a central lecture citation.","SUP168","the polyvagal theory phylogenetic substrates of a social nervous system"]
["L335","Supporting","Polyvagal audit","Polyvagal Theory: A biobehavioral journey to sociality","Porges","B/C","Title/abstract-screened research source","Consensus-prior","https://consensus.app/papers/details/04716ee7cecb59778189e657bbfc1b0a/?utm_source=chatgpt",2,1,1,0,1,{"$f":"SUM(J338:N338)","v":5},"NO","",{"$f":"IF(B338=\"Spine\",\"INCLUDE\",IF(OR(O338>=7,P338=\"YES\"),\"INCLUDE\",\"HOLD\"))","v":"HOLD"},"Supporting corpus; exact numerical claims require publication-level lock. Included after relevance screen; not automatically a central lecture citation.","SUP169","polyvagal theory a biobehavioral journey to sociality"]
["L336","Supporting","Polyvagal audit","The vagal paradox: A polyvagal solution","Porges","B/C","Title/abstract-screened research source","Consensus-prior","https://consensus.app/papers/details/d15839f064ac507f97e52d6cc66b9b26/?utm_source=chatgpt",2,1,1,0,1,{"$f":"SUM(J339:N339)","v":5},"NO","",{"$f":"IF(B339=\"Spine\",\"INCLUDE\",IF(OR(O339>=7,P339=\"YES\"),\"INCLUDE\",\"HOLD\"))","v":"HOLD"},"Supporting corpus; exact numerical claims require publication-level lock. Included after relevance screen; not automatically a central lecture citation.","SUP170","the vagal paradox a polyvagal solution"]
["L337","Supporting","Polyvagal audit","Social Engagement and Attachment","Porges","B/C","Title/abstract-screened research source","Consensus-prior","https://consensus.app/papers/details/6edf8ce4b976506cbf64c1d963b62a1c/?utm_source=chatgpt",2,1,1,0,1,{"$f":"SUM(J340:N340)","v":5},"NO","",{"$f":"IF(B340=\"Spine\",\"INCLUDE\",IF(OR(O340>=7,P340=\"YES\"),\"INCLUDE\",\"HOLD\"))","v":"HOLD"},"Supporting corpus; exact numerical claims require publication-level lock. Included after relevance screen; not automatically a central lecture citation.","SUP171","social engagement and attachment"]
["L338","Supporting","Neuromodulation/Oxytocin","The effects of oxytocin administration on social and routinized behaviors in autism: A preregistered systematic review and meta-analysis.","Audunsdottir et al.","B/C","Title/abstract-screened research source","Consensus-prior","https://consensus.app/papers/details/d66619de5a4b53d38671dbad4da7e4bf/?utm_source=chatgpt",3,3,3,2,1,{"$f":"SUM(J341:N341)","v":12},"NO","",{"$f":"IF(B341=\"Spine\",\"INCLUDE\",IF(OR(O341>=7,P341=\"YES\"),\"INCLUDE\",\"HOLD\"))","v":"INCLUDE"},"Supporting corpus; exact numerical claims require publication-level lock. Included after relevance screen; not automatically a central lecture citation.","SUP172","the effects of oxytocin administration on social and routinized behaviors in autism a preregistered systematic review and meta analysis"]
["L339","Supporting","Neuromodulation/Oxytocin","Effects of oxytocin administration on non-social executive functions in humans: a preregistered systematic review and meta-analysis","Kang et al.","B/C","Title/abstract-screened research source","Consensus-prior","https://consensus.app/papers/details/20ee056afd625a52a8acfcf3a9016150/?utm_source=chatgpt",3,3,3,2,1,{"$f":"SUM(J342:N342)","v":12},"NO","",{"$f":"IF(B342=\"Spine\",\"INCLUDE\",IF(OR(O342>=7,P342=\"YES\"),\"INCLUDE\",\"HOLD\"))","v":"INCLUDE"},"Supporting corpus; exact numerical claims require publication-level lock. Included after relevance screen; not automatically a central lecture citation.","SUP173","effects of oxytocin administration on non social executive functions in humans a preregistered systematic review and meta analysis"]
["L340","Supporting","Neuromodulation/Oxytocin","Intranasal Oxytocin in the Treatment of Autism Spectrum Disorders: A Multilevel Meta-Analysis.","Huang et al.","B/C","Title/abstract-screened research source","Consensus-prior","https://consensus.app/papers/details/d4e55720f8b05e4a8307bc22b31d877e/?utm_source=chatgpt",3,3,3,2,1,{"$f":"SUM(J343:N343)","v":12},"NO","",{"$f":"IF(B343=\"Spine\",\"INCLUDE\",IF(OR(O343>=7,P343=\"YES\"),\"INCLUDE\",\"HOLD\"))","v":"INCLUDE"},"Supporting corpus; exact numerical claims require publication-level lock. Included after relevance screen; not automatically a central lecture citation.","SUP174","intranasal oxytocin in the treatment of autism spectrum disorders a multilevel meta analysis"]
["L341","Supporting","Neuromodulation/Oxytocin","Neurophysiological effects of acute oxytocin administration: systematic review and meta-analysis of placebo-controlled imaging studies.","Wigton et al.","B/C","Title/abstract-screened research source","Consensus-prior","https://consensus.app/papers/details/087f9836051850d1b3e6f59b4f4dc5b9/?utm_source=chatgpt",3,3,3,2,1,{"$f":"SUM(J344:N344)","v":12},"NO","",{"$f":"IF(B344=\"Spine\",\"INCLUDE\",IF(OR(O344>=7,P344=\"YES\"),\"INCLUDE\",\"HOLD\"))","v":"INCLUDE"},"Supporting corpus; exact numerical claims require publication-level lock. Included after relevance screen; not automatically a central lecture citation.","SUP175","neurophysiological effects of acute oxytocin administration systematic review and meta analysis of placebo controlled imaging studies"]
["L342","Supporting","Neuromodulation/Oxytocin","Endogenous Oxytocin Levels in Autism—A Meta-Analysis","Moerkerke et al.","B/C","Title/abstract-screened research source","Consensus-prior","https://consensus.app/papers/details/24cb86186e0f5363b93a3ccbc09055fe/?utm_source=chatgpt",3,3,3,2,1,{"$f":"SUM(J345:N345)","v":12},"NO","",{"$f":"IF(B345=\"Spine\",\"INCLUDE\",IF(OR(O345>=7,P345=\"YES\"),\"INCLUDE\",\"HOLD\"))","v":"INCLUDE"},"Supporting corpus; exact numerical claims require publication-level lock. Included after relevance screen; not automatically a central lecture citation.","SUP176","endogenous oxytocin levels in autism a meta analysis"]
["L343","Supporting","Neuromodulation/Oxytocin","The effect of MDMA administration on oxytocin concentration levels: systematic review and a multilevel meta-analysis in humans.","Vaslavski et al.","B/C","Title/abstract-screened research source","Consensus-prior","https://consensus.app/papers/details/5b58dddd172f5fefab2ed712d40503b1/?utm_source=chatgpt",3,3,3,2,1,{"$f":"SUM(J346:N346)","v":12},"NO","",{"$f":"IF(B346=\"Spine\",\"INCLUDE\",IF(OR(O346>=7,P346=\"YES\"),\"INCLUDE\",\"HOLD\"))","v":"INCLUDE"},"Supporting corpus; exact numerical claims require publication-level lock. Included after relevance screen; not automatically a central lecture citation.","SUP177","the effect of mdma administration on oxytocin concentration levels systematic review and a multilevel meta analysis in humans"]
["L344","Supporting","Social buffering","Perceived Social Support and Children's Physiological Responses to Stress","Chen et al.","B/C","Title/abstract-screened research source","Consensus-prior","https://consensus.app/papers/details/a48b5a2e62cb50faab0c1a1d7727950c/?utm_source=chatgpt",3,1,3,0,1,{"$f":"SUM(J347:N347)","v":8},"NO","",{"$f":"IF(B347=\"Spine\",\"INCLUDE\",IF(OR(O347>=7,P347=\"YES\"),\"INCLUDE\",\"HOLD\"))","v":"INCLUDE"},"Supporting corpus; exact numerical claims require publication-level lock. Included after relevance screen; not automatically a central lecture citation.","SUP178","perceived social support and children s physiological responses to stress"]
["L345","Supporting","Social buffering","Regulation of the stress response by social buffering: A review across species","Avellaneda & Kamenetzky","B/C","Title/abstract-screened research source","Consensus-prior","https://consensus.app/papers/details/fb491a6488935a3f92154d9dd48157e4/?utm_source=chatgpt",3,3,3,2,1,{"$f":"SUM(J348:N348)","v":12},"NO","",{"$f":"IF(B348=\"Spine\",\"INCLUDE\",IF(OR(O348>=7,P348=\"YES\"),\"INCLUDE\",\"HOLD\"))","v":"INCLUDE"},"Supporting corpus; exact numerical claims require publication-level lock. Included after relevance screen; not automatically a central lecture citation.","SUP179","regulation of the stress response by social buffering a review across species"]
["L346","Supporting","Social buffering","Differentiating the stress buffering functions of perceived versus received social support","Rui & Guo","B/C","Title/abstract-screened research source","Consensus-prior","https://consensus.app/papers/details/2849d42d46325ca6b3f538b84e678b5e/?utm_source=chatgpt",3,1,3,0,1,{"$f":"SUM(J349:N349)","v":8},"NO","",{"$f":"IF(B349=\"Spine\",\"INCLUDE\",IF(OR(O349>=7,P349=\"YES\"),\"INCLUDE\",\"HOLD\"))","v":"INCLUDE"},"Supporting corpus; exact numerical claims require publication-level lock. Included after relevance screen; not automatically a central lecture citation.","SUP180","differentiating the stress buffering functions of perceived versus received social support"]
["L347","Supporting","Social buffering","Social support buffers the negative effects of stress in cardiac patients","Wiesmaierova et al.","B/C","Title/abstract-screened research source","Consensus-prior","https://consensus.app/papers/details/8ca337367d9959fdbf49ed0b09eb6656/?utm_source=chatgpt",3,1,3,0,1,{"$f":"SUM(J350:N350)","v":8},"NO","",{"$f":"IF(B350=\"Spine\",\"INCLUDE\",IF(OR(O350>=7,P350=\"YES\"),\"INCLUDE\",\"HOLD\"))","v":"INCLUDE"},"Supporting corpus; exact numerical claims require publication-level lock. Included after relevance screen; not automatically a central lecture citation.","SUP181","social support buffers the negative effects of stress in cardiac patients"]
["L348","Supporting","Social buffering","The medial prefrontal cortex as a proposed regulatory structure in anxiety and perceived social support","Navarro-Nolasco et al.","B/C","Title/abstract-screened research source","Consensus-prior","https://consensus.app/papers/details/2a0538262817589b917d24a6f45eb9b0/?utm_source=chatgpt",3,1,3,0,1,{"$f":"SUM(J351:N351)","v":8},"NO","",{"$f":"IF(B351=\"Spine\",\"INCLUDE\",IF(OR(O351>=7,P351=\"YES\"),\"INCLUDE\",\"HOLD\"))","v":"INCLUDE"},"Supporting corpus; exact numerical claims require publication-level lock. Included after relevance screen; not automatically a central lecture citation.","SUP182","the medial prefrontal cortex as a proposed regulatory structure in anxiety and perceived social support"]
["L349","Supporting","Social buffering","The Effect of a Dog on Acute Stress Reactivity During Experimental Stressors: A Systematic Review and Meta-Analysis","Rodriguez et al.","B/C","Title/abstract-screened research source","Consensus-prior","https://consensus.app/papers/details/f8bec88eb8a656f79c23b81944b5daf6/?utm_source=chatgpt",3,3,3,2,1,{"$f":"SUM(J352:N352)","v":12},"NO","",{"$f":"IF(B352=\"Spine\",\"INCLUDE\",IF(OR(O352>=7,P352=\"YES\"),\"INCLUDE\",\"HOLD\"))","v":"INCLUDE"},"Supporting corpus; exact numerical claims require publication-level lock. Included after relevance screen; not automatically a central lecture citation.","SUP183","the effect of a dog on acute stress reactivity during experimental stressors a systematic review and meta analysis"]
["L350","Supporting","Synchrony/Timescales","Human attachments shape interbrain synchrony toward efficient performance of social goals","Djalovski et al.","B/C","Title/abstract-screened research source","Consensus-prior","https://consensus.app/papers/details/a21b9e292c62557786d337c2216d0909/?utm_source=chatgpt",3,2,3,0,1,{"$f":"SUM(J353:N353)","v":9},"NO","",{"$f":"IF(B353=\"Spine\",\"INCLUDE\",IF(OR(O353>=7,P353=\"YES\"),\"INCLUDE\",\"HOLD\"))","v":"INCLUDE"},"Supporting corpus; exact numerical claims require publication-level lock. Included after relevance screen; not automatically a central lecture citation.","SUP184","human attachments shape interbrain synchrony toward efficient performance of social goals"]
["L351","Supporting","Synchrony/Timescales","Integrating neural, physiological, and interoceptive measures in social interaction","Lettieri","B/C","Title/abstract-screened research source","Consensus-prior","https://consensus.app/papers/details/5801744aecc551a7baeb54766cab8cda/?utm_source=chatgpt",3,2,3,0,1,{"$f":"SUM(J354:N354)","v":9},"NO","",{"$f":"IF(B354=\"Spine\",\"INCLUDE\",IF(OR(O354>=7,P354=\"YES\"),\"INCLUDE\",\"HOLD\"))","v":"INCLUDE"},"Supporting corpus; exact numerical claims require publication-level lock. Included after relevance screen; not automatically a central lecture citation.","SUP185","integrating neural physiological and interoceptive measures in social interaction"]
["L352","Supporting","Synchrony/Timescales","The Interpersonal Neuroscience of Social Learning","Pan, Novembre, Olsson","B/C","Title/abstract-screened research source","Consensus-prior","https://consensus.app/papers/details/63901f5067b353cb8d508532065fd4d4/?utm_source=chatgpt",3,1,3,0,1,{"$f":"SUM(J355:N355)","v":8},"NO","",{"$f":"IF(B355=\"Spine\",\"INCLUDE\",IF(OR(O355>=7,P355=\"YES\"),\"INCLUDE\",\"HOLD\"))","v":"INCLUDE"},"Supporting corpus; exact numerical claims require publication-level lock. Included after relevance screen; not automatically a central lecture citation.","SUP186","the interpersonal neuroscience of social learning"]
["L353","Supporting","Synchrony/Timescales","The integration of social and neural synchrony: a case for ecologically valid research using MEG neuroimaging","Levy et al.","B/C","Title/abstract-screened research source","Consensus-prior","https://consensus.app/papers/details/916ce4c8684e5160bd995c9ef6b253ac/?utm_source=chatgpt",3,2,3,0,1,{"$f":"SUM(J356:N356)","v":9},"NO","",{"$f":"IF(B356=\"Spine\",\"INCLUDE\",IF(OR(O356>=7,P356=\"YES\"),\"INCLUDE\",\"HOLD\"))","v":"INCLUDE"},"Supporting corpus; exact numerical claims require publication-level lock. Included after relevance screen; not automatically a central lecture citation.","SUP187","the integration of social and neural synchrony a case for ecologically valid research using meg neuroimaging"]
["L354","Supporting","Synchrony/Timescales","Interactive brains, social minds: Neural and physiological mechanisms of interpersonal action coordination.","Müller, Ohström, Lindenberger","B/C","Title/abstract-screened research source","Consensus-prior","https://consensus.app/papers/details/2c3d43f9774952b4a55a8e8eb8e093e3/?utm_source=chatgpt",3,2,3,0,1,{"$f":"SUM(J357:N357)","v":9},"NO","",{"$f":"IF(B357=\"Spine\",\"INCLUDE\",IF(OR(O357>=7,P357=\"YES\"),\"INCLUDE\",\"HOLD\"))","v":"INCLUDE"},"Supporting corpus; exact numerical claims require publication-level lock. Included after relevance screen; not automatically a central lecture citation.","SUP188","interactive brains social minds neural and physiological mechanisms of interpersonal action coordination"]
["L355","Supporting","Synchrony/Timescales","Integrated Understanding of Interpersonal Neural Synchronization in Social Interaction","In & Park","B/C","Title/abstract-screened research source","Consensus-prior","https://consensus.app/papers/details/9e2178ed1b895830a79a55ca708635ae/?utm_source=chatgpt",3,2,3,0,1,{"$f":"SUM(J358:N358)","v":9},"NO","",{"$f":"IF(B358=\"Spine\",\"INCLUDE\",IF(OR(O358>=7,P358=\"YES\"),\"INCLUDE\",\"HOLD\"))","v":"INCLUDE"},"Supporting corpus; exact numerical claims require publication-level lock. Included after relevance screen; not automatically a central lecture citation.","SUP189","integrated understanding of interpersonal neural synchronization in social interaction"]
["L356","Supporting","Social cognition","Towards a Psychological Construct of Being Moved","Menninghaus et al.","B/C","Title/abstract-screened research source","OpenAlex-A","http://hdl.handle.net/11858/00-001M-0000-0027-9E03-8",3,1,2,0,2,{"$f":"SUM(J359:N359)","v":8},"NO","",{"$f":"IF(B359=\"Spine\",\"INCLUDE\",IF(OR(O359>=7,P359=\"YES\"),\"INCLUDE\",\"HOLD\"))","v":"INCLUDE"},"Supporting corpus; exact numerical claims require publication-level lock. Included after relevance screen; not automatically a central lecture citation.","SUP190","towards a psychological construct of being moved"]
["L357","Supporting","Social cognition","Learning Empathy Through Virtual Reality","Bertrand et al.","B/C","Title/abstract-screened research source","OpenAlex-A","https://www.frontiersin.org/articles/10.3389/frobt.2018.00026/pdf",3,1,2,0,2,{"$f":"SUM(J360:N360)","v":8},"NO","",{"$f":"IF(B360=\"Spine\",\"INCLUDE\",IF(OR(O360>=7,P360=\"YES\"),\"INCLUDE\",\"HOLD\"))","v":"INCLUDE"},"Supporting corpus; exact numerical claims require publication-level lock. Included after relevance screen; not automatically a central lecture citation.","SUP191","learning empathy through virtual reality"]
["L358","Supporting","Social cognition","Neurobiology of social behavior abnormalities in autism and Williams syndrome","Barak & Feng","B/C","Title/abstract-screened research source","OpenAlex-D","https://www.nature.com/articles/nn.4276.pdf",3,1,2,0,2,{"$f":"SUM(J361:N361)","v":8},"NO","",{"$f":"IF(B361=\"Spine\",\"INCLUDE\",IF(OR(O361>=7,P361=\"YES\"),\"INCLUDE\",\"HOLD\"))","v":"INCLUDE"},"Supporting corpus; exact numerical claims require publication-level lock. Included after relevance screen; not automatically a central lecture citation.","SUP192","neurobiology of social behavior abnormalities in autism and williams syndrome"]
["L359","Supporting","Social cognition","Preferences and beliefs in ingroup favoritism","Everett, Faber, Crockett","B/C","Title/abstract-screened research source","OpenAlex-D","https://www.frontiersin.org/articles/10.3389/fnbeh.2015.00015/pdf",3,1,2,0,2,{"$f":"SUM(J362:N362)","v":8},"NO","",{"$f":"IF(B362=\"Spine\",\"INCLUDE\",IF(OR(O362>=7,P362=\"YES\"),\"INCLUDE\",\"HOLD\"))","v":"INCLUDE"},"Supporting corpus; exact numerical claims require publication-level lock. Included after relevance screen; not automatically a central lecture citation.","SUP193","preferences and beliefs in ingroup favoritism"]
["L360","Supporting","Social cognition","Beyond happiness: Building a science of discrete positive emotions.","Shiota et al.","B/C","Title/abstract-screened research source","OpenAlex-D","https://escholarship.org/content/qt91t1q756/qt91t1q756.pdf?t=q9yfh2",3,1,2,0,2,{"$f":"SUM(J363:N363)","v":8},"NO","",{"$f":"IF(B363=\"Spine\",\"INCLUDE\",IF(OR(O363>=7,P363=\"YES\"),\"INCLUDE\",\"HOLD\"))","v":"INCLUDE"},"Supporting corpus; exact numerical claims require publication-level lock. Included after relevance screen; not automatically a central lecture citation.","SUP194","beyond happiness building a science of discrete positive emotions"]
["L361","Supporting","Social cognition","The Affective Neuroscience of Aging","Mather","B/C","Title/abstract-screened research source","OpenAlex-D","https://www.annualreviews.org/doi/pdf/10.1146/annurev-psych-122414-033540",3,1,2,0,2,{"$f":"SUM(J364:N364)","v":8},"NO","",{"$f":"IF(B364=\"Spine\",\"INCLUDE\",IF(OR(O364>=7,P364=\"YES\"),\"INCLUDE\",\"HOLD\"))","v":"INCLUDE"},"Supporting corpus; exact numerical claims require publication-level lock. Included after relevance screen; not automatically a central lecture citation.","SUP195","the affective neuroscience of aging"]
["L362","Supporting","Social cognition","The ontogenesis of narrative: from moving to meaning","Delafield-Butt & Trevarthen","B/C","Title/abstract-screened research source","OpenAlex-A","https://www.frontiersin.org/articles/10.3389/fpsyg.2015.01157/pdf",3,1,2,0,2,{"$f":"SUM(J365:N365)","v":8},"NO","",{"$f":"IF(B365=\"Spine\",\"INCLUDE\",IF(OR(O365>=7,P365=\"YES\"),\"INCLUDE\",\"HOLD\"))","v":"INCLUDE"},"Supporting corpus; exact numerical claims require publication-level lock. Included after relevance screen; not automatically a central lecture citation.","SUP196","the ontogenesis of narrative from moving to meaning"]
["L363","Supporting","Social context","Perinatal Parenting Stress, Anxiety, and Depression Outcomes in First-Time Mothers and Fathers","Vismara et al.","B/C","Title/abstract-screened research source","OpenAlex-A","https://www.frontiersin.org/articles/10.3389/fpsyg.2016.00938/pdf",2,1,1,0,2,{"$f":"SUM(J366:N366)","v":6},"YES","Dyadic developmental stress anchor filling perinatal family-state coverage.",{"$f":"IF(B366=\"Spine\",\"INCLUDE\",IF(OR(O366>=7,P366=\"YES\"),\"INCLUDE\",\"HOLD\"))","v":"INCLUDE"},"Supporting corpus; exact numerical claims require publication-level lock. Included after relevance screen; not automatically a central lecture citation.","SUP197","perinatal parenting stress anxiety and depression outcomes in first time mothers and fathers"]
["L364","Supporting","Social context","Sensory Processing Sensitivity in the context of Environmental Sensitivity","Greven et al.","B/C","Title/abstract-screened research source","OpenAlex-D","https://www.sciencedirect.com/science/article/pii/S0149763418306250/pdf",2,1,1,0,2,{"$f":"SUM(J367:N367)","v":6},"NO","",{"$f":"IF(B367=\"Spine\",\"INCLUDE\",IF(OR(O367>=7,P367=\"YES\"),\"INCLUDE\",\"HOLD\"))","v":"HOLD"},"Supporting corpus; exact numerical claims require publication-level lock. Included after relevance screen; not automatically a central lecture citation.","SUP198","sensory processing sensitivity in the context of environmental sensitivity"]
["L365","Supporting","Social context","Biofeedback for Everyday Stress Management: A Systematic Review","Yu et al.","B/C","Title/abstract-screened research source","OpenAlex-A","https://www.frontiersin.org/articles/10.3389/fict.2018.00023/pdf",2,3,1,2,2,{"$f":"SUM(J368:N368)","v":10},"NO","",{"$f":"IF(B368=\"Spine\",\"INCLUDE\",IF(OR(O368>=7,P368=\"YES\"),\"INCLUDE\",\"HOLD\"))","v":"INCLUDE"},"Supporting corpus; exact numerical claims require publication-level lock. Included after relevance screen; not automatically a central lecture citation.","SUP199","biofeedback for everyday stress management a systematic review"]
["L366","Supporting","Social context","Mindfulness in cultural context","Kirmayer","B/C","Title/abstract-screened research source","OpenAlex-A","https://journals.sagepub.com/doi/pdf/10.1177/1363461515598949",2,1,1,0,2,{"$f":"SUM(J369:N369)","v":6},"NO","",{"$f":"IF(B369=\"Spine\",\"INCLUDE\",IF(OR(O369>=7,P369=\"YES\"),\"INCLUDE\",\"HOLD\"))","v":"HOLD"},"Supporting corpus; exact numerical claims require publication-level lock. Included after relevance screen; not automatically a central lecture citation.","SUP200","mindfulness in cultural context"]
["L367","Supporting","Social context","Peer influence: summary and synthesis of recent empirical research","Laursen & Veenstra","B/C","Title/abstract-screened research source","OpenAlex-D","https://onlinelibrary.wiley.com/doi/pdfdirect/10.1111/jora.12606",2,1,1,0,2,{"$f":"SUM(J370:N370)","v":6},"NO","",{"$f":"IF(B370=\"Spine\",\"INCLUDE\",IF(OR(O370>=7,P370=\"YES\"),\"INCLUDE\",\"HOLD\"))","v":"HOLD"},"Supporting corpus; exact numerical claims require publication-level lock. Included after relevance screen; not automatically a central lecture citation.","SUP201","peer influence summary and synthesis of recent empirical research"]
["L368","Supporting","Social context","Surviving remotely: How job control and loneliness during a forced shift to remote work impacted well-being","Becker et al.","B/C","Title/abstract-screened research source","OpenAlex-D","https://onlinelibrary.wiley.com/doi/pdfdirect/10.1002/hrm.22102",2,1,1,0,2,{"$f":"SUM(J371:N371)","v":6},"NO","",{"$f":"IF(B371=\"Spine\",\"INCLUDE\",IF(OR(O371>=7,P371=\"YES\"),\"INCLUDE\",\"HOLD\"))","v":"HOLD"},"Supporting corpus; exact numerical claims require publication-level lock. Included after relevance screen; not automatically a central lecture citation.","SUP202","surviving remotely how job control and loneliness during a forced shift to remote work impacted well being"]
["L369","Supporting","Social context","On the stress potential of videoconferencing: definition and root causes of Zoom fatigue","Riedl","B/C","Title/abstract-screened research source","OpenAlex-A","https://link.springer.com/content/pdf/10.1007/s12525-021-00501-3.pdf",2,1,1,0,2,{"$f":"SUM(J372:N372)","v":6},"NO","",{"$f":"IF(B372=\"Spine\",\"INCLUDE\",IF(OR(O372>=7,P372=\"YES\"),\"INCLUDE\",\"HOLD\"))","v":"HOLD"},"Supporting corpus; exact numerical claims require publication-level lock. Included after relevance screen; not automatically a central lecture citation.","SUP203","on the stress potential of videoconferencing definition and root causes of zoom fatigue"]
["L370","Supporting","Social context","The Power of a Positive Human–Animal Relationship for Animal Welfare","Rault et al.","B/C","Title/abstract-screened research source","OpenAlex-A","https://www.frontiersin.org/articles/10.3389/fvets.2020.590867/pdf",2,1,1,0,2,{"$f":"SUM(J373:N373)","v":6},"NO","",{"$f":"IF(B373=\"Spine\",\"INCLUDE\",IF(OR(O373>=7,P373=\"YES\"),\"INCLUDE\",\"HOLD\"))","v":"HOLD"},"Supporting corpus; exact numerical claims require publication-level lock. Included after relevance screen; not automatically a central lecture citation.","SUP204","the power of a positive human animal relationship for animal welfare"]
["L371","Supporting","Methods/Dynamics","Movies and narratives as naturalistic stimuli in neuroimaging","Jääskeläinen et al.","B/C","Title/abstract-screened research source","OpenAlex-A","https://www.sciencedirect.com/science/article/pii/S1053811920309307/pdf",2,1,3,0,2,{"$f":"SUM(J374:N374)","v":8},"NO","",{"$f":"IF(B374=\"Spine\",\"INCLUDE\",IF(OR(O374>=7,P374=\"YES\"),\"INCLUDE\",\"HOLD\"))","v":"INCLUDE"},"Supporting corpus; exact numerical claims require publication-level lock. Included after relevance screen; not automatically a central lecture citation.","SUP205","movies and narratives as naturalistic stimuli in neuroimaging"]
["L372","Supporting","Methods/Dynamics","Review and Classification of Emotion Recognition Based on EEG Brain-Computer Interface System Research","Al-Nafjan et al.","B/C","Title/abstract-screened research source","OpenAlex-A","https://www.mdpi.com/2076-3417/7/12/1239/pdf?version=1512107704",2,3,3,2,2,{"$f":"SUM(J375:N375)","v":12},"NO","",{"$f":"IF(B375=\"Spine\",\"INCLUDE\",IF(OR(O375>=7,P375=\"YES\"),\"INCLUDE\",\"HOLD\"))","v":"INCLUDE"},"Supporting corpus; exact numerical claims require publication-level lock. Included after relevance screen; not automatically a central lecture citation.","SUP206","review and classification of emotion recognition based on eeg brain computer interface system research"]
["L373","Supporting","Methods/Dynamics","Naturalistic real-world neuroscience methodological context","Matusz et al.","B/C","Title/abstract-screened research source","OpenAlex-A","https://direct.mit.edu/jocn/article-pdf/31/3/327/1788382/jocn_e_01276.pdf",2,1,3,0,2,{"$f":"SUM(J376:N376)","v":8},"NO","",{"$f":"IF(B376=\"Spine\",\"INCLUDE\",IF(OR(O376>=7,P376=\"YES\"),\"INCLUDE\",\"HOLD\"))","v":"INCLUDE"},"Supporting corpus; exact numerical claims require publication-level lock. Included after relevance screen; not automatically a central lecture citation.","SUP207","naturalistic real world neuroscience methodological context"]
["L374","Supporting","Methods/Dynamics","Dynamic functional connectivity and spontaneous switching as markers of cognition","Cabral/Vidaurre line of work","B/C","Title/abstract-screened research source","OpenAlex-B","https://www.nature.com/articles/s41598-017-05425-7.pdf",2,2,3,0,2,{"$f":"SUM(J377:N377)","v":9},"NO","",{"$f":"IF(B377=\"Spine\",\"INCLUDE\",IF(OR(O377>=7,P377=\"YES\"),\"INCLUDE\",\"HOLD\"))","v":"INCLUDE"},"Supporting corpus; exact numerical claims require publication-level lock. Included after relevance screen; not automatically a central lecture citation.","SUP208","dynamic functional connectivity and spontaneous switching as markers of cognition"]
["L375","Supporting","Self-regulation","Self-awareness, self-regulation, and self-transcendence (S-ART): a framework for understanding the neurobiological mechanisms of mindfulness","Vago & Silbersweig","B/C","Title/abstract-screened research source","OpenAlex-prior","https://www.frontiersin.org/articles/10.3389/fnhum.2012.00296/pdf",2,1,1,0,1,{"$f":"SUM(J378:N378)","v":5},"NO","",{"$f":"IF(B378=\"Spine\",\"INCLUDE\",IF(OR(O378>=7,P378=\"YES\"),\"INCLUDE\",\"HOLD\"))","v":"HOLD"},"Supporting corpus; exact numerical claims require publication-level lock. Included after relevance screen; not automatically a central lecture citation.","SUP209","self awareness self regulation and self transcendence s art a framework for understanding the neurobiological mechanisms of mindfulness"]
["L376","Supporting","Emotion regulation","Appraisal Theories of Emotion: State of the Art and Future Development","Moors et al.","B/C","Title/abstract-screened research source","OpenAlex-prior","https://biblio.ugent.be/publication/2958617/file/6776022.pdf",2,1,1,0,1,{"$f":"SUM(J379:N379)","v":5},"NO","",{"$f":"IF(B379=\"Spine\",\"INCLUDE\",IF(OR(O379>=7,P379=\"YES\"),\"INCLUDE\",\"HOLD\"))","v":"HOLD"},"Supporting corpus; exact numerical claims require publication-level lock. Included after relevance screen; not automatically a central lecture citation.","SUP210","appraisal theories of emotion state of the art and future development"]
["L377","Supporting","Plasticity","Harnessing neuroplasticity for clinical applications","Cramer et al.","B/C","Title/abstract-screened research source","OpenAlex-prior","https://academic.oup.com/brain/article-pdf/134/6/1591/1052566/awr039.pdf",2,1,1,0,1,{"$f":"SUM(J380:N380)","v":5},"NO","",{"$f":"IF(B380=\"Spine\",\"INCLUDE\",IF(OR(O380>=7,P380=\"YES\"),\"INCLUDE\",\"HOLD\"))","v":"HOLD"},"Supporting corpus; exact numerical claims require publication-level lock. Included after relevance screen; not automatically a central lecture citation.","SUP211","harnessing neuroplasticity for clinical applications"]
["L378","Supporting","Social cognition","The Psychology of Change: Self-Affirmation and Social Psychological Intervention","Cohen & Sherman","B/C","Title/abstract-screened research source","OpenAlex-prior","https://www.annualreviews.org/doi/pdf/10.1146/annurev-psych-010213-115137",3,1,2,0,1,{"$f":"SUM(J381:N381)","v":7},"NO","",{"$f":"IF(B381=\"Spine\",\"INCLUDE\",IF(OR(O381>=7,P381=\"YES\"),\"INCLUDE\",\"HOLD\"))","v":"INCLUDE"},"Supporting corpus; exact numerical claims require publication-level lock. Included after relevance screen; not automatically a central lecture citation.","SUP212","the psychology of change self affirmation and social psychological intervention"]
["L379","Supporting","Development/Self","The Development of Autobiographical Memory","Fivush","B/C","Title/abstract-screened research source","OpenAlex-prior","https://www.annualreviews.org/doi/pdf/10.1146/annurev.psych.121208.131702",2,1,2,0,1,{"$f":"SUM(J382:N382)","v":6},"NO","",{"$f":"IF(B382=\"Spine\",\"INCLUDE\",IF(OR(O382>=7,P382=\"YES\"),\"INCLUDE\",\"HOLD\"))","v":"HOLD"},"Supporting corpus; exact numerical claims require publication-level lock. Included after relevance screen; not automatically a central lecture citation.","SUP213","the development of autobiographical memory"]
["L380","Supporting","Stress regulation","The Role of Nature in Coping with Psycho-Physiological Stress: A Literature Review on Restorativeness","Berto","B/C","Title/abstract-screened research source","OpenAlex-prior","https://www.mdpi.com/2076-328X/4/4/394/pdf?version=1413882884",2,3,1,2,1,{"$f":"SUM(J383:N383)","v":9},"NO","",{"$f":"IF(B383=\"Spine\",\"INCLUDE\",IF(OR(O383>=7,P383=\"YES\"),\"INCLUDE\",\"HOLD\"))","v":"INCLUDE"},"Supporting corpus; exact numerical claims require publication-level lock. Included after relevance screen; not automatically a central lecture citation.","SUP214","the role of nature in coping with psycho physiological stress a literature review on restorativeness"]

{"sheet":"Dedup Log","index":10,"n_rows":13,"n_cols":6,"rows_kept":13,"merged":[[0,0,0,5]]}
["DEDUPLICATION LOG — 10 REMOVALS"]
[]
["Duplicate Type","Title","Authors","Source Stream","Reason","Decision"]
["Within supporting register","Connecting minds and sharing emotions through mimicry: A neurocognitive model of emotional contagion","Prochazkova & Kret","OpenAlex-A","Duplicate of supporting occurrence #7","REMOVED"]
["Within supporting register","The effects of interaction quality on neural synchrony during mother-child problem solving","Nguyen et al.","OpenAlex-A","Duplicate of supporting occurrence #15","REMOVED"]
["Within supporting register","Mutual influences between child emotion regulation and parent–child reciprocity support development across the first 10 years of life","Feldman","OpenAlex-A","Duplicate of supporting occurrence #24","REMOVED"]
["Within supporting register","A paradigm shift: relationships in trauma-informed mental health services","Sweeney et al.","OpenAlex-D","Duplicate of supporting occurrence #49","REMOVED"]
["Within supporting register","Social Identities as Pathways into and out of Addiction","Dingle, Cruwys, Frings","OpenAlex-C","Duplicate of supporting occurrence #57","REMOVED"]
["Within supporting register","Social Influence and Group Identity","Spears","OpenAlex-D","Duplicate of supporting occurrence #121","REMOVED"]
["Supporting vs spine","Brain-to-Brain Synchrony during Naturalistic Social Interactions","Kinreich et al.","OpenAlex-A","Already represented in 166-source curated spine","REMOVED"]
["Supporting vs spine","Social functioning in major depressive disorder","Kupferberg, Bicks, Hasler","OpenAlex-C","Already represented in 166-source curated spine","REMOVED"]
["Supporting vs spine","Interoception, contemplative practice, and health","Farb et al.","OpenAlex-D","Already represented in 166-source curated spine","REMOVED"]
["Supporting vs spine","The neurobiology of mentalizing","Luyten & Fonagy","OpenAlex-D","Already represented in 166-source curated spine","REMOVED"]

{"sheet":"Hold Queue","index":11,"n_rows":23,"n_cols":8,"rows_kept":23,"merged":[[0,0,0,7]]}
["HOLD QUEUE — UNIQUE SOURCES BELOW INCLUSION THRESHOLD"]
[]
["Title","Lane","Score","Why Held","Source Stream","URL","Potential Use","Revisit?"]
["The Influences of Emotion on Learning and Memory","Adjacent systems",6,"Below 7/13 inclusion threshold and no constraint override.","OpenAlex-D","https://www.frontiersin.org/articles/10.3389/fpsyg.2017.01454/pdf","Adjacent/contextual only unless a later claim creates a direct need.","Only if a specific architecture gap appears."]
["Overshadowed by the amygdala: the bed nucleus of the stria terminalis emerges as key to psychiatric disorders","Adjacent systems",6,"Below 7/13 inclusion threshold and no constraint override.","OpenAlex-D","https://www.nature.com/articles/mp20161.pdf","Adjacent/contextual only unless a later claim creates a direct need.","Only if a specific architecture gap appears."]
["Understanding Emotions: Origins and Roles of the Amygdala","Adjacent systems",6,"Below 7/13 inclusion threshold and no constraint override.","OpenAlex-D","https://www.mdpi.com/2218-273X/11/6/823/pdf?version=1622549395","Adjacent/contextual only unless a later claim creates a direct need.","Only if a specific architecture gap appears."]
["The 2020 Five Domains Model: Including Human–Animal Interactions in Assessments of Animal Welfare","Adjacent systems",6,"Below 7/13 inclusion threshold and no constraint override.","OpenAlex-D","https://www.mdpi.com/2076-2615/10/10/1870/pdf?version=1602638387","Adjacent/contextual only unless a later claim creates a direct need.","Only if a specific architecture gap appears."]
["The Dunedin Multidisciplinary Health and Development Study: overview of the first 40 years","Adjacent systems",6,"Below 7/13 inclusion threshold and no constraint override.","OpenAlex-D","https://link.springer.com/content/pdf/10.1007/s00127-015-1048-8.pdf","Adjacent/contextual only unless a later claim creates a direct need.","Only if a specific architecture gap appears."]
["Neighborhoods and health","Social ecology",6,"Below 7/13 inclusion threshold and no constraint override.","OpenAlex-prior","https://hdl.handle.net/2027.42/78686","Adjacent/contextual only unless a later claim creates a direct need.","Only if a specific architecture gap appears."]
["The polyvagal theory: phylogenetic substrates of a social nervous system.","Polyvagal audit",5,"Below 7/13 inclusion threshold and no constraint override.","Consensus-prior","https://consensus.app/papers/details/9f288c748a095347a57e443273851b5a/?utm_source=chatgpt","Adjacent/contextual only unless a later claim creates a direct need.","Only if a specific architecture gap appears."]
["Polyvagal Theory: A biobehavioral journey to sociality","Polyvagal audit",5,"Below 7/13 inclusion threshold and no constraint override.","Consensus-prior","https://consensus.app/papers/details/04716ee7cecb59778189e657bbfc1b0a/?utm_source=chatgpt","Adjacent/contextual only unless a later claim creates a direct need.","Only if a specific architecture gap appears."]
["The vagal paradox: A polyvagal solution","Polyvagal audit",5,"Below 7/13 inclusion threshold and no constraint override.","Consensus-prior","https://consensus.app/papers/details/d15839f064ac507f97e52d6cc66b9b26/?utm_source=chatgpt","Adjacent/contextual only unless a later claim creates a direct need.","Only if a specific architecture gap appears."]
["Social Engagement and Attachment","Polyvagal audit",5,"Below 7/13 inclusion threshold and no constraint override.","Consensus-prior","https://consensus.app/papers/details/6edf8ce4b976506cbf64c1d963b62a1c/?utm_source=chatgpt","Adjacent/contextual only unless a later claim creates a direct need.","Only if a specific architecture gap appears."]
["Sensory Processing Sensitivity in the context of Environmental Sensitivity","Social context",6,"Below 7/13 inclusion threshold and no constraint override.","OpenAlex-D","https://www.sciencedirect.com/science/article/pii/S0149763418306250/pdf","Adjacent/contextual only unless a later claim creates a direct need.","Only if a specific architecture gap appears."]
["Mindfulness in cultural context","Social context",6,"Below 7/13 inclusion threshold and no constraint override.","OpenAlex-A","https://journals.sagepub.com/doi/pdf/10.1177/1363461515598949","Adjacent/contextual only unless a later claim creates a direct need.","Only if a specific architecture gap appears."]
["Peer influence: summary and synthesis of recent empirical research","Social context",6,"Below 7/13 inclusion threshold and no constraint override.","OpenAlex-D","https://onlinelibrary.wiley.com/doi/pdfdirect/10.1111/jora.12606","Adjacent/contextual only unless a later claim creates a direct need.","Only if a specific architecture gap appears."]
["Surviving remotely: How job control and loneliness during a forced shift to remote work impacted well-being","Social context",6,"Below 7/13 inclusion threshold and no constraint override.","OpenAlex-D","https://onlinelibrary.wiley.com/doi/pdfdirect/10.1002/hrm.22102","Adjacent/contextual only unless a later claim creates a direct need.","Only if a specific architecture gap appears."]
["On the stress potential of videoconferencing: definition and root causes of Zoom fatigue","Social context",6,"Below 7/13 inclusion threshold and no constraint override.","OpenAlex-A","https://link.springer.com/content/pdf/10.1007/s12525-021-00501-3.pdf","Adjacent/contextual only unless a later claim creates a direct need.","Only if a specific architecture gap appears."]
["The Power of a Positive Human–Animal Relationship for Animal Welfare","Social context",6,"Below 7/13 inclusion threshold and no constraint override.","OpenAlex-A","https://www.frontiersin.org/articles/10.3389/fvets.2020.590867/pdf","Adjacent/contextual only unless a later claim creates a direct need.","Only if a specific architecture gap appears."]
["Self-awareness, self-regulation, and self-transcendence (S-ART): a framework for understanding the neurobiological mechanisms of mindfulness","Self-regulation",5,"Below 7/13 inclusion threshold and no constraint override.","OpenAlex-prior","https://www.frontiersin.org/articles/10.3389/fnhum.2012.00296/pdf","Adjacent/contextual only unless a later claim creates a direct need.","Only if a specific architecture gap appears."]
["Appraisal Theories of Emotion: State of the Art and Future Development","Emotion regulation",5,"Below 7/13 inclusion threshold and no constraint override.","OpenAlex-prior","https://biblio.ugent.be/publication/2958617/file/6776022.pdf","Adjacent/contextual only unless a later claim creates a direct need.","Only if a specific architecture gap appears."]
["Harnessing neuroplasticity for clinical applications","Plasticity",5,"Below 7/13 inclusion threshold and no constraint override.","OpenAlex-prior","https://academic.oup.com/brain/article-pdf/134/6/1591/1052566/awr039.pdf","Adjacent/contextual only unless a later claim creates a direct need.","Only if a specific architecture gap appears."]
["The Development of Autobiographical Memory","Development/Self",6,"Below 7/13 inclusion threshold and no constraint override.","OpenAlex-prior","https://www.annualreviews.org/doi/pdf/10.1146/annurev.psych.121208.131702","Adjacent/contextual only unless a later claim creates a direct need.","Only if a specific architecture gap appears."]

{"sheet":"Pivotal Numerical Lock","index":12,"n_rows":27,"n_cols":13,"rows_kept":27,"merged":[[0,0,0,12]]}
["PUBLICATION-LEVEL NUMERICAL LOCK — PIVOTAL SOURCES"]
[]
["Lock ID","Claim IDs","Publication","Authors","Year","Design","k / N","Locked Estimate","CI / p / SE","Secondary Locked Detail","Allowed Interpretation","Source URL","Status"]
["NL01","C07,C13","The Alliance in Adult Psychotherapy: A Meta-Analytic Synthesis","Flückiger et al. / Wampold & Horvath","2018","Meta-analysis","295 independent studies; >30,000 patients","Face-to-face alliance–outcome r=.278; d=.579","95% CI [.256,.299]; p<.0001","Internet-based r=.275; k=23; 2% of 295 effects negative","Alliance-outcome association is robust but does not by itself establish causal direction.","https://consensus.app/papers/the-alliance-in-adult-psychotherapy-a-metaanalytic-wampold-horvath/95697853cfd75bf6a32a3fb6795568c5/?utm_source=chatgpt","LOCKED — NUMERIC"]
["NL02","C14","Alliance Rupture Repair: A Meta-Analysis","Eubanks et al.","2018","Two meta-analyses","Repair-outcome: 11 studies; N=1,314 patients. Training: 6 studies; N=276 trainees/supervisees","Repair-outcome r=.29; d=.62. Training-outcome r=.11; d=.22","Repair 95% CI [.10,.47], p=.003; training 95% CI [-.09,.30], p=.28","Training effect was not significant.","Resolved rupture is associated with better outcome; evidence for training causally improving outcome is weaker.","https://consensus.app/papers/alliance-rupture-repair-a-metaanalysis/526010f234115dd395e38728e85fc5e7/?utm_source=chatgpt","LOCKED — NUMERIC"]
["NL03","C14","Alliance Ruptures and Psychotherapy Outcomes: A Multilevel Meta-Analysis","Babl et al.","2026","Three-level meta-analysis","4 publications; 18 effect sizes; N=301 clients","z=-.22; r=-.21","SE=.04; 95% CI [-.303,-.133]; t(17)=-5.40; p<.001","Direct rupture measures only.","Ruptures show a small, consistent association with poorer outcomes; small evidence base remains a limitation.","https://consensus.app/papers/alliance-ruptures-and-psychotherapy-outcomes-a-babl-nimphy/ee5f4cb0ab0750e3ba7196802e3ae688/?utm_source=chatgpt","LOCKED — NUMERIC"]
["NL04","C15","Social support and posttraumatic stress disorder: A meta-analysis of longitudinal studies","Wang et al.","2021","Longitudinal meta-analysis","75 samples; N=32,402; 355 effect sizes","Support→PTSD β=-.10; PTSD→support β=-.09","","Prior outcome levels controlled; moderators included gender, time lag, publication year, support source.","Use as evidence for reciprocal longitudinal association, not uncontested causality; NL05 is mandatory counter-evidence.","https://consensus.app/papers/social-support-and-posttraumatic-stress-disorder-a-wang-chung/c0e226824ed9598fbd4fe219915e1f05/?utm_source=chatgpt","LOCKED — NUMERIC + CONFLICT"]
["NL05","C15","Prospective associations between social support and PTSD may be spurious: re-meta-analysis and simulation","Sorjonen & Melin","2023","Re-meta-analysis + simulation","Re-analysis of longitudinal meta-analytic effects","NO numerical sentence imported into lecture","","Model-dependent prospective estimates can arise without genuine prospective effects.","Mandatory causal-boundary source: the robust association is firmer than the directional causal interpretation.","https://consensus.app/papers/prospective-associations-between-social-support-and-sorjonen-melin/9d36541aca0356109c9df4aea1ebb5c1/?utm_source=chatgpt","LOCKED — QUALITATIVE COUNTER"]
["NL06","C02,C19","The relationship between adult attachment and mental health: A meta-analysis","Zhang et al.","2022","Meta-analysis","224 studies; k=245 samples; N=79,722","Avoidance: negative mental health r=.28; positive mental health r=-.24. Anxiety: negative r=.42; positive r=-.29","All associations remained significant in meta-analytic SEM when dimensions mutually controlled.","Moderators included age and gender.","These are probabilistic associations; never present attachment as fixed destiny.","https://consensus.app/papers/the-relationship-between-adult-attachment-and-mental-zhang-li/2ce8543b05a857bba7e4fe99f4b90d3c/?utm_source=chatgpt","LOCKED — NUMERIC"]
["NL07","C02,C19","Attachment-Related Differences in Emotion Regulation in Adults","Eilert & Buchheim","2023","Systematic review","37 peer-reviewed studies; N=2,006","NO pooled effect size in accessible publication record","","Objective measures included autonomic, neural, biochemical and nonverbal approaches.","Use study count and multimethod convergence only; do not invent a pooled attachment→regulation effect.","https://consensus.app/papers/attachmentrelated-differences-in-emotion-regulation-in-eilert-buchheim/110044b6a7915cc7973294b948da18ee/?utm_source=chatgpt","LOCKED — COUNTS ONLY"]
["NL08","C19","Parent-child attachment and children's experience and regulation of emotion: A meta-analytic review","Cooke et al.","2019","Series of meta-analyses","k=72 studies; outcome-specific Ns ranged from 87 to 9,167","NO single pooled effect imported","","Secure attachment associated with better regulation/support coping; insecure patterns differed by subtype.","Use direction and scope; do not compress heterogeneous outcomes into one invented effect size.","https://consensus.app/papers/parentchild-attachment-and-childrens-experience-and-cooke-kochendorfer/19710fcc990c5daf975082a21304448f/?utm_source=chatgpt","LOCKED — COUNTS/DIRECTION"]
["NL09","C01,C30","Social support and psychological adjustment: A quantitative synthesis of 60 meta-analyses","Zell & Stockus","2024/2025","Second-order meta-analysis","60 meta-analyses; >2,700 studies; ~2.1 million participants","Overall r=.24; covariate-controlled subset r=.17","Overall 95% CI [.22,.26]; adjusted subset 95% CI [.10,.23]","Prior meta-analytic effects ranged .07-.41; perceived support > received support.","Strong general association; not a direct estimate of physiological social buffering.","https://consensus.app/papers/social-support-and-psychological-adjustment-a-zell-stockus/37cca4eac0375ce8a773c3b46b024f08/?utm_source=chatgpt","LOCKED — NUMERIC"]
["NL10","C03,C20","Multimodal Interpersonal Synchrony: Systematic Review and Meta-Analysis","Ohayon & Gordon","2024","Systematic review + meta-analysis","Neural-behavioral: 37 samples, N=1,342. Physiological-behavioral: 13 samples, N=369. Neural-physiological: 3 studies, N=150","Neural↔behavioral r=.32; physiological↔behavioral r=.18","Neural↔behavioral 95% CI [.23,.41]; physiological↔behavioral 95% CI [.06,.30]","Neural↔physiological results inconsistent; no meta-analysis because only 3 studies.","Synchrony is multimodal; do not treat all modalities as one latent scalar without evidence.","https://consensus.app/papers/details/76af35cd904e5e198f1262575a8b132c/?utm_source=chatgpt","LOCKED — NUMERIC"]
["NL11","C04,C20","Interpersonal autonomic nervous system synchrony and relationship/performance","Mayo, Lavidor & Gordon","2021","Systematic review + two meta-analyses","Relationship and performance meta-analyses across autonomic synchrony studies","Relationship overall ES=.09; sympathetic ES=.19; parasympathetic ES=-.21; combined ES=.16; performance ES=.26","Relationship p>.10, I²=76.0%; sympathetic p=.02; parasympathetic p=.03; combined p=.02; performance p<.01, I²=52.7%","Small effects and substantial heterogeneity; branch-specific signs differ.","Direct evidence against 'more autonomic synchrony is always better.'","https://consensus.app/papers/interpersonal-autonomic-nervous-system-synchrony-and-its-mayo-lavidor/35168daede325485a69ef1f691d18cec/?utm_source=chatgpt","LOCKED — NUMERIC"]
["NL12","C04,C20","Association between nonverbal synchrony, alliance, and outcome in psychotherapy","Jennissen et al.","2024","Systematic review + multilevel meta-analysis","23 publications from 13 trials","Overall r=.03; vocal pitch r=-.20; peripheral physiological r=.32","Overall p=.644; I²=56.47%; vocal pitch p=.011; peripheral physiological p=.006","Alliance r=.06 p=.316; symptomatic outcome r=-.06 p=.320; other outcomes r=.07 p=.255.","Another strong boundary against monotonic synchrony-goodness claims.","https://consensus.app/papers/association-between-nonverbal-synchrony-alliance-and-jennissen-huber/511a7dc2c3f45f1196a23c137ce7fc9d/?utm_source=chatgpt","LOCKED — NUMERIC"]
["NL13","C05,C18","Endogenous Oxytocin and Human Social Interactions: Systematic Review and Meta-Analysis","Burenkova et al.","2023","Systematic review + meta-analysis","63 studies qualitative; 51 studies pooled; n=3,741","Causal pre-post g=.079; experimental social vs no-social g=.256; correlational mean effect reported as z=.137","No universal expected hormonal response in causal designs","Assay and design choices materially affected estimates.","Use as direct correction to 'oxytocin = trust/bonding hormone' simplification.","https://consensus.app/papers/endogenous-oxytocin-and-human-social-interactions-a-burenkova-dolgorukova/c3443f2b16a2517eb2775a33bf70ce93/?utm_source=chatgpt","LOCKED — NUMERIC"]
["NL14","C06,C27","Endogenous mu-opioid modulation of social connection in humans","Løseth, Trøstheim & Leknes","2024","Preregistered multilevel meta-analysis of randomized double-blind placebo-controlled antagonist studies","8 publications + 2 unpublished projects; 17 outcomes; N=455","Naltrexone effect on social connectedness Hedges' g=-.20","95% CI [-.32,-.07]; I²=23%; Egger B=-2.16, SE=.93, z=-2.33, p=.02","Possible small-study/publication bias; robust connectedness remained during blockade.","Mu-opioids are modulators, not a necessary substrate of human connection.","https://consensus.app/papers/endogenous-muopioid-modulation-of-social-connection-in-løseth-trøstheim/dab72c1986f85424b2a00325118a3278/?utm_source=chatgpt","LOCKED — NUMERIC"]
["NL15","C28","Defining social reward: A systematic review of human and animal studies","Stijovic et al.","2024","Preregistered systematic review","384 studies; 42,118 participants/subjects","NO pooled reward effect","","Major dimensions: intimacy/sensory richness and immediacy/interactive engagement.","Use counts to demonstrate heterogeneity of operationalization, not as an effect estimate.","https://consensus.app/papers/defining-social-reward-a-systematic-review-of-human-and-stijovic-siegel/fba379602ebb53be969ccef3ecef5bb1/?utm_source=chatgpt","LOCKED — COUNTS ONLY"]
["NL16","C16","Guidelines for Rigor and Reproducibility of Heart Rate Variability within Human Cardiovascular Research","Carter et al.","2026","Evidence-based guidelines","Guideline review; no single N/effect applicable","NO effect size imported","","Explicitly: HRV is not a specific marker of cardiac sympathetic outflow or sympathovagal balance; caution around 'vagal tone'.","HRV can be used only as a constrained cardiac-autonomic indicator with respiratory/technical/contextual covariates.","https://consensus.app/papers/guidelines-for-rigor-and-reproducibility-of-heart-rate-carter-jenkins/b1acef8284785ea1b80349666e431476/?utm_source=chatgpt","LOCKED — QUALITATIVE BOUNDARY"]
["NL17","C17","Why The Polyvagal Theory Is Untenable","Grossman et al.","2026","Multi-expert critical appraisal","39 experts invited; all but one accepted/coauthored","NO effect size imported","","Critique addresses RSA interpretation, vagal nuclei, evolution, mammalian sociality and use of earlier physiology.","PVT must not serve as the lecture's mechanistic backbone; present as contested if mentioned.","https://consensus.app/papers/why-the-polyvagal-theory-is-untenable-grossman-ackland/e989d060ea1c507db22e035ee60e3398/?utm_source=chatgpt","LOCKED — QUALITATIVE/CONTESTED"]
["NL18","C07,C13","Therapeutic alliance in psychological therapy for PTSD","Howard, Berry & Haddock","2021","Systematic review + meta-analysis","34 eligible studies; 12 entered meta-analysis","Aggregated alliance→PTSD outcome r=-.34","","Study quality mostly weak-to-moderate; sign reflects outcome coding.","Use as PTSD-specific alliance evidence, with explicit quality caveat.","https://consensus.app/papers/therapeutic-alliance-in-psychological-therapy-for-ptsd-a-howard-berry/e6e06b1cf03f5ac1a2a461b32bd16944/?utm_source=chatgpt","LOCKED — NUMERIC"]
["NL19","C02,C07","Updated meta-analysis of adult attachment style and working alliance","Notsu et al.","2024","Random-effects meta-analysis","k=33 for anxiety; k=33 for avoidance","Alliance vs attachment anxiety r=-.09; alliance vs avoidance r=-.13","Anxiety p=.01, I²=43.7%; avoidance p<.001, I²=44.7%","Client-rated attachment and alliance.","Attachment insecurity has small average associations with working alliance, not deterministic effects.","https://consensus.app/papers/an-updated-metaanalysis-of-the-relation-between-adult-notsu-blansfield/d7f888c8b67350bca4666877bbf1055c/?utm_source=chatgpt","LOCKED — NUMERIC"]
["NL20","C25,C30","The effect of loneliness on depression: A meta-analysis","Erzen","2018","Meta-analysis","88 included studies; N=40,068","Authors report a moderately significant overall effect; exact pooled coefficient not in accessible record","","Sampling group, publication type and publication year were not moderators.","Use study count and direction unless full-text pooled coefficient is separately verified.","https://consensus.app/papers/the-effect-of-loneliness-on-depression-a-metaanalysis-erzen/15d9cf69a331526e896e896a84601335/?utm_source=chatgpt","LOCKED — COUNTS/DIRECTION"]
["NL21","C31","Prediction in action: toward an empirical science of active inference","Lageman, Fahrenfort & Slagter","2026","Critical empirical review","Review; no single pooled N/effect","NO numerical claim imported","","Paper is used to bound what active-inference applications can claim empirically.","Active inference remains a formal/explanatory framework here; do not attach invented effect sizes.","https://consensus.app/papers/prediction-in-action-toward-an-empirical-science-of-active-lageman-fahrenfort/efa3f52ed5ab5de997f8fef7aaf78e1a/?utm_source=chatgpt","LOCKED — QUALITATIVE BOUNDARY"]
["NL22","C32","Intrinsic neural timescales: temporal integration and segregation","Wolff et al.","2022","Major review","Review; no single pooled N/effect","NO numerical claim imported","","Establishes within-brain timescale hierarchy as organizing framework.","Do not convert a review-level hierarchy into a person-to-person coupling effect size.","https://consensus.app/papers/intrinsic-neural-timescales-temporal-integration-and-wolff-berberian/131016b3e92155d6a67343943dca1a92/?utm_source=chatgpt","LOCKED — QUALITATIVE"]
["NL23","C21,C32","Coupled neural timescales in social interaction","Wolff & Dumas","2026","Frontier review/framework","Review/framework; no single pooled N/effect","NO numerical claim imported","","Proposes coupled-timescale account for social interaction.","Interpersonal timescale matching remains frontier; it cannot be presented as settled mechanism.","https://consensus.app/papers/coupled-neural-timescales-in-social-interaction-wolff-dumas/417f9a7159435a1282e9c21502f5f7c6/?utm_source=chatgpt","LOCKED — FRONTIER/NO NUMBER"]
["NL24","C07,C13","Alliance-outcome association adjusted for patient characteristics and treatment processes","Wlodasch et al. / Flückiger group","2020","Meta-analytic summary","125 effect sizes; 60 independent samples; N=6,061","Adjusted/unadjusted alliance-outcome correlations ranged r=.23 to r=.31","","Adjustment classes: intake characteristics, simultaneous processes, or both.","Supports alliance as a robust process correlate above studied confounds; still not proof of singular causation.","https://consensus.app/papers/assessing-the-allianceoutcome-association-adjusted-for-wlodasch-horvath/dedcd3db165a533cb3af211154c3e9a8/?utm_source=chatgpt","LOCKED — NUMERIC"]

{"sheet":"Claim Numerical Gate","index":13,"n_rows":35,"n_cols":10,"rows_kept":35,"merged":[[0,0,0,9]]}
["CLAIM-BY-CLAIM NUMERICAL GATE — WHAT THE LECTURE MAY AND MAY NOT QUANTIFY"]
[]
["Claim ID","Claim","Claim Type","Numerical Lock IDs","Numerical Policy","Allowed Numerical Language","Prohibited Numerical Leap","Existing Confidence","Lecture Placement","Gate"]
["C01","Relational context can alter stress physiology and regulation in humans.","Supported interpretation","NL09","QUALITATIVE FOR PHYSIOLOGY","No physiology-specific effect size is permitted. If useful, general social-support context may be quantified as 60 meta-analyses / >2,700 studies / ~2.1M participants, overall r=.24 [95% CI .22,.26].","Do not present r=.24 as an estimate of HPA/autonomic buffering or of co-regulation.","High","Parts I–IV","PASS"]
["C02","Attachment is better treated as a history-dependent regulatory expectation than a fixed personality label.","Supported interpretation","NL06,NL07,NL19","NUMERIC ALLOWED","Adult attachment meta-analysis: 224 studies, 245 samples, N=79,722; anxiety↔negative mental health r=.42; avoidance r=.28; positive mental health r=-.29 and -.24. Working-alliance associations are small: anxiety r=-.09; avoidance r=-.13 (k=33 each).","No fixed-type, deterministic, or causal percentage claims.","Moderate-High","Parts II–III","PASS"]
["C03","Interpersonal synchrony occurs across behavior, physiology and neural signals.","Empirical result","NL10","NUMERIC ALLOWED","Neural↔behavioral synchrony: 37 samples, N=1,342, r=.32 [95% CI .23,.41]. Physiological↔behavioral: 13 samples, N=369, r=.18 [.06,.30].","Do not collapse modalities into one universal synchrony effect.","High","Part VI","PASS"]
["C04","Higher synchrony is not intrinsically beneficial.","Supported interpretation","NL11,NL12","NUMERIC ALLOWED","Autonomic synchrony relationship effect is small/marginal overall (ES=.09, p>.10, I²=76%); psychotherapy NVS overall r=.03, p=.644, with modality-specific opposite-sign effects.","Never write 'higher synchrony predicts better relationship/therapy outcome' as a general rule.","High","Parts VI/XII","PASS"]
["C05","Oxytocin should not be described as a simple trust hormone.","Supported interpretation","NL13","NUMERIC ALLOWED","63 studies qualitatively; 51 pooled, n=3,741. Causal pre-post g=.079; social vs no-social g=.256; correlational mean effect reported as z=.137.","No 'oxytocin increases trust by X%' or 'oxytocin = bonding' wording.","High","Part V","PASS"]
["C06","Social affiliation recruits dopamine and endogenous opioid mechanisms in addition to oxytocin.","Supported interpretation","NL14,NL15","PARTIAL NUMERIC","Human μ-opioid antagonist meta-analysis: 17 outcomes, N=455, Hedges g=-.20 [95% CI -.32,-.07], I²=23%. Social reward review: 384 studies, 42,118 participants/subjects.","Do not attach a numeric dopamine effect unless separately publication-locked.","Moderate","Part V","PASS"]
["C07","Therapeutic relationship variables are meaningfully associated with treatment process and outcomes.","Supported interpretation","NL01,NL18,NL24","NUMERIC ALLOWED","General alliance meta-analysis: 295 independent studies, >30,000 patients, r=.278 [.256,.299]. PTSD alliance: 12-study meta-analysis, r=-.34. Adjusted alliance correlations across 60 samples remain r=.23-.31.","Association ≠ proof that alliance alone causes treatment change.","Moderate-High","Part XIV","PASS"]
["C08","Metastability is a defensible neural-dynamics concept but is operationalized inconsistently in human neuroimaging.","Supported interpretation","","NO NUMERICAL CLAIM REQUIRED","Use precise qualitative definitions of metastability and methodological heterogeneity; no single pooled metastability effect is authorized.","Do not invent a 'metastability score' or treatment effect.","High","Parts X/XV","PASS"]
["C09","Stable recurrent neural systems can show strong transient amplification through non-normal mechanisms.","Empirical/formal result","","FORMAL TRANSFER — NO EMPIRICAL NUMBER","Non-normality/transient amplification may be described mathematically and at neural-circuit model level only.","No patient-level or relationship-level amplification factor is authorized.","High for neural; low for relational","Part XI","PASS"]
["C10","Structural network models can quantify aspects of state controllability and control energy.","Formal result","","FORMAL TRANSFER — NO EMPIRICAL NUMBER","Controllability may be used as formal reachability/control-energy language only.","No claim that a particular person has measurable 'X% controllability' or a therapeutic control-energy prescription.","Moderate","Part X/XI","PASS"]
["C11","Repeated fast relational events may alter slower learned expectations and regulation capacities.","Flow Hijacked synthesis","","FLOW HIJACKED SYNTHESIS — NO EMPIRICAL NUMBER","Fast–slow relational updating is a multiscale synthesis; numbers require future direct parameter-identification studies.","No estimated ε, time constant, or slow-variable effect unless directly measured.","Hypothesis-level","Parts VIII–IX","PASS"]
["C12","Borrowed Gain Geometry: another person may alter effective gain and accessible state space, not merely supply input.","New hypothesis","","NOVEL HYPOTHESIS — NO EMPIRICAL NUMBER","Borrowed Gain Geometry remains a testable Flow Hijacked hypothesis.","No measured A_r, relational resolvent norm, barrier height, or gain value may be reported.","Novel","Part XV","PASS"]
["C13","The therapeutic alliance has a robust but not necessarily causal association with psychotherapy outcome.","Supported interpretation","NL01,NL24","NUMERIC ALLOWED","Alliance-outcome r=.278 [.256,.299] in the large synthesis; adjusted estimates across 60 samples remain r=.23-.31.","Do not convert correlation to causal treatment efficacy.","High","Part XIV","PASS"]
["C14","Alliance rupture is associated with poorer outcome, while resolved rupture is associated with better outcome.","Supported interpretation","NL02,NL03","NUMERIC ALLOWED","Rupture repair: 11 studies, N=1,314, r=.29, d=.62, 95% CI [.10,.47]. Direct ruptures: 4 publications, N=301, r=-.21; z=-.22 [95% CI -.303,-.133].","Training to repair ruptures was not significant: r=.11, p=.28; do not imply proven training efficacy.","Moderate-High","Part XIV","PASS"]
["C15","PTSD severity and social support are strongly linked, but the direction and causal dynamics are contested.","Supported interpretation","NL04,NL05","NUMERIC + MANDATORY CONTRADICTION","Wang et al.: 75 samples, N=32,402, 355 effect sizes; support→PTSD β=-.10 and PTSD→support β=-.09.","Directional causality must not be stated without simultaneously noting the 2023 re-meta-analysis/simulation challenge.","High for association; moderate for direction","Part XIII","PASS"]
["C16","HRV is useful for cardiac autonomic research but cannot be treated as a direct readout of 'safety' or sympathovagal balance.","Empirical/methodological result","NL16","QUALITATIVE BOUNDARY","No single HRV threshold/effect is required. State that HRV is not a specific marker of sympathetic outflow or sympathovagal balance and 'vagal tone' requires caution.","No LF/HF='sympathovagal balance'; no HRV='felt safety meter'.","High","Parts IV/XV","PASS"]
["C17","Polyvagal Theory contains influential clinical ideas but several foundational neuroanatomical/evolutionary claims are actively disputed.","Supported interpretation","NL17","QUALITATIVE/CONTESTED","The 2026 critique invited 39 experts and reports all but one accepted/coauthored; use only to document the scale and nature of the dispute, not as a vote-count proof.","Do not present author count as an effect size or proof by authority.","High","Part XV","PASS"]
["C18","Human oxytocin findings are heterogeneous and do not support a simple social-bonding hormone model.","Supported interpretation","NL13","NUMERIC ALLOWED","Oxytocin evidence may use the locked n=3,741 / 51-study pooled corpus and the small/heterogeneous effects in NL13.","No universal prosocial or bonding effect.","High","Part V","PASS"]
["C19","Attachment security/insecurity is systematically related to emotion-regulation patterns across development and adulthood.","Supported interpretation","NL06,NL07,NL08","NUMERIC/COUNTS ALLOWED","Adult mental-health meta-analysis N=79,722 with locked r values; adult regulation systematic review 37 studies/N=2,006; child meta-analytic review k=72 with outcome-specific Ns up to 9,167.","Do not create one pooled 'attachment→regulation' effect across heterogeneous outcomes.","High","Parts II–III/IX","PASS"]
["C20","Interpersonal synchrony is multimodal, modest-to-moderate in cross-level association, and highly context dependent.","Supported interpretation","NL10,NL11,NL12","NUMERIC ALLOWED","Use modality-specific synchrony estimates only: NL10 cross-level correlations; NL11 autonomic branch-specific effects; NL12 psychotherapy NVS null/heterogeneous results.","No global synchrony score; no monotonic 'more is better'.","High","Parts VI/XII","PASS"]
["C21","Social interaction may depend on coupled intrinsic neural timescales, but this is currently a frontier framework.","Frontier interpretation","NL23","FRONTIER — NO EFFECT SIZE","Coupled neural timescales may be presented as a 2026 frontier framework.","No interpersonal timescale-matching effect size is authorized.","Frontier","Parts VIII–IX","PASS"]
["C22","Brief interaction may leave measurable post-interaction changes in interbrain coupling.","Empirical result / frontier","","FRONTIER — NO NUMERICAL CLAIM REQUIRED","Post-interaction persistence/plasticity can be described as emerging single-study evidence only.","No durable-plasticity percentage or causal estimate.","Low-Moderate","Part IX","PASS"]
["C23","Familiar social proximity can reduce perceived/physiological effort and threat under some conditions, but social baseline effects are not universal.","Supported interpretation","","QUALITATIVE SYNTHESIS","Social-baseline/control-cost language remains qualitative unless a specific experimental estimate is later locked.","No universal percentage reduction in effort/threat from social proximity.","Moderate-High","Parts I/IV","PASS"]
["C24","Dyads/groups can become locked into maladaptive coupled regulatory regimes, a possibility captured by social-allostasis models.","Flow Hijacked synthesis","","FLOW HIJACKED SYNTHESIS","Coupled maladaptive regulatory regimes/social allostasis may be used as model language.","No literal measured group set-point, attractor depth, or accumulated 'social allostatic load' value.","Moderate","Parts X/XII","PASS"]
["C25","Loneliness can behave as a recursive multi-timescale state in which perceived rejection, withdrawal and loneliness reinforce one another.","Supported interpretation","NL20","COUNTS/DIRECTION ONLY","Loneliness-depression meta-analysis included 88 studies and N=40,068; authors report a moderate significant overall relation.","Do not state a pooled coefficient or causal effect because it is not publication-locked here.","Moderate-High","Parts XII/XIII","PASS"]
["C26","The neural response to social rejection is distributed and should not be reduced to a literal physical-pain circuit.","Supported interpretation","","QUALITATIVE/NETWORK CLAIM","Describe social rejection as distributed and not reducible to a single physical-pain circuit.","No percentage overlap or 'same pain network' statistic unless separately locked.","High","Part XII/XV","PASS"]
["C27","Human mu-opioid signaling has a modest modulatory role in social connection but is not necessary for connection.","Empirical interpretation","NL14","NUMERIC ALLOWED","Naltrexone meta-analysis: Hedges g=-.20 [95% CI -.32,-.07], N=455, I²=23%; possible small-study bias noted.","Do not say μ-opioid signaling is necessary for social connection.","High","Part V","PASS"]
["C28","Social reward is not a single stimulus class; intimacy, immediacy, interaction and reward phase materially change its neurobiology.","Supported interpretation","NL15","COUNTS/STRUCTURE ONLY","Systematic review mapped 384 studies and 42,118 participants/subjects; intimacy and immediacy explain major operational variation.","No pooled 'social reward effect' exists in this lock.","High","Parts V/VI","PASS"]
["C29","Touch and verbal support can alter pain/stress responses, while mere social presence is often insufficient.","Supported interpretation","","QUALITATIVE ONLY","Touch/verbal support may be described as channel- and context-dependent; no effect magnitude is authorized from the current lock.","No generic 'touch reduces pain by X%' statement.","High","Parts III/IV/VI","PASS"]
["C30","Loneliness, social support and depression can form mutually reinforcing clinical loops, but intervention effects on connection are heterogeneous.","Supported interpretation","NL09,NL20","NUMERIC/COUNTS ALLOWED","General support-adjustment synthesis: r=.24 [.22,.26], adjusted subset r=.17 [.10,.23]. Loneliness-depression evidence: 88 studies, N=40,068, moderate relation.","Do not convert these associations into one-way causal arrows.","Moderate-High","Part XIII","PASS"]
["C31","Active inference offers a formal language for mutual prediction and precision in social interaction, but its distinctive empirical support remains incomplete.","Formal transfer / frontier","NL21","FORMAL/EMPIRICAL BOUNDARY","Active inference may be used as a formal language for mutual prediction/precision, with explicit statement that discriminating empirical support remains incomplete.","No active-inference-specific clinical effect size.","Frontier","Part VII/XV","PASS"]
["C32","Hierarchical intrinsic neural timescales are a well-supported organizing principle; coupling of timescales between people is a newer frontier.","Supported interpretation + frontier","NL22,NL23","QUALITATIVE + FRONTIER","Within-brain intrinsic timescale hierarchy is established at review level; interpersonal coupled-timescale account is newer frontier theory.","No effect size for person-to-person timescale matching.","High within brain / frontier social","Parts VIII–IX","PASS"]

{"sheet":"Numerical Lock Summary","index":14,"n_rows":12,"n_cols":8,"rows_kept":12,"merged":[[0,0,0,7]]}
["PUBLICATION-LEVEL NUMERICAL LOCK — SUMMARY"]
[]
["Metric","Value",null,"Lock Rule","Operational Decision","Reason","Status","Downstream consequence"]
["Major claims gated",32,null,"Exactness","Only numbers explicitly verified in a publication record are authorized.","Prevents memory/search-snippet drift.","PASS","Manuscript can quote only locked values."]
["Pivotal publication records locked",24,null,"Missing coefficient","If exact pooled coefficient is unavailable in the verified record, only count/direction or qualitative wording is allowed.","Absence of a number is better than a guessed number.","PASS","No fabricated precision."]
["Claims with numerical estimates permitted",{"$f":"COUNTIF('Claim Numerical Gate'!E4:E35,\"NUMERIC ALLOWED\")+COUNTIF('Claim Numerical Gate'!E4:E35,\"PARTIAL NUMERIC\")+COUNTIF('Claim Numerical Gate'!E4:E35,\"NUMERIC + MANDATORY CONTRADICTION\")+COUNTIF('Claim Numerical Gate'!E4:E35,\"NUMERIC/COUNTS ALLOWED\")","v":14},null,"Causality","Correlations and cross-lag estimates remain labeled by design; counter-analysis is paired where required.","Prevents association→causation promotion.","PASS","PTSD↔support must carry contradiction note."]
["Claims restricted to counts/direction",{"$f":"COUNTIF('Claim Numerical Gate'!E4:E35,\"COUNTS/DIRECTION ONLY\")+COUNTIF('Claim Numerical Gate'!E4:E35,\"COUNTS/STRUCTURE ONLY\")","v":2},null,"Heterogeneity","Synchrony, attachment, alliance and neuromodulation statistics retain modality/design caveats.","Prevents scalar simplification.","PASS","No universal synchrony or oxytocin coefficient."]
["Claims restricted to qualitative/formal language",{"$f":"B4-B6-B7","v":16},null,"Formal transfer","Non-normality, resolvent, controllability, fast–slow and Borrowed Gain Geometry carry no person-level empirical coefficient.","Protects Flow Hijacked novelty from false empirical status.","PASS","Formal model remains clearly separated from evidence."]
["Claims with mandatory contradiction pairing",1,null,"Autonomic boundary","No HRV safety threshold, LF/HF balance claim or direct sympathetic-outflow interpretation.","Modern guidelines explicitly caution against these readings.","PASS","Autonomic section must use multivariate language."]
["Unverified numerical claims permitted",0,null,"Polyvagal boundary","Theory may be described as contested; author count cannot substitute for empirical effect.","Avoids authority-count reasoning.","PASS","Not used as mechanistic backbone."]
["Research cutoff","2026-09-12",null,"Architecture status","Evidence system + corpus lock + numerical lock complete.","All research gates required before structural freeze are now satisfied.","READY","Proceed to Final Lecture Architecture Lock next."]
["Next stage","Final Lecture Architecture Lock"]

{"sheet":"Assimilation Gate","index":15,"n_rows":19,"n_cols":8,"rows_kept":19,"merged":[[0,0,0,7]]}
["END-OF-PROCESS ASSIMILATION PACKAGE — DEFERRED SPECIFICATION"]
[]
["Package","Required Deliverable","Minimum Contents","Flow Hijacked Requirement","Work Receives","Trigger","User Confirmation","Status"]
["A. Canonical Lecture","Final English + final Hebrew lecture","Publication-ready EN master; native Hebrew rewrite with conceptual parity; final references; stable section IDs.","All empirical results, supported interpretations, FH syntheses, hypotheses and open questions remain visibly differentiated.","Canonical text that Work does not reinterpret.","Only after both EN and HE lectures are approved/final.","Assistant must explicitly ask Tomer before generating final package.","DEFERRED"]
["B. Evidence Map","Claim → evidence source of truth","Every important claim → supporting sources → evidence type → confidence → caveats → contradiction sources → numerical lock ID where relevant.","Formal transfer and novel concepts must never be represented as empirical findings.","Structured evidence table usable for ASK/site provenance.","After Canonical Lecture freeze.","Explicit confirmation required at end of lecture production.","DEFERRED"]
["C. Flow Hijacked Concept Map","Complete dynamical integration map","nonlinearity; attractors; basin geometry; metastability; non-normality; transient/resolvent amplification; fast–slow dynamics; controllability; neuromodulation; predictive processing; interoception; coupled systems; time.","State what is direct evidence, formal transfer, FH synthesis, novel hypothesis and testable prediction.","A stable ontology/cross-link map rather than prose interpretation.","After final lecture claims are stable.","Explicit confirmation required.","DEFERRED"]
["D. Public-language Layer","Every lecture part rewritten for widest public audience","Section-by-section everyday explanation; examples; misconceptions; uncertainty; no jargon dependency; links downward into full lecture/evidence.","Preserve scientific nuance while minimizing cognitive load; My Journey-style progressive depth.","Ready-to-publish public page content in EN/HE.","After Canonical Lecture + concept map.","Explicit confirmation required.","DEFERRED"]
["E. ASK Knowledge Package","Retrieval-ready knowledge payload","Questions the new knowledge must answer; synonyms; entities; concepts; relationships; retrieval targets; canonical chunks; safety boundaries; EN/HE variants; cross-links.","ASK must retrieve across public layer, lecture, evidence and related concepts rather than treating each page as isolated.","Deterministic source-of-truth payload for indexing/retrieval.","After public-language layer is frozen.","Explicit confirmation required.","DEFERRED"]
["F. Site Assimilation Directive","Engineering-grade Work directive","Lecture → public page → ASK → related pages → Brain Atlas where relevant → Therapy Routes where relevant → internal cross-links → bilingual parity → SEO/schema/navigation → app parity.","No independent scientific reinterpretation by Work; content authority remains the package.","Implementation map and acceptance criteria.","After A–E complete.","Explicit confirmation required.","DEFERRED"]
["G. Regression Tests","Post-assimilation verification suite","ASK question set; retrieval provenance checks; EN/HE parity; broken-link tests; navigation/schema; related-page visibility; forbidden fallback responses; concept-crosslink tests.","A covered basic question must never regress to 'אין מספיק חומר באתר' / 'not enough material on the site' when the source package contains an answer.","Machine-like acceptance tests for Work after implementation.","After site implementation, before declaring assimilation complete.","Explicit confirmation required before package; test execution follows implementation.","DEFERRED"]
[]
[]
["Future regression-test examples","Expected behavior","Source target","Language","Failure condition","Why important","Cross-links","Status"]
["מהו ויסות משותף ואיך אדם אחר יכול לעזור לי להירגע?","ASK explains co-regulation in everyday Hebrew, then offers deeper evidence/FH lens.","Public layer + Canonical Lecture + Evidence Map","HE","Fallback says there is insufficient material or returns only generic advice.","Core purpose of this knowledge expansion.","Attachment; PTSD; Depression; Therapy Routes","SPECIFIED"]
["Is synchrony between two people always a good thing?","ASK answers no; distinguishes neural/physiological/behavioral modalities and co-regulation vs co-dysregulation.","Synchrony claims C03/C04/C20 + contradiction map","EN","Answer equates higher synchrony with healthier relationship.","Protects major scientific correction.","Therapy; attachment; social neuroscience","SPECIFIED"]
["האם אוקסיטוצין הוא 'הורמון האמון'?","ASK rejects the simplification and explains context-dependent neuromodulation.","C05/C18 + NL13","HE","Answer says oxytocin simply creates trust/bonding.","Protects neuromodulatory guardrail.","Neuromodulation; social reward","SPECIFIED"]
["What does Flow Hijacked mean by Borrowed Gain Geometry?","ASK labels it explicitly as a Flow Hijacked hypothesis and explains gain/state-space accessibility without calling it established evidence.","C12 + FH Formal Bridge","EN","Answer presents it as a validated clinical mechanism.","Protects epistemic grammar.","Non-normality; resolvent; fast–slow; controllability","SPECIFIED"]
["איך התקשרות קשורה לוויסות רגשי?","ASK gives developmental + adult evidence, probabilities not destiny, and offers public/deep layers.","C02/C19 + NL06/NL07/NL08","HE","Answer turns attachment category into fixed personality diagnosis.","Public-facing usefulness and safety.","Development; Therapy Routes; Depression/PTSD","SPECIFIED"]
["Can HRV tell me whether my nervous system feels safe?","ASK says not directly; explains constraints, respiration and why HRV is not a simple safety meter.","C16 + NL16","EN","Answer equates HRV or LF/HF with safety/sympathovagal balance.","Prevents common misinformation.","Autonomic regulation; interoception","SPECIFIED"]